{"text_format":"3","workbook":"xlsx","n_sheets":1,"sheets":["Sheet1"],"not_rendered":{"defined_names":1},"read":"whole","date_system":"1900"}

{"sheet":"Sheet1","index":0,"n_rows":16016,"n_cols":8,"rows_kept":4500,"cut":true,"merged":[[0,1,0,7],[1,1,1,7],[2,1,2,7]],"bounds":{"rows_first":2000,"rows_last":500,"rows_between":2000,"halvings":0}}
[null,"DIRECCION DE LOGISTICA"]
[null,"GERENCIA DE ALMACEN"]
[null,"Relación de inventario en Stock a DICIEMBRE 2024"]
["Fecha de Registro","Material","Texto breve de material","centro","Unidad de medida","Cantidad","Precio U","Importe"]
["2009-10-27","10001497","CABLE DE 24 HILOS X 1.50MM TRANZADO","2008","UN",1,{"v":125,"d":"125.00"},{"v":125,"d":"125.00"}]
["2024-06-27","10001502","FUSIBLE 500V 10AMP","2005","UN",9,{"v":0,"d":"0.00"},{"v":0,"d":"0.00"}]
["2024-04-17","10001503","FUSIBLE 500V 63AMP SJSB 50X20MM","2008","UN",20,63.15,{"v":1263,"d":"1,263.00"}]
["2024-04-17","10001505","FUSIBLE 500V 80AMP NHOO ETERM","2008","UN",3,{"v":204.79999999999998,"d":"204.80"},{"v":614.4,"d":"614.40"}]
["2024-05-10","10001507","FUSIBLE CARTUCHO 500V 4A C63211 14X51 CM","2021","UN",61,{"v":0,"d":"0.00"},{"v":0,"d":"0.00"}]
["2009-10-27","10001509","FUSIBLE 500V 400AMP TIPO A50 P400-4","2008","UN",18,{"v":29.900000000000002,"d":"29.90"},{"v":538.2,"d":"538.20"}]
["2024-07-29","10001512","VALVULA CHECK EN BRONCE 2 PLG","2015","UN",2,{"v":0,"d":"0.00"},{"v":0,"d":"0.00"}]
["2024-04-17","10001515","JUNTA DE CARBON","2008","UN",36,{"v":0,"d":"0.00"},{"v":0,"d":"0.00"}]
["2024-04-17","10001525","JUNTA NO. 2152-850-2","2008","UN",6,140.15,{"v":840.9,"d":"840.90"}]
["2024-04-17","10001530","JUNTA 2152-038-889","2008","UN",3,{"v":65.14999999999999,"d":"65.15"},195.45]
["2021-12-30","10001531","JUNTA DE CORCHO REF. 1638015-3","2008","UN",3,137.09,411.27]
["2009-10-27","10001533","BIELETA PARA LA TURBINA REF.320","2008","UN",35,32.15,{"v":1125.25,"d":"1,125.25"}]
["2024-04-17","10001534","RESORTES P/REGULADOR TURBINA","2028","UN",3,{"v":1,"d":"1.00"},{"v":3,"d":"3.00"}]
["2024-10-15","10001542","FUSIBLE TIPO CARTUCHO 60AMP-250V","2010","UN",6,0.01,0.06]
["2024-04-17","10001565","CORREA TIPO 8L4526 PARA PLANTA DIESEL","2008","UN",7,{"v":400,"d":"400.00"},{"v":2800,"d":"2,800.00"}]
["2009-10-27","10001569","FUSIBLE DE 30 AMP. A 600 VOLT.","2008","UN",8,{"v":30,"d":"30.00"},{"v":240,"d":"240.00"}]
["2024-07-29","10001570","TUBO FLUORESCENTE DE 40W 120V","2015","UN",64,{"v":0,"d":"0.00"},{"v":0,"d":"0.00"}]
["2015-09-17","10001570","TUBO FLUORESCENTE DE 40W 120V","2020","UN",77,{"v":0,"d":"0.00"},{"v":0,"d":"0.00"}]
["2019-12-31","10001572","FILTRO DE ACEITE P/ SISTEMA REGULACION","2008","UN",86,{"v":0,"d":"0.00"},{"v":0,"d":"0.00"}]
["2024-05-10","10001572","FILTRO DE ACEITE P/ SISTEMA REGULACION","2021","UN",3,0.01,0.03]
["2021-12-30","10001573","PINTURA VERDE TILO","2024","UN",4,0.01,0.04]
["2021-12-30","10001574","VALVULA DE SEGURIDAD 1 1/8 PLG","2008","UN",1,{"v":0,"d":"0.00"},{"v":0,"d":"0.00"}]
["2009-10-27","10001575","CURVA MT DE 1/2\"","2017","UN",4,{"v":90,"d":"90.00"},{"v":360,"d":"360.00"}]
["2024-04-17","10001582","MASCARILLAS PARA GASES CON DOBLE FILTRO","2000","UN",2,0.01,0.02]
["2021-12-30","10001582","MASCARILLAS PARA GASES CON DOBLE FILTRO","2004","UN",1,0.01,0.01]
["2024-09-25","10001582","MASCARILLAS PARA GASES CON DOBLE FILTRO","2015","UN",2,0.01,0.02]
["2024-05-10","10001582","MASCARILLAS PARA GASES CON DOBLE FILTRO","2022","UN",2,0.01,0.02]
["2021-12-30","10001582","MASCARILLAS PARA GASES CON DOBLE FILTRO","2024","UN",7,0.01,0.07]
["2013-06-18","10001585","GUANTES DE GOMA","2002","UN",10,{"v":0,"d":"0.00"},{"v":0,"d":"0.00"}]
["2018-03-26","10001588","ACEITE 68","2003","UN",110,{"v":0,"d":"0.00"},{"v":0,"d":"0.00"}]
["2021-08-03","10001589","GUANTES PARA OBREROS CORTO","2002","UN",16,{"v":0,"d":"0.00"},{"v":0,"d":"0.00"}]
["2021-12-30","10001589","GUANTES PARA OBREROS CORTO","2004","UN",10,{"v":0,"d":"0.00"},{"v":0,"d":"0.00"}]
["2011-06-01","10001589","GUANTES PARA OBREROS CORTO","2005","UN",2,{"v":0,"d":"0.00"},{"v":0,"d":"0.00"}]
["2024-04-17","10001591","CINTURONES D/SEGURIDAD","2008","UN",2,{"v":0,"d":"0.00"},{"v":0,"d":"0.00"}]
["2019-12-31","10001598","CODO 1 1/4 X 90 HIERRO NEGRO #150","2001","UN",1,{"v":0,"d":"0.00"},{"v":0,"d":"0.00"}]
["2024-05-10","10001606","TUBO HIERRO NEGRO 2\"","2022","UN",36,0.01,0.36]
["2024-04-17","10001610","CORREA 9325- 12.5 x 13MM x 835MM","2008","UN",1,{"v":1,"d":"1.00"},{"v":1,"d":"1.00"}]
["2024-05-10","10001612","TEE DE HIERRO DE 1\"","2021","UN",4,{"v":0,"d":"0.00"},{"v":0,"d":"0.00"}]
["2019-12-31","10001613","TEE DE HIERRO DE 3/4 PLG","2008","UN",14,{"v":1,"d":"1.00"},{"v":14,"d":"14.00"}]
["2021-12-30","10001613","TEE DE HIERRO DE 3/4 PLG","2024","UN",18,{"v":0,"d":"0.00"},{"v":0,"d":"0.00"}]
["2024-06-27","10001614","\"TEE DE HIERRO DE 1/2\"\"\"","2005","UN",3,{"v":0,"d":"0.00"},{"v":0,"d":"0.00"}]
["2024-05-10","10001615","\"TEE DE HIERRO DE 1 1/2\"\"\"","2025","UN",1,{"v":0,"d":"0.00"},{"v":0,"d":"0.00"}]
["2024-06-18","10001617","CURVA HG 3/4\"","2027","UN",5,{"v":1,"d":"1.00"},{"v":5,"d":"5.00"}]
["2021-12-30","10001656","UNION UNIVERSAL D/1/2'' ACERO (NEGRO)","2002","UN",5,{"v":0,"d":"0.00"},{"v":0,"d":"0.00"}]
["2021-12-30","10001657","UNION UNIVERSAL 1'' GALVANIZADO","2020","UN",7,{"v":1,"d":"1.00"},{"v":7,"d":"7.00"}]
["2021-12-30","10001658","UNION UNIVERSAL HG 1 1/2\"","2020","UN",5,{"v":1,"d":"1.00"},{"v":5,"d":"5.00"}]
["2024-05-10","10001658","UNION UNIVERSAL HG 1 1/2\"","2021","UN",9,{"v":0,"d":"0.00"},{"v":0,"d":"0.00"}]
["2021-12-30","10001658","UNION UNIVERSAL HG 1 1/2\"","2024","UN",1,0.01,0.01]
["2021-12-30","10001659","UNION UNIVERSAL HG 1 1/4''","2005","UN",1,{"v":0,"d":"0.00"},{"v":0,"d":"0.00"}]
["2024-06-27","10001659","UNION UNIVERSAL HG 1 1/4''","2007","UN",12,{"v":0,"d":"0.00"},{"v":0,"d":"0.00"}]
["2021-12-30","10001659","UNION UNIVERSAL HG 1 1/4''","2020","UN",7,{"v":1,"d":"1.00"},{"v":7,"d":"7.00"}]
["2024-05-10","10001659","UNION UNIVERSAL HG 1 1/4''","2021","UN",1,{"v":0,"d":"0.00"},{"v":0,"d":"0.00"}]
["2024-07-29","10001660","UNION UNIVERSAL D/3/4'' ACERO (NEGRO)","2015","UN",20,0.01,{"v":0.2,"d":"0.20"}]
["2024-06-18","10001663","NIPLE HG 1 PLG","2010","UN",1,0.01,0.01]
["2021-12-30","10001669","RELE D/CONTROL  A 208V AC 60HZ 20<2A","2009","UN",6,{"v":1,"d":"1.00"},{"v":6,"d":"6.00"}]
["2024-04-17","10001671","AISLADORES BOUELITAS CIRCULARES","2008","UN",6,{"v":1,"d":"1.00"},{"v":6,"d":"6.00"}]
["2019-12-31","10001682","CODO PVC SCH-40 1/2 PLG","2008","UN",17,{"v":1,"d":"1.00"},{"v":17,"d":"17.00"}]
["2024-06-18","10001682","CODO PVC SCH-40 1/2 PLG","2010","UN",2,0.01,0.02]
["2021-12-30","10001682","CODO PVC SCH-40 1/2 PLG","2023","UN",4,{"v":0,"d":"0.00"},{"v":0,"d":"0.00"}]
["2024-06-18","10001683","CODO DE 3/4 PLG A 45º","2010","UN",1,{"v":1,"d":"1.00"},{"v":1,"d":"1.00"}]
["2024-04-17","10001684","FILTRO DE GASOLINA FRAM P1104","2008","UN",1,{"v":1,"d":"1.00"},{"v":1,"d":"1.00"}]
["2024-06-27","10001688","VALVULA DE GALLETA 2 PLG/150W","2005","UN",1,{"v":0,"d":"0.00"},{"v":0,"d":"0.00"}]
["2024-04-17","10001688","VALVULA DE GALLETA 2 PLG/150W","2011","UN",1,{"v":0,"d":"0.00"},{"v":0,"d":"0.00"}]
["2021-12-30","10001690","NIPLE ACERO INOXI 1/2\"","2009","UN",2,{"v":0,"d":"0.00"},{"v":0,"d":"0.00"}]
["2024-05-10","10001690","NIPLE ACERO INOXI 1/2\"","2025","UN",1,{"v":0,"d":"0.00"},{"v":0,"d":"0.00"}]
["2024-04-17","10001692","CONTACTOR  110V/60HZ","2008","UN",1,{"v":0,"d":"0.00"},{"v":0,"d":"0.00"}]
["2009-10-27","10001694","ESCOBILLA PARA GENERADOR 32X25X50","2008","UN",23,{"v":12024.15,"d":"12,024.15"},{"v":276555.45,"d":"276,555.45"}]
["2009-10-27","10001704","CASQUILLO DE PARA BIELETA","2008","UN",69,{"v":450,"d":"450.00"},{"v":31050,"d":"31,050.00"}]
["2009-10-27","10001707","CASQUILLO DE BRONCE DE 100X86X84 PARTE","2008","UN",38,42.15,{"v":1601.7,"d":"1,601.70"}]
["2009-10-27","10001708","CASQUILLO DE BRONCE DE 100X86X70 PART","2008","UN",40,53.94,{"v":2157.6,"d":"2,157.60"}]
["2024-07-29","10001709","COJINETE GUIA DE LA TURBINA","2015","UN",4,{"v":0,"d":"0.00"},{"v":0,"d":"0.00"}]
["2021-12-30","10001711","MANOMETRO DEPRESIÓN DE 0 A 10 BAR","2016","UN",1,{"v":0,"d":"0.00"},{"v":0,"d":"0.00"}]
["2021-12-30","10001711","MANOMETRO DEPRESIÓN DE 0 A 10 BAR","2027","UN",1,{"v":1,"d":"1.00"},{"v":1,"d":"1.00"}]
["2024-04-17","10001719","CONTACTO NO.2658-982-B","2008","UN",18,{"v":63.150000000000006,"d":"63.15"},{"v":1136.7,"d":"1,136.70"}]
["2024-04-17","10001726","PIÑON 400 MM P/GRUA 25 TONELADA","2008","UN",2,{"v":10800,"d":"10,800.00"},{"v":21600,"d":"21,600.00"}]
["2024-05-10","10001741","RODAMIENTO NO.6308","2025","UN",1,{"v":0,"d":"0.00"},{"v":0,"d":"0.00"}]
["2024-06-27","10001743","RODAMIENTO NO.6201","2005","UN",1,{"v":0,"d":"0.00"},{"v":0,"d":"0.00"}]
["2024-07-29","10001745","UNION EN TEE ACERO INOXI 3/4\"","2015","UN",13,{"v":0,"d":"0.00"},{"v":0,"d":"0.00"}]
["2024-04-17","10001746","TEE PVC 3/4 PLG","2008","UN",4,48.95,{"v":195.8,"d":"195.80"}]
["2024-06-18","10001746","TEE PVC 3/4 PLG","2010","UN",3,{"v":0,"d":"0.00"},{"v":0,"d":"0.00"}]
["2024-06-27","10001747","JUNTA DE GOMA P/BRIDA 6 PLG","2007","UN",5,{"v":0,"d":"0.00"},{"v":0,"d":"0.00"}]
["2024-05-10","10001747","JUNTA DE GOMA P/BRIDA 6 PLG","2021","UN",2,{"v":0,"d":"0.00"},{"v":0,"d":"0.00"}]
["2024-05-10","10001747","JUNTA DE GOMA P/BRIDA 6 PLG","2022","UN",1,{"v":0,"d":"0.00"},{"v":0,"d":"0.00"}]
["2024-07-29","10001750","TERMINAL DE OJO AMARILLO 12-10","2015","UN",15,{"v":0,"d":"0.00"},{"v":0,"d":"0.00"}]
["2024-04-17","10001754","ANTORCHA P/EQUIPO DE ACETILENO","2011","UN",1,{"v":0,"d":"0.00"},{"v":0,"d":"0.00"}]
["2019-12-31","10001756","DETECTOR DE FLUJO DE AGUA SCAI","2007","UN",1,{"v":0,"d":"0.00"},{"v":0,"d":"0.00"}]
["2024-04-17","10001764","CONTACTO 3TA22","2008","UN",2,398.15,{"v":796.3,"d":"796.30"}]
["2019-12-31","10001768","CONTACTOR DE EXITACION (31G)","2007","UN",2,{"v":0,"d":"0.00"},{"v":0,"d":"0.00"}]
["2019-12-31","10001795","VALVULA DE GALLETA 3/4","2003","UN",1,{"v":0,"d":"0.00"},{"v":0,"d":"0.00"}]
["2024-06-27","10001795","VALVULA DE GALLETA 3/4","2005","UN",1,{"v":0,"d":"0.00"},{"v":0,"d":"0.00"}]
["2024-07-29","10001797","FILTRO P/ TRAMPA DE AGUA MICO","2015","UN",1,0.01,0.01]
["2024-06-27","10001799","\"VALVULA DE 3\"\"\"","2005","UN",1,{"v":0,"d":"0.00"},{"v":0,"d":"0.00"}]
["2021-12-30","10001804","TERMINAL P/BARRA REGULADOR DE LA TURBINA","2023","UN",2,{"v":0,"d":"0.00"},{"v":0,"d":"0.00"}]
["2024-04-17","10001804","TERMINAL P/BARRA REGULADOR DE LA TURBINA","2028","UN",12,{"v":0,"d":"0.00"},{"v":0,"d":"0.00"}]
["2024-06-18","10001806","SEÑALIZADOR DE ENCENDIDO L001 (PILOTO)","2027","UN",3,{"v":0,"d":"0.00"},{"v":0,"d":"0.00"}]
["2024-06-27","10001808","VOLTIMETRO 0-15KV 12.5/0.12KV ESFERA 3","2007","UN",1,{"v":0,"d":"0.00"},{"v":0,"d":"0.00"}]
["2021-12-30","10001809","VOLTIMETRO DE 0-600V","2003","UN",1,{"v":0,"d":"0.00"},{"v":0,"d":"0.00"}]
["2024-05-10","10001812","CONTROL DE VOLTAJE 125VDC - 500VDC","2025","UN",1,{"v":0,"d":"0.00"},{"v":0,"d":"0.00"}]
["2024-04-17","10001821","BLOQUE RECTIFICADOR CEBADO KGBK","2008","UN",1,{"v":1,"d":"1.00"},{"v":1,"d":"1.00"}]
["2021-12-30","10001822","RELE ARTECHE RF4D1 125V CC+2 BASE","2008","UN",44,{"v":1,"d":"1.00"},{"v":44,"d":"44.00"}]
["2024-05-10","10001822","RELE ARTECHE RF4D1 125V CC+2 BASE","2020","UN",1,{"v":0,"d":"0.00"},{"v":0,"d":"0.00"}]
["2019-12-31","10001828","RELE ARTECHE TF2","2007","UN",2,{"v":0,"d":"0.00"},{"v":0,"d":"0.00"}]
["2009-10-27","10001828","RELE ARTECHE TF2","2008","UN",1,{"v":1,"d":"1.00"},{"v":1,"d":"1.00"}]
["2021-12-30","10001848","ADAPTADOR MACHO PVC 4\"","2004","UN",445,{"v":0,"d":"0.00"},{"v":0,"d":"0.00"}]
["2024-04-17","10001848","ADAPTADOR MACHO PVC 4\"","2008","UN",1,{"v":1,"d":"1.00"},{"v":1,"d":"1.00"}]
["2024-09-08","10001848","ADAPTADOR MACHO PVC 4\"","2032","UN",7,{"v":0,"d":"0.00"},{"v":0,"d":"0.00"}]
["2021-12-30","10001851","TAPON PARA BATERIA EXIDE: EX2568 CB-4110","2009","UN",56,{"v":0,"d":"0.00"},{"v":0,"d":"0.00"}]
["2010-07-31","10001866","COUPLING DE 1 1/2 GALVANIZADO","2001","UN",1,{"v":0,"d":"0.00"},{"v":0,"d":"0.00"}]
["2024-06-18","10001866","COUPLING DE 1 1/2 GALVANIZADO","2010","UN",18,{"v":0,"d":"0.00"},{"v":0,"d":"0.00"}]
["2024-06-18","10001871","ADAPTADOR ACERO INOX. 1\"","2016","C/U",10,{"v":0,"d":"0.00"},{"v":0,"d":"0.00"}]
["2021-12-30","10001872","ADAPTADOR MACHO DE 3/4\"\" PVC","2007","C/U",25,0.01,0.25]
["2021-12-30","10001872","ADAPTADOR MACHO DE 3/4\"\" PVC","2024","C/U",3,{"v":0,"d":"0.00"},{"v":0,"d":"0.00"}]
["2024-04-17","10001878","TAPON HEMBRA DE 2\" PVC","2008","C/U",3,0.01,0.03]
["2024-06-18","10001878","TAPON HEMBRA DE 2\" PVC","2027","C/U",1,{"v":0,"d":"0.00"},{"v":0,"d":"0.00"}]
["2024-06-18","10001900","TAPE DE GOMA 3M SCOTCH 3/4 PLG/30FT","2010","C/U",1,{"v":0,"d":"0.00"},{"v":0,"d":"0.00"}]
["2019-12-31","10001904","SENSOR DE TEMPERATURA  REF. TN2531","2007","C/U",2,{"v":0,"d":"0.00"},{"v":0,"d":"0.00"}]
["2024-06-18","10001904","SENSOR DE TEMPERATURA  REF. TN2531","2027","C/U",1,{"v":0,"d":"0.00"},{"v":0,"d":"0.00"}]
["2021-12-30","10001905","RELOJ COMPARADOR CON BASE","2004","C/U",1,{"v":0,"d":"0.00"},{"v":0,"d":"0.00"}]
["2024-04-17","10001907","SENSOR DE PRESION HIDAC","2011","C/U",1,{"v":0,"d":"0.00"},{"v":0,"d":"0.00"}]
["2016-04-11","10001908","PROTECTOR DE OIDO","2003","C/U",397,{"v":0,"d":"0.00"},{"v":0,"d":"0.00"}]
["2021-12-30","10001908","PROTECTOR DE OIDO","2013","C/U",8,{"v":0,"d":"0.00"},{"v":0,"d":"0.00"}]
["2019-12-31","10001912","FILTRO DE AIRE HIDAC","2007","C/U",9,{"v":0,"d":"0.00"},{"v":0,"d":"0.00"}]
["2021-12-30","10001913","RELE FINDER CON BASE 7A 250V","2027","C/U",4,0.01,0.04]
["2021-12-30","10001914","SENSOR DE NIVEL DE ACEITE HIDAC","2004","C/U",1,{"v":0,"d":"0.00"},{"v":0,"d":"0.00"}]
["2024-04-17","10001914","SENSOR DE NIVEL DE ACEITE HIDAC","2028","C/U",1,{"v":1,"d":"1.00"},{"v":1,"d":"1.00"}]
["2024-06-21","10001919","LIMA PLANA 10\"","2000","C/U",15,0.01,0.15]
["2024-06-27","10001919","LIMA PLANA 10\"","2005","C/U",32,{"v":0,"d":"0.00"},{"v":0,"d":"0.00"}]
["2024-06-18","10001919","LIMA PLANA 10\"","2010","C/U",7,0.01,0.07]
["2024-06-18","10001922","ESCURRIDOR SIMPLE (SACA AGUA)","2010","C/U",1,{"v":1,"d":"1.00"},{"v":1,"d":"1.00"}]
["2019-12-31","10001923","GUANTE PARA OBRERO","2023","C/U",24,{"v":0,"d":"0.00"},{"v":0,"d":"0.00"}]
["2021-12-30","10001933","RADIAL HINGE BEARING","2024","C/U",2,{"v":0,"d":"0.00"},{"v":0,"d":"0.00"}]
["2024-05-10","10001935","DISPLACEMENT TRANCDUCER BALLUFF","2021","C/U",2,{"v":0,"d":"0.00"},{"v":0,"d":"0.00"}]
["2024-06-27","10001938","ORING 5.3 MM -40","2007","C/U",20,{"v":0,"d":"0.00"},{"v":0,"d":"0.00"}]
["2024-06-27","10001946","DISCO DE CORTE 115 x 5 x 1.6 MM","2007","UN",1,{"v":0,"d":"0.00"},{"v":0,"d":"0.00"}]
["2024-04-17","10001947","HACHA 3.5 LBS","2000","C/U",36,0.01,0.36]
["2024-04-17","10001947","HACHA 3.5 LBS","2008","C/U",5,{"v":1,"d":"1.00"},{"v":5,"d":"5.00"}]
["2024-06-18","10001947","HACHA 3.5 LBS","2010","C/U",7,{"v":0,"d":"0.00"},{"v":0,"d":"0.00"}]
["2024-04-17","10001947","HACHA 3.5 LBS","2011","C/U",1,{"v":0,"d":"0.00"},{"v":0,"d":"0.00"}]
["2024-05-10","10001947","HACHA 3.5 LBS","2020","C/U",1,{"v":0,"d":"0.00"},{"v":0,"d":"0.00"}]
["2024-05-10","10001947","HACHA 3.5 LBS","2021","C/U",5,{"v":0,"d":"0.00"},{"v":0,"d":"0.00"}]
["2024-09-25","10001947","HACHA 3.5 LBS","2024","C/U",4,{"v":0,"d":"0.00"},{"v":0,"d":"0.00"}]
["2024-06-18","10001952","\"ABRAZADERA UNITRUS 3\"\"\"","2010","C/U",30,{"v":0,"d":"0.00"},{"v":0,"d":"0.00"}]
["2024-06-18","10001953","\"LETRA PARA TUBO EMT      2\"\"      \"\"T\"\"","2010","C/U",10,{"v":0,"d":"0.00"},{"v":0,"d":"0.00"}]
["2021-12-30","10001953","\"LETRA PARA TUBO EMT      2\"\"      \"\"T\"\"","2024","C/U",1,{"v":0,"d":"0.00"},{"v":0,"d":"0.00"}]
["2024-10-22","10001954","BOTAS SEGURIDAD NO. 37","2000","C/U",2,0.01,0.02]
["2017-06-19","10001955","CAPA PARA LLUVIA","2023","C/U",7,{"v":0,"d":"0.00"},{"v":0,"d":"0.00"}]
["2009-11-02","10001956","LONA PLASTICA  24*30","2005","C/U",3,{"v":0,"d":"0.00"},{"v":0,"d":"0.00"}]
["2021-12-30","10001967","LAMPARA TIPO COBRA 240 Vac","2024","C/U",1,{"v":0,"d":"0.00"},{"v":0,"d":"0.00"}]
["2024-04-17","10001969","CAJA DE BREACKER TLM812FCU","2008","C/U",1,{"v":1,"d":"1.00"},{"v":1,"d":"1.00"}]
["2013-01-10","10001979","PINTURA GRIS PERLA 56","2002","C/U",1,{"v":0,"d":"0.00"},{"v":0,"d":"0.00"}]
["2021-12-31","10001979","PINTURA GRIS PERLA 56","2003","C/U",24,{"v":0,"d":"0.00"},{"v":0,"d":"0.00"}]
["2021-12-30","10001979","PINTURA GRIS PERLA 56","2004","C/U",15,{"v":0,"d":"0.00"},{"v":0,"d":"0.00"}]
["2024-07-29","10001981","PINTURA AMARILLO TRAFICO","2015","C/U",4,{"v":0,"d":"0.00"},{"v":0,"d":"0.00"}]
["2021-12-30","10001993","ALABE DE TURBINA","2023","C/U",16,{"v":0,"d":"0.00"},{"v":0,"d":"0.00"}]
["2021-12-30","10001993","ALABE DE TURBINA","2024","C/U",2,{"v":0,"d":"0.00"},{"v":0,"d":"0.00"}]
["2021-12-31","10001995","DIFERENCIAL DE 5 TONELADAS","2009","C/U",1,{"v":0,"d":"0.00"},{"v":0,"d":"0.00"}]
["2021-12-30","10002002","ENGRASADORA MANUAL","2010","C/U",1,{"v":0,"d":"0.00"},{"v":0,"d":"0.00"}]
["2021-12-30","10002002","ENGRASADORA MANUAL","2013","C/U",1,{"v":0,"d":"0.00"},{"v":0,"d":"0.00"}]
["2021-12-30","10002004","CEPILLO DE ALAMBRE ACERO 3x17","2013","C/U",1,{"v":0,"d":"0.00"},{"v":0,"d":"0.00"}]
["2024-07-29","10002004","CEPILLO DE ALAMBRE ACERO 3x17","2015","C/U",4,{"v":0,"d":"0.00"},{"v":0,"d":"0.00"}]
["2024-05-10","10002004","CEPILLO DE ALAMBRE ACERO 3x17","2021","C/U",26,0.01,0.26]
["2021-12-31","10002004","CEPILLO DE ALAMBRE ACERO 3x17","2024","C/U",6,{"v":0,"d":"0.00"},{"v":0,"d":"0.00"}]
["2021-12-30","10002004","CEPILLO DE ALAMBRE ACERO 3x17","2025","C/U",1,{"v":1,"d":"1.00"},{"v":1,"d":"1.00"}]
["2021-12-30","10002012","MARTILLO PARA CARPINTERO TRUPER","2007","C/U",2,{"v":0,"d":"0.00"},{"v":0,"d":"0.00"}]
["2024-05-10","10002014","DISCO DE CORTE 180*1.6*22.23MM","2025","C/U",1,{"v":0,"d":"0.00"},{"v":0,"d":"0.00"}]
["2024-04-17","10002022","LLAVE DE CHORRO DE 3/4PULG.","2008","C/U",1,{"v":0,"d":"0.00"},{"v":0,"d":"0.00"}]
["2012-11-23","10002032","PINTURA OXIDO NEGRO","2010","C/U",10,{"v":0,"d":"0.00"},{"v":0,"d":"0.00"}]
["2025-01-03","10002039","THINER","2000","C/U",420,{"v":747.4119999999999,"d":"747.41"},{"v":313913.04,"d":"313,913.04"}]
["2014-01-30","10002039","THINER","2021","C/U",7,0.01,0.07]
["2024-06-27","10002041","PISTOLA PARA PINTAR","2007","C/U",1,{"v":0,"d":"0.00"},{"v":0,"d":"0.00"}]
["2024-04-17","10002044","CALIBRADOR ACHCROTF","2011","C/U",1,0.01,0.01]
["2024-06-27","10002047","GOMA DE MOTOR 110/90/19","2007","C/U",1,{"v":0,"d":"0.00"},{"v":0,"d":"0.00"}]
["2021-12-30","10002049","GUANTE ALTA TENSION","2002","C/U",2,{"v":0,"d":"0.00"},{"v":0,"d":"0.00"}]
["2024-05-10","10002049","GUANTE ALTA TENSION","2021","C/U",2,0.01,0.02]
["2024-05-10","10002068","ZAFACONES DE BAÑO","2021","C/U",2,0.01,0.02]
["2021-12-30","10002068","ZAFACONES DE BAÑO","2024","C/U",3,{"v":0,"d":"0.00"},{"v":0,"d":"0.00"}]
["2021-12-30","10002105","TUBO PVC 3\"","2015","C/U",1,0.01,0.01]
["2024-05-10","10002105","TUBO PVC 3\"","2022","C/U",8,0.01,0.08]
["2021-12-30","10002106","TUBO PVC 2\"","2004","C/U",34,0.01,0.34]
["2024-06-18","10002121","AISLADOR BUSHING 69KV/400AMP","2027","UN",1,{"v":1,"d":"1.00"},{"v":1,"d":"1.00"}]
["2021-12-30","10002143","MANGUERA DE PRESION DE AIRE DIN 8541CF","2025","UN",1,{"v":508,"d":"508.00"},{"v":508,"d":"508.00"}]
["2021-12-30","10002154","AISLADOR ANILLO COLECTOR R P/GENERA","2005","UN",2,{"v":0,"d":"0.00"},{"v":0,"d":"0.00"}]
["2024-01-31","10002178","SILICON GRIS","2031","UN",16,{"v":362.281875,"d":"362.28"},{"v":5796.51,"d":"5,796.51"}]
["2024-04-17","10002179","SENSOR COMINGS C450-0007","2011","UN",1,{"v":0,"d":"0.00"},{"v":0,"d":"0.00"}]
["2013-07-23","10002180","GOMA 2.75 R21","2002","UN",1,{"v":0,"d":"0.00"},{"v":0,"d":"0.00"}]
["2021-12-30","10002200","ELECTRODO PARA SOLDAR 1/8 X 14'' LB","2008","UN",10,0.01,{"v":0.1,"d":"0.10"}]
["2021-12-30","10002200","ELECTRODO PARA SOLDAR 1/8 X 14'' LB","2022","UN",170,0.01,{"v":1.7,"d":"1.70"}]
["2024-04-17","10002233","TUBO CONDUIT DE 3/4","2008","UN",1,{"v":0,"d":"0.00"},{"v":0,"d":"0.00"}]
["2024-05-10","10002246","ARANDELA DE FIBRA DE 4 3/4 X 2 11/16","2025","UN",8,43.15,{"v":345.2,"d":"345.20"}]
["2021-12-30","10002253","AISLADOR P/TRANSFORMADOR T60B","2002","UN",1,{"v":0,"d":"0.00"},{"v":0,"d":"0.00"}]
["2024-05-10","10002262","VENTILADOR DEL EXITADOR PRINCIP 230V50HZ","2020","UN",1,{"v":1,"d":"1.00"},{"v":1,"d":"1.00"}]
["2021-12-30","10002263","SWITCH DE PRESION REF.GAW65B","2025","UN",3,{"v":2400,"d":"2,400.00"},{"v":7200,"d":"7,200.00"}]
["2024-06-27","10002264","BOMBA FUMIGADORA MANUAL","2007","UN",1,{"v":0,"d":"0.00"},{"v":0,"d":"0.00"}]
["2024-06-18","10002277","TORNILLO CAB. HEXAGONAL DE 1/2\" X 1 1/2\"","2027","C/U",787,{"v":1,"d":"1.00"},{"v":787,"d":"787.00"}]
["2019-11-06","10002284","TUBO HG 4 PLG x 10 FT","2010","C/U",6,{"v":0,"d":"0.00"},{"v":0,"d":"0.00"}]
["2024-05-10","10002287","TUBO PVC DE 1\"","2021","C/U",30,{"v":1,"d":"1.00"},{"v":30,"d":"30.00"}]
["2024-07-29","10002288","TUBO PVC 3/4'' X 20'","2015","C/U",10,{"v":0,"d":"0.00"},{"v":0,"d":"0.00"}]
["2024-05-10","10002288","TUBO PVC 3/4'' X 20'","2021","C/U",28,{"v":0,"d":"0.00"},{"v":0,"d":"0.00"}]
["2024-07-29","10002290","TUBO PVC 2'' X 20'","2015","C/U",4,{"v":0,"d":"0.00"},{"v":0,"d":"0.00"}]
["2021-12-30","10002292","\"CINTURON CUERPO COMP. MSA, LINEA DE VID","2004","UN",6,{"v":0,"d":"0.00"},{"v":0,"d":"0.00"}]
["2024-05-10","10002292","\"CINTURON CUERPO COMP. MSA, LINEA DE VID","2021","UN",1,{"v":0,"d":"0.00"},{"v":0,"d":"0.00"}]
["2024-04-17","10002310","\"ABRAZADERA DE 2\"\" P/TUBOS MT\"","2008","UN",24,{"v":0,"d":"0.00"},{"v":0,"d":"0.00"}]
["2024-07-29","10002312","ABRAZADERA P/CABLE DE TIERRA","2015","UN",18,{"v":0,"d":"0.00"},{"v":0,"d":"0.00"}]
["2021-12-30","10002313","ABRAZADERA DE 1 1/2 EMT","2002","UN",35,{"v":0,"d":"0.00"},{"v":0,"d":"0.00"}]
["2021-12-30","10002313","ABRAZADERA DE 1 1/2 EMT","2005","UN",4,{"v":0,"d":"0.00"},{"v":0,"d":"0.00"}]
["2021-12-30","10002313","ABRAZADERA DE 1 1/2 EMT","2008","UN",19,{"v":1,"d":"1.00"},{"v":19,"d":"19.00"}]
["2024-04-17","10002320","\"ABRAZADERA DE 1\"","2008","UN",1,{"v":0,"d":"0.00"},{"v":0,"d":"0.00"}]
["2024-07-29","10002320","\"ABRAZADERA DE 1\"","2015","UN",10,{"v":0,"d":"0.00"},{"v":0,"d":"0.00"}]
["2024-06-18","10002320","\"ABRAZADERA DE 1\"","2027","UN",10,{"v":0,"d":"0.00"},{"v":0,"d":"0.00"}]
["2024-04-17","10002325","TARUGO DE PLOMO DE 3/8 X 5/8","2028","UN",12,{"v":1,"d":"1.00"},{"v":12,"d":"12.00"}]
["2019-12-31","10002328","\"TAPA METALICA P/CONECTOR DE 2\"\"\"","2008","UN",1,{"v":0,"d":"0.00"},{"v":0,"d":"0.00"}]
["2024-06-27","10002378","JUNTA DE AMIANTO 23 X 16MM","2005","UN",11,{"v":0,"d":"0.00"},{"v":0,"d":"0.00"}]
["2024-06-27","10002379","JUNTA DE AMIANTO 22 X 16 MM","2005","UN",10,{"v":0,"d":"0.00"},{"v":0,"d":"0.00"}]
["2023-11-07","10002394","ESCOBILLA P/ SIST. EXITACION 26 x7x 3/4","2002","UN",1,{"v":0,"d":"0.00"},{"v":0,"d":"0.00"}]
["2016-05-30","10002394","ESCOBILLA P/ SIST. EXITACION 26 x7x 3/4","2007","UN",194,{"v":0,"d":"0.00"},{"v":0,"d":"0.00"}]
["2019-12-31","10002394","ESCOBILLA P/ SIST. EXITACION 26 x7x 3/4","2015","UN",1,{"v":0,"d":"0.00"},{"v":0,"d":"0.00"}]
["2021-12-30","10002401","TENSOR 116X5MM","2020","UN",1,{"v":85,"d":"85.00"},{"v":85,"d":"85.00"}]
["2021-12-30","10002408","PUENTE P/BATERIA PSY","2009","UN",120,{"v":0,"d":"0.00"},{"v":0,"d":"0.00"}]
["2024-06-18","10002414","LETRA LB DE 3 PLG","2010","UN",10,{"v":1,"d":"1.00"},{"v":10,"d":"10.00"}]
["2024-05-10","10002414","LETRA LB DE 3 PLG","2025","UN",5,0.01,0.05]
["2024-07-29","10002422","\"RACORD DE 3/4\"\" A 90 GRADOS\"","2015","UN",22,{"v":0,"d":"0.00"},{"v":0,"d":"0.00"}]
["2024-06-27","10002441","CONECTOR 3/4 DE COBRE","2005","UN",8,{"v":0,"d":"0.00"},{"v":0,"d":"0.00"}]
["2024-05-10","10002455","CONECTOR DE COBRE ROSCADO","2022","UN",3,{"v":1,"d":"1.00"},{"v":3,"d":"3.00"}]
["2024-04-17","10002457","CONECTOR P/TUBERIA 4 PLG","2011","UN",2,{"v":0,"d":"0.00"},{"v":0,"d":"0.00"}]
["2024-06-18","10002458","\"CONECTOR DE 3/4\"\"\"","2010","UN",10,{"v":0,"d":"0.00"},{"v":0,"d":"0.00"}]
["2024-07-29","10002458","\"CONECTOR DE 3/4\"\"\"","2015","UN",6,{"v":0,"d":"0.00"},{"v":0,"d":"0.00"}]
["2024-05-10","10002469","COUPLING CON ROSCA INOX 2\"","2021","UN",4,{"v":0,"d":"0.00"},{"v":0,"d":"0.00"}]
["2024-06-18","10002471","COUPLING PVC 1 3/4\"","2027","UN",3,{"v":1,"d":"1.00"},{"v":3,"d":"3.00"}]
["2024-06-18","10002474","COUPLING PVC 1/2 PLG","2010","UN",7,0.01,0.07]
["2019-12-31","10002474","COUPLING PVC 1/2 PLG","2020","UN",1,26.42,26.42]
["2021-12-30","10002476","COUPLING RECTO MT 1 1/2\"","2020","UN",1,14.65,14.65]
["2024-09-16","10002499","\"BRIDA  PVC DE 4\"\"-721-111\"","2032","UN",6,{"v":1,"d":"1.00"},{"v":6,"d":"6.00"}]
["2024-07-29","10002502","BRIDA  DE 4 1/2\" X 9\" DE 8 AGUJEROS","2015","UN",3,{"v":0,"d":"0.00"},{"v":0,"d":"0.00"}]
["2009-10-27","10002505","CAJA CUADRADA DE 4X4X12","2020","UN",51,{"v":9,"d":"9.00"},{"v":459,"d":"459.00"}]
["2009-10-27","10002506","CAJA DE BREAKER C/CONTACTOR 3FASES 480VA","2020","UN",2,{"v":100,"d":"100.00"},{"v":200,"d":"200.00"}]
["2009-10-27","10002509","CAJA DE BREAKER C/CONTACTOR 480/600VAC 1","2020","UN",1,{"v":300,"d":"300.00"},{"v":300,"d":"300.00"}]
["2024-06-18","10002511","\"CAJA DE BREAKER CON CONTADOR 480/600VAC","2010","UN",1,{"v":0,"d":"0.00"},{"v":0,"d":"0.00"}]
["2009-10-27","10002514","CAJA DE BREAKER DE 230/480 VAC 85A","2020","UN",3,{"v":250,"d":"250.00"},{"v":750,"d":"750.00"}]
["2009-10-27","10002515","CAJA DE BREAKER CON CONTADOR 480/600VAC","2020","UN",1,{"v":6000,"d":"6,000.00"},{"v":6000,"d":"6,000.00"}]
["2009-10-27","10002516","CAJA DE BREAKER C/CONTADOR 380/440 VAC 1","2020","UN",1,{"v":250,"d":"250.00"},{"v":250,"d":"250.00"}]
["2009-10-27","10002519","CAJA DE BREAKER C/CONTACTOR 230/480/600V","2020","UN",1,{"v":700,"d":"700.00"},{"v":700,"d":"700.00"}]
["2024-09-16","10002524","UNION UNIVERSAL DE 1/2\"","2032","UN",3,0.01,0.03]
["2024-06-27","10002529","\"TEE D/HIERRO D/8\"\"\"","2005","UN",1,{"v":0,"d":"0.00"},{"v":0,"d":"0.00"}]
["2009-10-27","10002540","EMPALME D/BANDEJA DE 5 1/2","2020","UN",1,{"v":6,"d":"6.00"},{"v":6,"d":"6.00"}]
["2009-10-27","10002544","\"CURVA DE 12\"\" P/BANDEJA\"","2020","UN",1,{"v":9,"d":"9.00"},{"v":9,"d":"9.00"}]
["2021-12-30","10002546","\"CURVA DE 4 \"\" P/BANDEJA\"","2009","UN",1,{"v":0,"d":"0.00"},{"v":0,"d":"0.00"}]
["2024-07-29","10002553","RACORD DE 3/4 REF.PHSY","2015","UN",3,{"v":0,"d":"0.00"},{"v":0,"d":"0.00"}]
["2024-05-10","10002556","RACORD D/ACOPLAMIENTO 1/2 PLG","2020","UN",19,{"v":40,"d":"40.00"},{"v":760,"d":"760.00"}]
["2024-04-17","10002558","CODO RACORD P/SISTEMA HIDRAULICO 1 PLG","2011","UN",9,{"v":0,"d":"0.00"},{"v":0,"d":"0.00"}]
["2021-12-30","10002574","LETRA LB DE 1 1/2\"","2005","UN",5,{"v":0,"d":"0.00"},{"v":0,"d":"0.00"}]
["2024-06-18","10002574","LETRA LB DE 1 1/2\"","2010","UN",21,{"v":1,"d":"1.00"},{"v":21,"d":"21.00"}]
["2024-04-17","10002574","LETRA LB DE 1 1/2\"","2028","UN",4,{"v":1,"d":"1.00"},{"v":4,"d":"4.00"}]
["2024-06-27","10002577","LETRA LR DE 3/4 PLG","2005","UN",15,{"v":0,"d":"0.00"},{"v":0,"d":"0.00"}]
["2024-04-17","10002577","LETRA LR DE 3/4 PLG","2008","UN",3,{"v":1,"d":"1.00"},{"v":3,"d":"3.00"}]
["2024-06-27","10002578","LETRA LL DE 1/2","2005","UN",8,{"v":0,"d":"0.00"},{"v":0,"d":"0.00"}]
["2024-06-27","10002580","LETRA LL DE 1 PLG","2005","UN",10,{"v":0,"d":"0.00"},{"v":0,"d":"0.00"}]
["2024-04-17","10002580","LETRA LL DE 1 PLG","2028","UN",4,0.01,0.04]
["2021-12-30","10002581","\"LETRA TIPO T DE 1/2\"\"\"","2003","UN",8,0.01,0.08]
["2019-12-31","10002582","CABLE DE COBRE 2/0 AWG (PIE)","2003","UN",1,{"v":0,"d":"0.00"},{"v":0,"d":"0.00"}]
["2024-09-16","10002590","TUBO PVC 2\" SDR-21","2032","UN",22,{"v":183,"d":"183.00"},{"v":4026,"d":"4,026.00"}]
["2024-06-18","10002592","TUBO DE ALUMINIO DE 3/4\"","2027","UN",2,{"v":1,"d":"1.00"},{"v":2,"d":"2.00"}]
["2024-09-16","10002615","\"CODO D/6\"\"+90 GRADOS\"","2032","UN",89,0.01,0.89]
["2024-05-10","10002617","\"CODO DE 4\"\" X 45 GRADOS\"","2025","UN",1,0.01,0.01]
["2024-07-29","10002643","RESISTENCIA DER W.5A-150MV","2015","UN",1,{"v":0,"d":"0.00"},{"v":0,"d":"0.00"}]
["2021-12-30","10002669","TORNILLO CABEZA ALLEN DE 19X75 MM","2005","UN",50,{"v":0,"d":"0.00"},{"v":0,"d":"0.00"}]
["2024-04-17","10002707","TUERCA DE 1/2 PLG","2011","UN",24,{"v":0,"d":"0.00"},{"v":0,"d":"0.00"}]
["2024-06-18","10002718","TORNILLO 5/8 X3 ROSCA GRUESA GALVANIZADA","2027","UN",2,{"v":0,"d":"0.00"},{"v":0,"d":"0.00"}]
["2024-06-18","10002722","TORNILLO HIERRO NEGRO 3/8 x 1 1/2 PLG","2010","UN",44,0.01,0.44]
["2024-04-17","10002723","TORNILLO ALLEN DE 8 MM","2008","UN",12,{"v":1,"d":"1.00"},{"v":12,"d":"12.00"}]
["2021-12-30","10002724","TORNILLO DE 1/2 X 1 1/2","2009","UN",78,{"v":0,"d":"0.00"},{"v":0,"d":"0.00"}]
["2021-12-30","10002726","TORNILLO 3/4 X 1 R.G","2023","UN",1,{"v":0,"d":"0.00"},{"v":0,"d":"0.00"}]
["2020-12-14","10002732","TORNILLO TIRAFONDO RM","2020","UN",23,{"v":9.5,"d":"9.50"},{"v":218.5,"d":"218.50"}]
["2021-12-30","10002741","TORNILLO DE 2 1/2 X 3/4 R.G","2023","UN",17,{"v":0,"d":"0.00"},{"v":0,"d":"0.00"}]
["2024-07-29","10002751","TORNILLO DE 17 X 30MM","2015","UN",24,{"v":0,"d":"0.00"},{"v":0,"d":"0.00"}]
["2021-12-30","10002770","ARANDELA DE PRESION 5/8\"","2002","UN",38,{"v":0,"d":"0.00"},{"v":0,"d":"0.00"}]
["2024-05-10","10002770","ARANDELA DE PRESION 5/8\"","2021","UN",202,{"v":0,"d":"0.00"},{"v":0,"d":"0.00"}]
["2024-04-17","10002775","ARANDELA PLANA DE 1/2 PLG","2011","UN",4,{"v":0,"d":"0.00"},{"v":0,"d":"0.00"}]
["2024-06-18","10002775","ARANDELA PLANA DE 1/2 PLG","2027","UN",868,{"v":1,"d":"1.00"},{"v":868,"d":"868.00"}]
["2024-04-17","10002777","ARANDELA ACERO INOXI 1/2 PLG","2011","UN",19,{"v":0,"d":"0.00"},{"v":0,"d":"0.00"}]
["2024-04-17","10002784","ARANDELA PLANA 1/8 PLG","2011","UN",5,{"v":0,"d":"0.00"},{"v":0,"d":"0.00"}]
["2009-10-27","10002786","ARANDELA PLANA REDONDA DE HIERRO M28MM","2015","UN",5,{"v":1,"d":"1.00"},{"v":5,"d":"5.00"}]
["2024-06-18","10002788","ARANDELA PLANA GALV.DE 26MM","2010","UN",16,{"v":0,"d":"0.00"},{"v":0,"d":"0.00"}]
["2024-06-27","10002792","ARANDELA DE PRESION DE 16MM","2005","UN",245,{"v":0,"d":"0.00"},{"v":0,"d":"0.00"}]
["2024-09-25","10002793","TUERCA HEX. HG 1 3/8 PLG","2011","UN",122,{"v":0,"d":"0.00"},{"v":0,"d":"0.00"}]
["2021-12-30","10002802","TUERCA DE 22 MM","2017","UN",3,{"v":0,"d":"0.00"},{"v":0,"d":"0.00"}]
["2021-12-30","10002806","TUERCA DE 14 MM","2009","UN",6,{"v":0,"d":"0.00"},{"v":0,"d":"0.00"}]
["2024-07-29","10002818","CANDADO DE SEGURIDAD TIPO ARANDELA DE 25","2015","UN",14,{"v":0,"d":"0.00"},{"v":0,"d":"0.00"}]
["2024-05-10","10002830","TORNILLO DE ACERO INOX 5/8X4\"","2021","UN",8,{"v":0,"d":"0.00"},{"v":0,"d":"0.00"}]
["2024-05-10","10002833","ARANDELA DE PRESION DE 1/2","2022","UN",324,{"v":0,"d":"0.00"},{"v":0,"d":"0.00"}]
["2024-06-18","10002833","ARANDELA DE PRESION DE 1/2","2027","UN",69,{"v":0,"d":"0.00"},{"v":0,"d":"0.00"}]
["2009-10-27","10002836","BOBINA CONCENTRICA DEL ESTATOR GENERADOR","2003","UN",1,{"v":636,"d":"636.00"},{"v":636,"d":"636.00"}]
["2009-10-27","10002837","Junta vaquelita del generador","2003","UN",2,{"v":2.5,"d":"2.50"},{"v":5,"d":"5.00"}]
["2019-12-31","10002838","FILTRO DE ASPIRACION P/BOMBA REGULACION","2003","UN",1,{"v":0,"d":"0.00"},{"v":0,"d":"0.00"}]
["2019-12-31","10002839","FILTRO DIESEL  1902138 P/ DIESEL DE EMER","2003","UN",5,{"v":195.85999999999999,"d":"195.86"},{"v":979.3,"d":"979.30"}]
["2009-10-27","10002845","DIODO RSK-2001","2010","UN",5,{"v":43,"d":"43.00"},{"v":215,"d":"215.00"}]
["2009-10-27","10002847","DIODO 250VDC REF. FPTN72769R0001","2010","UN",3,{"v":71.33333333333333,"d":"71.33"},{"v":214,"d":"214.00"}]
["2009-10-27","10002849","CONECTOR DIN67984510006","2010","UN",1,{"v":1067.5,"d":"1,067.50"},{"v":1067.5,"d":"1,067.50"}]
["2009-10-27","10002852","SENSOR HAMLIN REF:59025-0200103","2010","UN",2,222.75,{"v":445.5,"d":"445.50"}]
["2009-10-27","10002856","INTERRUPTOR HD4/W-17-12-25","2010","UN",1,{"v":1745.5,"d":"1,745.50"},{"v":1745.5,"d":"1,745.50"}]
["2012-06-11","10002861","TARJETA DE EXITACION  DIESEL REF0002460","2010","UN",1,{"v":11080.5,"d":"11,080.50"},{"v":11080.5,"d":"11,080.50"}]
["2021-12-30","10002862","FILTRO DE COOLANT REF:WF2073","2010","UN",1,{"v":255,"d":"255.00"},{"v":255,"d":"255.00"}]
["2009-10-27","10002863","TRANDUCTOR PMP131-A1B01A73","2010","UN",1,{"v":6329,"d":"6,329.00"},{"v":6329,"d":"6,329.00"}]
["2009-10-27","10002864","BOLNERA WTL613","2010","UN",74,{"v":1.8889189189189188,"d":"1.89"},139.78]
["2009-10-27","10002865","CAPACITOR MN 640V / 900V","2010","UN",1,{"v":1881.5,"d":"1,881.50"},{"v":1881.5,"d":"1,881.50"}]
["2024-04-17","10002866","BASE DE FUSIBLE ZFP-EZ-25A","2011","UN",20,{"v":0,"d":"0.00"},{"v":0,"d":"0.00"}]
["2009-10-27","10002868","TARJETA DE CONTROL TM-8","2010","UN",2,{"v":1469.675,"d":"1,469.68"},{"v":2939.35,"d":"2,939.35"}]
["2009-10-27","10002869","FILTRO PEQ. P/TURBINA DE PRE-ENFRIAMIENT","2010","UN",1,172.75,172.75]
["2009-10-27","10002872","CONTACTO AUXILIAR 0013005A","2010","UN",1,299.17,299.17]
["2009-10-27","10002874","BOTONERA DE MARCHA REF:10662468699867","2010","UN",1,{"v":77,"d":"77.00"},{"v":77,"d":"77.00"}]
["2009-10-27","10002875","FILTRO DE ACEITE FLEETGUARD LF670","2010","UN",1,180.25,180.25]
["2009-10-27","10002878","JUEGO DE EMBRAGUE DE MOTOR Y GRUA","2010","UN",1,{"v":501.5,"d":"501.50"},{"v":501.5,"d":"501.50"}]
["2009-10-27","10002879","CONTACTOR LC140008","2010","UN",1,{"v":2095.5,"d":"2,095.50"},{"v":2095.5,"d":"2,095.50"}]
["2009-10-27","10002880","CONTACTOR LC1 D8011","2010","UN",1,{"v":1825.5,"d":"1,825.50"},{"v":1825.5,"d":"1,825.50"}]
["2024-06-27","10002881","COTACTOR TELEMECANIQUE LC1 D12004","2007","UN",1,0.01,0.01]
["2009-10-27","10002881","COTACTOR TELEMECANIQUE LC1 D12004","2010","UN",1,{"v":3466.5,"d":"3,466.50"},{"v":3466.5,"d":"3,466.50"}]
["2009-10-27","10002882","MEDIDOR DE POTENCIA DE 0 A 120V","2010","UN",1,{"v":4011.5,"d":"4,011.50"},{"v":4011.5,"d":"4,011.50"}]
["2021-12-30","10002883","VOLTIMETRO DE 0 A 150V","2003","UN",1,{"v":0,"d":"0.00"},{"v":0,"d":"0.00"}]
["2009-10-27","10002883","VOLTIMETRO DE 0 A 150V","2010","UN",3,{"v":752.5,"d":"752.50"},{"v":2257.5,"d":"2,257.50"}]
["2009-10-27","10002884","MEDIDOR DE CORRIENTE DE 0 A 800V","2010","UN",1,{"v":316,"d":"316.00"},{"v":316,"d":"316.00"}]
["2009-10-27","10002885","MEDIDOR DE VOLTAJE DE 0 A 300V","2010","UN",1,56.33,56.33]
["2009-10-27","10002886","MEDIDOR DE CORRIENTE DE 0 A 100V","2010","UN",1,{"v":140.5,"d":"140.50"},{"v":140.5,"d":"140.50"}]
["2009-10-27","10002887","MEDIDOR DE VOLTAJE DE 0 A 30V","2010","UN",1,{"v":415.5,"d":"415.50"},{"v":415.5,"d":"415.50"}]
["2024-04-17","10002888","INDICADOR DE TEMPERATURA 0 A 150ºC","2008","UN",1,{"v":1,"d":"1.00"},{"v":1,"d":"1.00"}]
["2009-10-27","10002888","INDICADOR DE TEMPERATURA 0 A 150ºC","2010","UN",1,{"v":4651.5,"d":"4,651.50"},{"v":4651.5,"d":"4,651.50"}]
["2009-10-27","10002889","MEDIDOR  DE POTENCIA REACTIVA EQ2207","2010","UN",1,{"v":305,"d":"305.00"},{"v":305,"d":"305.00"}]
["2009-10-27","10002891","INDICADOR ANALOGICO DE 0 A 15.625KV","2010","UN",1,{"v":9673.5,"d":"9,673.50"},{"v":9673.5,"d":"9,673.50"}]
["2009-10-27","10002893","INDICADOR DE POTENCIA DE 0 A 12V","2010","UN",1,{"v":1362.5,"d":"1,362.50"},{"v":1362.5,"d":"1,362.50"}]
["2009-10-27","10002894","INDICADOR DE POTENCIA DE 0 A 12KV","2010","UN",1,{"v":1362.5,"d":"1,362.50"},{"v":1362.5,"d":"1,362.50"}]
["2009-10-27","10002895","CONTADOR NQ0217","2010","UN",1,{"v":5722.5,"d":"5,722.50"},{"v":5722.5,"d":"5,722.50"}]
["2011-01-01","10002896","TRANSDUCTOR DE VOLTAJE AC 120V-5AMP","2009","UN",28,{"v":25116.8,"d":"25,116.80"},{"v":703270.4,"d":"703,270.40"}]
["2009-10-27","10002896","TRANSDUCTOR DE VOLTAJE AC 120V-5AMP","2010","UN",1,{"v":6184,"d":"6,184.00"},{"v":6184,"d":"6,184.00"}]
["2009-10-27","10002897","TRANSDUCTOR DE FRECUENCIA 65Hz","2010","UN",1,{"v":5904,"d":"5,904.00"},{"v":5904,"d":"5,904.00"}]
["2024-07-29","10002897","TRANSDUCTOR DE FRECUENCIA 65Hz","2015","UN",1,{"v":0,"d":"0.00"},{"v":0,"d":"0.00"}]
["2021-12-30","10002898","TRANSDUCTOR DE POTENCIA CORRIENTE M1","2010","UN",1,{"v":3680.75,"d":"3,680.75"},{"v":3680.75,"d":"3,680.75"}]
["2009-10-27","10002900","CONTACTO AUXILIAR DE RELAY M09-10E","2010","UN",1,{"v":4487,"d":"4,487.00"},{"v":4487,"d":"4,487.00"}]
["2009-10-27","10002902","CONECTOR DE CABLE TRIPOLAR 1SDA013652R1","2010","UN",1,{"v":4339.5,"d":"4,339.50"},{"v":4339.5,"d":"4,339.50"}]
["2024-06-18","10002903","CONECTOR D/CABLE  ABB 1SNA013761R1","2010","UN",6,{"v":2389.5,"d":"2,389.50"},{"v":14337,"d":"14,337.00"}]
["2024-07-15","10002904","RELAY PROTECCION DE TEMPERATURA T154","2005","UN",2,{"v":88500,"d":"88,500.00"},{"v":177000,"d":"177,000.00"}]
["2019-12-31","10002905","CONMUTADOR BRETER LE2-20","2010","UN",1,{"v":0,"d":"0.00"},{"v":0,"d":"0.00"}]
["2019-12-31","10002906","CONTADOR ABB CA5-10","2010","UN",2,{"v":0,"d":"0.00"},{"v":0,"d":"0.00"}]
["2009-10-27","10002909","PULSADOR 800P-F4 ALLEN BRADLEY","2010","UN",1,{"v":11733.5,"d":"11,733.50"},{"v":11733.5,"d":"11,733.50"}]
["2024-04-17","10002910","PULSADOR VERDE ZBE-102","2028","UN",4,{"v":1,"d":"1.00"},{"v":4,"d":"4.00"}]
["2009-10-27","10002911","RELAY TEMPORIZADOR A1953N","2010","UN",1,{"v":13883,"d":"13,883.00"},{"v":13883,"d":"13,883.00"}]
["2009-10-27","10002912","BOBINA DE CONTACTOR ABB-BC25-30-10","2010","UN",2,{"v":3750.5,"d":"3,750.50"},{"v":7501,"d":"7,501.00"}]
["2024-04-17","10002913","MEDIDOR DE PRESION MOD-2046S","2011","UN",1,0.01,0.01]
["2024-04-17","10002914","VOLTIMETRO M90113150","2011","UN",1,0.01,0.01]
["2024-06-27","10002915","TORNILLO HEXAGONAL 10 x 21 MM","2005","UN",72,{"v":0,"d":"0.00"},{"v":0,"d":"0.00"}]
["2024-06-27","10002916","RODAMIENTO FBJ 22217 CAK/W33 C3","2005","UN",2,{"v":0,"d":"0.00"},{"v":0,"d":"0.00"}]
["2024-05-10","10002916","RODAMIENTO FBJ 22217 CAK/W33 C3","2020","UN",5,{"v":1,"d":"1.00"},{"v":5,"d":"5.00"}]
["2024-05-10","10002917","FILTRO DE ACEITE BALDWIN  PT9226","2022","UN",3,{"v":0,"d":"0.00"},{"v":0,"d":"0.00"}]
["2024-05-10","10002919","COUPLING ACERO INOX 1/2\" X 3\"","2022","UN",7,{"v":0,"d":"0.00"},{"v":0,"d":"0.00"}]
["2024-05-10","10002921","VAVULA REGULADORA DE FLUJO HIDRAULICO","2022","UN",1,{"v":0,"d":"0.00"},{"v":0,"d":"0.00"}]
["2024-07-29","10002922","ESPARRAGO CON TUERCA 245 X 22MM","2015","UN",8,{"v":0,"d":"0.00"},{"v":0,"d":"0.00"}]
["2024-05-10","10002923","brida acero inox 3 A 4 hoyo","2021","UN",2,{"v":0,"d":"0.00"},{"v":0,"d":"0.00"}]
["2024-05-10","10002924","\"TORNILLOS 5/8\"\"X2\"\"\"","2022","UN",2,{"v":1,"d":"1.00"},{"v":2,"d":"2.00"}]
["2024-06-27","10002927","TRANSFORMADOR DE ATTAS 40VA/TIPO TL","2005","UN",1,{"v":0,"d":"0.00"},{"v":0,"d":"0.00"}]
["2024-05-10","10002928","FUSIBLE DE CRISTAL 1A","2022","UN",30,{"v":0,"d":"0.00"},{"v":0,"d":"0.00"}]
["2024-06-18","10002929","JUNTA P/ INTERCAMBIADOR DE CALOR","2016","UN",32,{"v":1,"d":"1.00"},{"v":32,"d":"32.00"}]
["2024-07-29","10002930","RODAMIENTO UN 308 ECJ","2015","UN",3,{"v":0,"d":"0.00"},{"v":0,"d":"0.00"}]
["2024-06-18","10002931","BOTON DE COMANDO 3SB3 ROJO","2016","UN",6,0.01,0.06]
["2024-06-18","10002932","RELE SEL-311","2016","UN",1,0.01,0.01]
["2024-06-18","10002933","INTERRUP.MANUAL P/TABLERO DE PROCTC.","2016","UN",2,0.01,0.02]
["2024-06-18","10002934","BOTON DE COMANDO 3SB3 NEGRO","2016","UN",1,0.01,0.01]
["2021-12-30","10002936","BOMBILLA DE 75W 120V P/SIST ILUMINACION","2003","UN",5,{"v":0,"d":"0.00"},{"v":0,"d":"0.00"}]
["2019-12-31","10002937","\"CODO DE 1\"\"A 90 GRADOS GALV.P/ROSCAR\"","2002","UN",1,{"v":0,"d":"0.00"},{"v":0,"d":"0.00"}]
["2024-05-10","10002938","CARTONES D/FILTRO PRENSA","2021","UN",70,{"v":0,"d":"0.00"},{"v":0,"d":"0.00"}]
["2009-10-27","10002939","FUSIBLE BBC TIPO CEF 25A UN 17.5KV 13/3X","2003","UN",3,38.15,114.45]
["2009-10-27","10002941","FUSIBLE SIBA 500V 4A NH 00C GL","2003","UN",3,{"v":39.9,"d":"39.90"},{"v":119.7,"d":"119.70"}]
["2019-12-31","10002942","FUSIBLE SIBA 80A 500V NH00-GL","2003","UN",11,{"v":0,"d":"0.00"},{"v":0,"d":"0.00"}]
["2019-12-31","10002943","FUSIBLE MICAF MH-00 80A GL 500V","2003","UN",3,{"v":0,"d":"0.00"},{"v":0,"d":"0.00"}]
["2019-12-31","10002945","FUSIBLE VERLUSTARM 500V 63A No. 24585.24","2003","UN",3,{"v":190.20000000000002,"d":"190.20"},{"v":570.6,"d":"570.60"}]
["2019-12-31","10002946","BOBINAS TELEMECANIQUE TIPO LX4-DIZ 110VC","2003","UN",25,{"v":0,"d":"0.00"},{"v":0,"d":"0.00"}]
["2019-12-31","10002947","BOBINA 110V DC No.A-110 31/1W 11000-0.01","2003","UN",4,{"v":0,"d":"0.00"},{"v":0,"d":"0.00"}]
["2021-12-30","10002947","BOBINA 110V DC No.A-110 31/1W 11000-0.01","2005","UN",3,{"v":0,"d":"0.00"},{"v":0,"d":"0.00"}]
["2009-10-27","10002949","BOBINA 240V/60Hz LX1 FF200","2003","UN",2,55.41,110.82]
["2019-12-31","10002950","BOBINA PARA RELE AUXILIAR 110V/60Hz BBC","2003","UN",2,{"v":0,"d":"0.00"},{"v":0,"d":"0.00"}]
["2024-04-17","10002950","BOBINA PARA RELE AUXILIAR 110V/60Hz BBC","2008","UN",2,{"v":1,"d":"1.00"},{"v":2,"d":"2.00"}]
["2019-12-31","10002951","JUNTA TWINSET 115/140 X 32","2003","UN",8,63.15,{"v":505.2,"d":"505.20"}]
["2009-10-27","10002952","JUNTA TWINSET 110/135 X 32 MM","2003","UN",9,71.43,642.87]
["2019-12-31","10002954","JUNTA ORING DIAM 7#51 P/TURBINA","2003","UN",25,{"v":0,"d":"0.00"},{"v":0,"d":"0.00"}]
["2019-12-31","10002955","JUNTA ORING DIAM 7 #63 REF-F43 P/TURBINA","2003","UN",91,2.15,195.65]
["2009-10-27","10002957","JUNTA ORING 5.33 #44 F11 P/TURBINA","2003","UN",2,7.15,{"v":14.3,"d":"14.30"}]
["2024-06-27","10002957","JUNTA ORING 5.33 #44 F11 P/TURBINA","2005","UN",1,{"v":0,"d":"0.00"},{"v":0,"d":"0.00"}]
["2009-10-27","10002958","JUNTA ORING 5.33 #47 REF-F12 P/TURBINA","2003","UN",2,7.15,{"v":14.3,"d":"14.30"}]
["2009-10-27","10002960","JUNTA ORING 3.6 #26 REF-F22 P/TURBINA","2003","UN",4,2.14,8.56]
["2019-12-31","10002961","JUNTA ORING DIAM 7#6 REF-F23 P/TURBINA","2003","UN",2,{"v":0,"d":"0.00"},{"v":0,"d":"0.00"}]
["2019-12-31","10002962","JUNTA ESTANQUEIDA 240/290 X 25 REF-V14","2003","UN",2,{"v":22.8,"d":"22.80"},{"v":45.6,"d":"45.60"}]
["2019-12-31","10002967","JUNTA ORING 2.7 #6 REF-F26 P/TURBINA","2003","UN",7,{"v":0,"d":"0.00"},{"v":0,"d":"0.00"}]
["2009-10-27","10002968","JUNTA ORING 3.6 #16 REF-F27 P/TURBINA","2003","UN",1,{"v":3.1,"d":"3.10"},{"v":3.1,"d":"3.10"}]
["2019-12-31","10002971","JUNTA TWINSET 80/100/24 REF-F1 P/TURBINA","2003","UN",8,{"v":0,"d":"0.00"},{"v":0,"d":"0.00"}]
["2021-12-30","10002972","JUNTA ORING 5.3 #43 REF-F34 P/TURBINA","2003","UN",82,{"v":3.1500000000000004,"d":"3.15"},{"v":258.3,"d":"258.30"}]
["2009-10-27","10002973","JUNTA ORING #17 F-42 P/E/R","2003","UN",3,2.02,6.06]
["2009-10-27","10002974","JUNTA ORING #10 REF-F39 P/E/R","2003","UN",26,3.17,82.42]
["2024-07-26","10002975","JUNTA ORING #7 RE-F40 P/E/R","2003","UN",110,{"v":129.01454545454547,"d":"129.01"},{"v":14191.6,"d":"14,191.60"}]
["2009-10-27","10002976","JUNTA DIAM 16/22 X 1.5 F41 P/E/R","2003","UN",6,{"v":3.1999999999999997,"d":"3.20"},{"v":19.2,"d":"19.20"}]
["2009-10-27","10002977","JUNTA DIAM 30/38 X 2 REF-F43 P/E/R","2003","UN",4,5.15,{"v":20.6,"d":"20.60"}]
["2009-10-27","10002978","JUNTA METALOP 11/16 X 2 P/E/R","2003","UN",3,{"v":16.400000000000002,"d":"16.40"},{"v":49.2,"d":"49.20"}]
["2009-10-27","10002979","JUNTA20X26X1.5","2003","UN",5,{"v":14.209999999999999,"d":"14.21"},71.05]
["2009-10-27","10002980","JUNTA DIVERSAS P/E/R","2003","UN",2,190.15,{"v":380.3,"d":"380.30"}]
["2019-12-31","10002981","JUNTA ORING #38 F-15 P/E/R","2003","UN",2,{"v":0,"d":"0.00"},{"v":0,"d":"0.00"}]
["2009-10-27","10002982","JUNTA ORING #46 REF-F16 P/E/R","2003","UN",2,{"v":16.4,"d":"16.40"},{"v":32.8,"d":"32.80"}]
["2009-10-27","10002983","JUNTA ORING #37 ERF-F17 P/E/R","2003","UN",2,9.31,18.62]
["2009-10-27","10002984","JUNTA ORING #34 REF-F11 P/E/R","2003","UN",2,3.25,{"v":6.5,"d":"6.50"}]
["2021-12-30","10002985","JUNTA ORING #36 F-13 P/E/R","2003","UN",62,{"v":4.1,"d":"4.10"},{"v":254.2,"d":"254.20"}]
["2009-10-27","10002987","JUNTA DIAM 14/19 X 1.5 REF-F19 P/E/R","2003","UN",6,13.12,78.72]
["2009-10-27","10002989","JUNTA DIAM 33/42 X 2 P/E/R","2003","UN",2,2.05,{"v":4.1,"d":"4.10"}]
["2009-10-27","10002990","JUNTA DIAM 22/30 X 2 F12 P/E/R","2003","UN",1,{"v":1.2,"d":"1.20"},{"v":1.2,"d":"1.20"}]
["2009-10-27","10002991","JUNTA DIAM 27 X 2 F-2 P/E/R","2003","UN",1,3.15,3.15]
["2009-10-27","10002992","JUNTA ORING #40 REF-F15 P/E/R","2003","UN",2,2.58,5.16]
["2009-10-27","10002993","JUNTA ORING #20 F10 P/E/R","2003","UN",2,2.13,4.26]
["2009-10-27","10002994","JUNTA 30/38 X 2 F1 P/E/R","2003","UN",4,{"v":1.4,"d":"1.40"},{"v":5.6,"d":"5.60"}]
["2009-10-27","10002995","JUNTA TWINSET 22/12/11 F-31 P/E/R","2003","UN",4,31.26,125.04]
["2021-12-30","10002996","JUNTA ORING #43 F13 F26 P/E/R","2003","UN",15,32.14,{"v":482.1,"d":"482.10"}]
["2009-10-27","10002997","JUNTA DE COBRE 13/18 REF-F23 P/E/R","2003","UN",2,48.59,97.18]
["2009-10-27","10002998","JUNTA ORING #17 REF-F37 P/E/R","2003","UN",4,23.15,{"v":92.6,"d":"92.60"}]
["2021-12-30","10003000","JUNTA ORING #25 F-38 P/E/R","2003","UN",28,{"v":0,"d":"0.00"},{"v":0,"d":"0.00"}]
["2009-10-27","10003001","JUNTA ORING #7 F33 F100 P/E/R","2003","UN",74,{"v":1.4,"d":"1.40"},{"v":103.6,"d":"103.60"}]
["2009-10-27","10003002","JUNTA ORING #13 REF-F10 P/E/R","2003","UN",6,{"v":2.4,"d":"2.40"},{"v":14.4,"d":"14.40"}]
["2009-10-27","10003003","JUNTA D/AMIANTO 116 X 35 X 2MM P/G","2003","UN",8,{"v":41.4,"d":"41.40"},{"v":331.2,"d":"331.20"}]
["2019-12-31","10003004","JUNTA DE AMIANTO 142 X 90.2MM P/G","2003","UN",24,{"v":0,"d":"0.00"},{"v":0,"d":"0.00"}]
["2019-12-31","10003006","JUNTA P/DIESEL","2003","UN",2,{"v":0,"d":"0.00"},{"v":0,"d":"0.00"}]
["2009-10-27","10003007","JUNTA ORING 134.5 X 3MM","2003","UN",4,6.45,{"v":25.8,"d":"25.80"}]
["2009-10-27","10003008","JUNTA ORING 94.5 X 3MM","2003","UN",1,3.91,3.91]
["2019-12-31","10003009","JUNTA DE ASBESTO DE 50 X 435 X 2 MM","2003","UN",1,65.11,65.11]
["2009-10-27","10003010","JUNTA 270 X 230 X 1.5","2003","UN",3,{"v":65.14999999999999,"d":"65.15"},195.45]
["2009-10-27","10003011","JUNTA ASBESTO P/VALVULA DE 2","2003","UN",2,{"v":38.4,"d":"38.40"},{"v":76.8,"d":"76.80"}]
["2009-10-27","10003012","JUNTA P/VALVULA ASBESTO DE 1 1/4","2003","UN",2,{"v":40.725,"d":"40.73"},81.45]
["2009-10-27","10003013","JUNTA DE ASBESTO DE 65M","2003","UN",2,{"v":31.4,"d":"31.40"},{"v":62.8,"d":"62.80"}]
["2019-12-31","10003016","JUNTA DE GOMA 10MM3","2003","UN",5,{"v":0,"d":"0.00"},{"v":0,"d":"0.00"}]
["2021-12-30","10003016","JUNTA DE GOMA 10MM3","2004","UN",1,{"v":0,"d":"0.00"},{"v":0,"d":"0.00"}]
["2021-12-30","10003017","JUNTA DE GOMA 12MM","2003","UN",3,{"v":0,"d":"0.00"},{"v":0,"d":"0.00"}]
["2019-12-31","10003019","JUNTAB DE GOMA 7MM","2003","UN",3,{"v":19.400000000000002,"d":"19.40"},{"v":58.2,"d":"58.20"}]
["2021-12-30","10003019","JUNTAB DE GOMA 7MM","2017","UN",8,{"v":0,"d":"0.00"},{"v":0,"d":"0.00"}]
["2021-12-30","10003020","JUNTA DE GOMA 3.5MM","2003","UN",8,{"v":0,"d":"0.00"},{"v":0,"d":"0.00"}]
["2021-12-30","10003021","JUNTA TORICA P/TURBINA","2003","UN",24,{"v":0,"d":"0.00"},{"v":0,"d":"0.00"}]
["2019-12-31","10003022","JUNTA DE GOMA P/PANEL DE ACHIQUE","2003","UN",3,{"v":0,"d":"0.00"},{"v":0,"d":"0.00"}]
["2009-10-27","10003023","JUNTA DE GOMA 190 X 137 X 7","2003","UN",8,23.15,{"v":185.2,"d":"185.20"}]
["2009-10-27","10003025","JUNTA D/GOMA 133 X 120 X 7MM","2003","UN",1,18.23,18.23]
["2009-10-27","10003026","JUNTA D/GOMA 113 X 103 X 5","2003","UN",2,{"v":21.4,"d":"21.40"},{"v":42.8,"d":"42.80"}]
["2009-10-27","10003028","JUNTA 168 X 164 X 7MM","2003","UN",4,{"v":31.4,"d":"31.40"},{"v":125.6,"d":"125.60"}]
["2009-10-27","10003030","JUNTA D/GOMA 40X33X3.5","2003","UN",3,16.41,49.23]
["2009-10-27","10003031","JUNTA 41 X 33 X 3.5 MM","2003","UN",9,11.41,102.69]
["2009-10-27","10003032","JUNTA DE GOMA 43 X 37 X 3.5","2003","UN",26,{"v":21.4,"d":"21.40"},{"v":556.4,"d":"556.40"}]
["2019-12-31","10003033","JUNTA DE GOMA 44 X 38 X 3.5","2003","UN",3,{"v":22.150000000000002,"d":"22.15"},66.45]
["2009-10-27","10003034","JUNTA DE GOMA 160 X 145 X 7MM","2003","UN",21,{"v":3.1399999999999997,"d":"3.14"},65.94]
["2009-10-27","10003035","JUNTA DE GOMA 175 X 165 X 5MM","2003","UN",2,2.95,{"v":5.9,"d":"5.90"}]
["2009-10-27","10003036","JUNTA DE GOMA 119X 110 X 5.5","2003","UN",4,{"v":6.4,"d":"6.40"},{"v":25.6,"d":"25.60"}]
["2021-12-30","10003037","JUNTA DE GOMA 33 X 26 X 3.5","2003","UN",7,{"v":2.9,"d":"2.90"},{"v":20.3,"d":"20.30"}]
["2009-10-27","10003038","JUNTA DE GOMA 19 X 14 X 1.5","2003","UN",79,{"v":1.9549367088607594,"d":"1.95"},154.44]
["2009-10-27","10003039","JUNTA DE GOMA 18 X 12 X 2.5","2003","UN",73,1.48,108.04]
["2021-12-30","10003040","JUNTA DE GOMA 173 X 158 X 7","2003","UN",21,{"v":3,"d":"3.00"},{"v":63,"d":"63.00"}]
["2009-10-27","10003041","JUNTA DE GOMA 22 X 17 X 2.5MM","2003","UN",68,{"v":2.0500000000000003,"d":"2.05"},{"v":139.4,"d":"139.40"}]
["2009-10-27","10003042","JUNTA DE GOMA 75 X 64 X 5","2003","UN",5,{"v":3.2,"d":"3.20"},{"v":16,"d":"16.00"}]
["2019-12-31","10003045","JUNTA DE GOMA 30 X 22 X 2","2003","UN",45,{"v":0,"d":"0.00"},{"v":0,"d":"0.00"}]
["2009-10-27","10003046","JUNTA DE GOMA 240.7 X 6.99 MM","2003","UN",57,1.31,74.67]
["2024-04-17","10003046","JUNTA DE GOMA 240.7 X 6.99 MM","2028","UN",2,{"v":0,"d":"0.00"},{"v":0,"d":"0.00"}]
["2009-10-27","10003047","JUNTA DE GOMA NO. 68","2003","UN",95,1.45,137.75]
["2009-10-27","10003048","JUNTA DE GOMA 304.17 X 6.99","2003","UN",6,{"v":1.4000000000000001,"d":"1.40"},{"v":8.4,"d":"8.40"}]
["2019-12-31","10003058","CORDON DIAM. 20 REF. F15 P/TURBINA","2003","UN",{"v":21.6,"d":"21.600"},{"v":0,"d":"0.00"},{"v":0,"d":"0.00"}]
["2009-10-27","10003065","JUNTA DE ONZ # 32 REF. 20","2003","UN",3,{"v":100,"d":"100.00"},{"v":300,"d":"300.00"}]
["2009-10-27","10003066","JUNTA DE O'SING 7 # 1","2003","UN",2,{"v":30,"d":"30.00"},{"v":60,"d":"60.00"}]
["2021-12-30","10003069","EMPAQUETADURA 123 X 124","2003","UN",2,{"v":31.5,"d":"31.50"},{"v":63,"d":"63.00"}]
["2009-10-27","10003070","EMPAQUETADURA 48 X 32MM","2003","UN",2,{"v":31.4,"d":"31.40"},{"v":62.8,"d":"62.80"}]
["2019-12-31","10003071","EMPAQUETADURA 32 X 19MM","2003","UN",30,{"v":28.3,"d":"28.30"},{"v":849,"d":"849.00"}]
["2009-10-27","10003072","EMPAQUETADURA 35 X 22.5","2003","UN",3,{"v":31.5,"d":"31.50"},{"v":94.5,"d":"94.50"}]
["2021-12-30","10003073","EMPAQUETADURA 38.5 X 25.5","2003","UN",27,{"v":32.4,"d":"32.40"},{"v":874.8,"d":"874.80"}]
["2009-10-27","10003077","JUNTA DE GOMA 28 X 21 X 3.5","2003","UN",50,1.21,{"v":60.5,"d":"60.50"}]
["2021-12-30","10003078","JUNTA DE GOMA 55 X 44 X 5","2003","UN",34,2.04,69.36]
["2009-10-27","10003079","JUNTA DE GOMA 77 X 67 X 5","2003","UN",45,2.05,92.25]
["2009-10-27","10003080","JUNTA DE GOMA 188X 175 X 7MM","2003","UN",8,{"v":11.4,"d":"11.40"},{"v":91.2,"d":"91.20"}]
["2009-10-27","10003081","JUNTA DE GOMA 165 X 149 X 7","2003","UN",1,{"v":8.7,"d":"8.70"},{"v":8.7,"d":"8.70"}]
["2009-10-27","10003082","JUNTA DE GOMA 17 X 13.5 X 3MM","2003","UN",2,2.04,4.08]
["2021-12-30","10003084","JUNTA DE GOMA 52 X 41 X 2","2003","UN",22,{"v":2.1,"d":"2.10"},{"v":46.2,"d":"46.20"}]
["2019-12-31","10003085","JUNTA DE GOMA 48 X 59 X 2","2003","UN",8,3.04,24.32]
["2019-12-31","10003088","JUNTA DE GOMA 18 X 24 X 1.5","2003","UN",30,{"v":1.3099999999999998,"d":"1.31"},{"v":39.3,"d":"39.30"}]
["2019-12-31","10003089","JUNTA DE GOMA 33 X 42 X 2MM","2003","UN",2,1.18,2.36]
["2009-10-27","10003090","JUNTA DE GOMA DE 27 X 35 X 2","2003","UN",2,{"v":1.1,"d":"1.10"},{"v":2.2,"d":"2.20"}]
["2009-10-27","10003091","JUNTA DE GOMA 80 X 68 X 3","2003","UN",1,{"v":1.9,"d":"1.90"},{"v":1.9,"d":"1.90"}]
["2021-12-30","10003092","JUNTA DE GOMA P/BOMBA D/ACHIQUE 18MW","2003","UN",2,{"v":0,"d":"0.00"},{"v":0,"d":"0.00"}]
["2009-10-27","10003093","JUNTA DE GOMA REF. 3A64","2003","UN",1,{"v":98.4,"d":"98.40"},{"v":98.4,"d":"98.40"}]
["2009-10-27","10003094","JUNTA DE GOMA P/ATERRIZAJE D/GATO","2003","UN",1,87.95,87.95]
["2019-12-31","10003096","JUNTA 160  X 190","2003","UN",5,131.31,656.55]
["2021-12-30","10003097","JUNTA 135 X 160","2003","UN",5,{"v":121.00999999999999,"d":"121.01"},605.05]
["2019-12-31","10003100","JUNTA 10 X 3 P/TURBINA REF. 3B3","2003","UN",1,{"v":0,"d":"0.00"},{"v":0,"d":"0.00"}]
["2019-12-31","10003102","JUNTA Y RETENEDORA P/SERVEMOTOR PUENTE G","2003","UN",1,{"v":0,"d":"0.00"},{"v":0,"d":"0.00"}]
["2024-06-18","10003102","JUNTA Y RETENEDORA P/SERVEMOTOR PUENTE G","2027","UN",4,{"v":0,"d":"0.00"},{"v":0,"d":"0.00"}]
["2009-10-27","10003103","JUNTAS 19 X 14 X15MM GOMA","2003","UN",14,{"v":8.9,"d":"8.90"},{"v":124.6,"d":"124.60"}]
["2019-12-31","10003107","JUNTA P/BOMBA DE ACHIQUE 14 X 19 X 15MM","2003","UN",2,{"v":0,"d":"0.00"},{"v":0,"d":"0.00"}]
["2009-10-27","10003108","JUNTA ASBESTO 400 X320MM","2003","UN",4,10.15,{"v":40.6,"d":"40.60"}]
["2009-10-27","10003109","\"JUNTA ASBESTO [CORREA] 2\"\" X 59\"\"\"","2003","UN",11,10.15,111.65]
["2019-12-31","10003110","BANDA 97 X 38 X 1.5 F-12 P/TURBINA","2003","UN",9,{"v":0,"d":"0.00"},{"v":0,"d":"0.00"}]
["2009-10-27","10003111","BANDA 163 X 397 X 1.5 F-1 P/TURBINA","2003","UN",15,{"v":28,"d":"28.00"},{"v":420,"d":"420.00"}]
["2019-12-31","10003112","BANDA 115 X 365 X 16.5 D/TEFLON","2003","UN",46,{"v":0,"d":"0.00"},{"v":0,"d":"0.00"}]
["2019-12-31","10003113","BANDA 60 X 365  X 1.5","2003","UN",7,{"v":0,"d":"0.00"},{"v":0,"d":"0.00"}]
["2019-12-31","10003114","BANDA 20 X 3 F-18 P/E/R","2003","UN",6,{"v":0,"d":"0.00"},{"v":0,"d":"0.00"}]
["2019-12-31","10003115","UNION DESLIZ. DIAM 6 P/VAINA REF-F41","2003","UN",4,{"v":0,"d":"0.00"},{"v":0,"d":"0.00"}]
["2009-10-27","10003116","UNION DE FRENANDO DE LA GRUA","2003","UN",2,69.25,{"v":138.5,"d":"138.50"}]
["2011-06-28","10003117","FILTRO DE AIRE P/DIESEL DE EMERGENCIA","2003","UN",2,{"v":285,"d":"285.00"},{"v":570,"d":"570.00"}]
["2019-12-31","10003118","FILTRO DE ACEITE P/DIESEL DE EMERGENCIA","2003","UN",11,{"v":0,"d":"0.00"},{"v":0,"d":"0.00"}]
["2021-12-30","10003120","CARTUCHO FILTRANTE 79 MICRAS P/FITRO E/R","2017","UN",1,{"v":0,"d":"0.00"},{"v":0,"d":"0.00"}]
["2019-12-31","10003121","RESORTE REF/F52 P/E/R","2003","UN",6,{"v":145,"d":"145.00"},{"v":870,"d":"870.00"}]
["2009-10-27","10003122","RESORTE TOSION DERECHA FER. CH-5030","2003","UN",4,78.45,{"v":313.8,"d":"313.80"}]
["2021-12-30","10003123","RESORTE TORSION IZQUIERDA REF-CH-5030","2003","UN",2,78.45,{"v":156.9,"d":"156.90"}]
["2009-10-27","10003124","RESORTE REF-3B3","2003","UN",2,{"v":95,"d":"95.00"},{"v":190,"d":"190.00"}]
["2019-12-31","10003125","SEGURO 65 REF.EMG 000535 P/GENER.","2003","UN",35,{"v":3.9954285714285716,"d":"4.00"},139.84]
["2009-10-27","10003126","CONECCION FLEXIBLE EMG 20156 F3 P/GENER.","2003","UN",4,{"v":128.9,"d":"128.90"},{"v":515.6,"d":"515.60"}]
["2009-10-27","10003127","MANGUERA DE REFRIGERACION P/DIESEL","2003","UN",2,{"v":245,"d":"245.00"},{"v":490,"d":"490.00"}]
["2019-12-31","10003130","CORREA 10X6X1400","2003","UN",1,{"v":255.5,"d":"255.50"},{"v":255.5,"d":"255.50"}]
["2009-10-27","10003131","CONJUNTO D/PARTES P/EQUIPO REGULACION","2003","UN",1,{"v":3700,"d":"3,700.00"},{"v":3700,"d":"3,700.00"}]
["2009-10-27","10003132","CONJUNTO DE SUSPENCION PALO","2003","UN",2,{"v":2300,"d":"2,300.00"},{"v":4600,"d":"4,600.00"}]
["2019-12-31","10003133","TAPON PULGA 20X60 MM","2003","UN",1,{"v":0,"d":"0.00"},{"v":0,"d":"0.00"}]
["2021-12-30","10003134","TAPON PULGA DE 3/4","2003","UN",2,84.15,{"v":168.3,"d":"168.30"}]
["2009-10-27","10003135","TOPE DE GOMA  REF.547593","2003","UN",24,{"v":425,"d":"425.00"},{"v":10200,"d":"10,200.00"}]
["2009-10-27","10003136","ZAPATA C/FERODO P/FRENO GENESA GEBH/200","2003","UN",2,{"v":495,"d":"495.00"},{"v":990,"d":"990.00"}]
["2019-12-31","10003136","ZAPATA C/FERODO P/FRENO GENESA GEBH/200","2007","UN",8,{"v":0,"d":"0.00"},{"v":0,"d":"0.00"}]
["2009-10-27","10003137","ZAPATA C/FERODO P/FRENO GENESA GEB-315/7","2003","UN",2,{"v":495,"d":"495.00"},{"v":990,"d":"990.00"}]
["2009-10-27","10003140","CALIBRADOR DE PRESION SERIE 621606","2003","UN",2,{"v":4219,"d":"4,219.00"},{"v":8438,"d":"8,438.00"}]
["2019-12-31","10003141","CANCAMO 18MM P/TURBINA","2003","UN",3,{"v":215,"d":"215.00"},{"v":645,"d":"645.00"}]
["2019-12-31","10003142","CANCAMO 30MM P/TURBINA","2003","UN",4,{"v":390,"d":"390.00"},{"v":1560,"d":"1,560.00"}]
["2019-12-31","10003143","CANCAMO 24MM P/TURB","2003","UN",5,{"v":380,"d":"380.00"},{"v":1900,"d":"1,900.00"}]
["2019-12-31","10003144","CANCAMO D/G","2003","UN",4,38.45,{"v":153.8,"d":"153.80"}]
["2009-10-27","10003147","CANCAMO DE 3/8 P/TURBINA","2003","UN",2,{"v":25,"d":"25.00"},{"v":50,"d":"50.00"}]
["2009-10-27","10003150","CANCAMO 9X85 TURB","2003","UN",3,16.94,50.82]
["2009-10-27","10003151","CANDADO 10X150MM P/TURB","2003","UN",3,{"v":23.400000000000002,"d":"23.40"},{"v":70.2,"d":"70.20"}]
["2019-12-31","10003152","CANDADO ARANDELA P/TURBINA","2003","UN",456,{"v":45,"d":"45.00"},{"v":20520,"d":"20,520.00"}]
["2009-10-27","10003154","CASQUILLO 115X23.5MM","2003","UN",2,{"v":115,"d":"115.00"},{"v":230,"d":"230.00"}]
["2009-10-27","10003155","CASQUILLO 140X25MM","2003","UN",2,{"v":145,"d":"145.00"},{"v":290,"d":"290.00"}]
["2009-10-27","10003156","CASQUILLO SEPARADOR 17X12X9","2003","UN",33,{"v":68.39999999999999,"d":"68.40"},{"v":2257.2,"d":"2,257.20"}]
["2009-10-27","10003157","FORROS P/FRENO","2003","UN",4,{"v":295,"d":"295.00"},{"v":1180,"d":"1,180.00"}]
["2009-10-27","10003158","LAMINA DE 2 ORIFICIO DE 10MM","2003","UN",11,{"v":37.5,"d":"37.50"},{"v":412.5,"d":"412.50"}]
["2009-10-27","10003159","NOTA MICA 15X105MM","2003","UN",4,{"v":345,"d":"345.00"},{"v":1380,"d":"1,380.00"}]
["2024-06-27","10003163","PALETA P/TURBINA","2005","UN",3,{"v":0,"d":"0.00"},{"v":0,"d":"0.00"}]
["2009-10-27","10003165","DISCO P/SUSPENSION DEL ROTOR","2003","UN",1,{"v":1375,"d":"1,375.00"},{"v":1375,"d":"1,375.00"}]
["2009-10-27","10003169","JALON SUPERIOR P/DESMONTAJE D/TURBINA","2003","UN",4,{"v":120,"d":"120.00"},{"v":480,"d":"480.00"}]
["2009-10-27","10003170","JALON P/EJE INTERMEDIO DE TURBINA","2003","UN",1,{"v":115,"d":"115.00"},{"v":115,"d":"115.00"}]
["2019-12-31","10003172","PIEZA P/CENTRADO D/TURBINA","2003","UN",1,{"v":0,"d":"0.00"},{"v":0,"d":"0.00"}]
["2019-12-31","10003183","CONTACTO MOVIL CPL REF-175732","2003","UN",20,{"v":315,"d":"315.00"},{"v":6300,"d":"6,300.00"}]
["2009-10-27","10003185","CONTACTO REF.V1-1 P/RELE CSI","2003","UN",1,{"v":214,"d":"214.00"},{"v":214,"d":"214.00"}]
["2009-10-27","10003186","CONTACTO P/SISTEMA CO2 500V 10A","2003","UN",2,{"v":319,"d":"319.00"},{"v":638,"d":"638.00"}]
["2009-10-27","10003187","CONTACTO P/SECCIONADOR 138KV","2003","UN",12,{"v":173,"d":"173.00"},{"v":2076,"d":"2,076.00"}]
["2019-12-31","10003188","CONTACTO MOVIL P/SECCIONADOR 138KV","2003","UN",6,{"v":280,"d":"280.00"},{"v":1680,"d":"1,680.00"}]
["2009-10-27","10003193","O'RING D/GOMA 455.80 P1 P/PRENSA HIDROEL","2003","UN",1,{"v":645,"d":"645.00"},{"v":645,"d":"645.00"}]
["2019-12-31","10003196","FUSIBLE XN20 4A 500V","2003","UN",20,{"v":0,"d":"0.00"},{"v":0,"d":"0.00"}]
["2009-10-27","10003197","FUSIBLE XD20 2A 500V","2003","UN",3,{"v":17.5,"d":"17.50"},{"v":52.5,"d":"52.50"}]
["2009-10-27","10003199","FUSIBLE XM20 16A 500V","2003","UN",15,23.15,347.25]
["2009-10-27","10003200","FUSIBLE XM20 10A 500V","2003","UN",10,{"v":23.2,"d":"23.20"},{"v":232,"d":"232.00"}]
["2009-10-27","10003201","\"FUSIBLE P/TIRISTOR 600VAC 1,250AMPS\"","2003","UN",6,{"v":137.4,"d":"137.40"},{"v":824.4,"d":"824.40"}]
["2019-12-31","10003202","FUSIBLE 22X58 500V 80A","2003","UN",10,38.15,{"v":381.5,"d":"381.50"}]
["2009-10-27","10003203","FUSIBLE 103X38 10A 500V","2003","UN",1,{"v":33.4,"d":"33.40"},{"v":33.4,"d":"33.40"}]
["2009-10-27","10003204","FUSIBLE 103 X 38 16A 500V","2003","UN",1,{"v":63.2,"d":"63.20"},{"v":63.2,"d":"63.20"}]
["2009-10-27","10003205","FUSIBLE KLK 6A 500V","2003","UN",1,17.15,17.15]
["2019-12-31","10003206","FUSIBLE KLK 10A 500V","2003","UN",4,{"v":0,"d":"0.00"},{"v":0,"d":"0.00"}]
["2021-12-30","10003207","FUSIBLE TIPO BOTELLA 10A 500V","2002","UN",84,{"v":0,"d":"0.00"},{"v":0,"d":"0.00"}]
["2009-10-27","10003207","FUSIBLE TIPO BOTELLA 10A 500V","2003","UN",13,{"v":23.169999999999998,"d":"23.17"},301.21]
["2009-10-27","10003209","FUSIBLE TIPO BOTELLA 63A 500V","2003","UN",9,{"v":38.150000000000006,"d":"38.15"},343.35]
["2021-12-30","10003210","FUSIBLE TIPO BOTELLA 25A 500V","2003","UN",3,{"v":27.5,"d":"27.50"},{"v":82.5,"d":"82.50"}]
["2021-12-30","10003210","FUSIBLE TIPO BOTELLA 25A 500V","2016","UN",13,{"v":0,"d":"0.00"},{"v":0,"d":"0.00"}]
["2021-12-30","10003211","FUSIBLE TIPO BOTELLA 35A 500V","2002","UN",88,{"v":0,"d":"0.00"},{"v":0,"d":"0.00"}]
["2009-10-27","10003211","FUSIBLE TIPO BOTELLA 35A 500V","2003","UN",15,{"v":28.3,"d":"28.30"},{"v":424.5,"d":"424.50"}]
["2021-12-30","10003211","FUSIBLE TIPO BOTELLA 35A 500V","2016","UN",6,{"v":0,"d":"0.00"},{"v":0,"d":"0.00"}]
["2009-10-27","10003212","FUSIBLE TIPO BOTELLA 6A 500V","2003","UN",4,23.14,92.56]
["2021-12-30","10003212","FUSIBLE TIPO BOTELLA 6A 500V","2016","UN",2,{"v":0,"d":"0.00"},{"v":0,"d":"0.00"}]
["2019-12-31","10003213","FUSIBLE VERLUSTAN 500V 50A","2003","UN",3,{"v":61.199999999999996,"d":"61.20"},{"v":183.6,"d":"183.60"}]
["2009-10-27","10003214","FUSIBLE VERLUSTAN 35A 500V","2003","UN",1,{"v":58.4,"d":"58.40"},{"v":58.4,"d":"58.40"}]
["2019-12-31","10003216","FUSIBLE VERLUSTAN 125A 500V","2003","UN",8,89.15,{"v":713.2,"d":"713.20"}]
["2009-10-27","10003217","FUSIBLE NH-SICMG 160A 500V","2003","UN",2,{"v":109.4,"d":"109.40"},{"v":218.8,"d":"218.80"}]
["2009-10-27","10003218","FUSIBLE LEGRAN 160A 500V","2003","UN",6,79.89,479.34]
["2009-10-27","10003219","FUSIBLE JEAN MULLER 80A 500V","2003","UN",3,{"v":105.39999999999999,"d":"105.40"},{"v":316.2,"d":"316.20"}]
["2009-10-27","10003220","FUSIBLE VERLUSTARN 100A 500 V","2003","UN",3,{"v":220,"d":"220.00"},{"v":660,"d":"660.00"}]
["2019-12-31","10003221","FUSIBLE NHSCHMG 500V 100A","2003","UN",10,{"v":108.4,"d":"108.40"},{"v":1084,"d":"1,084.00"}]
["2019-12-31","10003222","FUSIBLE LIDNER 16 AMPS P/DIESEL EMERG.","2003","UN",12,{"v":16.400000000000002,"d":"16.40"},{"v":196.8,"d":"196.80"}]
["2009-10-27","10003225","BOMBILO 24V 5W","2003","UN",22,6.45,{"v":141.9,"d":"141.90"}]
["2019-12-31","10003226","BOMBILLO 24-30V 1W","2003","UN",2,{"v":0,"d":"0.00"},{"v":0,"d":"0.00"}]
["2009-10-27","10003227","BOMBILLO 48-60B 4W","2003","UN",49,{"v":7.4,"d":"7.40"},{"v":362.6,"d":"362.60"}]
["2019-12-31","10003229","BOMBILLO B80-80MA","2003","UN",70,4.15,{"v":290.5,"d":"290.50"}]
["2019-12-31","10003230","BOMBILLO 48-B5MA","2003","UN",80,{"v":0,"d":"0.00"},{"v":0,"d":"0.00"}]
["2019-12-31","10003231","BOMBILLO 60B-30MA","2003","UN",54,{"v":0,"d":"0.00"},{"v":0,"d":"0.00"}]
["2009-10-27","10003232","BOMBILLO DE 24V 60W","2003","UN",3,{"v":8.5,"d":"8.50"},{"v":25.5,"d":"25.50"}]
["2024-06-27","10003234","BOMBILLO BULBO REF.NAV-T100W","2005","UN",3,{"v":0,"d":"0.00"},{"v":0,"d":"0.00"}]
["2019-12-31","10003235","BOMBILLO 24V 80MA REF.3115/3-44","2003","UN",40,{"v":0,"d":"0.00"},{"v":0,"d":"0.00"}]
["2009-10-27","10003237","LAMPARA DE ALOJENO TIPO V1400-03.2H6 220","2003","UN",1,{"v":590,"d":"590.00"},{"v":590,"d":"590.00"}]
["2009-10-27","10003239","LAMPARA TUBULAR 24V 5W","2003","UN",24,{"v":49.4,"d":"49.40"},{"v":1185.6,"d":"1,185.60"}]
["2009-10-27","10003240","LAMPARA P/RELE DE ASCENSOR","2003","UN",3,68.45,205.35]
["2009-10-27","10003241","LAMPARA FLUORECENTE 2/40W APRUEBA EXPLOC","2003","UN",1,{"v":270,"d":"270.00"},{"v":270,"d":"270.00"}]
["2019-12-31","10003242","LAMPARA FLUORECENTE 240W P/SIT ILUMINAC","2003","UN",8,{"v":0,"d":"0.00"},{"v":0,"d":"0.00"}]
["2019-12-31","10003243","LAMPARA BAJA TENSION","2003","UN",8,49.75,{"v":398,"d":"398.00"}]
["2009-10-27","10003244","LAMPARA P/ALARMA CO2","2003","UN",31,{"v":21.700000000000003,"d":"21.70"},{"v":672.7,"d":"672.70"}]
["2021-12-30","10003245","LAMPARA 03-061 60V-1.2W","2003","UN",21,{"v":0,"d":"0.00"},{"v":0,"d":"0.00"}]
["2009-10-27","10003248","MICRO RUPTOR 250V 10AMP P/ACUMULADOR","2003","UN",5,{"v":1380,"d":"1,380.00"},{"v":6900,"d":"6,900.00"}]
["2009-10-27","10003249","ENFUCHE 30A 347/600V","2003","UN",1,45.04,45.04]
["2019-12-31","10003250","ENCHUFE 30AMPS. 600VAC R/ACP3044BC","2003","UN",1,{"v":0,"d":"0.00"},{"v":0,"d":"0.00"}]
["2021-12-30","10003251","ENCHUFE 60AMPS 600VAC R/APC6044BC","2003","UN",11,{"v":145,"d":"145.00"},{"v":1595,"d":"1,595.00"}]
["2019-12-31","10003253","ACOPLE EN T P/CABLE SIN RESINA","2003","UN",5,{"v":71.5,"d":"71.50"},{"v":357.5,"d":"357.50"}]
["2009-10-27","10003254","ABRAZADERA P/CONDULET 53-61","2003","UN",20,17.16,{"v":343.2,"d":"343.20"}]
["2009-10-27","10003255","RELE OMRON M14","2003","UN",1,506.25,506.25]
["2024-04-17","10003255","RELE OMRON M14","2011","UN",1,{"v":0,"d":"0.00"},{"v":0,"d":"0.00"}]
["2019-12-31","10003257","ABRAZADERA P/TUBO CONDUIT 30-38","2003","UN",26,21.48,558.48]
["2019-12-31","10003258","ABRAZADERA P/CABLE TIERRA 6-12","2003","UN",93,{"v":0,"d":"0.00"},{"v":0,"d":"0.00"}]
["2019-12-31","10003259","ABRAZADERA P/CABLE TIERRA 10-17","2003","UN",90,{"v":0,"d":"0.00"},{"v":0,"d":"0.00"}]
["2021-12-30","10003260","ABRAZADERA P/CABLE ENCIMA DE PERFILES","2003","UN",198,1.25,{"v":247.5,"d":"247.50"}]
["2019-12-31","10003263","ABRAZADERA TIPO T P/RAYO 80MCM","2003","UN",2,{"v":0,"d":"0.00"},{"v":0,"d":"0.00"}]
["2019-12-31","10003264","ABRAZADERA DE COBRE DESNUDA APARARRAYO","2003","UN",5,{"v":0,"d":"0.00"},{"v":0,"d":"0.00"}]
["2009-10-27","10003266","LLAVE MAESTRO P/CANADADO SUB-ESTACION","2003","UN",2,{"v":35,"d":"35.00"},{"v":70,"d":"70.00"}]
["2019-12-31","10003268","LLAVE D/DISCREPACIA P/CONTROL VIGILANCIA","2003","UN",6,{"v":65,"d":"65.00"},{"v":390,"d":"390.00"}]
["2009-10-27","10003269","LLAVE ESPECIAL REF.HAGT 447320 P/DISYUNT","2003","UN",1,{"v":71.4,"d":"71.40"},{"v":71.4,"d":"71.40"}]
["2009-10-27","10003270","LLAVE P/CAMBIAR VALVULA DE DRENAJE","2003","UN",1,{"v":91.1,"d":"91.10"},{"v":91.1,"d":"91.10"}]
["2009-10-27","10003274","TERMINALES16mm","2003","UN",2,{"v":4,"d":"4.00"},{"v":8,"d":"8.00"}]
["2019-12-31","10003275","TERMINALES 25MM","2008","UN",3,{"v":0,"d":"0.00"},{"v":0,"d":"0.00"}]
["2019-12-31","10003276","TERMINALES 35MM","2003","UN",5,4.83,24.15]
["2009-10-27","10003277","TERMINALES 20MM","2003","UN",11,11.15,122.65]
["2009-10-27","10003278","TERMINAL 50MM","2003","UN",11,16.02,176.22]
["2024-04-17","10003278","TERMINAL 50MM","2011","UN",8,{"v":0,"d":"0.00"},{"v":0,"d":"0.00"}]
["2009-10-27","10003279","TERMINAL COBRE 95MM","2003","UN",6,{"v":21.099999999999998,"d":"21.10"},{"v":126.6,"d":"126.60"}]
["2009-10-27","10003280","TERMINAL 150MM","2003","UN",3,{"v":21.900000000000002,"d":"21.90"},{"v":65.7,"d":"65.70"}]
["2009-10-27","10003281","TERMINAL 20X","2003","UN",1,1.43,1.43]
["2009-10-27","10003282","TERMINAL 240MM","2003","UN",3,{"v":22.150000000000002,"d":"22.15"},66.45]
["2009-10-27","10003283","ABRAZADERA PARA TUBERIA DE PRESION 1/2\"","2003","UN",5,{"v":6.709999999999999,"d":"6.71"},33.55]
["2024-05-10","10003283","ABRAZADERA PARA TUBERIA DE PRESION 1/2\"","2020","UN",20,{"v":0,"d":"0.00"},{"v":0,"d":"0.00"}]
["2019-12-31","10003284","TERMINALES 95MM SIN AGUJEROS","2003","UN",3,{"v":0,"d":"0.00"},{"v":0,"d":"0.00"}]
["2009-10-27","10003285","TERMINAL PARA CABLE 95MM","2003","UN",5,{"v":1.3199999999999998,"d":"1.32"},{"v":6.6,"d":"6.60"}]
["2019-12-31","10003286","TERMINAL 25MM","2003","UN",4,2.15,{"v":8.6,"d":"8.60"}]
["2019-12-31","10003287","TERMINAL 70MM","2003","UN",2,{"v":18.7,"d":"18.70"},{"v":37.4,"d":"37.40"}]
["2019-12-31","10003289","TERMINAL 95MM","2003","UN",3,{"v":0,"d":"0.00"},{"v":0,"d":"0.00"}]
["2009-10-27","10003290","TERMINAL 12 X 68MM","2003","UN",1,{"v":24.1,"d":"24.10"},{"v":24.1,"d":"24.10"}]
["2019-12-31","10003292","TERMINAL PARA BORNERA EB10-16","2003","UN",16,{"v":0,"d":"0.00"},{"v":0,"d":"0.00"}]
["2019-12-31","10003293","CONECCION FLEXIBLE P/SECCIONADOR 138KV","2003","UN",3,{"v":0,"d":"0.00"},{"v":0,"d":"0.00"}]
["2024-06-18","10003294","FINAL DE CARRERA PARA PUENTE GRUA","2010","UN",1,0.01,0.01]
["2009-10-27","10003295","MINI RELE 48VCC","2003","UN",2,110.15,{"v":220.3,"d":"220.30"}]
["2009-10-27","10003296","ARMADURA ADOLF","2003","UN",3,{"v":245,"d":"245.00"},{"v":735,"d":"735.00"}]
["2009-10-27","10003300","FLECHA BLANCA P/ ASCENSOR","2003","UN",3,{"v":6.3999999999999995,"d":"6.40"},{"v":19.2,"d":"19.20"}]
["2009-10-27","10003301","RESISTENCIA CON DIODO IA-100V","2003","UN",2,{"v":204,"d":"204.00"},{"v":408,"d":"408.00"}]
["2009-10-27","10003302","RESISTENCIA CON DIODO 1.2A-1300V","2003","UN",3,200.25,600.75]
["2009-10-27","10003303","RESISTENCIA 25R-100W","2003","UN",2,64.04,128.08]
["2021-12-30","10003304","RESISTENCIA 100R-100W P/PUERTA ELECTRICA","2003","UN",7,{"v":74,"d":"74.00"},{"v":518,"d":"518.00"}]
["2009-10-27","10003305","RESISTENCIA 33R-9W P/RELE CONTROL ASC","2003","UN",1,{"v":148,"d":"148.00"},{"v":148,"d":"148.00"}]
["2009-10-27","10003306","RESITENCIA A 2.2 1W P/CONTROL ASCENSOR","2003","UN",2,128.14,256.28]
["2009-10-27","10003307","RESISTENCIA 10R P/SIST MEDICION TEMP","2003","UN",15,{"v":68.4,"d":"68.40"},{"v":1026,"d":"1,026.00"}]
["2009-10-27","10003308","RESISTENCIA D/CALEFACCION 380V P/SIST D.","2003","UN",1,{"v":345,"d":"345.00"},{"v":345,"d":"345.00"}]
["2009-10-27","10003309","RESISTENCIA KKA51K0HM","2003","UN",30,28.45,{"v":853.5,"d":"853.50"}]
["2009-10-27","10003310","RESISTENCIA WKS 3.9 KOGHM","2003","UN",10,{"v":65.03999999999999,"d":"65.04"},{"v":650.4,"d":"650.40"}]
["2009-10-27","10003311","RESISTENCIA MBE 0414VW 100-0HM","2003","UN",10,{"v":66.5,"d":"66.50"},{"v":665,"d":"665.00"}]
["2009-10-27","10003312","RESISTENCIA UTM 208-8 1KO-10%","2003","UN",8,{"v":63.4,"d":"63.40"},{"v":507.2,"d":"507.20"}]
["2009-10-27","10003313","DIODO CONTADOR MG7 P/ASCENSOR","2003","UN",2,{"v":140,"d":"140.00"},{"v":280,"d":"280.00"}]
["2009-10-27","10003314","DIODO 1.2A/A 1600V","2003","UN",11,{"v":51.4,"d":"51.40"},{"v":565.4,"d":"565.40"}]
["2009-10-27","10003315","DIODO 1TT-1MA005","2003","UN",36,{"v":35.400000000000006,"d":"35.40"},{"v":1274.4,"d":"1,274.40"}]
["2024-06-18","10003315","DIODO 1TT-1MA005","2010","UN",18,{"v":0,"d":"0.00"},{"v":0,"d":"0.00"}]
["2009-10-27","10003316","DIODO DS2-1AA","2003","UN",29,{"v":31.400000000000002,"d":"31.40"},{"v":910.6,"d":"910.60"}]
["2009-10-27","10003318","FORRO DE INAILON P/OKSG","2003","UN",8,{"v":64,"d":"64.00"},{"v":512,"d":"512.00"}]
["2019-12-31","10003320","VARISTOR C1 21L 9026","2003","UN",1,{"v":0,"d":"0.00"},{"v":0,"d":"0.00"}]
["2014-01-22","10003320","VARISTOR C1 21L 9026","2015","UN",1,{"v":0,"d":"0.00"},{"v":0,"d":"0.00"}]
["2019-12-31","10003321","BOBINA 80VDC","2003","UN",4,81.47,325.88]
["2009-10-27","10003322","BOBINA 12SUCC P/RELE AUXILIAR","2003","UN",1,{"v":154,"d":"154.00"},{"v":154,"d":"154.00"}]
["2009-10-27","10003325","ESCOBILLA P/MEDIR TESION ROTOR","2003","UN",2,{"v":233,"d":"233.00"},{"v":466,"d":"466.00"}]
["2009-10-27","10003326","ESCOBILLA REF. 138/115","2003","UN",38,{"v":68,"d":"68.00"},{"v":2584,"d":"2,584.00"}]
["2009-10-27","10003328","CORDON D/VIDRIO P/AMARRE BOBINA EXTATOR","2003","UN",1,{"v":750,"d":"750.00"},{"v":750,"d":"750.00"}]
["2009-10-27","10003330","RECLETA DE SOLDAR DIODO","2003","UN",1,{"v":234,"d":"234.00"},{"v":234,"d":"234.00"}]
["2009-10-27","10003331","RECLETA P/SOLDAR RESISTENCIA","2003","UN",1,{"v":249.5,"d":"249.50"},{"v":249.5,"d":"249.50"}]
["2019-12-31","10003332","BORNERA ATP-UK","2003","UN",41,{"v":164,"d":"164.00"},{"v":6724,"d":"6,724.00"}]
["2009-10-27","10003334","BORNERA GRUESA DRTK","2003","UN",7,{"v":64,"d":"64.00"},{"v":448,"d":"448.00"}]
["2009-10-27","10003335","BORNERA FINA D-STK","2003","UN",22,{"v":16,"d":"16.00"},{"v":352,"d":"352.00"}]
["2019-12-31","10003336","BORNERA DS-K","2003","UN",10,{"v":0,"d":"0.00"},{"v":0,"d":"0.00"}]
["2009-10-27","10003338","BORNERA ENTRELEC 5 X 70 MM","2003","UN",5,{"v":28.4,"d":"28.40"},{"v":142,"d":"142.00"}]
["2009-10-27","10003339","BORNE D/ATERRIZAJE","2003","UN",10,{"v":10,"d":"10.00"},{"v":100,"d":"100.00"}]
["2009-10-27","10003341","BORNERA PHONEIX P/BAJA TENSION","2003","UN",50,11.05,{"v":552.5,"d":"552.50"}]
["2024-05-10","10003341","BORNERA PHONEIX P/BAJA TENSION","2020","UN",4,{"v":0,"d":"0.00"},{"v":0,"d":"0.00"}]
["2009-10-27","10003344","BORNERA FONIX UK16","2003","UN",4,{"v":14,"d":"14.00"},{"v":56,"d":"56.00"}]
["2019-12-31","10003347","BORNERA PHORNIZ UK-5","2003","UN",202,{"v":60,"d":"60.00"},{"v":12120,"d":"12,120.00"}]
["2019-12-31","10003348","PUENTE P/BORNERA FB10-RT K/S","2003","UN",5,{"v":75,"d":"75.00"},{"v":375,"d":"375.00"}]
["2009-10-27","10003349","PUENTE EB10-6","2003","UN",1,{"v":84,"d":"84.00"},{"v":84,"d":"84.00"}]
["2009-10-27","10003350","PUENTE P/BORNERA EB10-8","2003","UN",2,{"v":63,"d":"63.00"},{"v":126,"d":"126.00"}]
["2009-10-27","10003352","PROTECTOR P/RESPIRADOR","2003","UN",1,{"v":274,"d":"274.00"},{"v":274,"d":"274.00"}]
["2009-10-27","10003353","VIDRIO P/INSTALACION DE MEDIDA 90 X 90MM","2003","UN",9,{"v":140,"d":"140.00"},{"v":1260,"d":"1,260.00"}]
["2009-10-27","10003354","VIDRIO P/INSTALACION DE MEDIDA 92 X 44MM","2003","UN",8,{"v":185.9,"d":"185.90"},{"v":1487.2,"d":"1,487.20"}]
["2009-10-27","10003355","VIDRIO ANTIREFLEJANTE","2003","UN",10,93.05,{"v":930.5,"d":"930.50"}]
["2021-12-30","10003356","ESTA¥O AL 50%","2003","UN",136,42.15,{"v":5732.4,"d":"5,732.40"}]
["2009-10-27","10003360","HERRAMIENTA ESPECIAL REF-MAGT 449166 R","2003","UN",1,{"v":635,"d":"635.00"},{"v":635,"d":"635.00"}]
["2009-10-27","10003361","HERRAMIENTA ESPECIAL REF-HAGT 447488 R1","2003","UN",2,{"v":520,"d":"520.00"},{"v":1040,"d":"1,040.00"}]
["2009-10-27","10003365","TAPON PVC 1 PLG","2003","UN",6,69.45,{"v":416.7,"d":"416.70"}]
["2024-06-18","10003365","TAPON PVC 1 PLG","2010","UN",1,0.01,0.01]
["2009-10-27","10003366","PALO D/ATERRIZAJE 13.8KV","2003","UN",1,{"v":385.4,"d":"385.40"},{"v":385.4,"d":"385.40"}]
["2009-10-27","10003367","JUNTA CABLE 13.8 KV","2003","UN",3,{"v":241,"d":"241.00"},{"v":723,"d":"723.00"}]
["2009-10-27","10003368","JUNTA CUADRADA D/GOMA R/9-523-0455-P-3","2003","UN",2,146.11,292.22]
["2009-10-27","10003369","JUNTA CUADRADA D/GOMA R/9-523-045-P-4","2003","UN",2,146.11,292.22]
["2009-10-27","10003370","JUNTA CUADRADA D/GOMA R/9-523-045-P-10","2003","UN",2,{"v":29,"d":"29.00"},{"v":58,"d":"58.00"}]
["2009-10-27","10003371","JUNTA D/GOMA GMTZ REF. 005381-P-3","2003","UN",2,{"v":45,"d":"45.00"},{"v":90,"d":"90.00"}]
["2009-10-27","10003372","JUNTA D/GOMA 136.5 X 22 X 4MM","2003","UN",6,{"v":21,"d":"21.00"},{"v":126,"d":"126.00"}]
["2009-10-27","10003373","JUNTA REF. 9-554-053-P-1","2003","UN",10,{"v":8,"d":"8.00"},{"v":80,"d":"80.00"}]
["2019-12-31","10003374","JUNTA D/ASBESTO REF. 9-554-009-P-18","2003","UN",18,{"v":0,"d":"0.00"},{"v":0,"d":"0.00"}]
["2021-12-30","10003376","JUNTA D/AMIANTO REF. 9-554-050-P-8","2003","UN",43,{"v":125,"d":"125.00"},{"v":5375,"d":"5,375.00"}]
["2009-10-27","10003377","JUNTA D/AMIANTO REF. 9-554-050-P-S","2003","UN",4,{"v":125,"d":"125.00"},{"v":500,"d":"500.00"}]
["2009-10-27","10003378","JUNTA DE AMIANTO REF. 9-554-042-P-42","2003","UN",4,{"v":100,"d":"100.00"},{"v":400,"d":"400.00"}]
["2009-10-27","10003379","JUNTA D/AMIANTO REF. 9-523-045-P-1","2003","UN",4,{"v":122,"d":"122.00"},{"v":488,"d":"488.00"}]
["2009-10-27","10003380","JUNTA DE TEFLON REF. 9-554-043-P-1","2003","UN",8,{"v":17,"d":"17.00"},{"v":136,"d":"136.00"}]
["2024-06-27","10003380","JUNTA DE TEFLON REF. 9-554-043-P-1","2005","UN",2,{"v":0,"d":"0.00"},{"v":0,"d":"0.00"}]
["2009-10-27","10003381","JUNTA DE TEFLON REF. 9-554-043-P-5","2003","UN",20,{"v":9.4,"d":"9.40"},{"v":188,"d":"188.00"}]
["2009-10-27","10003382","JUNTA DE TEFLON REF. 9-554-043-P-4","2003","UN",22,{"v":6,"d":"6.00"},{"v":132,"d":"132.00"}]
["2009-10-27","10003383","JUNTA DE TEFLON REF. 9-554-043-P-12","2003","UN",4,{"v":22,"d":"22.00"},{"v":88,"d":"88.00"}]
["2009-10-27","10003385","JUNTA DE AMIANTO 61 X 164 MM","2003","UN",9,{"v":90,"d":"90.00"},{"v":810,"d":"810.00"}]
["2009-10-27","10003386","JUNTA DE AMIANTO 90 X 141.5 MM","2003","UN",22,19.49,428.78]
["2021-12-30","10003387","JUNTA DE AMIANTO REF.  ANGOSTURA","2003","UN",8,{"v":0,"d":"0.00"},{"v":0,"d":"0.00"}]
["2009-10-27","10003388","JUNTA DE GOMA REF. 954053-P44","2003","UN",2,{"v":31,"d":"31.00"},{"v":62,"d":"62.00"}]
["2009-10-27","10003389","JUNTA DE GOMA REF. GMTZ005381-P-4","2003","UN",8,{"v":24,"d":"24.00"},{"v":192,"d":"192.00"}]
["2009-10-27","10003390","JUNTA DE AMIANTO REF. GMT 9-554-050-P-3","2003","UN",18,{"v":45.599999999999994,"d":"45.60"},{"v":820.8,"d":"820.80"}]
["2009-10-27","10003391","EXTRACTOR DE FUSIBLE 1000V","2003","UN",3,{"v":415,"d":"415.00"},{"v":1245,"d":"1,245.00"}]
["2019-12-31","10003394","REACTANCIA REF. OSRAM SE 600 VT","2003","UN",14,{"v":125,"d":"125.00"},{"v":1750,"d":"1,750.00"}]
["2009-10-27","10003395","ESPARRAGO DIAM 33.M33 REF-V23","2003","UN",6,{"v":45,"d":"45.00"},{"v":270,"d":"270.00"}]
["2009-10-27","10003397","ESPARRAGO M6X20 F12 P/TURBINA","2003","UN",2,11.91,23.82]
["2009-10-27","10003398","ESPARRAGO M20 X 55/30 REF-V5 P/TURBINA","2003","UN",2,{"v":29,"d":"29.00"},{"v":58,"d":"58.00"}]
["2009-10-27","10003401","ESPARRAGO DIAM 27X105/60 REF-V14 P/TURB","2003","UN",2,{"v":32,"d":"32.00"},{"v":64,"d":"64.00"}]
["2019-12-31","10003402","ESPARRAGO M36X100/60 REF-V13 P/TURN","2003","UN",1,{"v":0,"d":"0.00"},{"v":0,"d":"0.00"}]
["2009-10-27","10003403","ESPARRAGO AJUSTADO DIAM 40X205 REF-V8 P/","2003","UN",2,{"v":59,"d":"59.00"},{"v":118,"d":"118.00"}]
["2009-10-27","10003404","ESPARRAGO M20X180 REF-V23 P/TURBINA","2003","UN",2,{"v":36,"d":"36.00"},{"v":72,"d":"72.00"}]
["2024-04-17","10003404","ESPARRAGO M20X180 REF-V23 P/TURBINA","2011","UN",2,{"v":0,"d":"0.00"},{"v":0,"d":"0.00"}]
["2009-10-27","10003405","ESPARRAGO AJUSTADO 20X100 REF-V31 P/TURB","2003","UN",2,{"v":32,"d":"32.00"},{"v":64,"d":"64.00"}]
["2009-10-27","10003406","ESPARRAGO M16X114 REF-V26 P/TURBINA","2003","UN",2,{"v":32,"d":"32.00"},{"v":64,"d":"64.00"}]
["2009-10-27","10003408","ESPARRAGO M12X80 REF-V27 P/T","2003","UN",1,19.99,19.99]
["2021-12-30","10003409","ESPARRAGO M39 X160 REF-V12 P/TURBINA","2003","UN",6,{"v":69,"d":"69.00"},{"v":414,"d":"414.00"}]
["2009-10-27","10003410","ESPARRAGO M39X120 CON TUERCA REF-V13 P/T","2003","UN",3,{"v":61,"d":"61.00"},{"v":183,"d":"183.00"}]
["2019-12-31","10003412","ESPARRAGO M16X40/25 REF-F16 P/E/R","2003","UN",2,{"v":0,"d":"0.00"},{"v":0,"d":"0.00"}]
["2019-12-31","10003415","ESPARRAGO 18X100MM","2003","UN",2,{"v":29,"d":"29.00"},{"v":58,"d":"58.00"}]
["2021-12-30","10003416","ESPARRAGO 20X110M","2003","UN",5,{"v":37,"d":"37.00"},{"v":185,"d":"185.00"}]
["2019-12-31","10003417","ESPARRAGO 16X90MM.","2003","UN",2,{"v":31.5,"d":"31.50"},{"v":63,"d":"63.00"}]
["2024-06-27","10003418","ESPARRAGO 20 X 75MM","2005","UN",9,{"v":0,"d":"0.00"},{"v":0,"d":"0.00"}]
["2009-10-27","10003419","ESPARRAGO 20X135MM","2003","UN",7,{"v":39.949999999999996,"d":"39.95"},279.65]
["2009-10-27","10003420","ESPARRAGO 24X140MM","2003","UN",4,{"v":25.6,"d":"25.60"},{"v":102.4,"d":"102.40"}]
["2009-10-27","10003421","ESPARRAGO 39X200","2003","UN",8,{"v":62,"d":"62.00"},{"v":496,"d":"496.00"}]
["2009-10-27","10003422","ESPARRAGO 6X30 MM","2003","UN",3,{"v":6.5,"d":"6.50"},{"v":19.5,"d":"19.50"}]
["2009-10-27","10003423","ESPARRAGO 39X190MM","2003","UN",1,{"v":61.9,"d":"61.90"},{"v":61.9,"d":"61.90"}]
["2019-12-31","10003424","ESPARRAGO 20X90MM","2003","UN",3,{"v":0,"d":"0.00"},{"v":0,"d":"0.00"}]
["2024-06-27","10003424","ESPARRAGO 20X90MM","2005","UN",2,{"v":0,"d":"0.00"},{"v":0,"d":"0.00"}]
["2024-07-29","10003424","ESPARRAGO 20X90MM","2015","UN",4,{"v":0,"d":"0.00"},{"v":0,"d":"0.00"}]
["2021-12-30","10003425","ESPARRAGO 15.5X81","2003","UN",4,{"v":30,"d":"30.00"},{"v":120,"d":"120.00"}]
["2019-12-31","10003426","ESPARRAGO DE22X160MM","2003","UN",1,{"v":72,"d":"72.00"},{"v":72,"d":"72.00"}]
["2009-10-27","10003427","ESPARRAGO C/ROSCA","2003","UN",1,{"v":16.9,"d":"16.90"},{"v":16.9,"d":"16.90"}]
["2021-12-30","10003429","GRAPA ZIPO PARA CABLE A TIERRA","2003","UN",2,{"v":16.5,"d":"16.50"},{"v":33,"d":"33.00"}]
["2009-10-27","10003430","GRAPA 30KP-95 PARA CABLE A TIERRA","2003","UN",1,{"v":18,"d":"18.00"},{"v":18,"d":"18.00"}]
["2021-12-30","10003431","GRAPA 22PKP 50/50","2003","UN",21,{"v":46,"d":"46.00"},{"v":966,"d":"966.00"}]
["2009-10-27","10003432","GRAPA 39MM P/DESMONTAJE TURBINA","2003","UN",4,{"v":16,"d":"16.00"},{"v":64,"d":"64.00"}]
["2009-10-27","10003434","PASADOR 14 X 150MM P/TURB.","2003","UN",3,{"v":26.150000000000002,"d":"26.15"},78.45]
["2021-12-30","10003435","DISCO P/PULIDORA REF.180 X 4 X 22.2","2003","UN",3,{"v":0,"d":"0.00"},{"v":0,"d":"0.00"}]
["2019-12-31","10003437","CINTA PLASTICA DE AMARRE","2003","UN",30,{"v":0,"d":"0.00"},{"v":0,"d":"0.00"}]
["2019-12-31","10003438","RELLENO DE ALUMINIO P/CABLE 70NCM","2003","UN",11,{"v":88,"d":"88.00"},{"v":968,"d":"968.00"}]
["2009-10-27","10003439","RELLENO DE ALUMINIO P/TUBO DE 8MM","2003","UN",7,{"v":31,"d":"31.00"},{"v":217,"d":"217.00"}]
["2019-12-31","10003441","ARANDELA PLASTICA 15 / 24 MM","2003","UN",12,{"v":0,"d":"0.00"},{"v":0,"d":"0.00"}]
["2019-12-31","10003442","RETENEDORA P/SERVO MOTOR.","2003","UN",2,{"v":0,"d":"0.00"},{"v":0,"d":"0.00"}]
["2024-06-18","10003442","RETENEDORA P/SERVO MOTOR.","2027","UN",1,{"v":0,"d":"0.00"},{"v":0,"d":"0.00"}]
["2021-12-31","10003450","PINTURA OXIDO ROJO","2003","UN",10,{"v":0,"d":"0.00"},{"v":0,"d":"0.00"}]
["2021-12-30","10003450","PINTURA OXIDO ROJO","2009","UN",5,{"v":0,"d":"0.00"},{"v":0,"d":"0.00"}]
["2024-05-10","10003450","PINTURA OXIDO ROJO","2025","UN",9,0.01,0.09]
["2024-01-24","10003452","SILLA PLASTICA CON BRAZOS","2013","UN",10,745.76,{"v":7457.6,"d":"7,457.60"}]
["2011-02-01","10003453","ACEITE TERESSTIC 68 GL","2003","UN",330,{"v":0,"d":"0.00"},{"v":0,"d":"0.00"}]
["2021-12-30","10003458","\"CODO UNIVERSAL DE 1\"\" A 90 GRADOS\"","2002","UN",1,{"v":0,"d":"0.00"},{"v":0,"d":"0.00"}]
["2019-12-31","10003459","TORNILLO ALLEN HIERRO NEGRO 12 x 32 MM","2003","UN",8,{"v":0,"d":"0.00"},{"v":0,"d":"0.00"}]
["2014-04-02","10003459","TORNILLO ALLEN HIERRO NEGRO 12 x 32 MM","2009","UN",4,{"v":0,"d":"0.00"},{"v":0,"d":"0.00"}]
["2021-12-30","10003459","TORNILLO ALLEN HIERRO NEGRO 12 x 32 MM","2013","UN",9,{"v":0,"d":"0.00"},{"v":0,"d":"0.00"}]
["2019-12-31","10003462","PINTURA AMARILLO GAL","2003","UN",2,{"v":0,"d":"0.00"},{"v":0,"d":"0.00"}]
["2009-10-27","10003465","CONDENSADOR DE 2800V","2003","UN",1,{"v":6230,"d":"6,230.00"},{"v":6230,"d":"6,230.00"}]
["2019-12-31","10003466","ENCUADERNADORA","2003","UN",11,{"v":0,"d":"0.00"},{"v":0,"d":"0.00"}]
["2024-11-26","10003469","PERFORADORA DE DOS HOYOS","2000","UN",24,{"v":311.33666666666664,"d":"311.34"},{"v":7472.08,"d":"7,472.08"}]
["2021-03-22","10003469","PERFORADORA DE DOS HOYOS","2029","UN",58,{"v":369.1794827586207,"d":"369.18"},{"v":21412.41,"d":"21,412.41"}]
["2022-01-12","10003469","PERFORADORA DE DOS HOYOS","2030","UN",33,{"v":227.1748484848485,"d":"227.17"},{"v":7496.77,"d":"7,496.77"}]
["2024-05-10","10003481","PINTURA GRIS PERLA B56 GL","2020","UN",2,{"v":1,"d":"1.00"},{"v":2,"d":"2.00"}]
["2024-04-17","10003490","NIPLE DE HIERRO 4\"","2008","UN",3,{"v":0,"d":"0.00"},{"v":0,"d":"0.00"}]
["2024-05-10","10003492","ROCETA DE PORCELANA","2020","UN",1,{"v":1,"d":"1.00"},{"v":1,"d":"1.00"}]
["2024-04-17","10003492","ROCETA DE PORCELANA","2028","UN",4,{"v":1,"d":"1.00"},{"v":4,"d":"4.00"}]
["2024-06-18","10003494","GOMA 205-70-168 R15C8PR","2010","UN",4,0.01,0.04]
["2025-01-03","10003501","PINTURA AZUL CELESTE GL","2000","UN",155,{"v":2950,"d":"2,950.00"},{"v":457250,"d":"457,250.00"}]
["2019-12-31","10003501","PINTURA AZUL CELESTE GL","2003","UN",5,{"v":0,"d":"0.00"},{"v":0,"d":"0.00"}]
["2011-01-01","10003502","LIMPIADOR DE CONTACTO 3 EN 1","2002","UN",7,{"v":0,"d":"0.00"},{"v":0,"d":"0.00"}]
["2021-12-30","10003502","LIMPIADOR DE CONTACTO 3 EN 1","2011","UN",4,0.01,0.04]
["2013-01-10","10003503","PINTURA ESMALTE VERDE CLARO GL","2002","UN",49,{"v":0,"d":"0.00"},{"v":0,"d":"0.00"}]
["2019-12-31","10003503","PINTURA ESMALTE VERDE CLARO GL","2003","UN",4,{"v":0,"d":"0.00"},{"v":0,"d":"0.00"}]
["2014-03-13","10003504","DESGRASANTE","2002","LB",2,{"v":0,"d":"0.00"},{"v":0,"d":"0.00"}]
["2013-04-01","10003504","DESGRASANTE","2003","LB",9,{"v":0,"d":"0.00"},{"v":0,"d":"0.00"}]
["2021-05-29","10003504","DESGRASANTE","2021","LB",5,0.01,0.05]
["2021-12-14","10003510","PINTURA NARANJA (RAL 2000) GL","2008","UN",22,{"v":0,"d":"0.00"},{"v":0,"d":"0.00"}]
["2021-12-31","10003511","PINTURA ALUMINIO 11 GL","2003","UN",8,{"v":0,"d":"0.00"},{"v":0,"d":"0.00"}]
["2011-04-27","10003511","PINTURA ALUMINIO 11 GL","2021","UN",2,0.01,0.02]
["2024-06-27","10003519","CODO PVC 1 PLG","2005","UN",4,0.01,0.04]
["2024-06-18","10003519","CODO PVC 1 PLG","2010","UN",8,0.01,0.08]
["2024-05-10","10003519","CODO PVC 1 PLG","2022","UN",1,0.01,0.01]
["2024-04-17","10003526","ELECTRODO P/ SOLDAR ACERO INOX.3.2X350MM","2011","UN",12,0.01,0.12]
["2021-05-17","10003526","ELECTRODO P/ SOLDAR ACERO INOX.3.2X350MM","2020","UN",30,{"v":175,"d":"175.00"},{"v":5250,"d":"5,250.00"}]
["2009-10-27","10003527","BREAKER DE 250 AMP/600 V","2002","UN",1,{"v":1,"d":"1.00"},{"v":1,"d":"1.00"}]
["2024-04-17","10003535","BORNERA INTERFASE PLC-BSC-125DC/21","2011","UN",5,{"v":0,"d":"0.00"},{"v":0,"d":"0.00"}]
["2024-04-17","10003537","FUSIBLE TIPO K 65A-38KV","2008","UN",12,{"v":1,"d":"1.00"},{"v":12,"d":"12.00"}]
["2024-06-18","10003537","FUSIBLE TIPO K 65A-38KV","2010","UN",6,0.01,0.06]
["2024-06-18","10003538","FUSIBLE TIPO K 40A-38KV","2010","UN",3,0.01,0.03]
["2024-04-17","10003539","CONVERTIDOR DC005R-12-24S","2011","UN",4,{"v":0,"d":"0.00"},{"v":0,"d":"0.00"}]
["2024-09-25","10003540","INTERRUPTOR NS160N","2011","UN",5,{"v":0,"d":"0.00"},{"v":0,"d":"0.00"}]
["2024-04-17","10003541","CONECTOR DGXZ","2011","UN",2,{"v":0,"d":"0.00"},{"v":0,"d":"0.00"}]
["2024-07-29","10003544","TORNILLO M30 X 60MM","2015","UN",15,{"v":0,"d":"0.00"},{"v":0,"d":"0.00"}]
["2024-04-17","10003545","TRANSTECTOR ALPU","2011","UN",1,{"v":0,"d":"0.00"},{"v":0,"d":"0.00"}]
["2024-06-18","10003546","DISYUNTOR ALLEN-BRADLEY 1492-SP2B060","2010","UN",2,{"v":1,"d":"1.00"},{"v":2,"d":"2.00"}]
["2024-04-17","10003546","DISYUNTOR ALLEN-BRADLEY 1492-SP2B060","2011","UN",3,{"v":0,"d":"0.00"},{"v":0,"d":"0.00"}]
["2024-04-17","10003547","DISYUNTOR SIEMENS 3RV10-11","2011","UN",1,{"v":0,"d":"0.00"},{"v":0,"d":"0.00"}]
["2024-04-17","10003548","REGULADOR DE PRESION NGKA RO6-221","2011","UN",1,{"v":0,"d":"0.00"},{"v":0,"d":"0.00"}]
["2024-04-17","10003549","VENTILADOR DEL SIST.  DE ENFRIAMIENTO","2011","UN",1,{"v":0,"d":"0.00"},{"v":0,"d":"0.00"}]
["2024-04-17","10003550","DISYUNTOR ALLEN-BRADLEY 1492-SP2B160","2011","UN",7,{"v":0,"d":"0.00"},{"v":0,"d":"0.00"}]
["2024-04-17","10003551","SEPARADORES DE 3 HOYOS","2008","UN",20,{"v":1,"d":"1.00"},{"v":20,"d":"20.00"}]
["2021-12-30","10003554","ZAPATA C/FERODO P/FRENO GENESA GEBH/200","2003","UN",1,{"v":0,"d":"0.00"},{"v":0,"d":"0.00"}]
["2024-04-17","10003559","CONTACTOR LC1- K0601G7","2011","UN",2,{"v":0,"d":"0.00"},{"v":0,"d":"0.00"}]
["2024-04-17","10003560","CONTACTOR SIEMENS 3RT1045-1A","2011","UN",1,{"v":0,"d":"0.00"},{"v":0,"d":"0.00"}]
["2024-04-17","10003561","INTERRUPTOR SIEMENS 63A","2011","UN",1,{"v":0,"d":"0.00"},{"v":0,"d":"0.00"}]
["2019-12-31","10003564","FUSIBLE VERLIENTON 32A  500V","2003","UN",3,{"v":0,"d":"0.00"},{"v":0,"d":"0.00"}]
["2019-12-31","10003567","ELEMENTO FILTRANTE 16150","2003","UN",1,{"v":0,"d":"0.00"},{"v":0,"d":"0.00"}]
["2024-04-17","10003567","ELEMENTO FILTRANTE 16150","2011","UN",8,{"v":0,"d":"0.00"},{"v":0,"d":"0.00"}]
["2009-10-27","10003568","JUNTA DE EXTINGUIDOR REDONDO","2003","UN",1,{"v":1,"d":"1.00"},{"v":1,"d":"1.00"}]
["2019-12-31","10003569","REGLETAS CON 5 BORNERAS","2003","UN",2,{"v":0,"d":"0.00"},{"v":0,"d":"0.00"}]
["2009-10-27","10003571","CASQUILLO DE HIERRO 5 X 10 X10 MM","2003","UN",8,{"v":1,"d":"1.00"},{"v":8,"d":"8.00"}]
["2024-06-27","10003572","RESISTENCIA CORTA 150W-120V","2005","UN",54,{"v":0,"d":"0.00"},{"v":0,"d":"0.00"}]
["2019-12-31","10003577","PORTA FUSIBLE DE 32 A  MS10","2003","UN",2,{"v":0,"d":"0.00"},{"v":0,"d":"0.00"}]
["2019-12-31","10003577","PORTA FUSIBLE DE 32 A  MS10","2009","UN",5,{"v":1,"d":"1.00"},{"v":5,"d":"5.00"}]
["2021-12-30","10003579","BANDA DE 1 X 3 REF. F17 P/E/R","2003","UN",18,{"v":0,"d":"0.00"},{"v":0,"d":"0.00"}]
["2019-12-31","10003580","EMPAQUETADURA PARA USO TRANSF. 23 MVA","2003","UN",16,{"v":0,"d":"0.00"},{"v":0,"d":"0.00"}]
["2009-10-27","10003581","ESCUADRA DE NOTA MUSICAL DE 230X230X445","2003","UN",2,{"v":1,"d":"1.00"},{"v":2,"d":"2.00"}]
["2009-10-27","10003582","NOTA DE MUSICA DE 44.5 X 101 X 3460","2003","UN",2,{"v":1,"d":"1.00"},{"v":2,"d":"2.00"}]
["2009-10-27","10003584","FUSIBLE 50 AMP 400V CARTUCHO 51MM X 15MM","2003","UN",2,{"v":0.335,"d":"0.34"},0.67]
["2021-12-30","10003585","BOTONERA 300MM X 80MM 500V","2004","UN",1,{"v":0,"d":"0.00"},{"v":0,"d":"0.00"}]
["2009-10-27","10003588","PLACAS DE GENERADOR 200X60","2003","UN",4,{"v":1,"d":"1.00"},{"v":4,"d":"4.00"}]
["2019-12-31","10003590","BOMBILLA SEÑALIZACION 30V / 2W","2003","UN",14,{"v":0,"d":"0.00"},{"v":0,"d":"0.00"}]
["2019-12-31","10003591","BOMBILLA SEÑALIZACION 120V / 130W","2003","UN",3,{"v":0,"d":"0.00"},{"v":0,"d":"0.00"}]
["2024-04-17","10003591","BOMBILLA SEÑALIZACION 120V / 130W","2011","UN",104,{"v":0,"d":"0.00"},{"v":0,"d":"0.00"}]
["2009-10-27","10003592","RELAY VELOCIDAD 02-60V","2003","UN",4,{"v":1,"d":"1.00"},{"v":4,"d":"4.00"}]
["2009-10-27","10003593","RELAY DE TENSION AC 110V  REF. AI936","2003","UN",4,{"v":1,"d":"1.00"},{"v":4,"d":"4.00"}]
["2009-10-27","10003594","BOBINA 40V - 130V DC NEF73220","2003","UN",1,{"v":1,"d":"1.00"},{"v":1,"d":"1.00"}]
["2019-12-31","10003595","BOBINA 40V - 130V DC NEF77990","2003","UN",3,{"v":0,"d":"0.00"},{"v":0,"d":"0.00"}]
["2009-10-27","10003596","FUENTE DE ALIMENTACION IC695PSD040L","2003","UN",1,{"v":1,"d":"1.00"},{"v":1,"d":"1.00"}]
["2024-06-27","10003596","FUENTE DE ALIMENTACION IC695PSD040L","2007","UN",2,{"v":0,"d":"0.00"},{"v":0,"d":"0.00"}]
["2024-06-18","10003596","FUENTE DE ALIMENTACION IC695PSD040L","2027","UN",2,{"v":1,"d":"1.00"},{"v":2,"d":"2.00"}]
["2009-10-27","10003599","RELAY DE CONTROL BF3 48V","2003","UN",1,{"v":1,"d":"1.00"},{"v":1,"d":"1.00"}]
["2024-06-27","10003599","RELAY DE CONTROL BF3 48V","2005","UN",2,{"v":0,"d":"0.00"},{"v":0,"d":"0.00"}]
["2009-10-27","10003600","RELAY DE CONTROL RFA4 48V","2003","UN",1,{"v":1,"d":"1.00"},{"v":1,"d":"1.00"}]
["2019-12-31","10003601","ESPARRAGO M39 X 365","2003","UN",2,{"v":0,"d":"0.00"},{"v":0,"d":"0.00"}]
["2019-12-31","10003602","TUERCA EXAGONAL 11MM","2003","UN",15,{"v":0,"d":"0.00"},{"v":0,"d":"0.00"}]
["2009-10-27","10003604","\"CUÑA 3/8\"\" X 3/4\"\" X 2/4\"\"\"","2003","UN",8,{"v":1,"d":"1.00"},{"v":8,"d":"8.00"}]
["2019-12-31","10003607","RELAY DE VELOCIDAD 02-60V","2003","UN",2,{"v":0,"d":"0.00"},{"v":0,"d":"0.00"}]
["2019-12-31","10003610","RODAMIENTO D/BOLA 6205 25X52X15 2Z","2002","UN",12,{"v":215,"d":"215.00"},{"v":2580,"d":"2,580.00"}]
["2019-12-31","10003610","RODAMIENTO D/BOLA 6205 25X52X15 2Z","2003","UN",2,{"v":0,"d":"0.00"},{"v":0,"d":"0.00"}]
["2009-10-27","10003612","CONTACTOR 40AMPS 640VS P/SUBESTACION 138","2002","UN",4,{"v":7440,"d":"7,440.00"},{"v":29760,"d":"29,760.00"}]
["2021-12-30","10003612","CONTACTOR 40AMPS 640VS P/SUBESTACION 138","2013","UN",1,{"v":0,"d":"0.00"},{"v":0,"d":"0.00"}]
["2009-10-27","10003613","TUERCA HEXAGONAL DE 1/2 X 3/4 DE BRONCE","2002","UN",86,{"v":2.0500000000000003,"d":"2.05"},{"v":176.3,"d":"176.30"}]
["2009-10-27","10003614","ARANDELA D/HIERRO T/RESORTE 28 X 14 X 1M","2002","UN",9,9.05,81.45]
["2019-12-31","10003615","ARANDELA PLANA 19X7.2 X 2MM","2002","UN",56,{"v":6.1499999999999995,"d":"6.15"},{"v":344.4,"d":"344.40"}]
["2021-12-30","10003616","MANOMETRO 144X144MMS REF. F35 DE 0-10KG/","2003","UN",5,{"v":0,"d":"0.00"},{"v":0,"d":"0.00"}]
["2009-10-27","10003617","BREAKER MONOPOLAR 6A 220/380V BBC S-211","2003","UN",1,{"v":145,"d":"145.00"},{"v":145,"d":"145.00"}]
["2009-10-27","10003618","BREAKER TRIPOLAR S-213 Z 3A BBC 380V","2003","UN",1,{"v":210,"d":"210.00"},{"v":210,"d":"210.00"}]
["2009-10-27","10003620","BREAKER MONOPOLAR S-211 L16A 220/380 BBC","2003","UN",1,168.45,168.45]
["2019-12-31","10003622","BREAKER TRIPOLAR S-503 L10 NR 15 BBC 380","2003","UN",2,{"v":380,"d":"380.00"},{"v":760,"d":"760.00"}]
["2009-10-27","10003625","PORTA ESCOBILLA 50X32.3X 25.3MMS TIPO OK","2003","UN",29,{"v":195,"d":"195.00"},{"v":5655,"d":"5,655.00"}]
["2009-10-27","10003626","FINAL DE CARRERA PARA VALVULA MARIPOSA C","2003","UN",2,{"v":545,"d":"545.00"},{"v":1090,"d":"1,090.00"}]
["2009-10-27","10003628","RODETE P/BOMBA ACHIQUE","2003","UN",1,{"v":3400,"d":"3,400.00"},{"v":3400,"d":"3,400.00"}]
["2009-10-27","10003629","RODAMIENTO REF-F53 P/E/R","2003","UN",4,{"v":215,"d":"215.00"},{"v":860,"d":"860.00"}]
["2009-10-27","10003630","RODAMIENTO P/E/R REF-P/ANGOSTURA","2003","UN",6,{"v":6500,"d":"6,500.00"},{"v":39000,"d":"39,000.00"}]
["2009-10-27","10003632","RODAMIENTO AIG-K71 P/E/R","2003","UN",7,{"v":402,"d":"402.00"},{"v":2814,"d":"2,814.00"}]
["2009-10-27","10003633","RODAMIENTO 1984-10 P/E/R","2003","UN",2,{"v":402,"d":"402.00"},{"v":804,"d":"804.00"}]
["2009-10-27","10003634","RODAMIENTO 511 00-V9","2003","UN",3,{"v":340,"d":"340.00"},{"v":1020,"d":"1,020.00"}]
["2009-10-27","10003635","RODAMIENTO 1985-03 P/E/R","2003","UN",2,205.09,410.18]
["2019-12-31","10003637","RODAMIENTO 1205 GTN9","2003","UN",3,{"v":0,"d":"0.00"},{"v":0,"d":"0.00"}]
["2009-10-27","10003638","RODAMIENTO TIPO F0222 G354","2003","UN",16,{"v":65,"d":"65.00"},{"v":1040,"d":"1,040.00"}]
["2021-12-30","10003639","RODILLO D/NYLON C/RODAMIENTO D/BOLAS","2003","UN",1,{"v":240,"d":"240.00"},{"v":240,"d":"240.00"}]
["2009-10-27","10003640","RODILLO GUIA REF-CTLO KSC","2003","UN",10,74.01,{"v":740.1,"d":"740.10"}]
["2021-12-30","10003645","VALVULA D/COMPUERTA DE 8' 150 LBS WCB","2003","UN",3,{"v":4675,"d":"4,675.00"},{"v":14025,"d":"14,025.00"}]
["2019-12-31","10003646","VALVULA D/COMPUERTA DE 8' 200ASA 150 LBS","2003","UN",2,{"v":9600,"d":"9,600.00"},{"v":19200,"d":"19,200.00"}]
["2009-10-27","10003647","VALVULA D/GALLETA DE 6' 150 ASA 150 LBS","2003","UN",3,{"v":3648,"d":"3,648.00"},{"v":10944,"d":"10,944.00"}]
["2009-10-27","10003651","VALVULA D/RETENCION DE 1-1/4","2003","UN",2,{"v":675,"d":"675.00"},{"v":1350,"d":"1,350.00"}]
["2019-12-31","10003652","VALVULA REDUCTORA BRAVKMANN 1 1/2 A 21/S","2003","UN",1,{"v":0,"d":"0.00"},{"v":0,"d":"0.00"}]
["2009-10-27","10003653","VALVULA D/GALLETA DE 1-3/4 450","2003","UN",1,{"v":1700,"d":"1,700.00"},{"v":1700,"d":"1,700.00"}]
["2021-12-30","10003654","VALVULA D/GALLETA DE 1-1/2 A 300","2003","UN",2,{"v":675,"d":"675.00"},{"v":1350,"d":"1,350.00"}]
["2024-06-27","10003654","VALVULA D/GALLETA DE 1-1/2 A 300","2005","UN",1,{"v":0,"d":"0.00"},{"v":0,"d":"0.00"}]
["2024-05-10","10003654","VALVULA D/GALLETA DE 1-1/2 A 300","2022","UN",1,{"v":0,"d":"0.00"},{"v":0,"d":"0.00"}]
["2019-12-31","10003655","CHAPA D/SEGURIDAD M12 EMG201516 R/F6 P/G","2003","UN",8,{"v":0,"d":"0.00"},{"v":0,"d":"0.00"}]
["2009-10-27","10003656","CHAVETA P/EXTRACION DE POLO","2003","UN",2,{"v":1140,"d":"1,140.00"},{"v":2280,"d":"2,280.00"}]
["2009-10-27","10003657","CHAVETA P/COJINETE INFERIOR","2003","UN",8,{"v":145,"d":"145.00"},{"v":1160,"d":"1,160.00"}]
["2009-10-27","10003658","CHAVETA P/COJINETE INFERIOR D/9-3/4","2003","UN",4,{"v":145,"d":"145.00"},{"v":580,"d":"580.00"}]
["2021-12-30","10003660","RACORD  CON DOBLE TUERCA  3/4\"","2003","UN",11,{"v":85,"d":"85.00"},{"v":935,"d":"935.00"}]
["2024-05-10","10003660","RACORD  CON DOBLE TUERCA  3/4\"","2020","UN",1,{"v":1,"d":"1.00"},{"v":1,"d":"1.00"}]
["2009-10-27","10003662","SOPORTE D/1/2 PULG","2003","UN",8,{"v":31.5,"d":"31.50"},{"v":252,"d":"252.00"}]
["2021-12-30","10003663","SOPORTE P/CENTRADO DE TURB","2003","UN",4,{"v":208.4,"d":"208.40"},{"v":833.6,"d":"833.60"}]
["2017-05-05","10003665","SOPORTE DE BASE 140X50","2003","UN",2,{"v":181,"d":"181.00"},{"v":362,"d":"362.00"}]
["2009-10-27","10003666","SOPORTE EN L REF.01145 6A","2003","UN",4,{"v":85.5,"d":"85.50"},{"v":342,"d":"342.00"}]
["2009-10-27","10003667","SOPORTE EN L REF.01145 9A","2003","UN",2,90.45,{"v":180.9,"d":"180.90"}]
["2009-10-27","10003669","SOPORTE P/DESMONTAJE D/TURBINA","2003","UN",4,{"v":145,"d":"145.00"},{"v":580,"d":"580.00"}]
["2021-12-30","10003673","ACOPLAMIENTO D/TEFLON","2003","UN",1,{"v":0,"d":"0.00"},{"v":0,"d":"0.00"}]
["2019-12-31","10003674","ACOPLAMIENTO PARA REGULADOR REF. 3A4","2003","UN",1,{"v":0,"d":"0.00"},{"v":0,"d":"0.00"}]
["2021-12-30","10003675","ACTUADOR ACOPLADOR REF. QK59","2003","UN",1,{"v":325.4,"d":"325.40"},{"v":325.4,"d":"325.40"}]
["2009-10-27","10003677","SEGMENTO PATIN P/PIVOTE R/EMG101254","2003","UN",28,{"v":169,"d":"169.00"},{"v":4732,"d":"4,732.00"}]
["2009-10-27","10003678","TRANS. D/NIVEL CON CAIDA MOD-810","2003","UN",6,{"v":645,"d":"645.00"},{"v":3870,"d":"3,870.00"}]
["2024-06-18","10003678","TRANS. D/NIVEL CON CAIDA MOD-810","2016","UN",1,{"v":0,"d":"0.00"},{"v":0,"d":"0.00"}]
["2009-10-27","10003683","PLACA 0 40MM","2003","UN",8,{"v":43.4,"d":"43.40"},{"v":347.2,"d":"347.20"}]
["2009-10-27","10003684","PLACA P/DESMONTAJE DE TURB","2003","UN",1,{"v":545,"d":"545.00"},{"v":545,"d":"545.00"}]
["2009-10-27","10003685","PALANCA DERECHA P/CAM REF.T-RT/Z/ZT","2003","UN",8,{"v":345.5,"d":"345.50"},{"v":2764,"d":"2,764.00"}]
["2009-10-27","10003686","PALANCA IZQUIERDA P/CAM REF.Z/ZT","2003","UN",8,{"v":345,"d":"345.00"},{"v":2760,"d":"2,760.00"}]
["2009-10-27","10003689","SELLO REF.DOS65090 12 WOL","2003","UN",1,149.95,149.95]
["2009-10-27","10003690","SELLO D/TEFLON 18.1X 16.2","2003","UN",4,{"v":89.4,"d":"89.40"},{"v":357.6,"d":"357.60"}]
["2009-10-27","10003691","SELLO RETEN DIAM. 45 X 55 X 7MM","2003","UN",8,{"v":89.4,"d":"89.40"},{"v":715.2,"d":"715.20"}]
["2009-10-27","10003692","GUIA CUERO 19'9","2003","UN",8,79.45,{"v":635.6,"d":"635.60"}]
["2019-12-31","10003693","VIGA SOPORTE P/ELEVADOR","2003","UN",1,{"v":0,"d":"0.00"},{"v":0,"d":"0.00"}]
["2009-10-27","10003694","ANCLAJE BASE FINA DE LA TURB","2003","UN",2,{"v":119,"d":"119.00"},{"v":238,"d":"238.00"}]
["2019-12-31","10003695","ANCLAJE CON TUERCA P/TURB","2003","UN",12,{"v":98.39999999999999,"d":"98.40"},{"v":1180.8,"d":"1,180.80"}]
["2009-10-27","10003696","TORRE PALANCA P/TURBINA","2003","UN",2,{"v":405,"d":"405.00"},{"v":810,"d":"810.00"}]
["2009-10-27","10003697","BOCA P/LLENA DE ACEITE COJINETE SUPERIOR","2003","UN",1,{"v":69.7,"d":"69.70"},{"v":69.7,"d":"69.70"}]
["2009-10-27","10003700","CONTACTOR TELEME. 125V CA2 DN2319 a 65","2003","UN",2,{"v":285,"d":"285.00"},{"v":570,"d":"570.00"}]
["2019-12-31","10003703","CONTACTOR TELEMECANICO CA2-DN240 A 65","2003","UN",2,{"v":190,"d":"190.00"},{"v":380,"d":"380.00"}]
["2009-10-27","10003706","CONTACTOR TELEMECANICO  LSC1-FF43","2003","UN",3,{"v":1575,"d":"1,575.00"},{"v":4725,"d":"4,725.00"}]
["2009-10-27","10003707","CONTACTOR AUXILIAR 220-240V REF-K22E","2003","UN",1,{"v":931,"d":"931.00"},{"v":931,"d":"931.00"}]
["2009-10-27","10003712","CONTACTOR TERMICO P/DISYUNTOR SACE 400-5","2003","UN",1,{"v":635,"d":"635.00"},{"v":635,"d":"635.00"}]
["2009-10-27","10003714","CUCHILLA  DE 19.9KV","2003","UN",8,{"v":940,"d":"940.00"},{"v":7520,"d":"7,520.00"}]
["2009-10-27","10003715","PORTA FUSIBLE 25AMPS 600V 3 CONTACTO","2003","UN",2,{"v":135,"d":"135.00"},{"v":270,"d":"270.00"}]
["2009-10-27","10003717","portafusible  15a  660v","2003","UN",1,{"v":195,"d":"195.00"},{"v":195,"d":"195.00"}]
["2019-12-31","10003718","BASE DE LAMPARA FLORECENTE 40W","2003","UN",4,{"v":0,"d":"0.00"},{"v":0,"d":"0.00"}]
["2024-04-17","10003718","BASE DE LAMPARA FLORECENTE 40W","2011","UN",3,{"v":0,"d":"0.00"},{"v":0,"d":"0.00"}]
["2024-06-18","10003718","BASE DE LAMPARA FLORECENTE 40W","2016","UN",230,{"v":0,"d":"0.00"},{"v":0,"d":"0.00"}]
["2019-12-31","10003720","PORTA LAMPARA OLTEN 02-082","2003","UN",3,{"v":153,"d":"153.00"},{"v":459,"d":"459.00"}]
["2009-10-27","10003721","PORTA LAMPARA RAFI 1.60509 P/DIESEL EMER","2003","UN",2,{"v":125.5,"d":"125.50"},{"v":251,"d":"251.00"}]
["2022-11-14","10003722","REGULADOR D/NIVEL P/ACHIQUE CAJA DE MAQU","2003","UN",3,{"v":0,"d":"0.00"},{"v":0,"d":"0.00"}]
["2009-10-27","10003723","DETECTOR 250RPM REF. C1-P8-ETR","2003","UN",1,{"v":3045,"d":"3,045.00"},{"v":3045,"d":"3,045.00"}]
["2021-12-30","10003726","INTERRUPTOR D/NIVEL UNIMEX REF. F5","2003","UN",1,{"v":740,"d":"740.00"},{"v":740,"d":"740.00"}]
["2019-12-31","10003730","PRESOSTATO MODELO 604DI","2003","UN",13,{"v":5400,"d":"5,400.00"},{"v":70200,"d":"70,200.00"}]
["2009-10-27","10003732","PRESOSTATO DIFERENCIAL TIPO 95750100018","2003","UN",1,{"v":4051,"d":"4,051.00"},{"v":4051,"d":"4,051.00"}]
["2021-05-29","10003733","PRESOSTATO TIPO XM10 DE 0.4 A 3.5KG/CM2","2003","UN",1,{"v":1985,"d":"1,985.00"},{"v":1985,"d":"1,985.00"}]
["2009-10-27","10003734","PRESOSTATO DIFERENCIAL 0.7 A 1.5BAR","2003","UN",1,{"v":1645,"d":"1,645.00"},{"v":1645,"d":"1,645.00"}]
["2009-10-27","10003735","HIDROSTATO P/CONTROL CALEFACCION D/PANEL","2003","UN",1,{"v":4225,"d":"4,225.00"},{"v":4225,"d":"4,225.00"}]
["2021-12-30","10003739","CONECTOR FIJO 90 P/CONECCION DISYUNTOR","2003","UN",1,{"v":0,"d":"0.00"},{"v":0,"d":"0.00"}]
["2019-12-31","10003741","CONECTOR FIJO 45 GRADOS 75MM","2003","UN",1,{"v":0,"d":"0.00"},{"v":0,"d":"0.00"}]
["2019-12-31","10003745","RELE TERMICO 30-40A","2003","UN",1,{"v":0,"d":"0.00"},{"v":0,"d":"0.00"}]
["2021-12-30","10003746","RELE AGUI 1.6-2.4","2003","UN",1,72.45,72.45]
["2019-12-31","10003750","RELE TELEMECANICO DN-122A60","2003","UN",1,{"v":0,"d":"0.00"},{"v":0,"d":"0.00"}]
["2009-10-27","10003751","RELE TEMPORIZADO 0.1 A 305","2003","UN",2,{"v":1245,"d":"1,245.00"},{"v":2490,"d":"2,490.00"}]
["2009-10-27","10003756","RELE TIPO MRG 626E 80VDV","2003","UN",4,{"v":85,"d":"85.00"},{"v":340,"d":"340.00"}]
["2019-12-31","10003758","RELE TERMICO 0.1 A 0.2A","2003","UN",2,{"v":379,"d":"379.00"},{"v":758,"d":"758.00"}]
["2009-10-27","10003759","RELE TRIFASICO 220V P/CONTROL L/P","2003","UN",1,{"v":1050,"d":"1,050.00"},{"v":1050,"d":"1,050.00"}]
["2009-10-27","10003760","RELE TERMICO MONOFASICO  0.2A-250V-28VDC","2003","UN",1,{"v":2490,"d":"2,490.00"},{"v":2490,"d":"2,490.00"}]
["2024-07-18","10003761","RELE DE PROTECCION DE TRANSFORMADOR","2006","UN",3,{"v":590000,"d":"590,000.00"},{"v":1770000,"d":"1,770,000.00"}]
["2021-12-30","10003761","RELE DE PROTECCION DE TRANSFORMADOR","2021","UN",3,0.01,0.03]
["2009-10-27","10003762","RELE DE IMPULSO 24-60V","2003","UN",2,{"v":38.5,"d":"38.50"},{"v":77,"d":"77.00"}]
["2024-06-27","10003763","RELE IMPULSO 15-300S 5A","2005","UN",18,{"v":0,"d":"0.00"},{"v":0,"d":"0.00"}]
["2009-10-27","10003765","RELE DE MANDO P/SECCIONADOR 138KV","2003","UN",1,{"v":1995,"d":"1,995.00"},{"v":1995,"d":"1,995.00"}]
["2019-12-31","10003768","RELE SUPERVISION TRIFASICA P/SIST CONTRO","2003","UN",2,{"v":0,"d":"0.00"},{"v":0,"d":"0.00"}]
["2009-10-27","10003769","RELE TELEMECANICO P/SIST SESAGUE 30 A 40","2003","UN",2,{"v":243,"d":"243.00"},{"v":486,"d":"486.00"}]
["2009-10-27","10003770","RELE TERMICO K7-0.7 A 1.1 A P/SIST REFRI","2003","UN",1,{"v":636,"d":"636.00"},{"v":636,"d":"636.00"}]
["2019-12-31","10003771","RELE TEMPORIZADO DE 0 A 10 SEGUNDOS","2007","UN",1,{"v":0,"d":"0.00"},{"v":0,"d":"0.00"}]
["2009-10-27","10003773","RELAY SEGURIDAD TIPO TMA 1164","2003","UN",2,{"v":636,"d":"636.00"},{"v":1272,"d":"1,272.00"}]
["2019-12-31","10003774","RELAY TERMICO 220V 60HZ P/ALUMBRADO","2003","UN",1,430.05,430.05]
["2009-10-27","10003775","BASE P/MINI RELE","2003","UN",1,{"v":148,"d":"148.00"},{"v":148,"d":"148.00"}]
["2009-10-27","10003776","CAMARA ROMPE ALCO P/CONTACTOR PRINC. ACE","2003","UN",4,{"v":345,"d":"345.00"},{"v":1380,"d":"1,380.00"}]
["2009-10-27","10003777","CAMARA DE RUPTURA D/INSTRUPTOR CAMPO","2003","UN",1,{"v":645,"d":"645.00"},{"v":645,"d":"645.00"}]
["2019-12-31","10003780","MODULO P/CONTACTOR MG-7226","2003","UN",1,{"v":0,"d":"0.00"},{"v":0,"d":"0.00"}]
["2009-10-27","10003781","MODULO ELECTRONICO BELSTV","2003","UN",1,{"v":10104,"d":"10,104.00"},{"v":10104,"d":"10,104.00"}]
["2009-10-27","10003782","MODULO D/SENALIZACION MB1+23 125VCC","2003","UN",1,{"v":9405,"d":"9,405.00"},{"v":9405,"d":"9,405.00"}]
["2009-10-27","10003783","MODULO ELECTRONICO VR2/2 125VCC","2003","UN",1,{"v":9405,"d":"9,405.00"},{"v":9405,"d":"9,405.00"}]
["2024-07-29","10003786","MODULO PARA INTERUPTOR NSA 250 IEC 250V","2015","UN",2,{"v":0,"d":"0.00"},{"v":0,"d":"0.00"}]
["2009-10-27","10003792","indicador d  psicon  bbc","2003","UN",1,{"v":6600,"d":"6,600.00"},{"v":6600,"d":"6,600.00"}]
["2021-12-30","10003793","INDICADOR DE ALTA TENSION KP HASTA 20KV","2003","UN",1,{"v":3040,"d":"3,040.00"},{"v":3040,"d":"3,040.00"}]
["2009-10-27","10003798","PULSADOR P/DIESEL EMERG.","2003","UN",1,{"v":208,"d":"208.00"},{"v":208,"d":"208.00"}]
["2009-10-27","10003799","PULSADOR RAFI 110101 P/EQUIPO AUX EMERG.","2003","UN",2,{"v":225,"d":"225.00"},{"v":450,"d":"450.00"}]
["2021-12-30","10003800","CONMUTADOR P/MEDICACION VOLTAJE","2003","UN",2,{"v":3900,"d":"3,900.00"},{"v":7800,"d":"7,800.00"}]
["2019-12-31","10003802","DISPENSOR DE LAMPARA SIMPLE","2003","UN",10,{"v":0,"d":"0.00"},{"v":0,"d":"0.00"}]
["2024-04-17","10003803","CONTROL TEMPERATURA 0 - 399ºC","2008","UN",1,0.01,0.01]
["2024-09-16","10003803","CONTROL TEMPERATURA 0 - 399ºC","2032","UN",6,0.01,0.06]
["2009-10-27","10003804","MEDIDOR DE  FRECUENCIA DE 0-100 H7","2003","UN",1,{"v":2600,"d":"2,600.00"},{"v":2600,"d":"2,600.00"}]
["2021-12-30","10003804","MEDIDOR DE  FRECUENCIA DE 0-100 H7","2013","UN",1,{"v":0,"d":"0.00"},{"v":0,"d":"0.00"}]
["2024-05-10","10003804","MEDIDOR DE  FRECUENCIA DE 0-100 H7","2021","UN",2,{"v":0,"d":"0.00"},{"v":0,"d":"0.00"}]
["2021-12-30","10003805","MEDIDOR DE TEMPERATURA DE 0 - 60°C","2016","UN",1,{"v":0,"d":"0.00"},{"v":0,"d":"0.00"}]
["2021-12-30","10003805","MEDIDOR DE TEMPERATURA DE 0 - 60°C","2022","UN",1,0.01,0.01]
["2009-10-27","10003806","SENSOR D/TEMP.D/SIST EXTRAC. INSENDIO","2003","UN",6,{"v":2054,"d":"2,054.00"},{"v":12324,"d":"12,324.00"}]
["2009-10-27","10003807","SEPARADOR CON RENURA DEL GENERADOR","2003","UN",1,{"v":684,"d":"684.00"},{"v":684,"d":"684.00"}]
["2009-10-27","10003808","SEPARADOR L=995 REF. EMERG. 201516","2003","UN",30,74.75,{"v":2242.5,"d":"2,242.50"}]
["2019-12-31","10003809","SECCIONADOR MONOPOLAR 10 X 38","2003","UN",1,{"v":0,"d":"0.00"},{"v":0,"d":"0.00"}]
["2009-10-27","10003810","CUÑA PARA MOTOR BOMBA ACHIQE","2003","UN",1,{"v":145,"d":"145.00"},{"v":145,"d":"145.00"}]
["2009-10-27","10003811","CUÑA RANURADA P/GEN. 138 X 21.5 X 5MM","2003","UN",66,{"v":178,"d":"178.00"},{"v":11748,"d":"11,748.00"}]
["2019-12-31","10003812","CUÑA RANURADA #3","2003","UN",66,{"v":0,"d":"0.00"},{"v":0,"d":"0.00"}]
["2009-10-27","10003813","CUÑA RANURADA 220 X 215 X 5","2003","UN",33,89.95,{"v":2968.35,"d":"2,968.35"}]
["2009-10-27","10003814","CUÑA RANURADA EMERG. 160.7 X 21.5 X 5","2003","UN",33,{"v":63.14999999999999,"d":"63.15"},{"v":2083.95,"d":"2,083.95"}]
["2009-10-27","10003815","CUÑA CONICA 39.2 X 5","2003","UN",70,{"v":35,"d":"35.00"},{"v":2450,"d":"2,450.00"}]
["2009-10-27","10003818","REGISTRO P/CABLE PILOTO","2003","UN",1,{"v":190,"d":"190.00"},{"v":190,"d":"190.00"}]
["2009-10-27","10003819","CAPERUZA AISLANTE DEL GENERADOR","2003","UN",9,{"v":95,"d":"95.00"},{"v":855,"d":"855.00"}]
["2009-10-27","10003821","BARRA EXAG HAGT 447 155P1","2003","UN",1,{"v":2345,"d":"2,345.00"},{"v":2345,"d":"2,345.00"}]
["2009-10-27","10003822","TOMA CORRIENTE 30AMPS 600VAC R/ADR3044","2003","UN",2,68.45,{"v":136.9,"d":"136.90"}]
["2019-12-31","10003832","AISLADOR RECT. 30 X 140 X 70MM","2003","UN",58,{"v":0,"d":"0.00"},{"v":0,"d":"0.00"}]
["2009-10-27","10003840","TORNILLO ALLEN CHE M8X16 REF-F-19 P/TURB","2003","UN",2,24.15,{"v":48.3,"d":"48.30"}]
["2009-10-27","10003842","TORNILLO EXAG.M8X16 REF.F13 P/TURBINA","2003","UN",2,{"v":11.4,"d":"11.40"},{"v":22.8,"d":"22.80"}]
["2019-12-31","10003843","TORNILLO ALLEN M6X20 F-18 P/TURB","2003","UN",2,{"v":0,"d":"0.00"},{"v":0,"d":"0.00"}]
["2019-12-31","10003844","TORNILLO ALLEN CHE M10X25 REF/F22 P/TURB","2003","UN",15,38.14,{"v":572.1,"d":"572.10"}]
["2009-10-27","10003845","TORNILLO ALLEN CHE M14X75 REF.F23 P/TURB","2003","UN",4,{"v":38.4,"d":"38.40"},{"v":153.6,"d":"153.60"}]
["2009-10-27","10003846","TORNILLO EXAG.M18X100 REF.F17 P/TURB","2003","UN",1,{"v":21,"d":"21.00"},{"v":21,"d":"21.00"}]
["2019-12-31","10003849","TORNILLO ALLEN SIN CABEZA M14X20 F25 P/T","2003","UN",2,{"v":0,"d":"0.00"},{"v":0,"d":"0.00"}]
["2019-12-31","10003850","TORNILLO EXAG.HM12X25 REF.F6 P/TURBINA","2003","UN",2,12.12,24.24]
["2009-10-27","10003851","TORNILLO EXAG.HM12X30 F7 P/TURBINA","2003","UN",1,12.75,12.75]
["2019-12-31","10003854","TORNILLO EXAG.HM16X70 F11 P/TURB","2003","UN",2,{"v":12,"d":"12.00"},{"v":24,"d":"24.00"}]
["2009-10-27","10003855","TORNILLO EXAG.HM10X25 F5 P/TURBINA","2003","UN",1,{"v":13.5,"d":"13.50"},{"v":13.5,"d":"13.50"}]
["2009-10-27","10003858","TORNILLO HEXAG.M22X70 REF.F2 P/TURBINA","2003","UN",2,{"v":12.1,"d":"12.10"},{"v":24.2,"d":"24.20"}]
["2009-10-27","10003861","TORNILLO EXAG.HM8X16 REF.F2 P/TURBINA","2003","UN",2,{"v":7.1,"d":"7.10"},{"v":14.2,"d":"14.20"}]
["2009-10-27","10003863","TORNILLO CABEZA CILINDRICA M20X50 REF.F6","2003","UN",1,12.45,12.45]
["2009-10-27","10003864","TORNILLO EXAG.HM10X40 REF.F3 P/TURBINA","2003","UN",1,{"v":6.4,"d":"6.40"},{"v":6.4,"d":"6.40"}]
["2019-12-31","10003866","TORNILLO EXAG.HM 20X60 REF-F9 P/T","2003","UN",2,{"v":0,"d":"0.00"},{"v":0,"d":"0.00"}]
["2009-10-27","10003868","TORNILLO CABEZA EXAG.M18X65 F-3 P/TURB","2003","UN",2,{"v":11.4,"d":"11.40"},{"v":22.8,"d":"22.80"}]
["2021-12-30","10003875","TORNILLO EXAG.M8X25 REF-F10  P/TURBINA","2003","UN",46,14.75,{"v":678.5,"d":"678.50"}]
["2021-12-30","10003878","TORNILLO EXAGONAL HM16X25 F7 P/TURRBINA","2003","UN",2,{"v":11,"d":"11.00"},{"v":22,"d":"22.00"}]
["2009-10-27","10003879","TORNILLO EXAGONAL HM20X45 F6 P/TURBINA","2003","UN",2,{"v":12.4,"d":"12.40"},{"v":24.8,"d":"24.80"}]
["2021-12-30","10003880","TORNILLO EXAGONAL HM10X70 REF-F8 P/TURB","2003","UN",1,{"v":9.4,"d":"9.40"},{"v":9.4,"d":"9.40"}]
["2021-12-30","10003880","TORNILLO EXAGONAL HM10X70 REF-F8 P/TURB","2005","UN",2,{"v":0,"d":"0.00"},{"v":0,"d":"0.00"}]
["2019-12-31","10003881","TORNILLO EXAGONAL HN20X70 REF-F-5 P/TURN","2003","UN",2,{"v":0,"d":"0.00"},{"v":0,"d":"0.00"}]
["2009-10-27","10003882","TORNILLO EXAGONAL HM16X35 REF-F25 P/E/R","2003","UN",2,{"v":2.565,"d":"2.57"},5.13]
["2021-12-30","10003883","TORNILLO ALLEN M12X25 REF-F4 P/E/R","2003","UN",3,{"v":0,"d":"0.00"},{"v":0,"d":"0.00"}]
["2019-12-31","10003884","TORNILLO ALLEN M12X35 F5 P/E/REG","2003","UN",2,{"v":6,"d":"6.00"},{"v":12,"d":"12.00"}]
["2009-10-27","10003885","TORNILLO ALLEN M10X40 REF-F45 P/E/R","2003","UN",1,{"v":4.6,"d":"4.60"},{"v":4.6,"d":"4.60"}]
["2019-12-31","10003886","TORNILLO M6X10 SIN CAB REF-F51 P/E/R","2003","UN",2,9.15,{"v":18.3,"d":"18.30"}]
["2009-10-27","10003889","TORNILLO EXAG.HM4X10 F5 P/E/R","2003","UN",2,3.15,{"v":6.3,"d":"6.30"}]
["2009-10-27","10003891","TORNILLO EXAG.HM6X30 REF.F17 P/E/R","2003","UN",2,{"v":11.2,"d":"11.20"},{"v":22.4,"d":"22.40"}]
["2009-10-27","10003893","TORNILLO EXAG.HM14X65 F5 P/E/R","2003","UN",2,5.45,{"v":10.9,"d":"10.90"}]
["2009-10-27","10003894","TORNILLO EXAG.HM8X45 F3 P/E/R","2003","UN",2,{"v":6.1,"d":"6.10"},{"v":12.2,"d":"12.20"}]
["2009-10-27","10003895","TORNILLO EXAG.HM6X16 F43 P/E/R","2003","UN",2,4.15,{"v":8.3,"d":"8.30"}]
["2009-10-27","10003896","TORNILLO EXAG.HM12X20 F47 P/E/R","2003","UN",1,3.14,3.14]
["2024-07-29","10003896","TORNILLO EXAG.HM12X20 F47 P/E/R","2015","UN",9,{"v":0,"d":"0.00"},{"v":0,"d":"0.00"}]
["2009-10-27","10003897","TORNILLO EXAG.HM5X30 F-2 P/E/R","2003","UN",2,{"v":5.5,"d":"5.50"},{"v":11,"d":"11.00"}]
["2019-12-31","10003898","TORNILLO ALLEN M8X20 F4 P/E/R","2003","UN",8,23.14,185.12]
["2009-10-27","10003899","TORNILLO EXAG.HM5X10 F/12 P/E/R","2003","UN",2,{"v":6.4,"d":"6.40"},{"v":12.8,"d":"12.80"}]
["2019-12-31","10003900","TORNILLO EXAG.HM6 X 10 F/13 P/E/R","2003","UN",2,{"v":0,"d":"0.00"},{"v":0,"d":"0.00"}]
["2009-10-27","10003901","TORNILLO EXAG.M16X130 P/GEN","2003","UN",6,{"v":5.3999999999999995,"d":"5.40"},{"v":32.4,"d":"32.40"}]
["2009-10-27","10003902","TORNILLO EXAG 20X50MM P/GEN","2003","UN",2,{"v":42,"d":"42.00"},{"v":84,"d":"84.00"}]
["2019-12-31","10003903","TORNILLO EXAG 20X40MM P/GALV","2003","UN",20,{"v":2.5,"d":"2.50"},{"v":50,"d":"50.00"}]
["2021-12-30","10003904","TORNILLO EXAG 24 X 70MM","2003","UN",22,{"v":22,"d":"22.00"},{"v":484,"d":"484.00"}]
["2019-12-31","10003905","TORNILLO EXAG 24X60MM P/GENB","2003","UN",60,{"v":71.1,"d":"71.10"},{"v":4266,"d":"4,266.00"}]
["2009-10-27","10003906","TORNILLO EXAG 24X80MM P/GGN","2003","UN",2,{"v":11.4,"d":"11.40"},{"v":22.8,"d":"22.80"}]
["2019-12-31","10003907","TORNILLO EXAG 24X80MM P/GGN ESPECIAL","2003","UN",6,{"v":11.4,"d":"11.40"},{"v":68.4,"d":"68.40"}]
["2019-12-31","10003908","TORNILLO EXAG 24X40MM P/GN","2003","UN",22,10.94,240.68]
["2024-07-29","10003908","TORNILLO EXAG 24X40MM P/GN","2015","UN",5,{"v":0,"d":"0.00"},{"v":0,"d":"0.00"}]
["2009-10-27","10003909","TORNILLO HEX. 20X60 P/GEN. ROCA CORRIDA","2003","UN",1,6.75,6.75]
["2009-10-27","10003910","TORNILLO EXAG 16X45MM P/GGN","2003","UN",25,6.75,168.75]
["2019-12-31","10003911","TORNILLO EXAG 20X60 P/GEN","2003","UN",13,{"v":5.9,"d":"5.90"},{"v":76.7,"d":"76.70"}]
["2021-12-30","10003912","TORNILLO EXAG 16X25 P/GEN","2003","UN",2,{"v":0,"d":"0.00"},{"v":0,"d":"0.00"}]
["2009-10-27","10003913","TORNILLO EXAG 8X20MM P/GGN","2003","UN",35,{"v":3.9099999999999997,"d":"3.91"},136.85]
["2009-10-27","10003914","TORNILLO EXAG 12X40MM P/GGN","2003","UN",2,4.05,{"v":8.1,"d":"8.10"}]
["2009-10-27","10003915","TORNILLO EXAG 8X25MM P/GEN COBRE","2003","UN",7,8.15,57.05]
["2021-12-30","10003916","TORNILLO EXAG MM P/GEN","2003","UN",8,3.41,27.28]
["2019-12-31","10003917","TORNILLO EXAG 10X35MM P/GEN","2003","UN",2,4.91,9.82]
["2009-10-27","10003918","TORNILLO AVELLANADO 12X20MM P/GEN","2003","UN",33,{"v":5,"d":"5.00"},{"v":165,"d":"165.00"}]
["2009-10-27","10003919","TORNILLO EXAG 8X40MM P/GEN","2003","UN",4,4.91,19.64]
["2009-10-27","10003920","TORNILLO EXAG 8X25MM P/GEN ACERO NEGRO","2003","UN",2,4.25,{"v":8.5,"d":"8.50"}]
["2009-10-27","10003921","TORNILLO EXAG 10X30MM P/GEN","2003","UN",20,{"v":2.2199999999999998,"d":"2.22"},{"v":44.4,"d":"44.40"}]
["2009-10-27","10003923","TORNILLO ALLEN 16X50MM P/GEN","2003","UN",1,{"v":43.5,"d":"43.50"},{"v":43.5,"d":"43.50"}]
["2009-10-27","10003924","TORNILLO ALLEN 12X35MM P/GEN","2003","UN",2,{"v":22.455,"d":"22.46"},44.91]
["2009-10-27","10003925","TORNILLO EXAG 12X15MM P/GEN","2003","UN",20,3.35,{"v":67,"d":"67.00"}]
["2009-10-27","10003926","TORNILLO EXAG 16X50MM P/GERN","2003","UN",4,4.09,16.36]
["2009-10-27","10003927","TORNILLO EXAG 12X20MM P/GEN","2003","UN",55,{"v":8.129999999999999,"d":"8.13"},447.15]
["2009-10-27","10003929","TORNILLO HEXAG.16X44X23.5M P/GEN","2003","UN",55,{"v":29.8,"d":"29.80"},{"v":1639,"d":"1,639.00"}]
["2009-10-27","10003930","TORNILLO HEX. 42 X 155MM ESPECIAL","2003","UN",1,{"v":60,"d":"60.00"},{"v":60,"d":"60.00"}]
["2009-10-27","10003931","TORNILLO HEX.36X110MM P/DESMONTAJE TURB.","2003","UN",2,{"v":53.8,"d":"53.80"},{"v":107.6,"d":"107.60"}]
["2009-10-27","10003935","TORNILLO HEX. 10 X 35MM P/RF","2003","UN",4,{"v":20,"d":"20.00"},{"v":80,"d":"80.00"}]
["2009-10-27","10003936","TORNILLO HEX. 12 X 20MM P/R","2003","UN",5,{"v":23.1,"d":"23.10"},{"v":115.5,"d":"115.50"}]
["2021-12-30","10003937","TORNILLO HEX. 10 X 20MM P/RF","2003","UN",17,{"v":20,"d":"20.00"},{"v":340,"d":"340.00"}]
["2009-10-27","10003939","TORNILLO HEX. 8 X 25MM P/RF","2003","UN",1,16.05,16.05]
["2009-10-27","10003940","TORNILLO HEX. 20 X 70 CON TUERCA","2003","UN",2,{"v":38,"d":"38.00"},{"v":76,"d":"76.00"}]
["2019-12-31","10003942","TORNILLO HEX. 12 X 25MM ACERONIQUEL","2003","UN",6,{"v":23.849999999999998,"d":"23.85"},{"v":143.1,"d":"143.10"}]
["2019-12-31","10003943","TORNILLO HEX. 12 X 40MM P/RF","2003","UN",2,{"v":26,"d":"26.00"},{"v":52,"d":"52.00"}]
["2009-10-27","10003944","TORNILLO HEX. 12 X 50MM P/RF","2003","UN",2,{"v":23.9,"d":"23.90"},{"v":47.8,"d":"47.80"}]
["2009-10-27","10003945","TORNILLO HEX. 12 X 55MM P/R","2003","UN",2,24.18,48.36]
["2009-10-27","10003947","TORNILLO HEX. 12 X 61MM","2003","UN",2,{"v":26,"d":"26.00"},{"v":52,"d":"52.00"}]
["2009-10-27","10003949","TORNILLO HEX. M20X80MM P/RF","2003","UN",17,{"v":38.050000000000004,"d":"38.05"},646.85]
["2009-10-27","10003955","TORNILLO HEX. 16 X 65MM P/RF","2003","UN",2,{"v":29.6,"d":"29.60"},{"v":59.2,"d":"59.20"}]
["2009-10-27","10003956","TORNILLO HEX. 8 X 10MM P/R","2003","UN",4,{"v":11.3,"d":"11.30"},{"v":45.2,"d":"45.20"}]
["2019-12-31","10003957","TORNILLO HEXAG.12X55MM P/RF","2003","UN",4,24.18,96.72]
["2021-12-30","10003958","TORNILLO HEXAGONAL 10X25MM P/R","2003","UN",1,{"v":3.1,"d":"3.10"},{"v":3.1,"d":"3.10"}]
["2024-07-29","10003959","TORNILLO ALLEN 8X15MM","2015","UN",1,{"v":0,"d":"0.00"},{"v":0,"d":"0.00"}]
["2009-10-27","10003961","TORNILLO ALLEN 10X25MM P/RF","2003","UN",1,28.45,28.45]
["2019-12-31","10003964","TORNILLO ALLEN 14X75MM P/RF","2003","UN",26,39.45,{"v":1025.7,"d":"1,025.70"}]
["2021-12-30","10003965","TORNILLO ALLEN 20X80MM P/R","2009","UN",2,{"v":0,"d":"0.00"},{"v":0,"d":"0.00"}]
["2024-04-17","10003965","TORNILLO ALLEN 20X80MM P/R","2011","UN",16,{"v":0,"d":"0.00"},{"v":0,"d":"0.00"}]
["2009-10-27","10003967","TORNILLO AVELLANADO 6X10MM","2003","UN",2,4.08,8.16]
["2019-12-31","10003969","TORNILLO ACERO NIQUEL 16X65MM","2003","UN",6,{"v":0,"d":"0.00"},{"v":0,"d":"0.00"}]
["2019-12-31","10003970","TORNILLO HEXAGONAL 16X60 ACERO NIQUEL","2003","UN",2,{"v":32.5,"d":"32.50"},{"v":65,"d":"65.00"}]
["2019-12-31","10003971","TORNILLO HEXAG.8X10MM P/REGULACION","2003","UN",2,{"v":6.4,"d":"6.40"},{"v":12.8,"d":"12.80"}]
["2009-10-27","10003974","TORNILLO HEXAG.10X16MM P/REGULACION","2003","UN",1,8.03,8.03]
["2009-10-27","10003976","TORNILLO USBR2-7 P/BORNERA","2003","UN",1,175.86,175.86]
["2009-10-27","10003977","TORNILLO 30 X 10MM EXAG.","2003","UN",2,6.75,{"v":13.5,"d":"13.50"}]
["2009-10-27","10003978","TORNILLO EXAG. 6X16MM","2003","UN",2,{"v":16,"d":"16.00"},{"v":32,"d":"32.00"}]
["2009-10-27","10003979","TORNILLO C/PL 8X 20MM","2003","UN",1,{"v":9,"d":"9.00"},{"v":9,"d":"9.00"}]
["2021-12-30","10003980","ARANDELA PLANA M12 EMG 2011516 F7 P/G","2005","UN",5,{"v":0,"d":"0.00"},{"v":0,"d":"0.00"}]
["2019-12-31","10003982","ARANDELA DE PRESION 20MM P/G","2003","UN",38,{"v":2.0500000000000003,"d":"2.05"},{"v":77.9,"d":"77.90"}]
["2024-07-29","10003982","ARANDELA DE PRESION 20MM P/G","2015","UN",35,{"v":0,"d":"0.00"},{"v":0,"d":"0.00"}]
["2019-12-31","10003983","ARANDELA PRESION 12MM P/G","2003","UN",114,{"v":0,"d":"0.00"},{"v":0,"d":"0.00"}]
["2019-12-31","10003984","ARANDELA PRESION 16MM P/G","2003","UN",212,8.03,{"v":1702.36,"d":"1,702.36"}]
["2021-12-30","10003985","ARANDELA PLANA 8MM P/G","2003","UN",50,1.04,{"v":52,"d":"52.00"}]
["2009-10-27","10003986","ARANDELA PLANA 17MM P/G","2003","UN",8,{"v":9,"d":"9.00"},{"v":72,"d":"72.00"}]
["2009-10-27","10003987","ARANDELA PLANA 10MM P/G","2003","UN",5,{"v":7,"d":"7.00"},{"v":35,"d":"35.00"}]
["2024-07-29","10003989","ARANDELA DE 17 X 125MM P/DESM TURBERIA","2015","UN",12,{"v":0,"d":"0.00"},{"v":0,"d":"0.00"}]
["2019-12-31","10003990","ARANDELA DE PRESION 5/8 X 1/8 X 1/16","2003","UN",5,{"v":0,"d":"0.00"},{"v":0,"d":"0.00"}]
["2021-12-30","10003991","ARANDELA OVALADAS 3/8 X 1/8 METAL","2003","UN",42,{"v":13.479999999999999,"d":"13.48"},566.16]
["2024-04-17","10003992","ARANDELA PLANA 1/2 X 7/8 METAL","2008","UN",7,{"v":0,"d":"0.00"},{"v":0,"d":"0.00"}]
["2021-12-30","10003993","ARANDELA PLANA37 X 19 MM","2003","UN",41,{"v":13.479999999999999,"d":"13.48"},552.68]
["2024-06-18","10003993","ARANDELA PLANA37 X 19 MM","2027","UN",131,{"v":1,"d":"1.00"},{"v":131,"d":"131.00"}]
["2009-10-27","10003994","ARANDELA PLASTICA P/TRANSF. ALTA TENS. 3","2003","UN",8,13.48,107.84]
["2019-12-31","10003995","TUERCA HEXAGONAL H-M22 REF-F28 P/TURBINA","2003","UN",1,{"v":0,"d":"0.00"},{"v":0,"d":"0.00"}]
["2024-04-17","10003996","TUERCA HEXAG.M30 REF-F-30 P/TURBINA","2011","UN",2,{"v":0,"d":"0.00"},{"v":0,"d":"0.00"}]
["2019-12-31","10003997","TUERCA HEXAG M36 REF-F-38 P/TURB","2003","UN",38,{"v":13,"d":"13.00"},{"v":494,"d":"494.00"}]
["2009-10-27","10004000","TUERCA HM6 F-13 P/TURBINA","2003","UN",1,5.18,5.18]
["2019-12-31","10004002","TUERCA HEXAGONAL HM20 F2 P/TURBINA","2003","UN",4,{"v":10.2,"d":"10.20"},{"v":40.8,"d":"40.80"}]
["2009-10-27","10004004","TUERCA DIAM-M80/45 REF-V4 P/TURB","2003","UN",2,{"v":32,"d":"32.00"},{"v":64,"d":"64.00"}]
["2009-10-27","10004006","TUERCA HEXAGONAL HM36 REF-F11 P/TURB","2003","UN",4,16.06,64.24]
["2019-12-31","10004007","TUERCA HEXAGONAL HM12 REF-F32 P/TURBINA","2003","UN",1,{"v":0,"d":"0.00"},{"v":0,"d":"0.00"}]
["2009-10-27","10004009","TUERCA HEXAGONAL HM27 REF=F10 P/TURBINA","2003","UN",2,12.45,{"v":24.9,"d":"24.90"}]
["2009-10-27","10004010","TUERCA HEXAG HM10 REF-F5 P/TURB","2003","UN",1,{"v":8.6,"d":"8.60"},{"v":8.6,"d":"8.60"}]
["2009-10-27","10004012","TUERCA HEXAG HM18 REF=14 P/TURBINA","2003","UN",2,10.65,{"v":21.3,"d":"21.30"}]
["2009-10-27","10004013","TUERCA HEXAGONAL HM16 REF-F13 P/TURBINA","2003","UN",2,10.03,20.06]
["2019-12-31","10004014","TUERCA HEXAGONAL HM20 REF-15 P/TURBINA","2003","UN",2,{"v":0,"d":"0.00"},{"v":0,"d":"0.00"}]
["2009-10-27","10004015","TUERCA HEXAG HM18 F-5 P/TURBINA","2003","UN",2,10.65,{"v":21.3,"d":"21.30"}]
["2009-10-27","10004017","TUERCA HEXAGOANL HM6 REF-F8 P/TUBERIA","2003","UN",2,{"v":5.8,"d":"5.80"},{"v":11.6,"d":"11.60"}]
["2009-10-27","10004018","TUERCA HEXAGONAL HM10 REF-F10 P/TURB","2003","UN",1,{"v":8.6,"d":"8.60"},{"v":8.6,"d":"8.60"}]
["2021-12-30","10004018","TUERCA HEXAGONAL HM10 REF-F10 P/TURB","2009","UN",18,{"v":0,"d":"0.00"},{"v":0,"d":"0.00"}]
["2009-10-27","10004019","TUERCA HEXAG HM10 REF-F46 P/E/R","2003","UN",2,{"v":8.6,"d":"8.60"},{"v":17.2,"d":"17.20"}]
["2009-10-27","10004022","TUERCA HEXAG HM12 F13 P/E/R","2003","UN",1,1.83,1.83]
["2019-12-31","10004023","TUERCA HEXAGONAL  32MM P/G","2003","UN",2,{"v":0,"d":"0.00"},{"v":0,"d":"0.00"}]
["2019-12-31","10004026","TUERCA HEXAG 14MM HIERRO NEGRO","2003","UN",2,{"v":0,"d":"0.00"},{"v":0,"d":"0.00"}]
["2009-10-27","10004027","TUERCA ACERO NIQUEL 46 MM","2003","UN",19,{"v":32,"d":"32.00"},{"v":608,"d":"608.00"}]
["2021-12-30","10004028","TUERCA HEXAGONAL M20 P/S/REF.","2003","UN",16,11.89,190.24]
["2009-10-27","10004030","TUERCA HEXAGONAL  HIERRO NEGRO","2003","UN",1,{"v":9.8,"d":"9.80"},{"v":9.8,"d":"9.80"}]
["2019-12-31","10004031","ACCESORIO P/CABLE 13.8KV","2003","UN",25,346.18,{"v":8654.5,"d":"8,654.50"}]
["2019-12-31","10004035","CABLE MYN-J 5X10","2003","UN",120,{"v":0,"d":"0.00"},{"v":0,"d":"0.00"}]
["2019-12-31","10004040","GRAMPA P/CABLE PILOTO","2003","UN",1,{"v":0,"d":"0.00"},{"v":0,"d":"0.00"}]
["2021-12-30","10004041","\"PASADOR EN L\"\" PARA TURBINA\"","2003","UN",2,26.15,{"v":52.3,"d":"52.30"}]
["2009-10-27","10004042","PASADOR P/DESMONTAJE D/TURBINA","2003","UN",4,26.15,{"v":104.6,"d":"104.60"}]
["2009-10-27","10004044","TUERCA HEXAGONAL REF. HM-5","2002","UN",2,{"v":1.4,"d":"1.40"},{"v":2.8,"d":"2.80"}]
["2009-10-27","10004048","PORTA FUSIBLE 25A 500V ACENSOR WEBER","2003","UN",1,{"v":175,"d":"175.00"},{"v":175,"d":"175.00"}]
["2009-10-27","10004049","MODULO ELECTRONICO SWDIO ID NR 590 291","2003","UN",1,{"v":10240,"d":"10,240.00"},{"v":10240,"d":"10,240.00"}]
["2009-10-27","10004051","TAPA FUSIBLE 25/500V PANEL ACENSOR","2003","UN",18,{"v":28.4,"d":"28.40"},{"v":511.2,"d":"511.20"}]
["2009-10-27","10004054","MODULO LIMITADOR  ANGULO CARGA UN1043 B-","2003","UN",1,{"v":13990,"d":"13,990.00"},{"v":13990,"d":"13,990.00"}]
["2019-12-31","10004060","INDICADOR DE POSICION BBC NR 651086 110V","2003","UN",4,{"v":4200,"d":"4,200.00"},{"v":16800,"d":"16,800.00"}]
["2019-12-31","10004066","CORREA  A-31 DONGI","2003","UN",1,{"v":0,"d":"0.00"},{"v":0,"d":"0.00"}]
["2019-12-31","10004067","RODAMIENTO REF F-53 P/E/R","2003","UN",4,{"v":0,"d":"0.00"},{"v":0,"d":"0.00"}]
["2019-12-31","10004071","CABLE MYN-J 5X10","2003","UN",300,{"v":0,"d":"0.00"},{"v":0,"d":"0.00"}]
["2009-10-27","10004072","ROTOR P/MOTOBOMBA SISTEMA DE DESAGUE","2003","UN",1,{"v":1,"d":"1.00"},{"v":1,"d":"1.00"}]
["2019-12-31","10004074","TUERCA HEXAGONAL HG 5/8","2003","UN",1,{"v":0,"d":"0.00"},{"v":0,"d":"0.00"}]
["2019-12-31","10004076","SELLO REF.DOS65090 12 WOL","2003","UN",4,{"v":0,"d":"0.00"},{"v":0,"d":"0.00"}]
["2009-10-27","10004079","RELE TEMPORIZADOR COMAT 24-48V","2003","UN",1,{"v":1,"d":"1.00"},{"v":1,"d":"1.00"}]
["2019-12-31","10004080","TUERCA HEXAGONAL HM 5","2003","UN",2,{"v":0,"d":"0.00"},{"v":0,"d":"0.00"}]
["2019-12-31","10004081","CONTADOR GENERAL LC1D50 E7","2003","UN",1,{"v":0,"d":"0.00"},{"v":0,"d":"0.00"}]
["2009-10-27","10004082","CONTADOR DE ELEVACION LC1D32 E7","2003","UN",1,{"v":1,"d":"1.00"},{"v":1,"d":"1.00"}]
["2009-10-27","10004083","RELE A2 421-08-7","2003","UN",4,{"v":1,"d":"1.00"},{"v":4,"d":"4.00"}]
["2009-10-27","10004084","MANOMETRO 144 X 144MM","2003","UN",1,{"v":1,"d":"1.00"},{"v":1,"d":"1.00"}]
["2024-05-10","10004084","MANOMETRO 144 X 144MM","2021","UN",2,{"v":0,"d":"0.00"},{"v":0,"d":"0.00"}]
["2021-12-30","10004085","PLACA DE 200 X 60 X 60","2003","UN",13,{"v":0,"d":"0.00"},{"v":0,"d":"0.00"}]
["2019-12-31","10004086","BIELATA P/URBINA 410MM X 200 MM FRANCIS","2003","UN",2,{"v":0,"d":"0.00"},{"v":0,"d":"0.00"}]
["2009-10-27","10004087","CAMARA D/DOBLE IMPULSO XEN G119 52 X 30","2003","UN",2,{"v":1,"d":"1.00"},{"v":2,"d":"2.00"}]
["2009-10-27","10004088","CAMARA D/EMERGENCIA ZB-BE 102 29 X 25 MM","2003","UN",1,{"v":1,"d":"1.00"},{"v":1,"d":"1.00"}]
["2009-10-27","10004089","PULSADOR D/GOMA P/BOTONERA 22MM X 28MM","2003","UN",2,{"v":1,"d":"1.00"},{"v":2,"d":"2.00"}]
["2019-12-31","10004091","ARANDELA COJINETE SUP D.E=503MM;DI=337MM","2003","UN",2,{"v":0,"d":"0.00"},{"v":0,"d":"0.00"}]
["2019-12-31","10004094","MODULO BBCM61","2003","UN",1,{"v":0,"d":"0.00"},{"v":0,"d":"0.00"}]
["2019-12-31","10004095","MODULOBBC 630 D 6600 63A","2003","UN",1,{"v":0,"d":"0.00"},{"v":0,"d":"0.00"}]
["2019-12-31","10004097","BREYKER16AP BBC","2003","UN",3,{"v":0,"d":"0.00"},{"v":0,"d":"0.00"}]
["2019-12-31","10004098","CASQUILLO DE COBRE","2003","UN",12,{"v":0,"d":"0.00"},{"v":0,"d":"0.00"}]
["2021-12-30","10004098","CASQUILLO DE COBRE","2009","UN",41,0.01,0.41]
["2024-05-10","10004098","CASQUILLO DE COBRE","2022","UN",80,{"v":1,"d":"1.00"},{"v":80,"d":"80.00"}]
["2024-06-18","10004099","TAPA PARA ENCHUFE","2010","UN",10,0.01,{"v":0.1,"d":"0.10"}]
["2019-12-31","10004102","RELE TELEMECANICO","2003","UN",1,{"v":0,"d":"0.00"},{"v":0,"d":"0.00"}]
["2019-12-31","10004103","RELE  DETECTOR DE INTENSIDAD","2003","UN",1,{"v":0,"d":"0.00"},{"v":0,"d":"0.00"}]
["2019-12-31","10004104","RELE TELEMECANICO","2003","UN",1,{"v":0,"d":"0.00"},{"v":0,"d":"0.00"}]
["2019-12-31","10004105","CONTACTOR 127V","2003","UN",1,{"v":0,"d":"0.00"},{"v":0,"d":"0.00"}]
["2024-04-17","10004106","CONTACTOR AUXI. MODELO CA2KN22G7","2011","UN",31,{"v":0,"d":"0.00"},{"v":0,"d":"0.00"}]
["2019-12-31","10004107","CONTACTOR TELEME. GV1-MO6/660V","2007","UN",1,{"v":0,"d":"0.00"},{"v":0,"d":"0.00"}]
["2019-12-31","10004109","RELE  BBC HSC 44E6 6AP  220V","2003","UN",1,{"v":0,"d":"0.00"},{"v":0,"d":"0.00"}]
["2019-12-31","10004110","ACESORI O   DE ENCHUFE DE INTERUCTOR","2003","UN",2,{"v":0,"d":"0.00"},{"v":0,"d":"0.00"}]
["2019-12-31","10004111","RELE DE SUSPENSION","2003","UN",4,{"v":0,"d":"0.00"},{"v":0,"d":"0.00"}]
["2024-06-27","10004111","RELE DE SUSPENSION","2005","UN",2,{"v":0,"d":"0.00"},{"v":0,"d":"0.00"}]
["2019-12-31","10004112","JUNTA DE ASBESTO TIPO ESCUADRA","2003","UN",8,{"v":0,"d":"0.00"},{"v":0,"d":"0.00"}]
["2019-12-31","10004113","FILTRO DE ACEITE REGULADOR","2003","UN",6,{"v":0,"d":"0.00"},{"v":0,"d":"0.00"}]
["2019-12-31","10004114","MANOMETROWILKA D 0.10KGXCM2","2003","UN",1,{"v":0,"d":"0.00"},{"v":0,"d":"0.00"}]
["2019-12-31","10004116","TAPA PARA LAMPARA  FLOURESENTE","2003","UN",4,{"v":0,"d":"0.00"},{"v":0,"d":"0.00"}]
["2019-12-31","10004117","ORING3X36MM","2003","UN",5,{"v":0,"d":"0.00"},{"v":0,"d":"0.00"}]
["2019-12-31","10004118","ORING0.78MM","2003","UN",2,{"v":0,"d":"0.00"},{"v":0,"d":"0.00"}]
["2019-12-31","10004119","ORING3X25MM","2003","UN",4,{"v":0,"d":"0.00"},{"v":0,"d":"0.00"}]
["2019-12-31","10004120","ORING5X106MM","2003","UN",3,{"v":0,"d":"0.00"},{"v":0,"d":"0.00"}]
["2021-12-30","10004121","ORING5X90MM","2003","UN",25,{"v":0,"d":"0.00"},{"v":0,"d":"0.00"}]
["2021-12-30","10004123","TRANSF D LAMPARA FLOURESENTE","2002","UN",100,{"v":0,"d":"0.00"},{"v":0,"d":"0.00"}]
["2019-12-31","10004123","TRANSF D LAMPARA FLOURESENTE","2003","UN",1,{"v":0,"d":"0.00"},{"v":0,"d":"0.00"}]
["2009-10-27","10004125","PORTA BEARING CON MANGA","2002","UN",1,63.25,63.25]
["2019-12-31","10004126","CONO DE ALIVIO SENCILLO REF.AEK-KAB61","2002","UN",10,78.45,{"v":784.5,"d":"784.50"}]
["2009-10-27","10004127","ELECTRO VALVULA 510.43 MAX. 315 BAR","2002","UN",1,{"v":2040,"d":"2,040.00"},{"v":2040,"d":"2,040.00"}]
["2019-12-31","10004129","ELECTRO VALVULA DE SEGURIDAD DE CIERRE","2007","UN",1,{"v":0,"d":"0.00"},{"v":0,"d":"0.00"}]
["2009-10-27","10004130","VALVULA MANUAL TIPO GLOBO DE 2 PLG","2002","UN",1,{"v":290,"d":"290.00"},{"v":290,"d":"290.00"}]
["2024-06-18","10004130","VALVULA MANUAL TIPO GLOBO DE 2 PLG","2010","UN",6,0.01,0.06]
["2021-12-30","10004131","CHUMACERA DE 90X77 PARA LA VALVULA","2002","UN",6,{"v":2645,"d":"2,645.00"},{"v":15870,"d":"15,870.00"}]
["2021-12-30","10004134","RELE CS 125 VDC","2002","UN",1,{"v":0,"d":"0.00"},{"v":0,"d":"0.00"}]
["2009-10-27","10004135","CONTACTOR AEG C/1000V 180A","2002","UN",1,{"v":1240,"d":"1,240.00"},{"v":1240,"d":"1,240.00"}]
["2009-10-27","10004138","ORING DE 7 MM","2006","UN",9,{"v":1,"d":"1.00"},{"v":9,"d":"9.00"}]
["2024-06-27","10004138","ORING DE 7 MM","2007","UN",25,{"v":0,"d":"0.00"},{"v":0,"d":"0.00"}]
["2024-07-29","10004138","ORING DE 7 MM","2015","UN",16,68.15,{"v":1090.4,"d":"1,090.40"}]
["2021-12-30","10004142","TAPON PVC 2 PLG","2005","C/U",2,0.01,0.02]
["2024-04-17","10004142","TAPON PVC 2 PLG","2028","C/U",1,{"v":1,"d":"1.00"},{"v":1,"d":"1.00"}]
["2024-06-27","10004144","BOBINA ABB GENERADOR CONTRAEMBALSE","2005","C/U",1,{"v":0,"d":"0.00"},{"v":0,"d":"0.00"}]
["2009-10-27","10004155","TERMOMETRO WEC DE 0-150° C","2006","C/U",1,{"v":1,"d":"1.00"},{"v":1,"d":"1.00"}]
["2024-06-27","10004157","FILTRO DE COMBUSTIIBLE WIX 33358","2005","C/U",1,{"v":0,"d":"0.00"},{"v":0,"d":"0.00"}]
["2019-12-31","10004160","\"ACOPLAMIENTO MOTOBOMBA P/REGULADOR DE T","2007","C/U",2,{"v":0,"d":"0.00"},{"v":0,"d":"0.00"}]
["2024-06-27","10004175","\"BOBINA ELECTROVALVULA  VICKERS, H507848","2005","C/U",1,{"v":0,"d":"0.00"},{"v":0,"d":"0.00"}]
["2024-06-27","10004176","\"BOBINA ELECTROVALVULA  WANDFLUH, SIN60V","2005","C/U",1,{"v":0,"d":"0.00"},{"v":0,"d":"0.00"}]
["2024-04-17","10004190","CONTACTOR 110V/50HZ/60HZ","2011","C/U",1,{"v":0,"d":"0.00"},{"v":0,"d":"0.00"}]
["2010-10-07","10004209","NIPLE 3/8 INOXIDABLE","2025","C/U",3,{"v":0,"d":"0.00"},{"v":0,"d":"0.00"}]
["2024-06-27","10004225","ROCIADOR DE AGUA GIRATORIO P/JARDIN 1238","2005","C/U",2,{"v":0,"d":"0.00"},{"v":0,"d":"0.00"}]
["2024-06-18","10004245","\"TUERCA M16,PASO 2.00, METAL\"","2027","C/U",3,{"v":1,"d":"1.00"},{"v":3,"d":"3.00"}]
["2024-06-27","10004250","VALVULA DE BOLA 1/2 PLG","2005","C/U",1,{"v":0,"d":"0.00"},{"v":0,"d":"0.00"}]
["2021-12-30","10004250","VALVULA DE BOLA 1/2 PLG","2007","C/U",2,0.01,0.02]
["2024-06-18","10004250","VALVULA DE BOLA 1/2 PLG","2010","C/U",1,0.01,0.01]
["2024-04-17","10004253","CODO DE 2\" A 45 GALV. P/PROSCAR","2008","UN",4,{"v":0,"d":"0.00"},{"v":0,"d":"0.00"}]
["2009-10-27","10004254","ARRANCADOR REV. TELEMECANIQUE LC2","2007","UN",1,{"v":3055.5,"d":"3,055.50"},{"v":3055.5,"d":"3,055.50"}]
["2021-12-30","10004258","CODO DE 4 A 45","2004","UN",17,0.01,0.17]
["2024-09-16","10004258","CODO DE 4 A 45","2032","UN",33,0.01,0.33]
["2024-04-17","10004261","COPILLA DE ENGRASE","2008","UN",3,{"v":1,"d":"1.00"},{"v":3,"d":"3.00"}]
["2021-12-30","10004262","COUPLING PVC 3PLG","2004","UN",2,0.01,0.02]
["2024-06-27","10004262","COUPLING PVC 3PLG","2007","UN",1,{"v":0,"d":"0.00"},{"v":0,"d":"0.00"}]
["2024-06-18","10004262","COUPLING PVC 3PLG","2010","UN",1,{"v":1,"d":"1.00"},{"v":1,"d":"1.00"}]
["2024-07-29","10004262","COUPLING PVC 3PLG","2015","UN",2,0.01,0.02]
["2019-12-31","10004267","PALA","2023","UN",3,{"v":0,"d":"0.00"},{"v":0,"d":"0.00"}]
["2009-10-27","10004268","ESCOBILLA EXITADOR EG-98B-F3.1 60MM","2007","UN",4,{"v":165,"d":"165.00"},{"v":660,"d":"660.00"}]
["2021-12-30","10004269","PICO SIN PALO","2004","UN",6,{"v":0,"d":"0.00"},{"v":0,"d":"0.00"}]
["2021-08-09","10004269","PICO SIN PALO","2007","UN",10,52.15,{"v":521.5,"d":"521.50"}]
["2024-06-18","10004269","PICO SIN PALO","2010","UN",4,0.01,0.04]
["2024-06-18","10004269","PICO SIN PALO","2016","UN",3,{"v":0,"d":"0.00"},{"v":0,"d":"0.00"}]
["2021-12-30","10004269","PICO SIN PALO","2020","UN",7,{"v":1,"d":"1.00"},{"v":7,"d":"7.00"}]
["2024-05-10","10004269","PICO SIN PALO","2021","UN",28,0.01,0.28]
["2024-05-10","10004269","PICO SIN PALO","2022","UN",8,{"v":0,"d":"0.00"},{"v":0,"d":"0.00"}]
["2014-12-10","10004269","PICO SIN PALO","2028","UN",2,{"v":0,"d":"0.00"},{"v":0,"d":"0.00"}]
["2024-04-17","10004270","BARRA DE ACERO 3/4 x 6 CON TURERCA 32MM","2011","UN",3,{"v":0,"d":"0.00"},{"v":0,"d":"0.00"}]
["2021-12-30","10004271","FAJA PARA JUNTA 4X28 MM","2007","UN",4,{"v":2700,"d":"2,700.00"},{"v":10800,"d":"10,800.00"}]
["2021-12-30","10004273","FILTRO DE AIRE 435212","2007","UN",1,{"v":700,"d":"700.00"},{"v":700,"d":"700.00"}]
["2009-10-27","10004274","FLOTA NR-S195D F83 S-8306 240-380U2-8A","2007","UN",1,{"v":589,"d":"589.00"},{"v":589,"d":"589.00"}]
["2009-10-27","10004277","IMPELLER C 105-214 PA E. 1.2","2007","UN",1,252.72,252.72]
["2019-12-31","10004278","SEGMENTO DE JUNTAS DE CARBON DE LA TU","2007","UN",23,{"v":1950,"d":"1,950.00"},{"v":44850,"d":"44,850.00"}]
["2009-10-27","10004282","JUNTA CAUCHO SINTETICO 26 x 40 X 4 MM","2007","UN",8,{"v":93,"d":"93.00"},{"v":744,"d":"744.00"}]
["2019-12-31","10004286","JUNTA PERBUNAN DE 8/12 DIAMETRO X 1","2007","UN",10,{"v":68,"d":"68.00"},{"v":680,"d":"680.00"}]
["2024-06-27","10004287","JUNTA TWINSET 12/22 DIAMETRO X 11","2007","UN",3,{"v":82.5,"d":"82.50"},{"v":247.5,"d":"247.50"}]
["2021-12-30","10004289","JUNTAS METALOPLASTICAS 11116 DIAMETRO X2","2007","UN",362,{"v":51.2,"d":"51.20"},{"v":18534.4,"d":"18,534.40"}]
["2009-10-27","10004290","JUNTAS METALOPLASTICAS 17/23 DIAMETRO","2007","UN",{"v":2906,"d":"2,906"},{"v":198,"d":"198.00"},{"v":575388,"d":"575,388.00"}]
["2009-10-27","10004291","JUNTA PERDUNA P/TURBINA","2007","UN",40,{"v":190,"d":"190.00"},{"v":7600,"d":"7,600.00"}]
["2024-06-27","10004293","PAPEL D/LIJA NO. 100","2005","UN",14,{"v":0,"d":"0.00"},{"v":0,"d":"0.00"}]
["2021-12-30","10004293","PAPEL D/LIJA NO. 100","2008","UN",3,{"v":0,"d":"0.00"},{"v":0,"d":"0.00"}]
["2024-06-27","10004294","PAPEL D/LIJA NO. 120","2005","UN",3,{"v":0,"d":"0.00"},{"v":0,"d":"0.00"}]
["2021-12-30","10004295","PAPEL D/LIJA NO. 80 DE MADERA","2005","UN",12,{"v":0,"d":"0.00"},{"v":0,"d":"0.00"}]
["2024-05-10","10004295","PAPEL D/LIJA NO. 80 DE MADERA","2020","UN",2,{"v":1,"d":"1.00"},{"v":2,"d":"2.00"}]
["2024-05-10","10004297","PAPEL DE LIJA NO. 50","2021","UN",6,{"v":0,"d":"0.00"},{"v":0,"d":"0.00"}]
["2019-12-31","10004303","ORING DIAMETRO 3.6 No.25 PARA SISTEMA","2007","UN",2,{"v":12,"d":"12.00"},{"v":24,"d":"24.00"}]
["2019-12-31","10004304","ORING DIAMETRO 5.3 No.29 PARA SISTEMA","2007","UN",3,{"v":165,"d":"165.00"},{"v":495,"d":"495.00"}]
["2024-06-27","10004305","O'RING DIAMETRO 5.3 NO.38","2007","UN",19,{"v":168,"d":"168.00"},{"v":3192,"d":"3,192.00"}]
["2024-06-27","10004307","O'RING DIAMETRO 5.3 NO.46","2007","UN",2,{"v":174,"d":"174.00"},{"v":348,"d":"348.00"}]
["2009-10-27","10004308","O'RING DIAMETRO 5.3 NO.49","2007","UN",2,{"v":178.9,"d":"178.90"},{"v":357.8,"d":"357.80"}]
["2011-01-01","10004310","ORING DIAMETRO 7 NO.68","2007","UN",4,{"v":225,"d":"225.00"},{"v":900,"d":"900.00"}]
["2024-04-17","10004311","PINZA MAQUINA DE SOLDAR (DE ATERRIZAJE)","2011","UN",1,{"v":0,"d":"0.00"},{"v":0,"d":"0.00"}]
["2024-06-27","10004314","RETENEDORA TOYOTA TRASERA HILUX 2008-09","2007","UN",4,{"v":195,"d":"195.00"},{"v":780,"d":"780.00"}]
["2024-06-18","10004314","RETENEDORA TOYOTA TRASERA HILUX 2008-09","2031","UN",5,{"v":0,"d":"0.00"},{"v":0,"d":"0.00"}]
["2024-06-27","10004315","RUEDA PARA CARRETILLA","2005","UN",6,{"v":0,"d":"0.00"},{"v":0,"d":"0.00"}]
["2024-06-27","10004315","RUEDA PARA CARRETILLA","2007","UN",4,{"v":450,"d":"450.00"},{"v":1800,"d":"1,800.00"}]
["2024-04-17","10004315","RUEDA PARA CARRETILLA","2008","UN",2,{"v":1,"d":"1.00"},{"v":2,"d":"2.00"}]
["2024-06-18","10004315","RUEDA PARA CARRETILLA","2010","UN",1,0.01,0.01]
["2024-09-25","10004315","RUEDA PARA CARRETILLA","2011","UN",2,{"v":0,"d":"0.00"},{"v":0,"d":"0.00"}]
["2024-06-18","10004315","RUEDA PARA CARRETILLA","2016","UN",3,{"v":0,"d":"0.00"},{"v":0,"d":"0.00"}]
["2024-05-10","10004315","RUEDA PARA CARRETILLA","2020","UN",4,{"v":0,"d":"0.00"},{"v":0,"d":"0.00"}]
["2024-05-10","10004315","RUEDA PARA CARRETILLA","2021","UN",9,{"v":0,"d":"0.00"},{"v":0,"d":"0.00"}]
["2024-05-10","10004315","RUEDA PARA CARRETILLA","2022","UN",4,{"v":0,"d":"0.00"},{"v":0,"d":"0.00"}]
["2024-04-17","10004315","RUEDA PARA CARRETILLA","2028","UN",4,{"v":1,"d":"1.00"},{"v":4,"d":"4.00"}]
["2024-09-16","10004315","RUEDA PARA CARRETILLA","2032","UN",2,0.01,0.02]
["2024-04-17","10004319","TEE DE 2'' SOLDABLE","2008","UN",1,0.01,0.01]
["2024-05-10","10004319","TEE DE 2'' SOLDABLE","2020","UN",7,{"v":1,"d":"1.00"},{"v":7,"d":"7.00"}]
["2021-12-30","10004320","\"TEE DE 2\"\" REF.PHDR\"","2004","UN",200,{"v":0,"d":"0.00"},{"v":0,"d":"0.00"}]
["2024-06-18","10004322","UNION PVC 1/2 PLG","2010","UN",1,{"v":0,"d":"0.00"},{"v":0,"d":"0.00"}]
["2021-12-30","10004323","UNION UNIVERSAL ACERO INOXI 1/2\"","2009","UN",47,{"v":23,"d":"23.00"},{"v":1081,"d":"1,081.00"}]
["2024-05-10","10004323","UNION UNIVERSAL ACERO INOXI 1/2\"","2020","UN",17,{"v":0,"d":"0.00"},{"v":0,"d":"0.00"}]
["2024-06-27","10004324","MANGUERA D/PRESION METALICA FLEX 32x26","2005","UN",1,{"v":0,"d":"0.00"},{"v":0,"d":"0.00"}]
["2009-10-27","10004331","CONECTOR REF. R250-T8-250","2007","UN",1,{"v":1390,"d":"1,390.00"},{"v":1390,"d":"1,390.00"}]
["2019-12-31","10004333","CASQUILLO DE BRONCE DE 87X102X70MMS","2007","UN",18,{"v":193,"d":"193.00"},{"v":3474,"d":"3,474.00"}]
["2019-12-31","10004337","FUSIBLE DE 40 AMPS ARC-2TIPE A3","2007","UN",3,{"v":35,"d":"35.00"},{"v":105,"d":"105.00"}]
["2019-12-31","10004338","FUSIBLE MECANICO DE LA TURBINA","2007","UN",15,{"v":52,"d":"52.00"},{"v":780,"d":"780.00"}]
["2019-12-31","10004339","FUSIBLE SINAR 60A/ 25OV","2007","UN",22,{"v":221,"d":"221.00"},{"v":4862,"d":"4,862.00"}]
["2021-12-30","10004341","FUSIBLE TIPO CADENA 5.2 AMPS 12.5 KV","2007","UN",2,139.15,{"v":278.3,"d":"278.30"}]
["2019-12-31","10004343","INDICADOR D/CIRCULACION AGUA Y ACEITE","2007","UN",1,{"v":118,"d":"118.00"},{"v":118,"d":"118.00"}]
["2009-10-27","10004345","POLO INTERRUPTOR 18081","2007","UN",1,{"v":6662,"d":"6,662.00"},{"v":6662,"d":"6,662.00"}]
["2009-10-27","10004346","CONTROL TERM. TELEMECANIQUE TIPO LRI","2007","UN",1,{"v":1400,"d":"1,400.00"},{"v":1400,"d":"1,400.00"}]
["2009-10-27","10004347","PROTECTOR TERMICO TIPO LR2D2353","2007","UN",1,{"v":450,"d":"450.00"},{"v":450,"d":"450.00"}]
["2024-06-18","10004347","PROTECTOR TERMICO TIPO LR2D2353","2016","UN",1,{"v":0,"d":"0.00"},{"v":0,"d":"0.00"}]
["2009-10-27","10004356","PERMATEX FORM.A GASKET NO.1","2007","UN",1,68.14,68.14]
["2024-05-10","10004356","PERMATEX FORM.A GASKET NO.1","2021","UN",1,{"v":0,"d":"0.00"},{"v":0,"d":"0.00"}]
["2024-06-27","10004357","FILTRO PARTMON AW-5137SP","2005","UN",5,{"v":0,"d":"0.00"},{"v":0,"d":"0.00"}]
["2021-12-30","10004361","RASCADORA DE RETENEDORA F5 PLACA 51495","2007","UN",1,26.88,26.88]
["2021-08-09","10004364","CAJON DE CARRETILLA","2002","UN",8,{"v":0,"d":"0.00"},{"v":0,"d":"0.00"}]
["2021-08-09","10004364","CAJON DE CARRETILLA","2003","UN",3,{"v":0,"d":"0.00"},{"v":0,"d":"0.00"}]
["2021-12-30","10004364","CAJON DE CARRETILLA","2004","UN",3,{"v":0,"d":"0.00"},{"v":0,"d":"0.00"}]
["2013-07-09","10004364","CAJON DE CARRETILLA","2005","UN",4,{"v":0,"d":"0.00"},{"v":0,"d":"0.00"}]
["2021-08-09","10004364","CAJON DE CARRETILLA","2007","UN",2,{"v":205,"d":"205.00"},{"v":410,"d":"410.00"}]
["2019-03-14","10004364","CAJON DE CARRETILLA","2008","UN",2,{"v":0,"d":"0.00"},{"v":0,"d":"0.00"}]
["2014-11-06","10004364","CAJON DE CARRETILLA","2010","UN",1,{"v":0,"d":"0.00"},{"v":0,"d":"0.00"}]
["2021-08-09","10004364","CAJON DE CARRETILLA","2011","UN",5,0.01,0.05]
["2010-02-01","10004364","CAJON DE CARRETILLA","2015","UN",2,{"v":0,"d":"0.00"},{"v":0,"d":"0.00"}]
["2017-06-06","10004364","CAJON DE CARRETILLA","2016","UN",6,{"v":0,"d":"0.00"},{"v":0,"d":"0.00"}]
["2012-10-08","10004364","CAJON DE CARRETILLA","2020","UN",9,{"v":0,"d":"0.00"},{"v":0,"d":"0.00"}]
["2021-08-09","10004364","CAJON DE CARRETILLA","2021","UN",16,0.01,0.16]
["2021-08-09","10004364","CAJON DE CARRETILLA","2022","UN",2,{"v":0,"d":"0.00"},{"v":0,"d":"0.00"}]
["2021-08-09","10004364","CAJON DE CARRETILLA","2024","UN",7,{"v":1,"d":"1.00"},{"v":7,"d":"7.00"}]
["2024-05-10","10004364","CAJON DE CARRETILLA","2025","UN",5,{"v":0,"d":"0.00"},{"v":0,"d":"0.00"}]
["2021-08-09","10004364","CAJON DE CARRETILLA","2027","UN",7,{"v":5420.92,"d":"5,420.92"},{"v":37946.44,"d":"37,946.44"}]
["2021-08-09","10004364","CAJON DE CARRETILLA","2028","UN",3,{"v":0,"d":"0.00"},{"v":0,"d":"0.00"}]
["2024-09-16","10004364","CAJON DE CARRETILLA","2032","UN",3,0.01,0.03]
["2021-12-30","10004365","CINTURON DE SEGURIDAD P/LINIERO","2024","UN",5,{"v":1,"d":"1.00"},{"v":5,"d":"5.00"}]
["2014-03-25","10004366","VIDRIO BLANCO P/CARETA D/SOLDAR","2007","UN",2,{"v":1757.44,"d":"1,757.44"},{"v":3514.88,"d":"3,514.88"}]
["2024-04-17","10004368","MACHETE 26\"","2008","UN",1,{"v":1,"d":"1.00"},{"v":1,"d":"1.00"}]
["2024-07-29","10004368","MACHETE 26\"","2015","UN",2,{"v":0,"d":"0.00"},{"v":0,"d":"0.00"}]
["2016-11-21","10004369","GUANTES P/SOLDAR","2002","UN",7,{"v":0,"d":"0.00"},{"v":0,"d":"0.00"}]
["2019-12-31","10004369","GUANTES P/SOLDAR","2005","UN",6,{"v":0,"d":"0.00"},{"v":0,"d":"0.00"}]
["2015-09-16","10004369","GUANTES P/SOLDAR","2007","UN",1,{"v":57.7,"d":"57.70"},{"v":57.7,"d":"57.70"}]
["2024-04-17","10004369","GUANTES P/SOLDAR","2011","UN",12,{"v":0,"d":"0.00"},{"v":0,"d":"0.00"}]
["2013-08-19","10004369","GUANTES P/SOLDAR","2023","UN",15,{"v":0,"d":"0.00"},{"v":0,"d":"0.00"}]
["2024-05-10","10004372","TONER P/FOTOCOPIADORA  AFICIO 150","2020","UN",6,{"v":0,"d":"0.00"},{"v":0,"d":"0.00"}]
["2024-04-17","10004373","ARANDELA DE PRESION 1/2 PLG","2000","UN",328,{"v":0,"d":"0.00"},{"v":0,"d":"0.00"}]
["2019-12-31","10004373","ARANDELA DE PRESION 1/2 PLG","2007","UN",35,98.08,{"v":3432.8,"d":"3,432.80"}]
["2024-04-17","10004373","ARANDELA DE PRESION 1/2 PLG","2011","UN",4,{"v":0,"d":"0.00"},{"v":0,"d":"0.00"}]
["2024-06-12","10004375","ARANDELA DE PRESION 5/8\"","2021","UN",58,{"v":0,"d":"0.00"},{"v":0,"d":"0.00"}]
["2019-12-31","10004379","\"CABEZA ROJA PARA ANCLAJE DE1/2\"\"\"","2007","UN",87,{"v":1,"d":"1.00"},{"v":87,"d":"87.00"}]
["2014-08-04","10004380","CASCO PROTECTOR","2002","UN",28,{"v":0,"d":"0.00"},{"v":0,"d":"0.00"}]
["2024-05-10","10004381","COA TRAMONITONA","2020","UN",8,{"v":1,"d":"1.00"},{"v":8,"d":"8.00"}]
["2024-05-10","10004381","COA TRAMONITONA","2025","UN",1,{"v":1,"d":"1.00"},{"v":1,"d":"1.00"}]
["2019-12-31","10004383","NO UTILIZARCOA TRAMONITONA","2007","UN",5,{"v":1,"d":"1.00"},{"v":5,"d":"5.00"}]
["2024-05-10","10004383","NO UTILIZARCOA TRAMONITONA","2021","UN",2,0.01,0.02]
["2010-10-20","10004384","FILTRO DE ACEITE PH8A","2007","UN",1,{"v":1,"d":"1.00"},{"v":1,"d":"1.00"}]
["2024-04-17","10004384","FILTRO DE ACEITE PH8A","2011","UN",1,{"v":0,"d":"0.00"},{"v":0,"d":"0.00"}]
["2021-12-30","10004384","FILTRO DE ACEITE PH8A","2022","UN",2,0.01,0.02]
["2009-10-27","10004388","VASELINA NEUTRA","2007","UN",2,{"v":1,"d":"1.00"},{"v":2,"d":"2.00"}]
["2024-06-27","10004393","LIMA REDONDA GRANO GRUESO DE 12\"","2007","UN",6,{"v":1,"d":"1.00"},{"v":6,"d":"6.00"}]
["2009-10-27","10004397","ORING OV-11-110","2007","UN",1,{"v":1,"d":"1.00"},{"v":1,"d":"1.00"}]
["2018-08-10","10004401","PROTECTOR DE OIDOS","2003","UN",15,{"v":0,"d":"0.00"},{"v":0,"d":"0.00"}]
["2019-12-31","10004402","RACORD DE 75 MM","2007","UN",4,{"v":1,"d":"1.00"},{"v":4,"d":"4.00"}]
["2009-10-27","10004403","\"REDUCCION COPA DE 1 1/2\"\" A 1\"\"\"","2007","UN",1,{"v":1,"d":"1.00"},{"v":1,"d":"1.00"}]
["2011-09-22","10004405","REDUCCION F-100","2007","UN",2,{"v":1,"d":"1.00"},{"v":2,"d":"2.00"}]
["2016-12-06","10004406","\"TEE DE ALTA PRES. DE 1 3/4\"\" C/REDUC.A","2001","UN",2,{"v":0,"d":"0.00"},{"v":0,"d":"0.00"}]
["2019-12-31","10004410","TUBERIA DE REFRIGERACION DE 1/4\"","2007","UN",1,{"v":1,"d":"1.00"},{"v":1,"d":"1.00"}]
["2024-06-18","10004410","TUBERIA DE REFRIGERACION DE 1/4\"","2016","UN",1,{"v":1,"d":"1.00"},{"v":1,"d":"1.00"}]
["2009-10-27","10004411","TUERCA HEXAGONAL DE COBRE DE 21 MM","2007","UN",4,{"v":1,"d":"1.00"},{"v":4,"d":"4.00"}]
["2024-06-18","10004412","UNION GALBANIZADA DE 3/4\"","2027","UN",10,{"v":1,"d":"1.00"},{"v":10,"d":"10.00"}]
["2009-10-27","10004417","VIDRIO REDONDO P/CORTE COLOR NEGRO","2007","UN",4,{"v":1,"d":"1.00"},{"v":4,"d":"4.00"}]
["2021-12-30","10004418","BOTONERA PARA GRUA","2023","UN",5,{"v":0,"d":"0.00"},{"v":0,"d":"0.00"}]
["2018-01-09","10004419","CHEQUE DE BRONCE 3\"","2003","UN",1,{"v":0,"d":"0.00"},{"v":0,"d":"0.00"}]
["2009-10-27","10004422","FILTRO ALCO ADK 16.3 P/AIRE ACONDICION.","2007","UN",2,{"v":1,"d":"1.00"},{"v":2,"d":"2.00"}]
["2024-04-17","10004424","TORNILLO HG 1/2 x 5 1/2 PLG","2011","UN",4,{"v":0,"d":"0.00"},{"v":0,"d":"0.00"}]
["2024-04-17","10004427","UNION UNIVERSAL ACERO INOXI 1 1/4 PLG","2011","UN",2,{"v":0,"d":"0.00"},{"v":0,"d":"0.00"}]
["2009-10-27","10004434","DETECTOR DE FLUJO DE AGUA Y ACEITE ARA","2007","UN",1,{"v":1,"d":"1.00"},{"v":1,"d":"1.00"}]
["2017-07-28","10004436","RETINAX EPX-2","2007","UN",8,{"v":1,"d":"1.00"},{"v":8,"d":"8.00"}]
["2017-07-28","10004436","RETINAX EPX-2","2013","UN",5,0.01,0.05]
["2024-09-16","10004437","CODO 1 1/2","2032","UN",2,0.01,0.02]
["2024-04-17","10004442","ANILLO DE DESGASTE 115x125x12mm","2011","UN",2,{"v":0,"d":"0.00"},{"v":0,"d":"0.00"}]
["2024-06-27","10004452","PRENSA JUNTA DE 50X14X4550","2007","UN",20,{"v":4200,"d":"4,200.00"},{"v":84000,"d":"84,000.00"}]
["2024-06-27","10004453","PRENSA JUNTA DE 60X16X4340","2007","UN",20,{"v":475.91999999999996,"d":"475.92"},{"v":9518.4,"d":"9,518.40"}]
["2021-12-30","10004457","PRESOSTATO DE 2 A 4 VAR","2007","UN",2,{"v":7599.74,"d":"7,599.74"},{"v":15199.48,"d":"15,199.48"}]
["2021-12-30","10004458","PRESOSTATO XMG BOO2 DE 0.2 A 1.4 VAR","2007","UN",1,{"v":8599.74,"d":"8,599.74"},{"v":8599.74,"d":"8,599.74"}]
["2009-10-27","10004459","RODAMIENTO 20312 RIV","2007","UN",1,{"v":8700,"d":"8,700.00"},{"v":8700,"d":"8,700.00"}]
["2019-12-31","10004462","RODAMIENTO 6202 2ZR FAG","2007","UN",6,{"v":108,"d":"108.00"},{"v":648,"d":"648.00"}]
["2024-06-18","10004462","RODAMIENTO 6202 2ZR FAG","2027","UN",1,{"v":0,"d":"0.00"},{"v":0,"d":"0.00"}]
["2024-06-27","10004464","RODAMIENTO 6206","2005","UN",1,{"v":0,"d":"0.00"},{"v":0,"d":"0.00"}]
["2009-10-27","10004464","RODAMIENTO 6206","2007","UN",1,{"v":145,"d":"145.00"},{"v":145,"d":"145.00"}]
["2024-05-10","10004464","RODAMIENTO 6206","2025","UN",2,{"v":1,"d":"1.00"},{"v":2,"d":"2.00"}]
["2021-12-30","10004464","RODAMIENTO 6206","2027","UN",2,0.01,0.02]
["2019-12-31","10004465","RODAMIENTO 6212 NACHI","2007","UN",2,{"v":88.5,"d":"88.50"},{"v":177,"d":"177.00"}]
["2021-12-30","10004465","RODAMIENTO 6212 NACHI","2017","UN",1,{"v":0,"d":"0.00"},{"v":0,"d":"0.00"}]
["2009-10-27","10004466","RODAMIENTO 6217 NSR","2007","UN",1,{"v":145,"d":"145.00"},{"v":145,"d":"145.00"}]
["2019-12-31","10004468","RODAMIENTO 6308 2Z SKF","2007","UN",2,242.15,{"v":484.3,"d":"484.30"}]
["2024-04-17","10004468","RODAMIENTO 6308 2Z SKF","2011","UN",2,{"v":0,"d":"0.00"},{"v":0,"d":"0.00"}]
["2009-10-27","10004469","RODAMIENTO 6309 2NSR NACHI","2007","UN",1,{"v":135,"d":"135.00"},{"v":135,"d":"135.00"}]
["2019-12-31","10004471","RODAMIENTO 6200 2ZR","2007","UN",4,{"v":529,"d":"529.00"},{"v":2116,"d":"2,116.00"}]
["2019-12-31","10004472","VALVULA DE CHEQUE 2 1/2\"","2021","UN",1,{"v":0,"d":"0.00"},{"v":0,"d":"0.00"}]
["2024-06-27","10004477","BOBINA GE P/RE/E DE 125 VCC","2007","UN",2,{"v":80,"d":"80.00"},{"v":160,"d":"160.00"}]
["2021-12-30","10004477","BOBINA GE P/RE/E DE 125 VCC","2013","UN",5,{"v":0,"d":"0.00"},{"v":0,"d":"0.00"}]
["2021-12-30","10004479","DETECTOR D/FLUJO D/AGUA 150 PS1 300 F","2007","UN",1,{"v":1480,"d":"1,480.00"},{"v":1480,"d":"1,480.00"}]
["2019-12-31","10004481","DIODO D/BLOQUEO SENAL. 0.5A-600V","2007","UN",4,{"v":4150,"d":"4,150.00"},{"v":16600,"d":"16,600.00"}]
["2009-10-27","10004490","FINAL CARRERA TIPO ESHRLG 500V 5 AMPS","2007","UN",1,{"v":1423,"d":"1,423.00"},{"v":1423,"d":"1,423.00"}]
["2009-10-27","10004495","RELE GEE HGA-11J-52-125VCC","2007","UN",1,{"v":275,"d":"275.00"},{"v":275,"d":"275.00"}]
["2009-10-27","10004496","RELE GEE MOD. HFA-51A-42A TIPO HFA 125V","2007","UN",2,{"v":280,"d":"280.00"},{"v":560,"d":"560.00"}]
["2021-12-30","10004497","RELE ARTECHE RF4-24VCC","2005","UN",4,{"v":0,"d":"0.00"},{"v":0,"d":"0.00"}]
["2019-12-31","10004497","RELE ARTECHE RF4-24VCC","2007","UN",4,{"v":1600.14,"d":"1,600.14"},{"v":6400.56,"d":"6,400.56"}]
["2021-12-30","10004498","RELE TEMPORIZADO TELEMECANIQUE 600V MAX.","2007","UN",1,{"v":1690,"d":"1,690.00"},{"v":1690,"d":"1,690.00"}]
["2019-12-31","10004500","BREAKER STOTZ P/PROTECC. BBC 5AMP","2007","UN",3,{"v":2544.5,"d":"2,544.50"},{"v":7633.5,"d":"7,633.50"}]
["2010-08-30","10004505","VALVULA DE 1 1/4 IBS180","2007","UN",2,{"v":1200,"d":"1,200.00"},{"v":2400,"d":"2,400.00"}]
["2024-06-27","10004506","VALVULA DE BOLA 2\" MOD. DN 50","2005","UN",2,{"v":0,"d":"0.00"},{"v":0,"d":"0.00"}]
["2009-10-27","10004506","VALVULA DE BOLA 2\" MOD. DN 50","2007","UN",1,{"v":425,"d":"425.00"},{"v":425,"d":"425.00"}]
["2021-12-30","10004508","VALVULA DE 3/8 CRANE 125S 200WOG","2007","UN",6,{"v":718,"d":"718.00"},{"v":4308,"d":"4,308.00"}]
["2009-10-27","10004510","VALVULA DE 7/16 AHA NT-100","2007","UN",2,{"v":478,"d":"478.00"},{"v":956,"d":"956.00"}]
["2024-05-10","10004518","RODAMIENTO 6204 ZZR SNR","2025","UN",1,{"v":0,"d":"0.00"},{"v":0,"d":"0.00"}]
["2024-07-29","10004519","RODAMIENTO 6204-2RSR FAB","2015","UN",1,{"v":0,"d":"0.00"},{"v":0,"d":"0.00"}]
["2009-10-27","10004520","RODAMIENTO 6224 SNR","2007","UN",1,{"v":320,"d":"320.00"},{"v":320,"d":"320.00"}]
["2009-10-27","10004523","RODAMIENTO 6310 SNR","2007","UN",1,{"v":529,"d":"529.00"},{"v":529,"d":"529.00"}]
["2009-10-27","10004524","RODAMIENTO 6413 A FAG","2007","UN",1,{"v":3515,"d":"3,515.00"},{"v":3515,"d":"3,515.00"}]
["2009-10-27","10004525","RODAMIENTO 6410 SNR","2007","UN",1,{"v":2415,"d":"2,415.00"},{"v":2415,"d":"2,415.00"}]
["2009-10-27","10004526","RELAY TERMICO REGUL. 6.5-10.4AMP RIK 1-8","2007","UN",1,{"v":1950,"d":"1,950.00"},{"v":1950,"d":"1,950.00"}]
["2010-09-05","10004527","RELE AUXILIAR TIPO BJ8 92-124VCC AISE AR","2007","UN",2,{"v":1950,"d":"1,950.00"},{"v":3900,"d":"3,900.00"}]
["2021-12-30","10004528","RELE TEMP. TIPO TDJ-44 AISE ARLECHE 125","2007","UN",1,{"v":1915,"d":"1,915.00"},{"v":1915,"d":"1,915.00"}]
["2009-10-27","10004530","RELE PARPADEANTE TIP8 PAG-3 125VCC AISE","2007","UN",1,{"v":0,"d":"0.00"},{"v":0,"d":"0.00"}]
["2009-10-27","10004531","RELE TEMP. TIPO TEF-4 125VCC 0.5-30 S","2007","UN",1,{"v":1467,"d":"1,467.00"},{"v":1467,"d":"1,467.00"}]
["2024-06-27","10004533","ARANDELA PLANA37 X 19 MM","2007","UN",76,{"v":1.5,"d":"1.50"},{"v":114,"d":"114.00"}]
["2024-06-18","10004534","UNION GALVANIZADA DE 1 1/2\"","2027","UN",14,{"v":1,"d":"1.00"},{"v":14,"d":"14.00"}]
["2024-04-17","10004537","MANOMETRO 0-600PSI (0-4000KPA) CONEC.","2008","UN",4,{"v":0,"d":"0.00"},{"v":0,"d":"0.00"}]
["2009-10-27","10004539","CONTACTOR TELEMECANIQUE CA2-DN140","2007","UN",3,{"v":5000,"d":"5,000.00"},{"v":15000,"d":"15,000.00"}]
["2021-12-30","10004540","VALVULA DE 3\" CRANE STEEL WCB 150\"","2004","UN",46,{"v":0,"d":"0.00"},{"v":0,"d":"0.00"}]
["2024-04-17","10004540","VALVULA DE 3\" CRANE STEEL WCB 150\"","2011","UN",3,{"v":0,"d":"0.00"},{"v":0,"d":"0.00"}]
["2024-09-16","10004540","VALVULA DE 3\" CRANE STEEL WCB 150\"","2032","UN",140,0.01,{"v":1.4,"d":"1.40"}]
["2024-09-16","10004541","\"VALVULA DE 2\"\" CRANE 200 WOG 125S\"","2032","UN",7,0.01,0.07]
["2019-12-31","10004544","PORTA ESCOBILLA EXITADOR TIPO F G.EE","2007","UN",23,{"v":281.1,"d":"281.10"},{"v":6465.3,"d":"6,465.30"}]
["2009-10-27","10004550","\"DISCO DE CLOCHE DZ-003, 16MZ\"","2007","UN",1,{"v":1,"d":"1.00"},{"v":1,"d":"1.00"}]
["2024-06-27","10004551","ALAMBRE DE BOBINA #19","2007","UN",12,{"v":1,"d":"1.00"},{"v":12,"d":"12.00"}]
["2024-06-27","10004552","ALAMBRE DE BOBINA #22","2007","UN",15,{"v":1,"d":"1.00"},{"v":15,"d":"15.00"}]
["2024-06-27","10004553","ALAMBRE DE BOBINA #23","2007","UN",13,{"v":1,"d":"1.00"},{"v":13,"d":"13.00"}]
["2024-06-27","10004554","MOTOR TACOMETRO TIPO TDPO-2T-7","2007","UN",3,{"v":1,"d":"1.00"},{"v":3,"d":"3.00"}]
["2024-06-27","10004555","RESORTE Y TUERCA OE9786","2007","UN",3,{"v":0,"d":"0.00"},{"v":0,"d":"0.00"}]
["2009-10-27","10004556","\"TUERCA HEXAGONAL DE 1/2\"\"\"","2007","UN",24,{"v":1,"d":"1.00"},{"v":24,"d":"24.00"}]
["2019-12-31","10004561","ESCOBILLA 2 1/2 X 1 1/2 X 1 WEST.","2007","UN",23,{"v":1,"d":"1.00"},{"v":23,"d":"23.00"}]
["2023-10-02","10004598","SACA GRAPA","2029","UN",31,{"v":19.50516129032258,"d":"19.51"},604.66]
["2023-06-01","10004598","SACA GRAPA","2030","UN",80,{"v":23.968875,"d":"23.97"},{"v":1917.51,"d":"1,917.51"}]
["2021-12-30","10004608","CINTA IMPRESORA  IBM","2007","UN",69,{"v":0.009999999999999998,"d":"0.01"},0.69]
["2023-10-02","10004615","MINA 0.7 MM 2B","2030","UN",60,{"v":40.23916666666666,"d":"40.24"},{"v":2414.35,"d":"2,414.35"}]
["2024-09-25","10004677","MASCARILLA PROTECCION DE POLVO (CAJA)","2015","UN",1,{"v":0,"d":"0.00"},{"v":0,"d":"0.00"}]
["2024-05-10","10004677","MASCARILLA PROTECCION DE POLVO (CAJA)","2022","UN",11,{"v":0,"d":"0.00"},{"v":0,"d":"0.00"}]
["2009-10-27","10004678","CARTUCHO K19-D19-70 P/TENAZA DE PRESION","2017","UN",1,{"v":80,"d":"80.00"},{"v":80,"d":"80.00"}]
["2010-02-01","10004681","LAMPARA FLUORESCENT DE 230 VOLT  25W","2005","UN",11,{"v":263.90000000000003,"d":"263.90"},{"v":2902.9,"d":"2,902.90"}]
["2024-06-27","10004683","TERMINAL DE OJO 4 MM CON PROTECCION PLAS","2005","UN",900,{"v":1,"d":"1.00"},{"v":900,"d":"900.00"}]
["2024-06-27","10004685","TERMINAL DE OJO 6 MM METALICO","2005","UN",295,{"v":1,"d":"1.00"},{"v":295,"d":"295.00"}]
["2024-07-29","10004685","TERMINAL DE OJO 6 MM METALICO","2015","UN",270,{"v":0,"d":"0.00"},{"v":0,"d":"0.00"}]
["2010-12-01","10004689","BOMBILLA DE HALOGENO 110V/500W","2005","UN",34,{"v":0,"d":"0.00"},{"v":0,"d":"0.00"}]
["2009-10-27","10004691","RODAMIENTO 6022 NSK","2005","LB",1,{"v":1,"d":"1.00"},{"v":1,"d":"1.00"}]
["2009-10-27","10004695","\"RESISTENCIA SK 3107000, RITTAL, 110-240","2005","UN",2,{"v":1,"d":"1.00"},{"v":2,"d":"2.00"}]
["2024-06-27","10004696","\"RESISTENCIA ELECTROMECANICHE, SK150   1","2005","UN",3,{"v":1,"d":"1.00"},{"v":3,"d":"3.00"}]
["2024-04-17","10004700","CONECTOR CONEXEL C902420.6000","2011","UN",4,{"v":0,"d":"0.00"},{"v":0,"d":"0.00"}]
["2010-12-01","10004708","CORREA P/VENTILADOR CUMMNINS 178509 RTGD","2005","UN",2,{"v":1,"d":"1.00"},{"v":2,"d":"2.00"}]
["2021-12-30","10004712","\"AISLADOR D/PORC NE216,012AX01 15/230V\"","2005","UN",6,{"v":1,"d":"1.00"},{"v":6,"d":"6.00"}]
["2009-10-27","10004721","\"TORNILLO HEXAGONAL INOXIDABLE M10 X 50,","2005","UN",2,{"v":1,"d":"1.00"},{"v":2,"d":"2.00"}]
["2024-06-27","10004725","TUERCA M6 GALVANIZADA","2005","UN",40,{"v":1,"d":"1.00"},{"v":40,"d":"40.00"}]
["2019-12-31","10004727","\"SOCALO MOELLER 130V, 2.6W\"","2005","UN",4,{"v":1,"d":"1.00"},{"v":4,"d":"4.00"}]
["2019-12-31","10004728","ACCIONADOR MANUALCONTRA INC. NBG-12LX","2005","UN",3,{"v":0,"d":"0.00"},{"v":0,"d":"0.00"}]
["2024-06-18","10004729","\"RESISTENCIA CALEFACCION DE GENERADOR, D","2016","UN",1,{"v":1,"d":"1.00"},{"v":1,"d":"1.00"}]
["2024-06-27","10004732","RODAMIENTO NSK 6409C3","2005","UN",4,{"v":0,"d":"0.00"},{"v":0,"d":"0.00"}]
["2009-10-27","10004735","RESISTENCIA ELECTRICA 127V / 150W 110V","2005","UN",4,{"v":1,"d":"1.00"},{"v":4,"d":"4.00"}]
["2024-04-17","10004735","RESISTENCIA ELECTRICA 127V / 150W 110V","2011","UN",2,{"v":0,"d":"0.00"},{"v":0,"d":"0.00"}]
["2019-12-31","10004736","RODAMIENTO KOYO  6207-ZCMR","2005","UN",2,{"v":0,"d":"0.00"},{"v":0,"d":"0.00"}]
["2009-10-27","10004738","\"PORTAFUSIBLE SIEMEN 660V/630AMP, NH3\"","2005","UN",4,{"v":1,"d":"1.00"},{"v":4,"d":"4.00"}]
["2021-12-30","10004740","EXTRACTOR DE FUSIBLE SIEMENS MCM69806293","2005","UN",3,{"v":1,"d":"1.00"},{"v":3,"d":"3.00"}]
["2019-12-31","10004743","\"FUSIBLE 400V/32AMP LEGRAND, CARTUCHO 10","2005","LB",10,{"v":0,"d":"0.00"},{"v":0,"d":"0.00"}]
["2021-12-30","10004746","FUSIBLE 500V/10AMP, LEGRAND, CARTUCHO,","2005","UN",32,{"v":1,"d":"1.00"},{"v":32,"d":"32.00"}]
["2024-04-17","10004746","FUSIBLE 500V/10AMP, LEGRAND, CARTUCHO,","2008","UN",24,{"v":0,"d":"0.00"},{"v":0,"d":"0.00"}]
["2021-12-30","10004754","MANGUERA CONTRA INCENDIO 1 1/2 x 100 FT","2016","UN",1,{"v":0,"d":"0.00"},{"v":0,"d":"0.00"}]
["2024-04-17","10004754","MANGUERA CONTRA INCENDIO 1 1/2 x 100 FT","2028","UN",2,{"v":1,"d":"1.00"},{"v":2,"d":"2.00"}]
["2009-10-27","10004755","\"DISYUNTOR 40AMP 1?, GENERAL ELECTRIC, C","2005","UN",7,{"v":1,"d":"1.00"},{"v":7,"d":"7.00"}]
["2019-12-31","10004756","\"TUERCA M6, INOXIDABLE\"","2005","UN",1,{"v":1,"d":"1.00"},{"v":1,"d":"1.00"}]
["2009-10-27","10004757","\"FILTRO ACEITE BT3393, BALDWIN+B913\"","2005","UN",2,{"v":1,"d":"1.00"},{"v":2,"d":"2.00"}]
["2009-10-27","10004758","CONTACTOR ISI  K1 125V / 225AMP K200","2005","UN",2,{"v":1,"d":"1.00"},{"v":2,"d":"2.00"}]
["2019-12-31","10004759","CONTACTOR ISI  K1 125V / 315AMP K300","2005","UN",2,{"v":1,"d":"1.00"},{"v":2,"d":"2.00"}]
["2021-12-30","10004762","\"ARANDELA PLANA M6, INOXIDABLE\"","2005","UN",3,{"v":1,"d":"1.00"},{"v":3,"d":"3.00"}]
["2024-05-10","10004771","ABRAZADERA INOX PARA MALLA DE 4","2025","UN",8,{"v":1,"d":"1.00"},{"v":8,"d":"8.00"}]
["2024-06-27","10004772","AURICULARES DE TELEFONO","2005","UN",8,{"v":0,"d":"0.00"},{"v":0,"d":"0.00"}]
["2019-12-31","10004775","TERMINAL DE OJO AMARILLO 6MM","2005","UN",{"v":1075,"d":"1,075"},{"v":1,"d":"1.00"},{"v":1075,"d":"1,075.00"}]
["2024-07-29","10004775","TERMINAL DE OJO AMARILLO 6MM","2015","UN",23,{"v":0,"d":"0.00"},{"v":0,"d":"0.00"}]
["2024-07-29","10004777","\"RESISTENCIA PALLEY, 120V, 150W\"","2015","UN",9,{"v":0,"d":"0.00"},{"v":0,"d":"0.00"}]
["2009-10-27","10004795","ELECTROIMAN DE CIERRE COD. TMA0385505900","2005","UN",1,{"v":1,"d":"1.00"},{"v":1,"d":"1.00"}]
["2009-10-27","10004796","PERNOS DE MOVIMIENTO COD.385328000","2005","UN",1,{"v":1,"d":"1.00"},{"v":1,"d":"1.00"}]
["2021-12-30","10004797","\"RODAMIENTO 6409.IBZ, SNR\"","2005","UN",1,{"v":1,"d":"1.00"},{"v":1,"d":"1.00"}]
["2009-10-27","10004798","\"CABEZA DE CANDADO ELECT. R27, 24V, 1.4A","2005","UN",4,{"v":1,"d":"1.00"},{"v":4,"d":"4.00"}]
["2024-06-27","10004799","\"TERMOSTATO ASCA KF10A4, 127°C, 125V, 1.","2005","UN",1,{"v":1,"d":"1.00"},{"v":1,"d":"1.00"}]
["2024-06-27","10004802","TORNILLO M 12X50","2005","UN",6,{"v":1,"d":"1.00"},{"v":6,"d":"6.00"}]
["2024-06-27","10004804","ARANDELA D/SEGURIDAD M24 METALICA","2005","UN",8,{"v":0,"d":"0.00"},{"v":0,"d":"0.00"}]
["2024-06-27","10004806","\"RODAMIENTO SKF 24128, CC/C4 DOBLE HILER","2005","UN",20,{"v":1,"d":"1.00"},{"v":20,"d":"20.00"}]
["2009-10-27","10004807","\"RODAMIENTO NU1017M1, FAG \"","2005","UN",1,{"v":1,"d":"1.00"},{"v":1,"d":"1.00"}]
["2009-10-27","10004808","\"RODAMIENTO 6204 UB, NSK\"","2005","UN",1,{"v":1,"d":"1.00"},{"v":1,"d":"1.00"}]
["2021-12-30","10004810","RODAMIENTO 1209 NSK","2005","UN",1,{"v":1,"d":"1.00"},{"v":1,"d":"1.00"}]
["2021-12-30","10004812","\"RODAMIENTO 6022 ZZ, NSK\"","2005","UN",1,{"v":1,"d":"1.00"},{"v":1,"d":"1.00"}]
["2009-10-27","10004814","\"ADAPTADOR UNIVERSAL 220-230 V, POLY POO","2005","UN",1,{"v":1,"d":"1.00"},{"v":1,"d":"1.00"}]
["2009-10-27","10004816","RODAMIENTO  6409 SKF","2005","UN",1,{"v":1,"d":"1.00"},{"v":1,"d":"1.00"}]
["2021-12-30","10004818","DISPOSITIVO D/FRENO SEW E. DFT 90/100 MG","2005","UN",3,{"v":1,"d":"1.00"},{"v":3,"d":"3.00"}]
["2024-06-27","10004820","\"RELE D/SINCRONISMO LENDIS & GYR, INEPAR","2005","UN",2,{"v":1,"d":"1.00"},{"v":2,"d":"2.00"}]
["2021-12-30","10004822","RODAMIENTO 6308U MARCA NSK","2005","UN",1,{"v":1,"d":"1.00"},{"v":1,"d":"1.00"}]
["2019-12-31","10004823","RODAMIENTO NU310ECP MARCA SKF","2005","UN",6,{"v":1,"d":"1.00"},{"v":6,"d":"6.00"}]
["2019-12-31","10004824","RODAMIENTO 6216-2RS1/C3 MARCA SKF","2005","UN",4,{"v":1,"d":"1.00"},{"v":4,"d":"4.00"}]
["2009-10-27","10004825","RODAMIENTO 22220CDE4S11 MARCA NSK","2005","UN",1,{"v":1,"d":"1.00"},{"v":1,"d":"1.00"}]
["2009-10-27","10004826","RODAMIENTO 32018X/Q MARCA SKF","2005","UN",8,{"v":1,"d":"1.00"},{"v":8,"d":"8.00"}]
["2009-10-27","10004827","RODAMIENTO 6010 MARCA KOYO","2005","UN",1,{"v":1,"d":"1.00"},{"v":1,"d":"1.00"}]
["2009-10-27","10004828","RODAMIENTO 6201 DDUC3 MARCA NSK","2005","UN",1,{"v":1,"d":"1.00"},{"v":1,"d":"1.00"}]
["2009-10-27","10004829","RODAMIENTO 7310 BECBJ MARCA SKF","2005","UN",2,{"v":1,"d":"1.00"},{"v":2,"d":"2.00"}]
["2009-10-27","10004832","RODAMIENTO 3212 WA MARCA NSK","2005","UN",1,{"v":1,"d":"1.00"},{"v":1,"d":"1.00"}]
["2024-06-27","10004833","RODAMIENTO 6309UC3 MARCA NSK","2005","UN",2,{"v":1,"d":"1.00"},{"v":2,"d":"2.00"}]
["2009-10-27","10004835","RODAMIENTO 6311 MARCA NSK","2005","UN",1,{"v":1,"d":"1.00"},{"v":1,"d":"1.00"}]
["2023-01-13","10004836","RODAMIENTO 6309 ZZ C3 MARCA NTN","2005","UN",1,{"v":1,"d":"1.00"},{"v":1,"d":"1.00"}]
["2021-12-30","10004837","RODAMIENTO 6012 DDU MARCA NSK","2005","UN",1,{"v":1,"d":"1.00"},{"v":1,"d":"1.00"}]
["2024-06-27","10004840","RODAMIENTO 6209 ZZC3 MARCA NTN","2005","UN",11,{"v":0,"d":"0.00"},{"v":0,"d":"0.00"}]
["2024-06-27","10004843","RODAMIENTO 1207 MARCA NSK","2005","UN",6,{"v":1,"d":"1.00"},{"v":6,"d":"6.00"}]
["2009-10-27","10004844","RODAMIENTO 6209 ZZC3 MARCA NSK","2005","UN",1,{"v":1,"d":"1.00"},{"v":1,"d":"1.00"}]
["2024-06-27","10004846","RODAMIENTO 6305DDU MARCA NSK","2005","UN",10,{"v":1,"d":"1.00"},{"v":10,"d":"10.00"}]
["2019-12-31","10004849","\"FINAL D/CURSO SCHMERSAL 10A, 250V, IP65","2005","UN",1,{"v":0,"d":"0.00"},{"v":0,"d":"0.00"}]
["2024-06-27","10004851","ARANDELA PLANA M16 METALICA","2005","UN",337,{"v":1,"d":"1.00"},{"v":337,"d":"337.00"}]
["2009-10-27","10004852","ANILLO ROZANTE D/GRUA D/MAG 09942084-AX","2005","UN",1,{"v":1,"d":"1.00"},{"v":1,"d":"1.00"}]
["2019-12-31","10004853","CONO DE ALIVIO 3M5601 CABLE 4/0 15KV","2005","UN",2,{"v":0,"d":"0.00"},{"v":0,"d":"0.00"}]
["2021-12-30","10004857","\"TORNILLO CAB ALLEN 24MMX60MM METALICO,","2005","UN",10,{"v":1,"d":"1.00"},{"v":10,"d":"10.00"}]
["2009-10-27","10004859","TORNILLO CAB HEXAGONAL 20MMX30MM METALIC","2005","UN",2,{"v":1,"d":"1.00"},{"v":2,"d":"2.00"}]
["2019-12-31","10004864","ARANDELA D/SEGURIDAD M36 METALICA","2005","UN",1,{"v":0,"d":"0.00"},{"v":0,"d":"0.00"}]
["2024-04-17","10004864","ARANDELA D/SEGURIDAD M36 METALICA","2028","UN",7,{"v":1,"d":"1.00"},{"v":7,"d":"7.00"}]
["2024-06-27","10004867","\"TUERCA M12, INOXIDABLE, A2-70\"","2005","UN",69,{"v":1,"d":"1.00"},{"v":69,"d":"69.00"}]
["2009-10-27","10004868","BASE P/VALVULA EN ALEACION 11.9 X 19 MM","2005","UN",1,{"v":1,"d":"1.00"},{"v":1,"d":"1.00"}]
["2009-10-27","10004869","\"FILTRO ACEITE BF896, BALDWIN\"","2005","UN",1,{"v":1,"d":"1.00"},{"v":1,"d":"1.00"}]
["2024-05-10","10004872","LIJA FINA NO.400","2020","UN",2,{"v":1,"d":"1.00"},{"v":2,"d":"2.00"}]
["2019-12-31","10004874","BOMBILLO DE 250 W 220V","2002","UN",4,{"v":0,"d":"0.00"},{"v":0,"d":"0.00"}]
["2010-07-31","10004875","TAPE 3M","2002","UN",11,{"v":0,"d":"0.00"},{"v":0,"d":"0.00"}]
["2009-10-27","10004876","\"ARANDELA PLASTICA DE 1\"\" REF.2B7-143\"","2002","UN",150,2.35,{"v":352.5,"d":"352.50"}]
["2019-12-31","10004877","\"COPILLA T/CODO P/ENGRASE 1/2\"\"\"","2002","UN",8,{"v":20,"d":"20.00"},{"v":160,"d":"160.00"}]
["2009-10-27","10004878","EMPAQUE D/GOMA SINTETICA P/COMPUERTA","2002","UN",1,{"v":348.5,"d":"348.50"},{"v":348.5,"d":"348.50"}]
["2009-10-27","10004879","EMPAQUETADURA 460X500 X 79MM","2002","UN",3,{"v":1250,"d":"1,250.00"},{"v":3750,"d":"3,750.00"}]
["2009-10-27","10004881","EMPAQUETADURA 145X165X13MM","2002","UN",2,{"v":220,"d":"220.00"},{"v":440,"d":"440.00"}]
["2021-12-30","10004882","EMPAQUETADURA 330X360X50MM","2002","UN",5,{"v":740,"d":"740.00"},{"v":3700,"d":"3,700.00"}]
["2019-12-31","10004883","EMPAQUETADURA 125X140X16MM","2002","UN",8,{"v":430,"d":"430.00"},{"v":3440,"d":"3,440.00"}]
["2009-10-27","10004884","EMPAQUETADURA 50X66X29MM","2002","UN",2,{"v":341,"d":"341.00"},{"v":682,"d":"682.00"}]
["2009-10-27","10004885","EMPAQUETADURA 500X538X40MM","2002","UN",4,{"v":1253,"d":"1,253.00"},{"v":5012,"d":"5,012.00"}]
["2009-10-27","10004886","EMPAQUETADURA 485X 525X60MM","2002","UN",1,{"v":1280,"d":"1,280.00"},{"v":1280,"d":"1,280.00"}]
["2009-10-27","10004888","EMPAQUETADURA GOMA SINTET.100X150X10MM","2002","UN",1,{"v":203,"d":"203.00"},{"v":203,"d":"203.00"}]
["2019-12-31","10004889","SELLO P/BOMBA DE AGUA","2002","UN",1,{"v":0,"d":"0.00"},{"v":0,"d":"0.00"}]
["2009-10-27","10004892","JUNTA 525/485/60 MM TIPO 1170-B","2002","UN",1,{"v":500,"d":"500.00"},{"v":500,"d":"500.00"}]
["2019-12-31","10004893","EMPAQUETADURA P/SELLO COMPUERTA VAGON","2002","UN",8,{"v":1459,"d":"1,459.00"},{"v":11672,"d":"11,672.00"}]
["2009-10-27","10004894","JUNTA CATERPILLAR 118026 (170 X 210)","2002","UN",6,{"v":500,"d":"500.00"},{"v":3000,"d":"3,000.00"}]
["2009-10-27","10004895","ANILLO DE BAQUELITA 290 X 430 X 15 MM","2002","UN",8,{"v":21,"d":"21.00"},{"v":168,"d":"168.00"}]
["2021-12-30","10004896","ANILLO D/ZINC 200X260X5MM","2002","UN",2,{"v":66,"d":"66.00"},{"v":132,"d":"132.00"}]
["2009-10-27","10004899","ANILLO D/BRONCE 660x740x21 MM","2002","UN",2,{"v":304,"d":"304.00"},{"v":608,"d":"608.00"}]
["2009-10-27","10004902","ANILLO DE 4 ACERO NIQUEL","2002","UN",1,{"v":2100,"d":"2,100.00"},{"v":2100,"d":"2,100.00"}]
["2019-12-31","10004903","ANILLO HG DE 4'' ROSCADO","2002","UN",7,{"v":0,"d":"0.00"},{"v":0,"d":"0.00"}]
["2019-12-31","10004905","\"ANILLO GALV.DE 1 1/2 \"\"(ROSCADO]\"","2002","UN",36,37.75,{"v":1359,"d":"1,359.00"}]
["2021-12-30","10004907","\"ANILLO P/SOLDAR DMC CCTF 3/4\"\" GALV\"","2002","UN",33,48.75,{"v":1608.75,"d":"1,608.75"}]
["2009-10-27","10004908","ANILLO DE 1 P/ROSCAR (ACERO NIQUEL]","2002","UN",1,{"v":56.4,"d":"56.40"},{"v":56.4,"d":"56.40"}]
["2009-10-27","10004909","ANILLO DE 1-1/4 P/ ROSCAR (ACERO]","2002","UN",2,48.48,96.96]
["2009-10-27","10004910","ANILLO DE 2-1/2 ROSCADO","2002","UN",1,39.75,39.75]
["2019-12-31","10004912","ANILLO 5.2 X149.8MM","2002","UN",3,{"v":25,"d":"25.00"},{"v":75,"d":"75.00"}]
["2009-10-27","10004913","ANILLO 5X75MM","2002","UN",3,{"v":36.800000000000004,"d":"36.80"},{"v":110.4,"d":"110.40"}]
["2009-10-27","10004914","CASQUILLO D/ACERO 17 X 27X44","2002","UN",1,399.15,399.15]
["2009-10-27","10004916","CASQUILLO D/BRONCE DE 20X25 X 30MM","2002","UN",3,253.33,759.99]
["2009-10-27","10004918","CASQUILLO 14X20X10 D/BRONCE SINTETIZADO","2002","UN",2,125.25,{"v":250.5,"d":"250.50"}]
["2009-10-27","10004919","CASQUILLO 80X95X70 D/BRONCE AUTO-LUBRICA","2002","UN",24,78.95,{"v":1894.8,"d":"1,894.80"}]
["2009-10-27","10004920","CASQUILLO DE 9X25X35","2002","UN",1,{"v":110,"d":"110.00"},{"v":110,"d":"110.00"}]
["2009-10-27","10004921","CASQUILLO DE 18X 58 X38 PRENSA BRONCE","2002","UN",2,{"v":305.4,"d":"305.40"},{"v":610.8,"d":"610.80"}]
["2009-10-27","10004923","CASQUILLO PRENSA BRONCE 22X76X45","2002","UN",2,390.45,{"v":780.9,"d":"780.90"}]
["2009-10-27","10004925","\"EMPALME MOVIL DE 2\"\"\"","2002","UN",4,{"v":64.4,"d":"64.40"},{"v":257.6,"d":"257.60"}]
["2009-10-27","10004927","\"UNION D/BRONCE DE 5/8\"\"\"","2002","UN",5,48.15,240.75]
["2021-12-30","10004928","UNION CAJON /38 NPT","2002","UN",2,{"v":41.3,"d":"41.30"},{"v":82.6,"d":"82.60"}]
["2024-06-27","10004929","UNION REDUCTORA 15-10 MM","2007","UN",1,{"v":0,"d":"0.00"},{"v":0,"d":"0.00"}]
["2019-12-31","10004930","UNION UNIVERSAL INOXI 1/4\"","2002","UN",5,{"v":63.42999999999999,"d":"63.43"},317.15]
["2024-05-10","10004930","UNION UNIVERSAL INOXI 1/4\"","2021","UN",10,0.01,{"v":0.1,"d":"0.10"}]
["2009-10-27","10004931","UNION TERMINAL 1/4 D/TUBERIA 8 MM","2002","UN",2,62.08,124.16]
["2019-12-31","10004932","UNION D/BRONCE P/TURERIA D/ 8 MM","2002","UN",4,22.15,{"v":88.6,"d":"88.60"}]
["2021-12-30","10004933","UNION REDUCTROA DE 1/2-10 MM","2002","UN",1,41.15,41.15]
["2009-10-27","10004934","UNION UNIVERSAL DE 1-1/2 GALV. P/ROSCAR","2002","UN",2,{"v":41.4,"d":"41.40"},{"v":82.8,"d":"82.80"}]
["2009-10-27","10004935","\"UNION UNIVERSAL DE 3\"\" P/ROSCAR GALV\"","2002","UN",2,{"v":80,"d":"80.00"},{"v":160,"d":"160.00"}]
["2024-07-29","10004938","UNION UNIVERSAL DE 3/4 ACERO NIQUEL P/RO","2015","UN",10,0.01,{"v":0.1,"d":"0.10"}]
["2021-12-30","10004939","\"UNION UNIVERSAL DE 1\"\" GALV P/ROSCAR\"","2002","UN",4,{"v":47,"d":"47.00"},{"v":188,"d":"188.00"}]
["2021-12-30","10004940","UNION UNIVRSAL 1/4 GALV P/ROSCAR","2002","UN",3,{"v":38.4,"d":"38.40"},{"v":115.2,"d":"115.20"}]
["2009-10-27","10004941","\"UNION P/TUBERIA DE 1\"\"\"","2002","UN",5,{"v":37.5,"d":"37.50"},{"v":187.5,"d":"187.50"}]
["2009-10-27","10004943","UNION TERMINAL DE 1/2 DE BRONCE P/TUB","2002","UN",1,{"v":37.5,"d":"37.50"},{"v":37.5,"d":"37.50"}]
["2009-10-27","10004945","UNION DE 3/8 DE BRONCE","2002","UN",1,{"v":28.5,"d":"28.50"},{"v":28.5,"d":"28.50"}]
["2019-12-31","10004946","UNION DE 1/2 D/BRONCE","2002","UN",41,{"v":53.449999999999996,"d":"53.45"},{"v":2191.45,"d":"2,191.45"}]
["2009-10-27","10004947","UNION DE 1-1/2 D/BRONCE","2002","UN",2,41.05,{"v":82.1,"d":"82.10"}]
["2019-12-31","10004948","UNION UNIVERSAL DE 1/2","2002","UN",2,38.43,76.86]
["2009-10-27","10004949","UNION TERMINAL DE 1/2 ACERO INOX","2002","UN",1,48.75,48.75]
["2019-12-31","10004950","\"LINER DE 3/4\"\"\"","2002","UN",34,18.75,{"v":637.5,"d":"637.50"}]
["2009-10-27","10004953","LAYNER O 10MM ACERO INXIDABLE","2002","UN",2,{"v":34.5,"d":"34.50"},{"v":69,"d":"69.00"}]
["2019-12-31","10004954","LAYNER D. 2 DMM ACERO INOXIDABLE","2002","UN",10,{"v":11.2,"d":"11.20"},{"v":112,"d":"112.00"}]
["2009-10-27","10004955","LAYNER D 30MM ACERO INOXIDABLE","2002","UN",26,{"v":9.2,"d":"9.20"},{"v":239.2,"d":"239.20"}]
["2019-12-31","10004956","LAYNER D. 50MM ACERO INOXIDABLE","2002","UN",33,{"v":8.4,"d":"8.40"},{"v":277.2,"d":"277.20"}]
["2024-07-29","10004956","LAYNER D. 50MM ACERO INOXIDABLE","2015","UN",16,{"v":0,"d":"0.00"},{"v":0,"d":"0.00"}]
["2009-10-27","10004959","O'RING 5.9MM X56MM X215MM","2002","UN",4,{"v":14,"d":"14.00"},{"v":56,"d":"56.00"}]
["2009-10-27","10004962","O'RING 5.4 X 230 MM","2002","UN",3,{"v":21.3,"d":"21.30"},{"v":63.9,"d":"63.90"}]
["2009-10-27","10004966","O'RING 5.5 X 125 MM","2002","UN",3,{"v":17.400000000000002,"d":"17.40"},{"v":52.2,"d":"52.20"}]
["2021-12-30","10004968","O'RING DE 7 X 495","2002","UN",5,41.15,205.75]
["2021-12-30","10004969","O'RING DE 330 MM","2002","UN",5,{"v":0,"d":"0.00"},{"v":0,"d":"0.00"}]
["2019-12-31","10004970","O'RING DE GOMA","2002","UN",584,{"v":30,"d":"30.00"},{"v":17520,"d":"17,520.00"}]
["2009-10-27","10004971","O'RING DE 3 X 250 MM","2002","UN",2,{"v":26,"d":"26.00"},{"v":52,"d":"52.00"}]
["2009-10-27","10004972","O'RING DE 3 X 150","2002","UN",1,17.15,17.15]
["2019-12-31","10004974","O'RING 2.5 X 42 MM","2002","UN",4,{"v":24.1,"d":"24.10"},{"v":96.4,"d":"96.40"}]
["2009-10-27","10004975","SELLO D/GOMA 13x95x169.5x5MM","2002","UN",22,43.15,{"v":949.3,"d":"949.30"}]
["2009-10-27","10004976","SELLO MECANICO SUPERIOR REF. 294107","2002","UN",5,{"v":140,"d":"140.00"},{"v":700,"d":"700.00"}]
["2019-12-31","10004977","SELLO MECANICO INFERIOR D/6 PIEZAS","2002","UN",1,{"v":0,"d":"0.00"},{"v":0,"d":"0.00"}]
["2009-10-27","10004978","SELLO D/GOMA REF. 40x60x10 MM","2002","UN",5,{"v":151.6,"d":"151.60"},{"v":758,"d":"758.00"}]
["2009-10-27","10004980","SELLO DE GOMA DE 32 X 50 X 10 MM","2002","UN",18,43.95,{"v":791.1,"d":"791.10"}]
["2009-10-27","10004981","SELLO D/GOMA DE 37 X 168","2002","UN",23,{"v":68.4,"d":"68.40"},{"v":1573.2,"d":"1,573.20"}]
["2009-10-27","10004982","SELLO D/GOMA DE 90 X 65 X 10 MM","2002","UN",8,{"v":103,"d":"103.00"},{"v":824,"d":"824.00"}]
["2009-10-27","10004983","SELLO D/GOMA REF. 2319067","2002","UN",1,151.08,151.08]
["2009-10-27","10004984","SELLO D/GOMA DE 75 X 100 X 13","2002","UN",3,{"v":101.39999999999999,"d":"101.40"},{"v":304.2,"d":"304.20"}]
["2009-10-27","10004985","SELLO D/METAL 7.5 X 9.5 X 10","2002","UN",1,{"v":708.4,"d":"708.40"},{"v":708.4,"d":"708.40"}]
["2009-10-27","10004986","SELLO D/GOMA REF. CRI6842 DE 42X68X8","2002","UN",1,{"v":109.4,"d":"109.40"},{"v":109.4,"d":"109.40"}]
["2021-12-30","10004987","SELLO D/GOMA DE 75 X 81 X 9","2002","UN",6,132.08,792.48]
["2009-10-27","10004988","SELLO D/GOMA DE 32 X 50 X 12","2002","UN",3,101.05,303.15]
["2009-10-27","10004990","SELLO D/GOMA DE 6.5 X 90 X 10","2002","UN",4,{"v":74,"d":"74.00"},{"v":296,"d":"296.00"}]
["2009-10-27","10004991","SELLO D/GOMA DE 24 X 47 X 7","2002","UN",2,68.15,{"v":136.3,"d":"136.30"}]
["2009-10-27","10004992","SELLO D/METAL DE 140 X 165 X 10","2002","UN",2,{"v":143,"d":"143.00"},{"v":286,"d":"286.00"}]
["2009-10-27","10004993","SELLO D/GOMA DE 140 X 155 X 16","2002","UN",1,78.89,78.89]
["2009-10-27","10004995","SELLO D/METAL DE 60 X 76 X 10 MM","2002","UN",1,{"v":235.4,"d":"235.40"},{"v":235.4,"d":"235.40"}]
["2009-10-27","10004996","SELLO DE GOMA NB4-70","2002","UN",5,67.75,338.75]
["2024-06-18","10004996","SELLO DE GOMA NB4-70","2027","UN",2,{"v":1,"d":"1.00"},{"v":2,"d":"2.00"}]
["2009-10-27","10004999","SELLO METAL 63 X 375","2002","UN",1,{"v":61.4,"d":"61.40"},{"v":61.4,"d":"61.40"}]
["2009-10-27","10005000","SELLO PARA BOMBA DE AGUA 9966-5X21/4","2002","UN",3,{"v":68.39999999999999,"d":"68.40"},{"v":205.2,"d":"205.20"}]
["2019-12-31","10005001","SELLO PARA BOMBA DE AGUA 9966-31/4X21/4","2002","UN",7,{"v":68.4,"d":"68.40"},{"v":478.8,"d":"478.80"}]
["2019-12-31","10005004","CANCAMO DE 12 X 21","2002","UN",4,{"v":175,"d":"175.00"},{"v":700,"d":"700.00"}]
["2019-12-31","10005007","CANCAMO DE 16 X 35","2002","UN",83,{"v":36.4,"d":"36.40"},{"v":3021.2,"d":"3,021.20"}]
["2021-12-30","10005008","CANCAMO DE 2 X 3-1/2","2002","UN",8,{"v":208,"d":"208.00"},{"v":1664,"d":"1,664.00"}]
["2019-12-31","10005017","\"CANCAMO 1/2\"\"X1\"\"\"","2002","UN",4,{"v":180,"d":"180.00"},{"v":720,"d":"720.00"}]
["2021-12-30","10005019","CAMCAMO 2''","2002","UN",8,{"v":0,"d":"0.00"},{"v":0,"d":"0.00"}]
["2021-12-30","10005020","GANCHO DE 1/2","2002","UN",2,{"v":0,"d":"0.00"},{"v":0,"d":"0.00"}]
["2016-11-15","10005022","CONTACTO CLAVIJA 30x165 MM","2002","UN",2,{"v":128,"d":"128.00"},{"v":256,"d":"256.00"}]
["2017-10-10","10005023","CLAVIJA D/ACERO 29X210MM.","2002","UN",2,{"v":125,"d":"125.00"},{"v":250,"d":"250.00"}]
["2009-10-27","10005027","DISCO D/FRICCION 65X 100 X 6MM","2002","UN",4,{"v":148,"d":"148.00"},{"v":592,"d":"592.00"}]
["2024-06-27","10005028","DISCO DE PULIR METALICO 180X222MM","2007","UN",1,{"v":0,"d":"0.00"},{"v":0,"d":"0.00"}]
["2014-07-02","10005029","DISCO DE PULIR 7x1/4x7/8","2002","UN",56,{"v":148,"d":"148.00"},{"v":8288,"d":"8,288.00"}]
["2019-12-31","10005029","DISCO DE PULIR 7x1/4x7/8","2003","UN",3,{"v":0,"d":"0.00"},{"v":0,"d":"0.00"}]
["2015-06-16","10005029","DISCO DE PULIR 7x1/4x7/8","2023","UN",5,{"v":0,"d":"0.00"},{"v":0,"d":"0.00"}]
["2021-12-30","10005029","DISCO DE PULIR 7x1/4x7/8","2025","UN",1,{"v":1,"d":"1.00"},{"v":1,"d":"1.00"}]
["2019-10-09","10005029","DISCO DE PULIR 7x1/4x7/8","2027","UN",9,{"v":169.62444444444444,"d":"169.62"},{"v":1526.62,"d":"1,526.62"}]
["2009-10-27","10005031","ROLO D/FRICCION DE 35X85X32MM","2002","UN",1,{"v":308,"d":"308.00"},{"v":308,"d":"308.00"}]
["2009-10-27","10005032","ROLO ACTUADOR MECANICO 10X26X10MM","2002","UN",3,{"v":208,"d":"208.00"},{"v":624,"d":"624.00"}]
["2009-10-27","10005035","RESORTE DE 10X13X57MM","2002","UN",3,{"v":51.4,"d":"51.40"},{"v":154.2,"d":"154.20"}]
["2009-10-27","10005036","RESORTE DE 22.5X27.5X165MM","2002","UN",3,{"v":235,"d":"235.00"},{"v":705,"d":"705.00"}]
["2019-12-31","10005037","RESORTE DE 15X18X38MM","2002","UN",2,{"v":0,"d":"0.00"},{"v":0,"d":"0.00"}]
["2009-10-27","10005038","RESORTE DE 12X14X115MM","2002","UN",2,{"v":200,"d":"200.00"},{"v":400,"d":"400.00"}]
["2009-10-27","10005039","RESORTE DE 12X14X50MM","2002","UN",2,{"v":206,"d":"206.00"},{"v":412,"d":"412.00"}]
["2009-10-27","10005040","RESORTE 60X78X205","2002","UN",6,{"v":308,"d":"308.00"},{"v":1848,"d":"1,848.00"}]
["2009-10-27","10005041","RESORTE 49X63X202MM","2002","UN",3,{"v":340,"d":"340.00"},{"v":1020,"d":"1,020.00"}]
["2009-10-27","10005043","RESORTE DE 70 X 88 X 175","2002","UN",1,{"v":395,"d":"395.00"},{"v":395,"d":"395.00"}]
["2009-10-27","10005044","EJE PISTON PENDULO D/ACTUADOR 15X185MM","2002","UN",3,{"v":1340,"d":"1,340.00"},{"v":4020,"d":"4,020.00"}]
["2009-10-27","10005045","EJE DE SILLA DEL ACTUADOR","2002","UN",3,{"v":1005,"d":"1,005.00"},{"v":3015,"d":"3,015.00"}]
["2009-10-27","10005046","EJE SPINOLE 28X 233 MM","2002","UN",3,{"v":1120,"d":"1,120.00"},{"v":3360,"d":"3,360.00"}]
["2009-10-27","10005047","FILTRO REF. 10K50 EN Y","2002","UN",2,{"v":608,"d":"608.00"},{"v":1216,"d":"1,216.00"}]
["2021-12-30","10005048","FILTRO COLADOR P/FREGADERO","2002","UN",1,{"v":0,"d":"0.00"},{"v":0,"d":"0.00"}]
["2024-06-18","10005048","FILTRO COLADOR P/FREGADERO","2010","UN",2,{"v":1,"d":"1.00"},{"v":2,"d":"2.00"}]
["2009-10-27","10005049","GAFAS PARA SOLDAR 5.0","2002","UN",9,{"v":20,"d":"20.00"},{"v":180,"d":"180.00"}]
["2021-12-30","10005049","GAFAS PARA SOLDAR 5.0","2025","UN",1,0.01,0.01]
["2009-10-27","10005050","PENDULO O DISPOSIVO CENTRIFUGOO","2002","UN",4,{"v":2300,"d":"2,300.00"},{"v":9200,"d":"9,200.00"}]
["2009-10-27","10005052","TAPA HIERRO FUNDIDO 40X205X38","2002","UN",4,{"v":940,"d":"940.00"},{"v":3760,"d":"3,760.00"}]
["2021-12-30","10005053","GRILLETE 13/4X25 TON","2002","UN",2,{"v":2300,"d":"2,300.00"},{"v":4600,"d":"4,600.00"}]
["2011-10-07","10005054","GRILLETE 135KN F1230","2002","UN",1,{"v":2000,"d":"2,000.00"},{"v":2000,"d":"2,000.00"}]
["2011-12-06","10005054","GRILLETE 135KN F1230","2003","UN",1,{"v":0,"d":"0.00"},{"v":0,"d":"0.00"}]
["2024-06-27","10005054","GRILLETE 135KN F1230","2005","UN",9,{"v":0,"d":"0.00"},{"v":0,"d":"0.00"}]
["2021-12-30","10005055","GRILLETE DE 8 TON (11/2)","2002","UN",1,{"v":0,"d":"0.00"},{"v":0,"d":"0.00"}]
["2009-10-27","10005057","CASCO 120X285X440","2002","UN",1,{"v":245,"d":"245.00"},{"v":245,"d":"245.00"}]
["2009-10-27","10005058","MANGO P/RETORNO MECAN. ENGRANAJE M/CD839","2002","UN",1,{"v":345,"d":"345.00"},{"v":345,"d":"345.00"}]
["2009-10-27","10005059","LEVA MODELO CB-0777 120 KG","2002","UN",2,{"v":287.4,"d":"287.40"},{"v":574.8,"d":"574.80"}]
["2009-10-27","10005060","BIELETA D/RUPTURA MODELO CR-0272","2002","UN",38,{"v":395,"d":"395.00"},{"v":15010,"d":"15,010.00"}]
["2009-10-27","10005061","VASTAGO DE BRONCE 8X5","2002","UN",2,{"v":93,"d":"93.00"},{"v":186,"d":"186.00"}]
["2024-06-18","10005062","SISTEMA DE FLOTA DE NIVEL","2016","UN",2,{"v":0,"d":"0.00"},{"v":0,"d":"0.00"}]
["2019-12-31","10005063","BUSHING DE GOMA 22X35X30 MM","2002","UN",42,{"v":0,"d":"0.00"},{"v":0,"d":"0.00"}]
["2021-12-30","10005064","COMPRESOR C3 110V/60HZ","2002","UN",1,{"v":78400,"d":"78,400.00"},{"v":78400,"d":"78,400.00"}]
["2024-07-29","10005064","COMPRESOR C3 110V/60HZ","2015","UN",1,{"v":0,"d":"0.00"},{"v":0,"d":"0.00"}]
["2019-12-31","10005065","FILTRO D/COMBUSTIBLE CATERPILLAR IP2299E","2002","UN",4,{"v":0,"d":"0.00"},{"v":0,"d":"0.00"}]
["2019-12-31","10005066","FILTRO DE ACEITE CATERPILLAR 1P2299","2002","UN",1,{"v":0,"d":"0.00"},{"v":0,"d":"0.00"}]
["2019-12-31","10005068","BRIDA ACPLE BOMBA DE ACEITE","2002","UN",2,{"v":0,"d":"0.00"},{"v":0,"d":"0.00"}]
["2019-12-31","10005070","BRIDA UNION DE 6'","2002","UN",1,{"v":0,"d":"0.00"},{"v":0,"d":"0.00"}]
["2009-10-27","10005071","CODO GIRATORIA 1/4 D/COBRE D/TUBERIA 8MM","2002","UN",15,{"v":21.4,"d":"21.40"},{"v":321,"d":"321.00"}]
["2021-12-30","10005072","CODO GALV. DE 1/4 A 90 GRADOS P/ROSCAR","2002","UN",6,{"v":26.150000000000002,"d":"26.15"},{"v":156.9,"d":"156.90"}]
["2009-10-27","10005072","CODO GALV. DE 1/4 A 90 GRADOS P/ROSCAR","2017","UN",4,26.15,{"v":104.6,"d":"104.60"}]
["2009-10-27","10005073","CODO DE 3/4 A 45 GALV. P/ROSCAR","2002","UN",2,37.25,{"v":74.5,"d":"74.50"}]
["2019-12-31","10005074","\"CODO DE 1\"\" A 45 GRADOS\"","2002","UN",5,38.14,{"v":190.7,"d":"190.70"}]
["2021-12-30","10005075","CODO DE 1-1/4 A 45 GALV. P/ROSCAR","2002","UN",6,{"v":23.400000000000002,"d":"23.40"},{"v":140.4,"d":"140.40"}]
["2019-12-31","10005076","CODO DE 1-1/4 90` GALV.P/ROSCAR","2002","UN",10,{"v":28.5,"d":"28.50"},{"v":285,"d":"285.00"}]
["2009-10-27","10005077","CODO DE 1 1/2 A 90 GRADOS GALV.P/ROSCAR","2002","UN",1,43.14,43.14]
["2019-12-31","10005078","\"CODO DEE 2\"\" A 90 GRADOS P/ROSCAR\"","2002","UN",6,{"v":0,"d":"0.00"},{"v":0,"d":"0.00"}]
["2009-10-27","10005079","\"CODO DE 3\"\"A 90 GRADOS GALV.P/ROSCAR\"","2002","UN",9,{"v":125,"d":"125.00"},{"v":1125,"d":"1,125.00"}]
["2009-10-27","10005080","CODO DE 4 A 90 GRADOS GALV.P/ROSCAR","2002","UN",1,{"v":143,"d":"143.00"},{"v":143,"d":"143.00"}]
["2009-10-27","10005081","\"CODO DE 4\"\"A 45 GRADOS GALV.P/ROSCAR\"","2002","UN",2,138.45,{"v":276.9,"d":"276.90"}]
["2009-10-27","10005082","CODO DE 3`A 45 GRADOS GALV P/ROSCAR","2002","UN",3,{"v":120,"d":"120.00"},{"v":360,"d":"360.00"}]
["2009-10-27","10005083","CODO DE 2 1/2 A 90 GRADOS GALV.P/ROSCAR","2002","UN",4,118.14,472.56]
["2019-12-31","10005084","CODO D/ALTA PRESION DE 8` A 90`","2002","UN",4,{"v":1100,"d":"1,100.00"},{"v":4400,"d":"4,400.00"}]
["2009-10-27","10005085","CODO D/ALTA PRESION DE 8`A 45 GRADOS","2002","UN",1,{"v":1100,"d":"1,100.00"},{"v":1100,"d":"1,100.00"}]
["2009-10-27","10005086","\"CODO D/ALTA PRESION DE 4\"\"A 90 P/SOLDAR","2002","UN",1,{"v":508,"d":"508.00"},{"v":508,"d":"508.00"}]
["2019-12-31","10005087","CODO D/ALTA PRESION 2-1/2 A 90 P/SOLDAR","2002","UN",2,{"v":128.4,"d":"128.40"},{"v":256.8,"d":"256.80"}]
["2021-12-30","10005088","CODO D/ALTA PRESION DE 3`A 90 P/SOLDAR","2002","UN",1,295.98,295.98]
["2009-10-27","10005089","CODO D/ALTA PRESION 2-1/2 45 P/SOLDAR","2002","UN",1,{"v":240,"d":"240.00"},{"v":240,"d":"240.00"}]
["2021-12-30","10005091","CODO D/ALTA PRESION DE 1 1/4 A 45 P/SOLD","2002","UN",1,{"v":238,"d":"238.00"},{"v":238,"d":"238.00"}]
["2019-12-31","10005092","CODO DE 3/8 A 90 GALV.P/SOLDAR","2002","UN",3,{"v":38.410000000000004,"d":"38.41"},115.23]
["2019-12-31","10005093","CODO DE 1/2 ACERO INOX.P/ROSCAR 45 GRADO","2002","UN",3,{"v":39.5,"d":"39.50"},{"v":118.5,"d":"118.50"}]
["2011-03-16","10005093","CODO DE 1/2 ACERO INOX.P/ROSCAR 45 GRADO","2025","UN",37,{"v":39.5,"d":"39.50"},{"v":1461.5,"d":"1,461.50"}]
["2024-09-16","10005097","CODO DE 8` A 90 GRADOS","2032","UN",1,0.01,0.01]
["2019-12-31","10005098","CODO DE BRONCE DE 1/2 PLG","2008","UN",5,{"v":0,"d":"0.00"},{"v":0,"d":"0.00"}]
["2021-12-30","10005099","\"CODO DE ACERO 2' X 90\"\"\"","2002","UN",15,{"v":0,"d":"0.00"},{"v":0,"d":"0.00"}]
["2009-10-27","10005100","CODO 1/4 BRONCE ROSCA INTERIOR","2002","UN",2,{"v":60,"d":"60.00"},{"v":120,"d":"120.00"}]
["2019-12-31","10005103","CODO REDUCTOR DE 3/4 A 1/2 D/BRONCE","2002","UN",4,{"v":340,"d":"340.00"},{"v":1360,"d":"1,360.00"}]
["2009-10-27","10005104","REDUCCION 1/2 A 3/8 D/BRONCE","2002","UN",1,28.15,28.15]
["2009-10-27","10005106","REDUCCION BUSHING DE Z-3/4 A 1 ROSCADA","2002","UN",1,31.09,31.09]
["2021-12-30","10005107","REDUCCION BUSHING DE 2 A 3/4 ROSCADA","2002","UN",3,{"v":35,"d":"35.00"},{"v":105,"d":"105.00"}]
["2021-12-30","10005109","REDUCCION CAMPANA DE 1 1/2 A 1","2002","UN",4,{"v":0,"d":"0.00"},{"v":0,"d":"0.00"}]
["2009-10-27","10005112","REDUCCION DE 1 A 3/4''","2002","UN",1,48.15,48.15]
["2021-12-30","10005112","REDUCCION DE 1 A 3/4''","2021","UN",2,0.01,0.02]
["2021-12-30","10005113","REDUCCION BUSHING DE 3/4 A 1/2 GALB","2002","UN",3,{"v":28.7,"d":"28.70"},{"v":86.1,"d":"86.10"}]
["2021-12-30","10005115","FILTRO DE AIRE P/CUADRADO FRENADO MECANI","2002","UN",3,{"v":0,"d":"0.00"},{"v":0,"d":"0.00"}]
["2009-10-27","10005118","TAPON D/GOMA 3/4X1 3/4","2002","UN",16,{"v":41.5,"d":"41.50"},{"v":664,"d":"664.00"}]
["2009-10-27","10005120","TAPON DE 2-1/2 P/TUBERIA","2002","UN",1,26.25,26.25]
["2024-09-16","10005121","TAPON DE REGISTRO PVC 2\"","2032","UN",13,0.01,0.13]
["2021-12-30","10005122","TAPON DE 3/4 GALV.P/ROSCAR","2023","UN",7,0.01,0.07]
["2024-06-18","10005122","TAPON DE 3/4 GALV.P/ROSCAR","2027","UN",10,{"v":1,"d":"1.00"},{"v":10,"d":"10.00"}]
["2019-12-31","10005123","TAPON DE 1/2 GALV.ROSCADO","2002","UN",1,{"v":0,"d":"0.00"},{"v":0,"d":"0.00"}]
["2009-10-27","10005124","PIÑON 165X231X10 D/TEFLON D/75 DIENTES","2002","UN",7,{"v":478.15000000000003,"d":"478.15"},{"v":3347.05,"d":"3,347.05"}]
["2009-10-27","10005125","TEE REDUCTORA 1/2 A 3/8 ACERO INOX","2002","UN",1,{"v":51.5,"d":"51.50"},{"v":51.5,"d":"51.50"}]
["2009-10-27","10005126","TEE DE 3` GALV","2002","UN",2,{"v":65.5,"d":"65.50"},{"v":131,"d":"131.00"}]
["2009-10-27","10005127","TEE DE 2-1/2 GALV.","2002","UN",1,51.25,51.25]
["2019-12-31","10005128","TEE HG 2 PLG","2002","UN",1,50.75,50.75]
["2019-12-31","10005128","TEE HG 2 PLG","2007","UN",9,{"v":0,"d":"0.00"},{"v":0,"d":"0.00"}]
["2024-06-18","10005128","TEE HG 2 PLG","2010","UN",1,{"v":0,"d":"0.00"},{"v":0,"d":"0.00"}]
["2019-12-31","10005129","TEE DE 1 1/4 GALV.","2002","UN",2,38.49,76.98]
["2021-12-30","10005130","TEE DE 1-1/2 GALV.","2002","UN",1,{"v":40.3,"d":"40.30"},{"v":40.3,"d":"40.30"}]
["2009-10-27","10005131","TEE 1\" HG","2002","UN",1,26.25,26.25]
["2024-05-10","10005132","TEE 3/4\" GALV","2020","UN",11,{"v":1,"d":"1.00"},{"v":11,"d":"11.00"}]
["2009-10-27","10005133","TEE REDUCTORA ALTA PRESION DE 3 A 2","2002","UN",1,{"v":208.4,"d":"208.40"},{"v":208.4,"d":"208.40"}]
["2024-04-17","10005134","TEE ALTA PRESION P/SOLDAR DE 1-1/2","2008","UN",3,{"v":1,"d":"1.00"},{"v":3,"d":"3.00"}]
["2009-10-27","10005135","TEE DE 1''ALTA PRESION P/SOLDAR","2002","UN",3,{"v":200.20000000000002,"d":"200.20"},{"v":600.6,"d":"600.60"}]
["2024-04-17","10005135","TEE DE 1''ALTA PRESION P/SOLDAR","2008","UN",3,0.01,0.03]
["2009-10-27","10005136","TEE DE 2`ALTA PRESION D/HIERRO P/ROSCAR","2002","UN",1,{"v":204,"d":"204.00"},{"v":204,"d":"204.00"}]
["2019-12-31","10005137","TEE DE 1/2 ALTA PRESSION 300 PSI ROSCADA","2002","UN",4,{"v":135,"d":"135.00"},{"v":540,"d":"540.00"}]
["2021-12-30","10005140","ABRAZADERA TUBERIA 1/8 D/LONGITUD 37 MM","2002","UN",96,{"v":23,"d":"23.00"},{"v":2208,"d":"2,208.00"}]
["2009-10-27","10005141","ABRAZADERA 1/8 P/TUBERIA 27MM D/LONGITUD","2002","UN",16,20.15,{"v":322.4,"d":"322.40"}]
["2009-10-27","10005143","ABRAZADERA P/TUBERIA 1/8 SENCILLA D/1 OR","2002","UN",4,11.25,{"v":45,"d":"45.00"}]
["2021-12-30","10005144","ABRAZADERA TIPO V P/TUBERIA 1/2 X 50MM","2002","UN",83,{"v":18,"d":"18.00"},{"v":1494,"d":"1,494.00"}]
["2009-10-27","10005145","\"ABRAZADERA P/MANGUERA DE 4\"\"\"","2002","UN",1,{"v":56.9,"d":"56.90"},{"v":56.9,"d":"56.90"}]
["2009-10-27","10005146","ABRAZADERA DE 1/2 TIPO W P/TUBERIA","2002","UN",6,{"v":25,"d":"25.00"},{"v":150,"d":"150.00"}]
["2021-12-30","10005147","ABRAZADERA DOBLE P/TUBERIA DE 3'","2002","UN",1,51.75,51.75]
["2021-12-30","10005148","\"ABRAZADERA TIPO W P/TUBERIA DE 2\"\"\"","2002","UN",208,{"v":0,"d":"0.00"},{"v":0,"d":"0.00"}]
["2021-12-30","10005149","\"ABRAZADERA P/TUBERIA DE 8\"\"\"","2002","UN",8,{"v":20,"d":"20.00"},{"v":160,"d":"160.00"}]
["2009-10-27","10005150","\"ABRAZADERA P/TUBERIA DE 6\"\"\"","2009","UN",1,{"v":18,"d":"18.00"},{"v":18,"d":"18.00"}]
["2009-10-27","10005151","ABRAZADERA P/TUBERIA DE 4 PLG","2002","UN",15,{"v":21.1,"d":"21.10"},{"v":316.5,"d":"316.50"}]
["2019-12-31","10005151","ABRAZADERA P/TUBERIA DE 4 PLG","2008","UN",4,{"v":0,"d":"0.00"},{"v":0,"d":"0.00"}]
["2010-07-31","10005152","ABRAZADERA MT 1\"","2000","UN",60,0.01,{"v":0.6,"d":"0.60"}]
["2019-12-31","10005152","ABRAZADERA MT 1\"","2002","UN",75,{"v":25,"d":"25.00"},{"v":1875,"d":"1,875.00"}]
["2009-10-27","10005153","CENTRO DIFUSOR REF.291014","2002","UN",2,{"v":645,"d":"645.00"},{"v":1290,"d":"1,290.00"}]
["2021-12-30","10005155","ESPACIADOR REF.294040","2002","UN",2,74.15,{"v":148.3,"d":"148.30"}]
["2009-10-27","10005156","ESPACIADOR INOXIDABLE","2002","UN",25,68.15,{"v":1703.75,"d":"1,703.75"}]
["2021-12-30","10005158","JUNTA P/ATAGRUA PARTE INFERIOR","2002","UN",1,{"v":68.9,"d":"68.90"},{"v":68.9,"d":"68.90"}]
["2019-12-31","10005159","JUNTA D/EXPANSION DE 8'","2002","UN",12,{"v":140,"d":"140.00"},{"v":1680,"d":"1,680.00"}]
["2009-10-27","10005161","POLEA DE 3 CANALES R/B-769 1-1/8X4-15/16","2002","UN",1,{"v":276,"d":"276.00"},{"v":276,"d":"276.00"}]
["2019-12-31","10005162","CORREA DONG IZ BELT B-86 P/D ESEL EMER","2002","UN",7,{"v":0,"d":"0.00"},{"v":0,"d":"0.00"}]
["2009-10-27","10005163","CORREA MITSUBISHI B-54 P/DIESEL EMERG.","2002","UN",1,{"v":1300,"d":"1,300.00"},{"v":1300,"d":"1,300.00"}]
["2009-10-27","10005164","CORREA REF. 7362 DIESEL EMREG.","2002","UN",2,{"v":171,"d":"171.00"},{"v":342,"d":"342.00"}]
["2009-10-27","10005165","CORREA DE 17 X 13.50 P/DIESEL EMERG.","2002","UN",4,{"v":184,"d":"184.00"},{"v":736,"d":"736.00"}]
["2009-10-27","10005168","CORREA B75","2002","UN",2,{"v":102,"d":"102.00"},{"v":204,"d":"204.00"}]
["2019-12-31","10005169","CORREA B58","2002","UN",2,{"v":112,"d":"112.00"},{"v":224,"d":"224.00"}]
["2009-10-27","10005172","CONJUNTO DE PIEZAS X 1/8 X 1 5/8 X 316","2002","UN",1,{"v":408,"d":"408.00"},{"v":408,"d":"408.00"}]
["2019-12-31","10005173","ESPIGA DE 3/8 P/PISTOLA NEUMATICA","2002","UN",12,{"v":185,"d":"185.00"},{"v":2220,"d":"2,220.00"}]
["2009-10-27","10005175","REGULADOR DE OXIGENO","2002","UN",1,{"v":10320,"d":"10,320.00"},{"v":10320,"d":"10,320.00"}]
["2021-12-30","10005177","CONECTOR D/1/2 P/MANGUERA DE AIRE Y AGUA","2002","UN",6,{"v":205,"d":"205.00"},{"v":1230,"d":"1,230.00"}]
["2021-12-30","10005178","BOQUILLA DE BRONCE 1 1/2 CONTRA INCENDIO","2002","UN",1,{"v":0,"d":"0.00"},{"v":0,"d":"0.00"}]
["2024-06-27","10005178","BOQUILLA DE BRONCE 1 1/2 CONTRA INCENDIO","2005","UN",8,{"v":0,"d":"0.00"},{"v":0,"d":"0.00"}]
["2024-04-17","10005178","BOQUILLA DE BRONCE 1 1/2 CONTRA INCENDIO","2011","UN",2,{"v":0,"d":"0.00"},{"v":0,"d":"0.00"}]
["2009-10-27","10005179","PROBETA DE 0.500 DML","2002","UN",1,{"v":340,"d":"340.00"},{"v":340,"d":"340.00"}]
["2009-10-27","10005181","CEPILLO METALICO DE 6 1/4 X 5/8","2002","UN",1,{"v":83,"d":"83.00"},{"v":83,"d":"83.00"}]
["2009-10-27","10005184","VIROLA CILINDRICA 1/2 DE BRONCE","2002","UN",21,{"v":22,"d":"22.00"},{"v":462,"d":"462.00"}]
["2019-12-31","10005185","\"NIPLE DE 2\"\" P/ROSCA\"","2002","UN",2,{"v":0,"d":"0.00"},{"v":0,"d":"0.00"}]
["2024-06-18","10005185","\"NIPLE DE 2\"\" P/ROSCA\"","2010","UN",2,0.01,0.02]
["2009-10-27","10005188","CAJUELA TIMKEN REF. 30205J","2002","UN",1,121.25,121.25]
["2019-12-31","10005189","ASBESTO P/FRENO MOTORES DE LA GRUA","2002","UN",1,85.41,85.41]
["2009-10-27","10005191","FUSIBLES D/BOTELLA 100AMP 500V","2002","UN",19,{"v":92.10000000000001,"d":"92.10"},{"v":1749.9,"d":"1,749.90"}]
["2019-12-31","10005192","FUSIBLE DE BOTELLA RSSC11 80A 500V","2002","UN",29,38.15,{"v":1106.35,"d":"1,106.35"}]
["2024-06-27","10005192","FUSIBLE DE BOTELLA RSSC11 80A 500V","2007","UN",10,{"v":0,"d":"0.00"},{"v":0,"d":"0.00"}]
["2009-10-27","10005195","FUSIBLE GE TIPO EJ-01 MOD. 9F60FJE025 MA","2002","UN",8,422.51,{"v":3380.08,"d":"3,380.08"}]
["2019-12-31","10005196","FUSIBLE PROTISTOR FERRAZ 1000V 315A","2002","UN",1,{"v":0,"d":"0.00"},{"v":0,"d":"0.00"}]
["2009-10-27","10005197","FUSIBLE PROTISTOR FERRAZ 750V 315AMPS","2002","UN",10,98.95,{"v":989.5,"d":"989.50"}]
["2009-10-27","10005199","FUSIBLE PROTISTOR FERRAZ 600V 160A","2002","UN",4,133.15,{"v":532.6,"d":"532.60"}]
["2009-10-27","10005200","FUSIBLE PROTISTOR FERRAZ CC 1000 CPRB","2002","UN",3,{"v":204,"d":"204.00"},{"v":612,"d":"612.00"}]
["2009-10-27","10005201","FUSIBLE P/RECTIFICADORES CARCA TRON","2002","UN",1,143.08,143.08]
["2019-12-31","10005202","FUSIBLE CARTUCHO DE 200 A 250 V","2002","UN",3,{"v":295,"d":"295.00"},{"v":885,"d":"885.00"}]
["2021-12-30","10005204","FUSIBLE DE 24KV","2002","UN",6,{"v":61.13999999999999,"d":"61.14"},366.84]
["2009-10-27","10005206","TERMICO 4-6AMP. P/PROTECCION MOTOR CNF","2002","UN",2,{"v":3480,"d":"3,480.00"},{"v":6960,"d":"6,960.00"}]
["2009-10-27","10005207","TERMICO 30 AMPS BENS. DLLKT","2002","UN",1,{"v":2000,"d":"2,000.00"},{"v":2000,"d":"2,000.00"}]
["2019-12-31","10005209","TERMICO 2.5/4AMP P/PROTECCION MOTOR ENGR","2002","UN",2,{"v":2340,"d":"2,340.00"},{"v":4680,"d":"4,680.00"}]
["2009-10-27","10005210","TERMICO 3D DE 1.6 A 2.45AMP","2002","UN",4,704.45,{"v":2817.8,"d":"2,817.80"}]
["2009-10-27","10005211","TERMICO 500V P/PROTECCION TERMICA FH24","2002","UN",3,{"v":2454,"d":"2,454.00"},{"v":7362,"d":"7,362.00"}]
["2009-10-27","10005212","TERMICO FH37 P/CONTACTORES GRUA COM","2002","UN",5,{"v":402,"d":"402.00"},{"v":2010,"d":"2,010.00"}]
["2019-12-31","10005213","TERMICO TRIFASICO D A 70AMPS SIEMENS","2002","UN",2,{"v":0,"d":"0.00"},{"v":0,"d":"0.00"}]
["2009-10-27","10005214","FLOTA COBRE 4 X 16 P/MOOT-BOMBA DRENAJE","2002","UN",1,{"v":4200,"d":"4,200.00"},{"v":4200,"d":"4,200.00"}]
["2021-12-30","10005215","FLOTA CONTROL AUT. P/MOTO-BOMBA 495","2002","UN",4,{"v":295,"d":"295.00"},{"v":1180,"d":"1,180.00"}]
["2009-10-27","10005216","BOTON DE EMPUJE 500V 10A R-5K-614-211-CA","2002","UN",1,{"v":245,"d":"245.00"},{"v":245,"d":"245.00"}]
["2009-10-27","10005219","BOTONERA D/MANDO D/GRUA","2002","UN",1,{"v":405,"d":"405.00"},{"v":405,"d":"405.00"}]
["2024-07-15","10005219","BOTONERA D/MANDO D/GRUA","2010","UN",4,{"v":26550.25,"d":"26,550.25"},{"v":106201,"d":"106,201.00"}]
["2024-04-17","10005219","BOTONERA D/MANDO D/GRUA","2028","UN",1,{"v":1,"d":"1.00"},{"v":1,"d":"1.00"}]
["2009-10-27","10005221","LIMIT SWITCH TIPO 35E3-100-0C","2002","UN",10,{"v":2415,"d":"2,415.00"},{"v":24150,"d":"24,150.00"}]
["2009-10-27","10005222","LIMIT SWITCH HONEYWELL REF-902VBI","2002","UN",6,{"v":861,"d":"861.00"},{"v":5166,"d":"5,166.00"}]
["2019-12-31","10005223","LIMIT SWITCH TELEMECANIQUE REF. XC2-MC2","2002","UN",1,{"v":0,"d":"0.00"},{"v":0,"d":"0.00"}]
["2009-10-27","10005224","LIMIT SWITCH 300VAC IDA REF. 35E3 120-1E","2002","UN",1,{"v":1840,"d":"1,840.00"},{"v":1840,"d":"1,840.00"}]
["2009-10-27","10005225","LIMIT SWITCH SIEMENS REF. KK244G","2002","UN",3,{"v":2887.5,"d":"2,887.50"},{"v":8662.5,"d":"8,662.50"}]
["2009-10-27","10005226","LIMIT SWITCH HONEYWELL REF.BZV7-2RQ8-PG","2002","UN",2,{"v":2945.09,"d":"2,945.09"},{"v":5890.18,"d":"5,890.18"}]
["2009-10-27","10005227","LIMIT SWITCH REF. BZE7-2RQ9-PG NC27","2002","UN",4,{"v":1950,"d":"1,950.00"},{"v":7800,"d":"7,800.00"}]
["2009-10-27","10005228","LIMIT SWITCH HONEYWELL REF. BZV7-2RQ2-PG","2002","UN",9,{"v":1459,"d":"1,459.00"},{"v":13131,"d":"13,131.00"}]
["2009-10-27","10005230","LIMIT SWITCH 500VAC 300VAC 10A REF. 35E3","2002","UN",4,{"v":1995,"d":"1,995.00"},{"v":7980,"d":"7,980.00"}]
["2021-12-30","10005231","LIMIT SWITCH DE 6A 10 DE 125/250V AC","2002","UN",1,{"v":400,"d":"400.00"},{"v":400,"d":"400.00"}]
["2009-10-27","10005233","LIMIT SWITCH TIPO HNL P/COMPUERTA","2002","UN",1,{"v":2895.04,"d":"2,895.04"},{"v":2895.04,"d":"2,895.04"}]
["2009-10-27","10005234","LIMIT SWITCH ETE P/USO DIVERSO","2002","UN",2,{"v":2615,"d":"2,615.00"},{"v":5230,"d":"5,230.00"}]
["2009-10-27","10005235","BOMBILLO RIVA BIRME 26-B22 140V 7W","2002","UN",7,{"v":28,"d":"28.00"},{"v":196,"d":"196.00"}]
["2009-10-27","10005239","RESISTENCIA AJUST. 1350 REF. VAN-17","2002","UN",14,{"v":304,"d":"304.00"},{"v":4256,"d":"4,256.00"}]
["2009-10-27","10005240","RESISTENCIAS P/HORNOS ELECTRICOS","2002","UN",1,{"v":1845,"d":"1,845.00"},{"v":1845,"d":"1,845.00"}]
["2009-10-27","10005241","POTENCIOMETRO ROSENTHAL 1000 10W","2002","UN",1,{"v":2211,"d":"2,211.00"},{"v":2211,"d":"2,211.00"}]
["2009-10-27","10005242","POTENCIOMETRO DANOTHEN 1000 100W T-22/80","2002","UN",1,{"v":2200,"d":"2,200.00"},{"v":2200,"d":"2,200.00"}]
["2009-10-27","10005243","POTENCIOMETRO DANOTHEN DE 10 A 1 W","2002","UN",1,{"v":790,"d":"790.00"},{"v":790,"d":"790.00"}]
["2009-10-27","10005253","CABLE CONECTOR TIRISTOR 8.5 PIE","2002","UN",55,{"v":21,"d":"21.00"},{"v":1155,"d":"1,155.00"}]
["2019-12-31","10005254","CABLE ELECTRICO  DE 24 HILOS R/ 0.6/1KV","2002","UN",50,{"v":0,"d":"0.00"},{"v":0,"d":"0.00"}]
["2009-10-27","10005261","ANTIOXIDANTE P/CABLE DE ALUMINIO","2002","UN",8,{"v":150,"d":"150.00"},{"v":1200,"d":"1,200.00"}]
["2009-10-27","10005263","MANUBRIO P/PUERTA PANEL ELECTRICO","2002","UN",2,{"v":143,"d":"143.00"},{"v":286,"d":"286.00"}]
["2019-12-31","10005264","ZOCALO O BASE PARA ESCUZ","2002","UN",3,{"v":138.4,"d":"138.40"},{"v":415.2,"d":"415.20"}]
["2019-12-31","10005265","ZOCALO BASE RELE FIR RI 52/ES","2002","UN",5,145.45,727.25]
["2019-12-31","10005267","ZOCALO P/LAMPARA INDICADORA INTERRUPTOR","2002","UN",2,{"v":38.1,"d":"38.10"},{"v":76.2,"d":"76.20"}]
["2009-10-27","10005268","ZOCALO D/LAMPARA D/SE¥ALIZACION TR/TM","2002","UN",2,36.02,72.04]
["2009-10-27","10005272","RECTIFICADOR P/CIRCUITO DE CONTROL","2002","UN",1,{"v":7600,"d":"7,600.00"},{"v":7600,"d":"7,600.00"}]
["2019-12-31","10005274","SOPORTE P/LAMPARA","2002","UN",66,{"v":94.14999999999999,"d":"94.15"},{"v":6213.9,"d":"6,213.90"}]
["2024-07-29","10005274","SOPORTE P/LAMPARA","2015","UN",3,{"v":0,"d":"0.00"},{"v":0,"d":"0.00"}]
["2009-10-27","10005275","SOPORTE DE 50X50X220MMS PARA BOBINA","2002","UN",2,{"v":71.4,"d":"71.40"},{"v":142.8,"d":"142.80"}]
["2009-10-27","10005276","SOPORTE DE 20X50X70MMS PARA BOBINA","2002","UN",3,48.15,144.45]
["2019-12-31","10005278","SOPORTE DE 60X60X320MMS PARA BOBINA","2002","UN",19,{"v":81.39999999999999,"d":"81.40"},{"v":1546.6,"d":"1,546.60"}]
["2009-10-27","10005279","SOPORTE DE 60X54X80MMS PARA BOBINA","2002","UN",1,{"v":61.5,"d":"61.50"},{"v":61.5,"d":"61.50"}]
["2009-10-27","10005280","COPA P/PROTECCION D/LAMP SEÑALIZACION","2002","UN",7,68.95,482.65]
["2009-10-27","10005281","COMELECTRIC LINOFORME 4","2002","UN",1,{"v":2335,"d":"2,335.00"},{"v":2335,"d":"2,335.00"}]
["2009-10-27","10005284","CONMUTADOR D/FASE RS-ST TR","2002","UN",2,{"v":2425,"d":"2,425.00"},{"v":4850,"d":"4,850.00"}]
["2009-10-27","10005285","CONMUTADOR FRM 10 2/3","2002","UN",2,{"v":2335,"d":"2,335.00"},{"v":4670,"d":"4,670.00"}]
["2009-10-27","10005287","\"LAMPARA DE SEÑALIZACION US \"\"TOR\"\"\"","2002","UN",1,{"v":41.4,"d":"41.40"},{"v":41.4,"d":"41.40"}]
["2024-06-18","10005288","TUBOS FLUORESCENTE 28W","2027","UN",348,{"v":0,"d":"0.00"},{"v":0,"d":"0.00"}]
["2009-10-27","10005290","CERRADOR P/PANELES","2002","UN",18,50.25,{"v":904.5,"d":"904.50"}]
["2009-10-27","10005292","TAPA PORTA FUSIBLE 63AMP","2002","UN",9,{"v":109,"d":"109.00"},{"v":981,"d":"981.00"}]
["2016-11-15","10005293","TAPA P/TOMACORRIENTE D/2 SALIDAS 120 VS","2002","UN",1,{"v":20,"d":"20.00"},{"v":20,"d":"20.00"}]
["2024-04-17","10005293","TAPA P/TOMACORRIENTE D/2 SALIDAS 120 VS","2008","UN",13,{"v":1,"d":"1.00"},{"v":13,"d":"13.00"}]
["2009-10-27","10005294","TAPA PLASTICAS P/INTERRUPTORES PERLEX","2002","UN",88,18.25,{"v":1606,"d":"1,606.00"}]
["2009-10-27","10005295","TAPA DE VIDRIO P/LAMPARA","2002","UN",2,48.95,{"v":97.9,"d":"97.90"}]
["2019-12-31","10005296","TAPAS BLANCAS LEVITON USO TOMACORRIENTE","2002","UN",33,12.14,400.62]
["2009-10-27","10005298","PASANTE DEL CONTACTO PRINCIPAL 100A","2002","UN",3,675.11,{"v":2025.33,"d":"2,025.33"}]
["2009-10-27","10005299","PASANTE DEL CONTACTO PRINCIPAL","2002","UN",3,675.11,{"v":2025.33,"d":"2,025.33"}]
["2019-12-31","10005300","BOLA AISLANTE DE PORCELANA","2002","UN",257,93.98,{"v":24152.86,"d":"24,152.86"}]
["2019-12-31","10005301","BOLA AISLANTE C/TORNILLO TIRAFONDO","2002","UN",2,{"v":0,"d":"0.00"},{"v":0,"d":"0.00"}]
["2021-12-30","10005302","BOLA AISLANTE DE 1/4 DE PORCELANA","2002","UN",78,{"v":86.39999999999999,"d":"86.40"},{"v":6739.2,"d":"6,739.20"}]
["2019-12-31","10005303","REACTOR P/LAMPARA FLOURESCENTE 118V","2002","UN",49,{"v":93,"d":"93.00"},{"v":4557,"d":"4,557.00"}]
["2009-10-27","10005305","PROCTECTORES DE GOMA MAMEY","2002","UN",154,9.45,{"v":1455.3,"d":"1,455.30"}]
["2019-12-31","10005306","PROCTETOR 6 P/LAMPARA D/GALERIA Y SOTANO","2002","UN",6,{"v":159.95000000000002,"d":"159.95"},{"v":959.7,"d":"959.70"}]
["2009-10-27","10005307","PROTECTOR 4 P/LAMPARA D/GALERIA Y SOTANO","2002","UN",8,59.95,{"v":479.6,"d":"479.60"}]
["2009-10-27","10005308","BASE P/LAMPARA DE ALUMBRADO","2002","UN",25,{"v":91.4,"d":"91.40"},{"v":2285,"d":"2,285.00"}]
["2024-05-10","10005308","BASE P/LAMPARA DE ALUMBRADO","2022","UN",176,{"v":1,"d":"1.00"},{"v":176,"d":"176.00"}]
["2009-10-27","10005309","BASE LAMPARA P/ALUMBRADO D/SOTANO Y GAL","2002","UN",5,91.51,457.55]
["2009-10-27","10005310","TOMACORRIENTE LEVITON SENCILLO 250V","2002","UN",7,24.25,169.75]
["2009-10-27","10005311","TOMACORRIENTE 4 PULO 600VS 60AMP","2002","UN",1,{"v":345.9,"d":"345.90"},{"v":345.9,"d":"345.90"}]
["2009-10-27","10005313","ERNCHUFE PETERCO 4 POLOS 500V 40A","2002","UN",2,{"v":320,"d":"320.00"},{"v":640,"d":"640.00"}]
["2009-10-27","10005314","ENCHUFE PERTECO 4 POLOS 500V 60A","2002","UN",1,{"v":220,"d":"220.00"},{"v":220,"d":"220.00"}]
["2009-10-27","10005315","ENCHUFE PETERCO 3 POLOS 110-130V 16A","2002","UN",2,{"v":238.5,"d":"238.50"},{"v":477,"d":"477.00"}]
["2024-06-18","10005315","ENCHUFE PETERCO 3 POLOS 110-130V 16A","2027","UN",2,{"v":1,"d":"1.00"},{"v":2,"d":"2.00"}]
["2009-10-27","10005316","ENCHUFE PETERCO 4 POLOS 380V","2002","UN",14,{"v":180,"d":"180.00"},{"v":2520,"d":"2,520.00"}]
["2024-06-18","10005316","ENCHUFE PETERCO 4 POLOS 380V","2027","UN",2,{"v":1,"d":"1.00"},{"v":2,"d":"2.00"}]
["2009-10-27","10005317","ENCHUFE 600VS 60AMP","2002","UN",1,{"v":228.9,"d":"228.90"},{"v":228.9,"d":"228.90"}]
["2009-10-27","10005318","ENCHUFE 4 POLO 60 AMPERES","2002","UN",1,{"v":175,"d":"175.00"},{"v":175,"d":"175.00"}]
["2021-12-30","10005319","PLANCHA GALV. DE 1/4 X 1 1/4 X 6 3/4","2002","UN",2,{"v":142,"d":"142.00"},{"v":284,"d":"284.00"}]
["2009-10-27","10005320","\"PLANCHA GALVANIZADA 1/4 X 1 1/4 EN \"\"L\"","2002","UN",1,141.95,141.95]
["2009-10-27","10005321","PLANCHA SOP.TRIANGULAR GALV.1/4 X 1 1/4","2002","UN",9,{"v":108.44999999999999,"d":"108.45"},976.05]
["2009-10-27","10005322","NIVELES TIPO  VISAGHRAS SIN AGUA","2002","UN",4,{"v":208.4,"d":"208.40"},{"v":833.6,"d":"833.60"}]
["2009-10-27","10005323","THERMOFIT 20 X 3 P/REPARAR CABLE","2002","UN",10,{"v":59.4,"d":"59.40"},{"v":594,"d":"594.00"}]
["2009-10-27","10005324","THERMOFIT 22 X 4 P/REPARAR CABLE","2002","UN",4,{"v":63.4,"d":"63.40"},{"v":253.6,"d":"253.60"}]
["2009-10-27","10005325","THERMOFIT 4.8 X 2 P/REPARAR CABLE","2002","UN",7,{"v":98.39999999999999,"d":"98.40"},{"v":688.8,"d":"688.80"}]
["2009-10-27","10005326","THERMOFIT 4.8 X 1 P/REPAR CABLE","2002","UN",7,{"v":61.4,"d":"61.40"},{"v":429.8,"d":"429.80"}]
["2009-10-27","10005327","THERMOFIT 2 X 1/4 P/REPAR CABLE","2002","UN",2,45.45,{"v":90.9,"d":"90.90"}]
["2009-10-27","10005328","THERMOFIT P/CABLE 18 X 2","2002","UN",18,39.75,{"v":715.5,"d":"715.50"}]
["2009-10-27","10005329","THERMOFIT P/CABLE 9 X 1 1/2","2002","UN",7,21.95,153.65]
["2019-12-31","10005331","DESLIZADOR DE GOMA PARA REPARAR CABLES","2002","UN",16,{"v":96,"d":"96.00"},{"v":1536,"d":"1,536.00"}]
["2009-10-27","10005332","DESLIZADOR DE GOMA P/REPARAR CABLE","2002","UN",1,92.15,92.15]
["2009-10-27","10005333","\"CONDULET 1\"\" EN L\"","2002","UN",1,{"v":28.1,"d":"28.10"},{"v":28.1,"d":"28.10"}]
["2021-12-30","10005334","\"Y DE ALUMINIO DE 3/4\"\"\"","2002","UN",5,{"v":25.9,"d":"25.90"},{"v":129.5,"d":"129.50"}]
["2009-10-27","10005335","\"Y DE ALUMINIO DE 1/2\"\"\"","2002","UN",3,{"v":35.050000000000004,"d":"35.05"},105.15]
["2009-10-27","10005336","\"CONDULET 1\"\" EN Y\"\"\"","2002","UN",1,{"v":28.1,"d":"28.10"},{"v":28.1,"d":"28.10"}]
["2009-10-27","10005337","\"CONDULET 1 1/4\"\" EN L\"\"\"","2002","UN",1,{"v":33,"d":"33.00"},{"v":33,"d":"33.00"}]
["2009-10-27","10005338","\"DOBLE L (LL) D/2 1/2\"\" DE ALUMINIO\"","2002","UN",22,43.25,{"v":951.5,"d":"951.50"}]
["2021-12-30","10005339","\"DOBLE L (LL) P/ALUMINIO D/1 1/8\"\"\"","2002","UN",5,{"v":36.2,"d":"36.20"},{"v":181,"d":"181.00"}]
["2009-10-27","10005340","\"DOBLE L (LL) DE 2 1/2\"\" DE ALUMINIO\"","2002","UN",29,{"v":52.1,"d":"52.10"},{"v":1510.9,"d":"1,510.90"}]
["2009-10-27","10005341","\"CONDULET 2 1/2\"\" EN T\"\"\"","2002","UN",21,{"v":45,"d":"45.00"},{"v":945,"d":"945.00"}]
["2009-10-27","10005342","CONDULET 3/4 P/CONEXION ELECTRICA","2002","UN",53,{"v":28.099999999999998,"d":"28.10"},{"v":1489.3,"d":"1,489.30"}]
["2009-10-27","10005343","\"X DE ALUMINIO DE 1 1/2\"\"\"","2002","UN",1,43.25,43.25]
["2024-04-17","10005344","\"CONDULET 2\"\" EN T\"\"\"","2000","UN",1,0.01,0.01]
["2009-10-27","10005344","\"CONDULET 2\"\" EN T\"\"\"","2002","UN",2,{"v":28.1,"d":"28.10"},{"v":56.2,"d":"56.20"}]
["2009-10-27","10005345","\"LB DE ALUMINIO DE 1 3/16\"\"\"","2002","UN",59,{"v":37.5,"d":"37.50"},{"v":2212.5,"d":"2,212.50"}]
["2019-12-31","10005346","\"CONDULET 1 3/16\"\" TIPO LB\"\"\"","2002","UN",17,{"v":37.6,"d":"37.60"},{"v":639.2,"d":"639.20"}]
["2009-10-27","10005347","\"CONDULET DE 1\"\" TIPO T\"\"\"","2002","UN",1,29.15,29.15]
["2009-10-27","10005348","TAPON PORTA PLUG. 500VS 4 POLOS 60AMP.","2002","UN",2,{"v":215.9,"d":"215.90"},{"v":431.8,"d":"431.80"}]
["2009-10-27","10005349","TAPON PORTA PLUG. 500VS 40AMP 4 POLOS","2002","UN",4,143.25,{"v":573,"d":"573.00"}]
["2021-12-30","10005350","GRAMPA P/AISLADOR TORNILLO 3/8","2002","UN",106,{"v":28.830000000000002,"d":"28.83"},{"v":3055.98,"d":"3,055.98"}]
["2019-12-31","10005353","\"PORTA FLOTA DE 6\"\" DE ACERO\"","2002","UN",1,{"v":0,"d":"0.00"},{"v":0,"d":"0.00"}]
["2009-10-27","10005354","PANTALLAS DE VIDRIO P/LAMPARAS MERCURIO","2002","UN",8,71.45,{"v":571.6,"d":"571.60"}]
["2019-12-31","10005355","AISLADOR 13.8KV P/AISLAMIENTO D/BARRAS","2002","UN",82,{"v":168.39999999999998,"d":"168.40"},{"v":13808.8,"d":"13,808.80"}]
["2009-10-27","10005356","AISLADOR CONECTOR P/TRANSF. 50MVA","2002","UN",2,{"v":3400,"d":"3,400.00"},{"v":6800,"d":"6,800.00"}]
["2009-10-27","10005357","AISLADOR TIPO TBI #224912 P/TRANSF.34.5K","2002","UN",2,{"v":2037.45,"d":"2,037.45"},{"v":4074.9,"d":"4,074.90"}]
["2009-10-27","10005358","SUPLEMENTO P/ACOPLAMIENTO D/BARRA","2002","UN",2,{"v":235,"d":"235.00"},{"v":470,"d":"470.00"}]
["2009-10-27","10005359","AISLADOR D/PORCELANA D/8 CAMPANA FIJAS","2002","UN",2,{"v":1039.45,"d":"1,039.45"},{"v":2078.9,"d":"2,078.90"}]
["2019-12-31","10005361","AISLADOR D/PORCELANA BK-4 P/TRANSF.500KV","2002","UN",5,{"v":1945,"d":"1,945.00"},{"v":9725,"d":"9,725.00"}]
["2009-10-27","10005362","AISLADOR GE TIPO W 5/01C71 69KV/400AMP","2002","UN",1,{"v":3045,"d":"3,045.00"},{"v":3045,"d":"3,045.00"}]
["2019-12-31","10005363","RECEPTACULO PARA SENSOR TEMPERATURA","2002","UN",14,{"v":0,"d":"0.00"},{"v":0,"d":"0.00"}]
["2009-10-27","10005366","SUPLEMENTO 0.51MM P/GENERADOR","2002","UN",1,{"v":90,"d":"90.00"},{"v":90,"d":"90.00"}]
["2019-12-31","10005367","SUPLEMENTO 31MM P/GENERADOR","2002","UN",16,{"v":90,"d":"90.00"},{"v":1440,"d":"1,440.00"}]
["2009-10-27","10005369","SUPLEMENTO 430 X 300MM P/GENERADOR","2002","UN",10,{"v":211,"d":"211.00"},{"v":2110,"d":"2,110.00"}]
["2009-10-27","10005370","JUNTA DE BAQUELITA 2 X 1/2","2002","UN",4,102.04,408.16]
["2021-12-30","10005371","JUNTA D/CARTON EN FORMA D/0.8 X 50MM","2002","UN",3,88.95,266.85]
["2009-10-27","10005373","JUNTA TIPO V 1/2X4 DE GOMA","2002","UN",4,88.95,{"v":355.8,"d":"355.80"}]
["2021-12-30","10005374","JUNTA DE GOMA 1\"","2002","UN",35,{"v":28.9,"d":"28.90"},{"v":1011.5,"d":"1,011.50"}]
["2024-06-18","10005374","JUNTA DE GOMA 1\"","2027","UN",2,{"v":1,"d":"1.00"},{"v":2,"d":"2.00"}]
["2019-12-31","10005375","\"JUNTA DE GOMA SINTETICA (NOTA MUSICAL 2","2002","UN",24,{"v":28.900000000000002,"d":"28.90"},{"v":693.6,"d":"693.60"}]
["2021-12-30","10005376","\"JUNTA DE GOMA DE 8\"\"\"","2004","UN",4,{"v":0,"d":"0.00"},{"v":0,"d":"0.00"}]
["2019-12-31","10005377","JUNTA DE GOMA 6\"","2002","UN",9,{"v":30,"d":"30.00"},{"v":270,"d":"270.00"}]
["2021-12-30","10005377","JUNTA DE GOMA 6\"","2004","UN",4,{"v":0,"d":"0.00"},{"v":0,"d":"0.00"}]
["2024-07-29","10005377","JUNTA DE GOMA 6\"","2015","UN",7,{"v":0,"d":"0.00"},{"v":0,"d":"0.00"}]
["2024-05-10","10005377","JUNTA DE GOMA 6\"","2020","UN",4,{"v":1,"d":"1.00"},{"v":4,"d":"4.00"}]
["2019-12-31","10005378","JUNTA DE GOMA 6 X 200 MM","2002","UN",6,{"v":0,"d":"0.00"},{"v":0,"d":"0.00"}]
["2021-12-30","10005378","JUNTA DE GOMA 6 X 200 MM","2017","UN",2,{"v":0,"d":"0.00"},{"v":0,"d":"0.00"}]
["2021-12-30","10005378","JUNTA DE GOMA 6 X 200 MM","2023","UN",3,{"v":0,"d":"0.00"},{"v":0,"d":"0.00"}]
["2021-12-30","10005380","JUNTA DE GOMA 103X87X2MM CARTEPILLAR","2002","UN",212,{"v":0,"d":"0.00"},{"v":0,"d":"0.00"}]
["2009-10-27","10005381","ESCOBILLA P/GENERADOR REF. 309-EG","2002","UN",24,{"v":373.18666666666667,"d":"373.19"},{"v":8956.48,"d":"8,956.48"}]
["2009-10-27","10005382","ESCOBILLA P/GENERADOR REF. 634","2002","UN",17,{"v":40,"d":"40.00"},{"v":680,"d":"680.00"}]
["2019-12-31","10005384","CINTA D/COBRE TRENZADO 1X9X600 MM","2002","UN",4,{"v":0,"d":"0.00"},{"v":0,"d":"0.00"}]
["2009-10-27","10005385","CINTA DE COBRE P/CABLE 138KV","2002","UN",3,{"v":1045,"d":"1,045.00"},{"v":3135,"d":"3,135.00"}]
["2009-10-27","10005386","CINTA D/ALGODON D/1","2002","UN",2,{"v":125.6,"d":"125.60"},{"v":251.2,"d":"251.20"}]
["2009-10-27","10005387","BUSHING AISLANTE D/BAQUELITA D/13X310 MM","2002","UN",11,63.15,694.65]
["2009-10-27","10005388","BUSHING AILANTE D/BAQUELITA D/26X55MM","2002","UN",20,{"v":63,"d":"63.00"},{"v":1260,"d":"1,260.00"}]
["2009-10-27","10005390","BUSHING AISLANTE D/BAQUELINA D/13X104MM","2002","UN",5,{"v":106,"d":"106.00"},{"v":530,"d":"530.00"}]
["2009-10-27","10005391","BUSHING AISLANTE D/BAQUELITA D/13X18MM","2002","UN",7,23.25,162.75]
["2009-10-27","10005392","BUSHING REDUCTOR D/COBRE D/13X16 A 3/8","2002","UN",2,{"v":1495,"d":"1,495.00"},{"v":2990,"d":"2,990.00"}]
["2019-12-31","10005396","\"BUSHING TERMINAL PRENSA CABLE D/1/2\"\"\"","2002","UN",3,{"v":94.60000000000001,"d":"94.60"},{"v":283.8,"d":"283.80"}]
["2009-10-27","10005397","BUSHING TERMINAL PRENSA D/2 1 1/2","2002","UN",3,68.45,205.35]
["2009-10-27","10005398","\"BUSHING D/REDUCCION D/1/2\"\"\"","2002","UN",2,59.65,{"v":119.3,"d":"119.30"}]
["2021-12-30","10005399","BUSHING TERMINAL PRENSA CABLE 5/8","2002","UN",12,32.14,385.68]
["2009-10-27","10005400","\"BUSHING TERMINAL PRENSA CABLE D/3/4\"\"\"","2002","UN",7,{"v":145,"d":"145.00"},{"v":1015,"d":"1,015.00"}]
["2009-10-27","10005401","BARRA D/ACERO 5X50X265MM","2002","UN",1,{"v":2345,"d":"2,345.00"},{"v":2345,"d":"2,345.00"}]
["2009-10-27","10005402","BARRA D/COBRE 10X28X280MM","2002","UN",1,{"v":2340,"d":"2,340.00"},{"v":2340,"d":"2,340.00"}]
["2009-10-27","10005403","BARRA DE ACERO DE 16X39 X 100 MM","2002","UN",1,{"v":2540,"d":"2,540.00"},{"v":2540,"d":"2,540.00"}]
["2009-10-27","10005404","BARRA CANDADO D/ACERO13X25X75MM","2002","UN",9,{"v":2900,"d":"2,900.00"},{"v":26100,"d":"26,100.00"}]
["2009-10-27","10005405","BARRA CANDADO D/ACERO 13X26X58MM","2002","UN",3,{"v":2990,"d":"2,990.00"},{"v":8970,"d":"8,970.00"}]
["2009-10-27","10005406","BARRA CANDADO P/CUÑA DEL ROTOR 10X25X55","2002","UN",3,{"v":2400.4500000000003,"d":"2,400.45"},{"v":7201.35,"d":"7,201.35"}]
["2009-10-27","10005408","BARRA D/ACERO 5X39X120MM","2002","UN",1,{"v":994,"d":"994.00"},{"v":994,"d":"994.00"}]
["2009-10-27","10005409","BARRA DE COBRE CON CUBIERTA AILS 200 AMP","2002","UN",19,{"v":240,"d":"240.00"},{"v":4560,"d":"4,560.00"}]
["2009-10-27","10005410","BARRA CIRCUÑAR DE 1/2 P/LIMPIEZA RADIADO","2002","UN",5,{"v":295,"d":"295.00"},{"v":1475,"d":"1,475.00"}]
["2021-12-30","10005411","\"BARRA DE COBRE 0 1\"\"\"","2002","UN",1,549.51,549.51]
["2009-10-27","10005412","BARRAS D/ACERO 13X26X205 MM","2002","UN",18,141.04,{"v":2538.72,"d":"2,538.72"}]
["2009-10-27","10005417","CONECTORES METALICO LONG 2 5/8X1","2002","UN",3,{"v":38.5,"d":"38.50"},{"v":115.5,"d":"115.50"}]
["2009-10-27","10005418","CONECT.METALICO LONG 2 1/4X1 9/16X5 1/16","2002","UN",12,{"v":45.330000000000005,"d":"45.33"},543.96]
["2021-12-30","10005419","CONECTOR METALICO DE 78 X 20 X 15 MM","2002","UN",8,{"v":31.5,"d":"31.50"},{"v":252,"d":"252.00"}]
["2009-10-27","10005420","CONECTOR METALICO DE 78 X 15 MM","2002","UN",4,{"v":31.5,"d":"31.50"},{"v":126,"d":"126.00"}]
["2009-10-27","10005422","CONECTOR NAR32A P/PARARRAYO 34.5KV","2002","UN",1,{"v":50,"d":"50.00"},{"v":50,"d":"50.00"}]
["2009-10-27","10005423","CONECTOR 3/4 P/SUBESTACION 34.5KV","2002","UN",1,{"v":38.5,"d":"38.50"},{"v":38.5,"d":"38.50"}]
["2021-12-30","10005424","CONECTOR NAR42A-2N P/PARARRAYO 13.8KV","2002","UN",4,45.33,181.32]
["2009-10-27","10005425","CONECTOR ALUMINIO 1 1/2 P/AISLADOR","2002","UN",4,{"v":38.5,"d":"38.50"},{"v":154,"d":"154.00"}]
["2009-10-27","10005426","CONECTOR ALUMINIO NAR6642 AT P/SUBEST.","2002","UN",22,{"v":38.5,"d":"38.50"},{"v":847,"d":"847.00"}]
["2009-10-27","10005427","CONECTOR 1 1/2 P/SUBEST. 138KV R-PDTAV","2002","UN",6,{"v":38.5,"d":"38.50"},{"v":231,"d":"231.00"}]
["2009-10-27","10005428","CONECTOR NNT174 39A P/SUBESTACION 138KV","2002","UN",1,51.15,51.15]
["2009-10-27","10005430","CONECTOR D/13MM D/COBRE","2002","UN",5,{"v":80,"d":"80.00"},{"v":400,"d":"400.00"}]
["2021-12-30","10005431","CONECTOR D/11MM D/COBRE","2002","UN",8,{"v":0,"d":"0.00"},{"v":0,"d":"0.00"}]
["2021-12-30","10005433","CONECTOR REF. NNT445A39A P/SUBESTACION","2002","UN",14,{"v":63.4,"d":"63.40"},{"v":887.6,"d":"887.60"}]
["2009-10-27","10005434","CONECTOR TIPO T D/ALUMINIO P/CABLE 336","2002","UN",9,{"v":38.5,"d":"38.50"},{"v":346.5,"d":"346.50"}]
["2009-10-27","10005443","CONECTOR 3/0 DE COBRE","2002","UN",9,39.75,357.75]
["2009-10-27","10005444","CONECTOR FD64TP/NU P/SISTEMA ALTA TENSIO","2002","UN",1,{"v":40.2,"d":"40.20"},{"v":40.2,"d":"40.20"}]
["2009-10-27","10005445","CONECTOR #6 D/BRONCE","2002","UN",1,53.35,53.35]
["2009-10-27","10005446","CONECTOR TYB 350 P/CONEXION CABLE","2002","UN",4,{"v":38.5,"d":"38.50"},{"v":154,"d":"154.00"}]
["2009-10-27","10005448","CONECTOR 87 PIE D/BRONCE","2002","UN",1,{"v":80,"d":"80.00"},{"v":80,"d":"80.00"}]
["2009-10-27","10005449","CONECTOR 750 MCM D/ALUMNMIO","2002","UN",1,{"v":61.3,"d":"61.30"},{"v":61.3,"d":"61.30"}]
["2010-02-01","10005454","CONECTOR 1/0 D/ALUMINIO P/TUBO FLEXIBLE","2002","UN",8,{"v":70.4,"d":"70.40"},{"v":563.2,"d":"563.20"}]
["2009-10-27","10005457","CONECTOR TERMINAL P/CABLE TIERRA 2/0 VC8","2002","UN",2,57.94,115.88]
["2009-10-27","10005459","CONECTOR D/ALM P/TUBERIA BX 3/4 0 ELECT","2002","UN",8,{"v":345,"d":"345.00"},{"v":2760,"d":"2,760.00"}]
["2019-07-22","10005460","CONECTORES BARRAS D/BRONCE","2002","UN",30,{"v":89.4,"d":"89.40"},{"v":2682,"d":"2,682.00"}]
["2009-10-27","10005461","CONECTOR BURNDY 500 MCM PDT","2002","UN",2,{"v":108.4,"d":"108.40"},{"v":216.8,"d":"216.80"}]
["2021-12-30","10005462","CONECTOR D/COBRE REF. CFC/NY 6-4/0 CB-22","2002","UN",1,{"v":95,"d":"95.00"},{"v":95,"d":"95.00"}]
["2009-10-27","10005463","CONECTOR D/BRONCE MAGO DE 13 MM2","2002","UN",1,{"v":98,"d":"98.00"},{"v":98,"d":"98.00"}]
["2009-10-27","10005464","CONECTOR PENN-UNION R/E-F 1/OSCL 300 MCM","2002","UN",1,{"v":190,"d":"190.00"},{"v":190,"d":"190.00"}]
["2009-10-27","10005466","CONECTOR REF. ILSC0 D2264 DE 4-500 MCM","2002","UN",1,106.94,106.94]
["2009-10-27","10005467","CONECTOR P/INT DE EXC D/FRENAJE","2002","UN",2,{"v":204,"d":"204.00"},{"v":408,"d":"408.00"}]
["2009-10-27","10005468","CONECTOR DE BARRA P/GRUA 70A 600V","2002","UN",7,{"v":198,"d":"198.00"},{"v":1386,"d":"1,386.00"}]
["2009-10-27","10005469","PLANCHA AISLANTE D/VIDRIO 10X10 MM","2002","UN",5,{"v":645,"d":"645.00"},{"v":3225,"d":"3,225.00"}]
["2009-10-27","10005470","PLANCHA AISLANTE D/VIDRIO D/15X100X890MM","2002","UN",22,{"v":140,"d":"140.00"},{"v":3080,"d":"3,080.00"}]
["2021-12-30","10005471","PLANCHA D/CONEXION P/BANDEJA CABLE 1/8X4","2002","UN",392,7.15,{"v":2802.8,"d":"2,802.80"}]
["2009-10-27","10005472","PLANCHA D/CONEXION P/BAND CABLE 1/8X2X3","2002","UN",69,{"v":93.5,"d":"93.50"},{"v":6451.5,"d":"6,451.50"}]
["2009-10-27","10005473","CANDADO METALICO 3''","2002","UN",75,{"v":90,"d":"90.00"},{"v":6750,"d":"6,750.00"}]
["2009-10-27","10005474","LAMINA CIRCUÑAR DE BRONCE DE 6 X 3","2002","UN",33,{"v":40,"d":"40.00"},{"v":1320,"d":"1,320.00"}]
["2009-10-27","10005475","LAMINA D/HIERRO 2X65X1590MM","2002","UN",13,449.04,{"v":5837.52,"d":"5,837.52"}]
["2009-10-27","10005476","LAMINA RECTANGULAR 1/16X7 7/8X38 ACERO P","2002","UN",4,{"v":298,"d":"298.00"},{"v":1192,"d":"1,192.00"}]
["2021-12-30","10005478","\"BRIDAS ACOPLAMIENTO D/TUBERIAS D/4\"\"\"","2002","UN",2,{"v":0,"d":"0.00"},{"v":0,"d":"0.00"}]
["2021-12-30","10005479","BRIDA D/ACOPLAMIENTO D/TUBERIA EXTRA H","2002","UN",4,{"v":240,"d":"240.00"},{"v":960,"d":"960.00"}]
["2009-10-27","10005480","BRIDA D/ACOPLAMIENTO P/TURBINA D/2","2002","UN",6,{"v":240,"d":"240.00"},{"v":1440,"d":"1,440.00"}]
["2009-10-27","10005484","RESETEADOR D/PROTISTOR 1000V 315A","2002","UN",15,{"v":2455,"d":"2,455.00"},{"v":36825,"d":"36,825.00"}]
["2009-10-27","10005488","RESISTOR SCG REF. 3221252 750V","2002","UN",2,{"v":200,"d":"200.00"},{"v":400,"d":"400.00"}]
["2021-12-30","10005491","DIODO REF. D5A 200-12L P/EXCITACION","2004","UN",12,{"v":0,"d":"0.00"},{"v":0,"d":"0.00"}]
["2009-10-27","10005492","FUSIBLE PROTISTOR VOLL SCHUTE TIPO NH4TF","2002","UN",6,{"v":1240,"d":"1,240.00"},{"v":7440,"d":"7,440.00"}]
["2009-10-27","10005496","PUENTE P/BATERIAS NIQUEL -CARMIO DE 125V","2002","UN",11,{"v":78,"d":"78.00"},{"v":858,"d":"858.00"}]
["2024-06-27","10005497","TAPONES D/GOMA P/BANCO DE BATERRIA","2005","UN",17,{"v":0,"d":"0.00"},{"v":0,"d":"0.00"}]
["2021-12-30","10005500","SEPARADORES D/0.8X2.5X161CM R/LAM-TVM-M","2002","UN",1,{"v":67.4,"d":"67.40"},{"v":67.4,"d":"67.40"}]
["2009-10-27","10005502","ACOPLE D/RONCE P/AISLADOR TRANSF 50 MVA","2002","UN",2,{"v":943,"d":"943.00"},{"v":1886,"d":"1,886.00"}]
["2009-10-27","10005503","CARILLA P/ARQUEO DE BUSHING","2002","UN",11,{"v":1430,"d":"1,430.00"},{"v":15730,"d":"15,730.00"}]
["2009-10-27","10005504","CUCHILLO P/SECCIONADOR TIPO SR","2002","UN",3,{"v":1495,"d":"1,495.00"},{"v":4485,"d":"4,485.00"}]
["2009-10-27","10005506","TERMINAL TUB. FLEXIBLE 0 2-1/2","2002","UN",4,43.45,{"v":173.8,"d":"173.80"}]
["2009-10-27","10005507","\"TERMINAL TUBERIA FLEXIBLE 0 2\"\"\"","2002","UN",4,43.05,{"v":172.2,"d":"172.20"}]
["2009-10-27","10005508","TERMINAL TUB.FLEXIBLE 0 1-1/2","2002","UN",4,37.45,{"v":149.8,"d":"149.80"}]
["2009-10-27","10005509","TERMINAL TUB.FLEXIBLE 0 1 1/4","2002","UN",4,{"v":28.4,"d":"28.40"},{"v":113.6,"d":"113.60"}]
["2009-10-27","10005510","\"TERMINAL TUB.FLEXIBLE 0 1\"\"\"","2002","UN",3,28.95,86.85]
["2009-10-27","10005511","TERMINAL TUB. FLEXIBLE 0 3/4","2002","UN",2,39.45,{"v":78.9,"d":"78.90"}]
["2009-10-27","10005513","TERMINAL T/PRENSA P/ATERRIZAJE ELECTRICO","2002","UN",4,{"v":71.1,"d":"71.10"},{"v":284.4,"d":"284.40"}]
["2009-10-27","10005514","ACOPLAMIENTO BRIDA Y ROSCA P/TUB.1 1/2A3","2002","UN",4,{"v":104,"d":"104.00"},{"v":416,"d":"416.00"}]
["2009-10-27","10005516","ACOPLAMIENTO D/3/4 P/TUBERIA SANITARIO","2002","UN",2,{"v":80,"d":"80.00"},{"v":160,"d":"160.00"}]
["2021-12-30","10005517","\"MANGUITO D/ACOP.TUB 3\"\" 0 X7-3/16 B-7 1","2002","UN",1,{"v":1490,"d":"1,490.00"},{"v":1490,"d":"1,490.00"}]
["2009-10-27","10005518","CANDADO TIPO LAMINA 5X32X78","2002","UN",18,{"v":24,"d":"24.00"},{"v":432,"d":"432.00"}]
["2019-12-31","10005519","CANDADO D/TORNILLO GENERADOR","2002","UN",4,{"v":195,"d":"195.00"},{"v":780,"d":"780.00"}]
["2019-12-31","10005520","\"ABRAZADERA P/TUBERIAS DE 5\"\"\"","2002","UN",11,{"v":98.4,"d":"98.40"},{"v":1082.4,"d":"1,082.40"}]
["2009-10-27","10005521","ABRAZADERA PLANA 2 X 5/8","2002","UN",4,{"v":31.4,"d":"31.40"},{"v":125.6,"d":"125.60"}]
["2024-06-27","10005521","ABRAZADERA PLANA 2 X 5/8","2005","UN",1,{"v":0,"d":"0.00"},{"v":0,"d":"0.00"}]
["2024-04-17","10005521","ABRAZADERA PLANA 2 X 5/8","2008","UN",9,{"v":0,"d":"0.00"},{"v":0,"d":"0.00"}]
["2024-04-17","10005521","ABRAZADERA PLANA 2 X 5/8","2011","UN",4,{"v":0,"d":"0.00"},{"v":0,"d":"0.00"}]
["2024-05-10","10005521","ABRAZADERA PLANA 2 X 5/8","2025","UN",33,{"v":1,"d":"1.00"},{"v":33,"d":"33.00"}]
["2021-12-30","10005522","ABRAZADERA ROSCADA DE 2-1/2 X 4-1/2","2002","UN",21,{"v":61.400000000000006,"d":"61.40"},{"v":1289.4,"d":"1,289.40"}]
["2009-10-27","10005526","\"ABRAZADERA DE 8-1/4 X 12\"\"\"","2002","UN",2,{"v":190,"d":"190.00"},{"v":380,"d":"380.00"}]
["2009-10-27","10005533","ABRAZADERA RECTANGULAR 5/16X 2 1/2.","2002","UN",6,{"v":21,"d":"21.00"},{"v":126,"d":"126.00"}]
["2019-12-31","10005542","\"ANILLO GALV. 0 1\"\"\"","2002","UN",17,40.02,680.34]
["2024-07-29","10005549","\"COUPLING D/ACERO D/1 3/4\"\"\"","2015","UN",27,{"v":0,"d":"0.00"},{"v":0,"d":"0.00"}]
["2019-12-31","10005560","TARUGO D/HIERRO 19/16X1-5/8 P/TORN.5/16","2002","UN",337,3.04,{"v":1024.48,"d":"1,024.48"}]
["2009-10-27","10005564","\"MANGUERA FLEXIBLE TIPO BX D/12\"\"X15\"\" P","2002","UN",1,394.05,394.05]
["2009-10-27","10005569","\"REDUCCION UNIVERSAAL 0 2\"\"-3/4\"","2002","UN",1,{"v":47.6,"d":"47.60"},{"v":47.6,"d":"47.60"}]
["2009-10-27","10005576","UNION ALTA PRESION 0 3/4","2002","UN",1,84.95,84.95]
["2009-10-27","10005582","\"UNIONES GALVANIZADAS P/TUBERIA D/3\"\"\"","2002","UN",46,{"v":45,"d":"45.00"},{"v":2070,"d":"2,070.00"}]
["2019-12-31","10005589","NIPLE ROSADO D 3/4 X 1/2","2002","UN",2,{"v":21.1,"d":"21.10"},{"v":42.2,"d":"42.20"}]
["2011-12-06","10005598","CODO GALVANIZADO 1 1/2 90 D PRESION","2001","UN",1,{"v":0,"d":"0.00"},{"v":0,"d":"0.00"}]
["2009-10-27","10005604","TAPON HG 2 PLG","2002","UN",4,{"v":17.5,"d":"17.50"},{"v":70,"d":"70.00"}]
["2009-10-27","10005614","CUÑA D/COBRE ESTA¥ADA 3X10X55 MM","2002","UN",143,{"v":23,"d":"23.00"},{"v":3289,"d":"3,289.00"}]
["2009-10-27","10005617","CUÑA D/ACERO D/2X5X40MM","2002","UN",18,{"v":42,"d":"42.00"},{"v":756,"d":"756.00"}]
["2009-10-27","10005623","PIN CILINDRICO D/30MM X 100MM","2002","UN",1,{"v":33,"d":"33.00"},{"v":33,"d":"33.00"}]
["2009-10-27","10005632","PIN CILINDRICO D/8MM X 32MM","2002","UN",1,{"v":7.6,"d":"7.60"},{"v":7.6,"d":"7.60"}]
["2024-05-10","10005642","CARTONES BELLEMON PARA JUNTA","2021","UN",55,{"v":1,"d":"1.00"},{"v":55,"d":"55.00"}]
["2021-12-30","10005650","CAPACITOR ELECTRICO TIPO 47662433B","2002","UN",2,{"v":200,"d":"200.00"},{"v":400,"d":"400.00"}]
["2009-10-27","10005662","RESORTE TORSION DERECHA REF.CH/5030","2002","UN",1,78.45,78.45]
["2009-10-27","10005680","JUNTA ORING DE 3.6 No.25 REF. F13 P/C VA","2002","UN",3,{"v":63.4,"d":"63.40"},{"v":190.2,"d":"190.20"}]
["2024-08-14","10005710","VARILLA PARA SOLDAR 6013 1/8''","2005","UN",2,{"v":1770,"d":"1,770.00"},{"v":3540,"d":"3,540.00"}]
["2009-10-27","10005717","JUNTA DE GOMA DE 5.3MMS No.32","2002","UN",24,{"v":11.4,"d":"11.40"},{"v":273.6,"d":"273.60"}]
["2009-10-27","10005730","JUNTA ORING No.17 PARA GENERADOR","2002","UN",2,{"v":16.5,"d":"16.50"},{"v":33,"d":"33.00"}]
["2009-10-27","10005731","JUNTA ORING No.13 PARA GENERADOR","2002","UN",4,17.06,68.24]
["2009-10-27","10005742","JUNTA ORING No.10 REF.F35 P/C VAG","2002","UN",1,{"v":61.4,"d":"61.40"},{"v":61.4,"d":"61.40"}]
["2009-10-27","10005754","JUNTA ORING 3.6 #25 P/COMP DESVIO","2002","UN",3,{"v":15.799999999999999,"d":"15.80"},{"v":47.4,"d":"47.40"}]
["2009-10-27","10005756","JUNTA ORING DIAMETRO 1.9 No.7 PARA COMPU","2002","UN",2,{"v":21.4,"d":"21.40"},{"v":42.8,"d":"42.80"}]
["2009-10-27","10005777","SOPORTE DE 50X64X113MMS PARA BOBINA","2002","UN",1,{"v":65.4,"d":"65.40"},{"v":65.4,"d":"65.40"}]
["2019-12-31","10005790","NOTA DE MUSICA DOBLE REF. L2850-F3","2002","UN",45,{"v":345,"d":"345.00"},{"v":15525,"d":"15,525.00"}]
["2019-12-31","10005794","CONTACTO XCM-102 REF.F6 PARA VALVU","2002","UN",6,{"v":240,"d":"240.00"},{"v":1440,"d":"1,440.00"}]
["2009-10-27","10005807","INSULACION SUPERIOR REF.02031-101-02","2002","UN",8,{"v":350,"d":"350.00"},{"v":2800,"d":"2,800.00"}]
["2009-10-27","10005823","JUNTA PLANA DE GOMA DE 1 1/2 REVESTIDA","2002","UN",2,{"v":93.1,"d":"93.10"},{"v":186.2,"d":"186.20"}]
["2009-10-27","10005835","SUJETADOR PARA CABLE ELECTRICO No.308","2002","UN",93,{"v":4.1000000000000005,"d":"4.10"},{"v":381.3,"d":"381.30"}]
["2024-04-17","10005848","BOBINA D/125 VCC","2011","UN",1,{"v":0,"d":"0.00"},{"v":0,"d":"0.00"}]
["2025-01-03","10005873","BROCHA 4\"","2000","UN",108,{"v":106.51861111111111,"d":"106.52"},{"v":11504.01,"d":"11,504.01"}]
["2024-02-15","10005887","LIBRETA RAYADA 5 X 8","2025","UN",6,{"v":27.10166666666667,"d":"27.10"},162.61]
["2024-04-17","10005895","CINTA DE PELIGRO","2011","UN",3,{"v":0,"d":"0.00"},{"v":0,"d":"0.00"}]
["2024-06-18","10005895","CINTA DE PELIGRO","2016","UN",2,{"v":1,"d":"1.00"},{"v":2,"d":"2.00"}]
["2016-12-12","10005921","PINTURA ROJO CHINO","2016","UN",5,{"v":435,"d":"435.00"},{"v":2175,"d":"2,175.00"}]
["2021-12-30","10005937","TAPA PLASTICA P/TOMA CORR 220 MARCA PIAL","2013","UN",2,{"v":0,"d":"0.00"},{"v":0,"d":"0.00"}]
["2019-12-31","10005947","\"ESPANCIADOR P/TARUGO DE HIERRO DE 1\"\"\"","2002","UN",13,{"v":0,"d":"0.00"},{"v":0,"d":"0.00"}]
["2009-10-27","10005958","\"ABRAZADERA P/CABLE CONDUCTORES 1\"\"\"","2002","UN",38,{"v":1,"d":"1.00"},{"v":38,"d":"38.00"}]
["2009-10-27","10005963","\"LAMINA P/FUSIBLE DE CARTUCHO 600V, 100A","2002","UN",9,{"v":1,"d":"1.00"},{"v":9,"d":"9.00"}]
["2009-10-27","10005976","BARRA DE COBRE 215 X 34 X 6 MM","2002","UN",1,{"v":1,"d":"1.00"},{"v":1,"d":"1.00"}]
["2009-10-27","10005989","ORING CILINDRICO DE 185 X 178 X 6 MM","2002","UN",1,{"v":1,"d":"1.00"},{"v":1,"d":"1.00"}]
["2009-10-27","10005992","ORING DE 30 X 24 X 4 MM","2002","UN",2,{"v":1,"d":"1.00"},{"v":2,"d":"2.00"}]
["2009-10-27","10006004","JUNTA PARA VALVULA DE 320 X 250 X 1 MM","2002","UN",4,{"v":1,"d":"1.00"},{"v":4,"d":"4.00"}]
["2024-06-27","10006019","VALVULA DE ALTA PRESION 2''","2005","UN",1,{"v":0,"d":"0.00"},{"v":0,"d":"0.00"}]
["2021-12-30","10006031","TORNILLO TIRABUZON 34 X 5 MM","2002","UN",675,{"v":0,"d":"0.00"},{"v":0,"d":"0.00"}]
["2024-05-10","10006046","JUNTA DE CORCHO 7 1/2\" X 7 1/2\"","2022","UN",24,0.01,0.24]
["2021-12-30","10006047","ACEITE HIDRAULICO 68","2024","UN",715,{"v":0,"d":"0.00"},{"v":0,"d":"0.00"}]
["2024-04-17","10006057","PULSADOR ROJO ZB4BA4","2028","UN",1,{"v":1,"d":"1.00"},{"v":1,"d":"1.00"}]
["2021-12-30","10006085","\"PIEDRA DE ESMERIL  CIRCULAR 3550 7\"\" X","2002","UN",4,{"v":1,"d":"1.00"},{"v":4,"d":"4.00"}]
["2021-12-30","10006092","CANCAMO 1 1/2\"","2002","UN",16,{"v":1,"d":"1.00"},{"v":16,"d":"16.00"}]
["2009-10-27","10006105","PLATILLO PARA FLITRO 245 X 21MM","2002","UN",2,{"v":1,"d":"1.00"},{"v":2,"d":"2.00"}]
["2009-10-27","10006113","LAMINA DE 9.5 X 20MM","2002","UN",102,{"v":1,"d":"1.00"},{"v":102,"d":"102.00"}]
["2009-10-27","10006127","ORING CIRCULAR DE 254 X 254 X 3MM","2002","UN",10,{"v":1,"d":"1.00"},{"v":10,"d":"10.00"}]
["2009-10-27","10006139","INTERRUPTOR D/PRESION 7992 (USADO]","2002","UN",1,{"v":14300,"d":"14,300.00"},{"v":14300,"d":"14,300.00"}]
["2009-10-27","10006141","CHECK D/BRONC DE SEGRD 1/2\"","2002","UN",1,41.04,41.04]
["2021-12-30","10006149","RODAMIENTO D/RODILLO 22212 60X110X28MM","2002","UN",3,{"v":2095,"d":"2,095.00"},{"v":6285,"d":"6,285.00"}]
["2009-10-27","10006159","RODAMIENTO DE RODILLO 21322E","2002","UN",1,{"v":1950,"d":"1,950.00"},{"v":1950,"d":"1,950.00"}]
["2009-10-27","10006166","RODAMIENTO D/BOLA 6200 10X30X9MM","2002","UN",1,{"v":206,"d":"206.00"},{"v":206,"d":"206.00"}]
["2021-12-30","10006175","RODAMIENTO 6207 ZZ D/35 X 72 X 17 NKS","2003","UN",2,{"v":0,"d":"0.00"},{"v":0,"d":"0.00"}]
["2009-10-27","10006190","RODAMIENTO 6204","2002","UN",7,{"v":68,"d":"68.00"},{"v":476,"d":"476.00"}]
["2024-06-27","10006190","RODAMIENTO 6204","2007","UN",2,0.01,0.02]
["2021-12-30","10006196","RODAMIENTO D/BOLA 6302 D/15X42X13","2002","UN",4,{"v":188.9,"d":"188.90"},{"v":755.6,"d":"755.60"}]
["2009-10-27","10006215","RODAMIENTO D/BOLA 6204 RCR","2002","UN",2,{"v":68,"d":"68.00"},{"v":136,"d":"136.00"}]
["2021-12-30","10006216","RODAMIENTO D/BOLA 6202 2ZR","2002","UN",17,{"v":0,"d":"0.00"},{"v":0,"d":"0.00"}]
["2009-10-27","10006227","CASQUILLO AUTOLUBRICANTE DE 240 X","2002","UN",4,{"v":675,"d":"675.00"},{"v":2700,"d":"2,700.00"}]
["2009-10-27","10006247","VALVULA DIRECCIONAL REF-R900224614","2002","UN",4,{"v":304,"d":"304.00"},{"v":1216,"d":"1,216.00"}]
["2024-06-27","10006249","VALVULA CONTRA INCEN D/BRONCE DE 2 1/2","2005","UN",4,{"v":0,"d":"0.00"},{"v":0,"d":"0.00"}]
["2009-10-27","10006268","VALVULA DE SEGURIDAD DBDS 6 K12/50 PT","2002","UN",1,{"v":1400,"d":"1,400.00"},{"v":1400,"d":"1,400.00"}]
["2021-12-30","10006278","SERPENTIN O SEA P369 2002 A-2100","2002","UN",2,{"v":0,"d":"0.00"},{"v":0,"d":"0.00"}]
["2009-10-27","10006279","CUÑA CONTRA PESO RODETE ACERO INIXIDABLE","2002","UN",35,68.45,{"v":2395.75,"d":"2,395.75"}]
["2009-10-27","10006295","UNIDAD DISTRIBUCION PRINCIPAL (TORRE)","2002","UN",1,{"v":8700,"d":"8,700.00"},{"v":8700,"d":"8,700.00"}]
["2009-10-27","10006305","RELE LINE ELECTRIC 110VDC REF. MK D3D","2002","UN",5,{"v":215,"d":"215.00"},{"v":1075,"d":"1,075.00"}]
["2009-10-27","10006310","RELE D/VELOCIDAD C/CONTACTO D/CAMB. 250V","2002","UN",4,{"v":5600,"d":"5,600.00"},{"v":22400,"d":"22,400.00"}]
["2009-10-27","10006330","RELE MINIMA TENSION REF-E51-ID","2002","UN",2,{"v":1870,"d":"1,870.00"},{"v":3740,"d":"3,740.00"}]
["2009-10-27","10006337","RELAY TEMPORIZADO AUX 120V","2002","UN",6,{"v":465,"d":"465.00"},{"v":2790,"d":"2,790.00"}]
["2024-04-17","10006347","INTERRUPTOR D/POTENCIA 150A-3 POLOS","2011","UN",1,{"v":0,"d":"0.00"},{"v":0,"d":"0.00"}]
["2009-10-27","10006356","BOBINAS 40760 CONTACTORES","2002","UN",2,{"v":2300,"d":"2,300.00"},{"v":4600,"d":"4,600.00"}]
["2009-10-27","10006364","CONTACTO PRINCIPAL MOVIL PARA DISYUNTOR","2002","UN",1,{"v":18400.4,"d":"18,400.40"},{"v":18400.4,"d":"18,400.40"}]
["2019-12-31","10006370","CONTACTO AUX. VOLTAJE MAYOR 150V AC","2002","UN",2,{"v":0,"d":"0.00"},{"v":0,"d":"0.00"}]
["2009-10-27","10006376","CONTACTO FIJO 277A17","2002","UN",6,{"v":65.89999999999999,"d":"65.90"},{"v":395.4,"d":"395.40"}]
["2009-10-27","10006383","CONTACT FIJO PRINC. P/CONTACTO TS/TD","2002","UN",20,{"v":173,"d":"173.00"},{"v":3460,"d":"3,460.00"}]
["2009-10-27","10006394","CONTACTOR P/CONTROL LUBRICACION FORZADA","2002","UN",2,{"v":6645,"d":"6,645.00"},{"v":13290,"d":"13,290.00"}]
["2019-12-31","10006408","CAMARA INTERRUPCION TMA-87337 TIPO DB1","2002","UN",3,{"v":0,"d":"0.00"},{"v":0,"d":"0.00"}]
["2019-12-31","10006414","PLATILLO DE 1/2 X 4 X 3/8 P/CENTRAR","2002","UN",4,{"v":0,"d":"0.00"},{"v":0,"d":"0.00"}]
["2019-12-31","10006422","INDICADOR NIVEL D/ACEITE 744A 948BB G50","2002","UN",1,{"v":0,"d":"0.00"},{"v":0,"d":"0.00"}]
["2019-12-31","10006437","CAJA PARA PANELES","2002","UN",2,{"v":0,"d":"0.00"},{"v":0,"d":"0.00"}]
["2021-12-30","10006445","CAJA D/METAL 18X30X30 P/INSTALACION ELEC","2002","UN",1,{"v":26.5,"d":"26.50"},{"v":26.5,"d":"26.50"}]
["2017-09-29","10006450","ELECTROVALVULA ANULACION MANUAL D 4/2VIA","2002","UN",4,{"v":5695,"d":"5,695.00"},{"v":22780,"d":"22,780.00"}]
["2024-06-27","10006454","MEDIDOR NIVEL ACEITE DE LA TURBINA","2005","UN",1,{"v":0,"d":"0.00"},{"v":0,"d":"0.00"}]
["2009-10-27","10006486","PORTA FUSIBLE WETER 500V 25A","2002","UN",3,{"v":280,"d":"280.00"},{"v":840,"d":"840.00"}]
["2019-12-31","10006503","PORTA ESCOBILLAS SIMPLE","2002","UN",13,{"v":0,"d":"0.00"},{"v":0,"d":"0.00"}]
["2009-10-27","10006514","POLO DE ROTOR GENERADOR 50 MUA","2002","UN",1,{"v":29450,"d":"29,450.00"},{"v":29450,"d":"29,450.00"}]
["2009-10-27","10006538","BOMBA D/AIRE MANUAL P/PRUEBA DE RELE","2002","UN",2,{"v":3400,"d":"3,400.00"},{"v":6800,"d":"6,800.00"}]
["2009-10-27","10006547","TORNILLO 7/8 X 2 1/2 X 15/16 HEXAGONAL","2002","UN",9,6.03,54.27]
["2009-10-27","10006556","TORNILLO 30 X 65 X 46 HEXASGONAL","2002","UN",11,{"v":37.5,"d":"37.50"},{"v":412.5,"d":"412.50"}]
["2019-12-31","10006564","TORNILLO 20 X 70 X 30 HEXAGONAL","2002","UN",6,{"v":19.400000000000002,"d":"19.40"},{"v":116.4,"d":"116.40"}]
["2021-12-30","10006569","TORNILLO ALLEN CAB. EXAG. 20 X 40 X 17","2002","UN",161,48.15,{"v":7752.15,"d":"7,752.15"}]
["2021-12-30","10006580","TORNILLO CAB. EXAG. 5/8 X 1/2 X 15/16 NF","2002","UN",156,36.35,{"v":5670.6,"d":"5,670.60"}]
["2019-12-31","10006589","TERMINAL METRICO VERDE 16-14 HEMBRA","2002","UN",1,{"v":0,"d":"0.00"},{"v":0,"d":"0.00"}]
["2009-10-27","10006596","TORNILLO 8 X 20 X 13 REDONDO","2002","UN",7,19.75,138.25]
["2009-10-27","10006600","TORNILLO CAB. HEXAG. 12 X 170 X 19MM","2002","UN",5,41.43,207.15]
["2021-12-30","10006607","TORNILLO 3/8 X 1/2 X 5/8 AVELLANA","2002","UN",450,{"v":21.4,"d":"21.40"},{"v":9630,"d":"9,630.00"}]
["2009-10-27","10006616","TORNILLO CAB.HEX.20X60X30 MM","2002","UN",2,{"v":11.4,"d":"11.40"},{"v":22.8,"d":"22.80"}]
["2021-12-30","10006628","TORNILLO CABEZA HEXAGONAL 16 X 30 X 24MM","2002","UN",23,{"v":6,"d":"6.00"},{"v":138,"d":"138.00"}]
["2009-10-27","10006637","TORNILLO CAB. ALLEN DE ACERO 3/4X4X11/16","2002","UN",3,{"v":6,"d":"6.00"},{"v":18,"d":"18.00"}]
["2009-10-27","10006649","TORNILLO  8 X 40 X 13 HEXAGONAL D/ACERO","2002","UN",4,{"v":3,"d":"3.00"},{"v":12,"d":"12.00"}]
["2009-10-27","10006661","TUERCA 1 1/4 X 2","2002","UN",14,{"v":8.4,"d":"8.40"},{"v":117.6,"d":"117.60"}]
["2019-12-31","10006667","TUERCA HEXAGONAL 11/16 X 1 1/8","2002","UN",1,3.11,3.11]
["2021-12-30","10006671","TUERCA HEXAGONAL 11/16 X 1 1/4","2002","UN",4,3.25,{"v":13,"d":"13.00"}]
["2009-10-27","10006686","TUERCA HEXAGONAL 7/32 X 1/2","2002","UN",41,{"v":3.1500000000000004,"d":"3.15"},129.15]
["2009-10-27","10006687","TUERCA 5/16 X 5/8","2002","UN",5,4.12,{"v":20.6,"d":"20.60"}]
["2009-10-27","10006696","TUERCA HEXAGONAL DE 1 7/8 X 3","2002","UN",90,{"v":4.0200000000000005,"d":"4.02"},{"v":361.8,"d":"361.80"}]
["2024-09-25","10006712","ARANDELA DE HIERRO 3/8 PLG","2011","UN",5,{"v":0,"d":"0.00"},{"v":0,"d":"0.00"}]
["2009-10-27","10006713","\"ARANDELA DE BRONCE DI= 3/8 A 1\"\"\"","2002","UN",33,1.01,33.33]
["2009-10-27","10006732","ARANDELA DE AMIANTO 44 X 32 X 3MM","2002","UN",21,{"v":14,"d":"14.00"},{"v":294,"d":"294.00"}]
["2019-12-31","10006736","ARANDELA DE HIERRO DE 24 X 8.5 X 2MM","2002","UN",15,12.25,183.75]
["2019-12-31","10006740","\"ARANDELA DE PRESION DE COBRE DE 1/2\"\"\"","2002","UN",166,{"v":3.5,"d":"3.50"},{"v":581,"d":"581.00"}]
["2019-12-31","10006754","\"ARANDELA GALV. DE 2\"\" A 7/8 TIPPO CANDA","2002","UN",418,{"v":6.1499999999999995,"d":"6.15"},{"v":2570.7,"d":"2,570.70"}]
["2024-05-10","10006761","ARANDELA DE CORCHO 2 3/4\"","2022","UN",1,{"v":0,"d":"0.00"},{"v":0,"d":"0.00"}]
["2009-10-27","10006766","ARANDELA CUADRADA DE 40X19  0.5X0.5 MM","2002","UN",5,{"v":23.4,"d":"23.40"},{"v":117,"d":"117.00"}]
["2019-12-31","10006778","ARANDELA D/PRESION DE 1X1-5/8X1/4","2002","UN",767,2.15,{"v":1649.05,"d":"1,649.05"}]
["2009-10-27","10006790","ESPARRAGO 48X210 DOBLE ROSCA","2002","UN",1,38.92,38.92]
["2009-10-27","10006802","ESPARRAGO DE 16X94MMS","2002","UN",2,28.19,56.38]
["2021-12-30","10006813","TORNILLO HEXAGONAL 30X120X46","2002","UN",32,{"v":0,"d":"0.00"},{"v":0,"d":"0.00"}]
["2021-12-30","10006820","TORNILLO ALLEN 5/8X-1/2X1/2","2002","UN",2,{"v":9.1,"d":"9.10"},{"v":18.2,"d":"18.20"}]
["2021-12-30","10006834","TORNILLO HEXAGONAL 3/4 X 3 X 1-1/8","2002","UN",77,14.28,{"v":1099.56,"d":"1,099.56"}]
["2021-12-30","10006846","TORNILLO HEXAGONAL DE 1/2 X 7 X 7/8","2002","UN",88,54.15,{"v":4765.2,"d":"4,765.20"}]
["2021-12-30","10006853","TORNILLO 16 X 51X24","2002","UN",34,{"v":3.4,"d":"3.40"},{"v":115.6,"d":"115.60"}]
["2021-12-30","10006864","TORNILLO HEXG.11X55.5 X 19 MM","2002","UN",1,{"v":0,"d":"0.00"},{"v":0,"d":"0.00"}]
["2021-12-30","10006882","TORNILLO HEXG 16 X 64 X 26 MM","2002","UN",44,{"v":41.800000000000004,"d":"41.80"},{"v":1839.2,"d":"1,839.20"}]
["2009-10-27","10006888","PASADOR PIN CONICO DE 6 X 40 MM","2002","UN",1,2.95,2.95]
["2009-10-27","10006905","ELECTRO-PRESILEC DE 125VDC REF.770-352","2002","UN",1,{"v":1545,"d":"1,545.00"},{"v":1545,"d":"1,545.00"}]
["2009-10-27","10006913","RELE TIPO SET DE 220V REF.05721139-52412","2002","UN",1,{"v":395,"d":"395.00"},{"v":395,"d":"395.00"}]
["2019-12-31","10006923","INTERRUPTOR AUTOMATICO DE L-20A","2002","UN",2,{"v":615,"d":"615.00"},{"v":1230,"d":"1,230.00"}]
["2009-10-27","10006945","ARANDELA DE PRESION DE 10X2MMS","2002","UN",45,2.38,{"v":107.1,"d":"107.10"}]
["2019-12-31","10006952","\"BREAKER P/CIRCUITO D/250 AMP., 660 VAC\"","2002","UN",3,{"v":0,"d":"0.00"},{"v":0,"d":"0.00"}]
["2009-10-27","10006962","VALVULA DE SEGURIDAD DE 3/4 REF.KP/CN2","2002","UN",1,{"v":2140,"d":"2,140.00"},{"v":2140,"d":"2,140.00"}]
["2009-10-27","10006976","PASAMANO DE 60X15X10MMS REF. F8 PARA","2002","UN",2,{"v":240,"d":"240.00"},{"v":480,"d":"480.00"}]
["2019-12-31","10006984","ELECTROVALVULA HYDRONORMA DE 125A 0.","2002","UN",3,{"v":2990,"d":"2,990.00"},{"v":8970,"d":"8,970.00"}]
["2009-10-27","10007004","MOLDE DE 60MMS PARA SOLDAR CABEZA","2002","UN",2,{"v":81,"d":"81.00"},{"v":162,"d":"162.00"}]
["2009-10-27","10007012","ESPARRAGO SUPERIOR DE 20X104MMS U3","2002","UN",2,{"v":41,"d":"41.00"},{"v":82,"d":"82.00"}]
["2009-10-27","10007015","ESPARRAGO M 12 X 125 P/C VAGON","2002","UN",1,{"v":19,"d":"19.00"},{"v":19,"d":"19.00"}]
["2019-12-31","10007031","TUERCA HEXAGONAL M14 PARA VENTILADOR","2002","UN",2,{"v":0,"d":"0.00"},{"v":0,"d":"0.00"}]
["2009-10-27","10007039","TUERCA HEXAGONAL HM16 REF. F3 PARA CO","2002","UN",1,2.05,2.05]
["2009-10-27","10007060","TUERCA MIO P/VENTILADOR EXAG.","2002","UN",2,1.04,2.08]
["2021-12-30","10007069","TORNILLO ALLEN 6X20MMS","2002","UN",2,35.94,71.88]
["2009-10-27","10007076","TORNILLO HEXAGONAL DE 14X50MMS PARA V","2002","UN",2,7.05,{"v":14.1,"d":"14.10"}]
["2021-12-30","10007091","TORNILLO ALLEN DE 10X35MMS REF. F1 PARA","2002","UN",2,38.45,{"v":76.9,"d":"76.90"}]
["2021-12-30","10007105","TORNILLO HEXAGONAL DE 6X16 CP-20 REF. 17","2002","UN",1,{"v":20,"d":"20.00"},{"v":20,"d":"20.00"}]
["2024-06-27","10007107","TORNILLO ALLEN HIERRO NEGRO 12 X 32 MM","2005","UN",29,{"v":0,"d":"0.00"},{"v":0,"d":"0.00"}]
["2009-10-27","10007118","TORNILLO CILINDRICO DE 12X35MMS","2002","UN",9,4.21,37.89]
["2009-10-27","10007128","AMPERIMETRO D/0 A 500 AMPS. TIPO HC100","2002","UN",2,{"v":4220,"d":"4,220.00"},{"v":8440,"d":"8,440.00"}]
["2009-10-27","10007150","TORNILLO HEXAGONAL DE 20X40MMS PARA","2002","UN",1,4.25,4.25]
["2021-12-30","10007160","TORNILLO HEXAGONAL DE 16X40MMS P/C VAGON","2002","UN",2,14.14,28.28]
["2021-12-30","10007170","TORNILLO HEXAGONAL HM6X25/2251 P/C VA","2002","UN",1,{"v":19.2,"d":"19.20"},{"v":19.2,"d":"19.20"}]
["2009-10-27","10007185","TORNILLO HEXAGONAL 6X20MMS REF. F3","2002","UN",2,14.13,28.26]
["2021-12-30","10007206","ARANDELA PLANA DE 13X3MMS","2002","UN",190,{"v":0,"d":"0.00"},{"v":0,"d":"0.00"}]
["2019-12-31","10007219","\"MANOMETRO DE 0-40KG/CM2 DE 1/2\"\" TIPO\"","2002","UN",3,{"v":635,"d":"635.00"},{"v":1905,"d":"1,905.00"}]
["2009-10-27","10007230","\"VALVULA DEL SELENOIDE 34VA SIZE 3/8\"\" 1","2002","UN",1,{"v":4295.5,"d":"4,295.50"},{"v":4295.5,"d":"4,295.50"}]
["2009-10-27","10007256","TUERCA HEXAGONAL 3/4 ROCA GRUESA","2002","UN",2,{"v":1,"d":"1.00"},{"v":2,"d":"2.00"}]
["2019-12-31","10007257","TORNILLO HEXAGONAL 5/8 X 4 X 1/16","2002","UN",5,{"v":0,"d":"0.00"},{"v":0,"d":"0.00"}]
["2011-02-01","10007289","TERMINAL DE PUNTA REDONDA TY302","2002","UN",{"v":7800,"d":"7,800"},{"v":0,"d":"0.00"},{"v":0,"d":"0.00"}]
["2021-12-30","10007299","FOTOCELDA 1000W 105-285V","2002","UN",90,{"v":0,"d":"0.00"},{"v":0,"d":"0.00"}]
["2021-12-30","10007299","FOTOCELDA 1000W 105-285V","2004","UN",32,{"v":0,"d":"0.00"},{"v":0,"d":"0.00"}]
["2009-10-27","10007315","JUNTA FLA D/44 X 75 X 5","2009","UN",4,{"v":13,"d":"13.00"},{"v":52,"d":"52.00"}]
["2009-10-27","10007320","JUNTA P/TANQUE DIAMETRO 20","2009","UN",4,{"v":25,"d":"25.00"},{"v":100,"d":"100.00"}]
["2024-06-27","10007324","JUNTA P/VAL DR 150 DE 6","2005","UN",100,{"v":0,"d":"0.00"},{"v":0,"d":"0.00"}]
["2009-10-27","10007337","JUNTA D/BRIDA 180X22D MM","2009","UN",1,{"v":20,"d":"20.00"},{"v":20,"d":"20.00"}]
["2009-10-27","10007357","JUNTA TORICA R-02444685","2009","UN",4,{"v":130,"d":"130.00"},{"v":520,"d":"520.00"}]
["2019-12-31","10007367","JUNTA REF.SE-100-C428","2009","UN",1,{"v":25,"d":"25.00"},{"v":25,"d":"25.00"}]
["2009-10-27","10007374","JUNTA REF.67540204","2009","UN",2,{"v":30,"d":"30.00"},{"v":60,"d":"60.00"}]
["2009-10-27","10007384","JUNTA TORICA 21 X 3 X 3.6","2009","UN",2,{"v":60,"d":"60.00"},{"v":120,"d":"120.00"}]
["2009-10-27","10007389","JUNTA TORICA DE 26.2 X 3.6","2009","UN",3,{"v":75,"d":"75.00"},{"v":225,"d":"225.00"}]
["2019-12-31","10007394","SELLO REF.67540202","2009","UN",1,{"v":71.1,"d":"71.10"},{"v":71.1,"d":"71.10"}]
["2021-12-30","10007409","UNION DE TUBERIA UNIVERSAL 2 1/2","2009","UN",1,{"v":63.4,"d":"63.40"},{"v":63.4,"d":"63.40"}]
["2009-10-27","10007416","UNION P/TUBERIA INOX DE 14MM","2009","UN",1,105.09,105.09]
["2009-10-27","10007428","CEBOLLA DE PRESION","2009","UN",1,{"v":90,"d":"90.00"},{"v":90,"d":"90.00"}]
["2009-10-27","10007435","CORDON CALIBRE 16","2009","UN",2,{"v":75,"d":"75.00"},{"v":150,"d":"150.00"}]
["2021-12-30","10007440","BRIDA INOX DE 30X80X190MM","2009","UN",8,{"v":290,"d":"290.00"},{"v":2320,"d":"2,320.00"}]
["2024-09-25","10007456","BRIDA 8 AGUJERO SW4-150 LIBRA RF B-16","2011","UN",3,{"v":3000,"d":"3,000.00"},{"v":9000,"d":"9,000.00"}]
["2024-06-18","10007462","BRIDA ROSCADA DE 1\" X 4\" DE 4 AGUJEROS","2027","UN",10,{"v":1,"d":"1.00"},{"v":10,"d":"10.00"}]
["2019-12-31","10007469","JUNTA DEVALVULA DEAGUA DE 5X65MN","2009","UN",4,{"v":18,"d":"18.00"},{"v":72,"d":"72.00"}]
["2009-10-27","10007478","JUNTA REF. 30160","2009","UN",1,{"v":36.5,"d":"36.50"},{"v":36.5,"d":"36.50"}]
["2009-10-27","10007491","JUNTA TORICA 35.6 X 3.6","2009","UN",1,6.14,6.14]
["2009-10-27","10007499","JUNTA TORICA DE 5.3 X 43.9","2009","UN",6,{"v":4.1000000000000005,"d":"4.10"},{"v":24.6,"d":"24.60"}]
["2009-10-27","10007505","JUTNA TORICA DE 101 X 5.3","2009","UN",3,{"v":11.200000000000001,"d":"11.20"},{"v":33.6,"d":"33.60"}]
["2019-12-31","10007513","JUNTA PARA VALVULA DE TUBERIA 30X70","2009","UN",5,{"v":19,"d":"19.00"},{"v":95,"d":"95.00"}]
["2019-12-31","10007526","FILTRO REF. 70N-4N90","2009","UN",6,{"v":350,"d":"350.00"},{"v":2100,"d":"2,100.00"}]
["2009-10-27","10007535","FORRO DE FRENO W163","2009","UN",1,{"v":61,"d":"61.00"},{"v":61,"d":"61.00"}]
["2009-10-27","10007550","RING DE 300 /70MM","2009","UN",1,12.15,12.15]
["2009-10-27","10007569","O'RING DE GOMA 50X7","2009","UN",1,{"v":7,"d":"7.00"},{"v":7,"d":"7.00"}]
["2009-10-27","10007575","ORING DE GOMA 30X1","2009","UN",4,{"v":4,"d":"4.00"},{"v":16,"d":"16.00"}]
["2009-10-27","10007586","ORING DE 5X72 MM","2009","UN",1,3.15,3.15]
["2009-10-27","10007592","ORING DE 2X100MM","2009","UN",1,15.04,15.04]
["2019-12-31","10007600","ABRAZADERA D/SOPORTE D/TUB. DE 40MM","2009","UN",102,{"v":8.5,"d":"8.50"},{"v":867,"d":"867.00"}]
["2019-12-31","10007605","CONECTOR D/ALUMINIO PARA EMPALME","2009","UN",19,{"v":1645.05,"d":"1,645.05"},{"v":31255.95,"d":"31,255.95"}]
["2009-10-27","10007613","CANDADO DE 22 X 66MM","2009","UN",1,{"v":142,"d":"142.00"},{"v":142,"d":"142.00"}]
["2019-12-31","10007623","CANDADO DE 10X75MM","2009","UN",8,{"v":14.2,"d":"14.20"},{"v":113.6,"d":"113.60"}]
["2009-10-27","10007632","CONECTOR DE COBRE DE 40 MM","2009","UN",11,{"v":5.5,"d":"5.50"},{"v":60.5,"d":"60.50"}]
["2019-12-31","10007640","BOLINE PARA TARUGO","2009","UN",10,{"v":43,"d":"43.00"},{"v":430,"d":"430.00"}]
["2009-10-27","10007652","EMPALME DE 60MM","2009","UN",2,{"v":540,"d":"540.00"},{"v":1080,"d":"1,080.00"}]
["2019-12-31","10007659","FILAMENTO P/LAMPARA D/ALOGENO D/11X118MM","2009","UN",27,{"v":195,"d":"195.00"},{"v":5265,"d":"5,265.00"}]
["2009-10-27","10007669","FUSIBLE LEGRAND C/PERCUTOR 16A","2009","UN",10,{"v":18,"d":"18.00"},{"v":180,"d":"180.00"}]
["2009-10-27","10007685","FUSIBLE FERRAZ AM 25A 500VS","2009","UN",4,27.75,{"v":111,"d":"111.00"}]
["2009-10-27","10007687","FUSIBLE FERRAZ AM 63A 22 X 58 500VS","2009","UN",6,30.14,180.84]
["2009-10-27","10007696","FUSIBLE AUXILIAR GG 2A 500VS","2009","UN",13,21.41,278.33]
["2021-12-30","10007705","FUSIBLE RAPIDO DE POTENCIA 200A 660-700V","2009","UN",6,{"v":0,"d":"0.00"},{"v":0,"d":"0.00"}]
["2021-12-30","10007708","DIODO ZENER REF.5KAA 33.3VS","2009","UN",12,{"v":138,"d":"138.00"},{"v":1656,"d":"1,656.00"}]
["2009-10-27","10007727","AISLADOR P/TERMINAL 13.8KV","2009","UN",1,{"v":600,"d":"600.00"},{"v":600,"d":"600.00"}]
["2009-10-27","10007748","SONDA D/TEMPERATURA C/RESIST.D/100","2009","UN",2,{"v":21.8,"d":"21.80"},{"v":43.6,"d":"43.60"}]
["2019-12-31","10007750","SONDA DE TEMPERATURA DE GENERADORRF","2009","UN",2,{"v":5075,"d":"5,075.00"},{"v":10150,"d":"10,150.00"}]
["2009-10-27","10007758","PIN DE 41X50MM","2009","UN",3,47.51,142.53]
["2009-10-27","10007767","PIN TIPO LAPIZ DE 6.60X60","2009","UN",1,{"v":90,"d":"90.00"},{"v":90,"d":"90.00"}]
["2009-10-27","10007768","PINES ABIERTO DE 6X3","2009","UN",1,{"v":80.5,"d":"80.50"},{"v":80.5,"d":"80.50"}]
["2024-07-29","10007779","UNION UNIVERSAL DE 1/4","2015","UN",1,{"v":0,"d":"0.00"},{"v":0,"d":"0.00"}]
["2021-12-30","10007782","TORNILLO CAB. HEX. D/HIERO 6.8 12X50 MM","2009","UN",19,{"v":130,"d":"130.00"},{"v":2470,"d":"2,470.00"}]
["2019-12-31","10007798","ORING DE 2.5 X 100 MM","2009","UN",9,{"v":1,"d":"1.00"},{"v":9,"d":"9.00"}]
["2009-10-27","10007809","ORING DE 5 X 76 MM","2009","UN",3,{"v":1,"d":"1.00"},{"v":3,"d":"3.00"}]
["2009-10-27","10007819","JUNTA DE AMIANTO DE 0.5 X 39 MM","2009","UN",2,{"v":1,"d":"1.00"},{"v":2,"d":"2.00"}]
["2021-12-30","10007823","INDICADOR LUMINOSO VERDE REF. XB2 BU63","2009","UN",96,{"v":1,"d":"1.00"},{"v":96,"d":"96.00"}]
["2009-10-27","10007832","\"BOMBILLO DE SEÑALES 60V, 40UA,  MA  100","2009","UN",1,{"v":1,"d":"1.00"},{"v":1,"d":"1.00"}]
["2019-12-31","10007851","LIMA CUADRADA 200MM","2009","UN",14,{"v":1,"d":"1.00"},{"v":14,"d":"14.00"}]
["2009-10-27","10007857","TORNILLO C/TUERCA CAB. HEX. INOX. 22X59M","2009","UN",2,{"v":1,"d":"1.00"},{"v":2,"d":"2.00"}]
["2009-10-27","10007862","TORNILLO CAB. HEX. DE HIERRO HM 20X90 MM","2009","UN",1,{"v":1,"d":"1.00"},{"v":1,"d":"1.00"}]
["2013-06-26","10007875","RASTRILLO","2009","UN",20,{"v":1,"d":"1.00"},{"v":20,"d":"20.00"}]
["2009-10-27","10007880","TAPA D/POTENCIOMETRO 5150 IPC OHMITE","2009","UN",1,{"v":1,"d":"1.00"},{"v":1,"d":"1.00"}]
["2009-10-27","10007890","UNIDAD D/ALIM PLC OTI-I E-STAND-02","2009","UN",1,{"v":1,"d":"1.00"},{"v":1,"d":"1.00"}]
["2019-12-31","10007902","TARUGO RAWL PLUG METAL M16","2009","UN",72,{"v":1,"d":"1.00"},{"v":72,"d":"72.00"}]
["2024-06-18","10007912","MANOMETRO DE 0 A 400 BAR","2016","UN",2,{"v":0,"d":"0.00"},{"v":0,"d":"0.00"}]
["2009-10-27","10007921","VALVULA DE ESCAPE REF.50-00-670-730","2009","UN",1,{"v":200,"d":"200.00"},{"v":200,"d":"200.00"}]
["2019-12-31","10007926","CODO UNION D/TUBERIA 19X44MM","2009","UN",4,{"v":2600,"d":"2,600.00"},{"v":10400,"d":"10,400.00"}]
["2021-12-30","10007931","\"CODO DE UNION DE 1\"\" Y 18 MM\"","2009","UN",8,{"v":38,"d":"38.00"},{"v":304,"d":"304.00"}]
["2019-12-31","10007942","DIAGRAMA PLASTICO DE 100X0.8","2009","UN",2,{"v":180,"d":"180.00"},{"v":360,"d":"360.00"}]
["2009-10-27","10007951","BASE DE RELE ABB REF R58451","2009","UN",1,{"v":25,"d":"25.00"},{"v":25,"d":"25.00"}]
["2019-11-28","10007959","AISLADOR PORCELANA","2027","UN",3,{"v":0,"d":"0.00"},{"v":0,"d":"0.00"}]
["2021-12-30","10007969","RODAMIENTO 7210 BECBP SKF","2009","UN",2,{"v":0,"d":"0.00"},{"v":0,"d":"0.00"}]
["2019-12-31","10007979","CASQUILLO DE 30MM","2009","UN",31,{"v":40,"d":"40.00"},{"v":1240,"d":"1,240.00"}]
["2019-12-31","10007987","CAJA DE EQUILIBRIO DE 35 X 60MM","2009","UN",2,{"v":400,"d":"400.00"},{"v":800,"d":"800.00"}]
["2019-12-31","10007996","RETENEDORA 70X85X21","2009","UN",2,{"v":105,"d":"105.00"},{"v":210,"d":"210.00"}]
["2009-10-27","10008003","REPUESTO P/AUTOMATA","2009","UN",1,98.03,98.03]
["2009-10-27","10008012","ELECTRO FRENO P/PUENTE DE GRUA","2009","UN",1,{"v":375,"d":"375.00"},{"v":375,"d":"375.00"}]
["2019-12-31","10008027","ACOPLAMIENTO P/BARRA DE SECC R-1857","2009","UN",14,121.05,{"v":1694.7,"d":"1,694.70"}]
["2009-10-27","10008037","CODO P/TUBERIA DE 152X55","2009","UN",1,204.03,204.03]
["2019-12-31","10008048","CODO DE 165 X 95MM","2009","UN",4,{"v":320,"d":"320.00"},{"v":1280,"d":"1,280.00"}]
["2009-10-27","10008062","CONO DE TUBERIA 110X90","2009","UN",1,185.04,185.04]
["2019-12-31","10008073","CODO DE TUBERIA 140X115","2009","UN",8,{"v":31.5,"d":"31.50"},{"v":252,"d":"252.00"}]
["2009-10-27","10008089","TEE P/TUBERIA DE 152X65","2009","UN",5,{"v":100.4,"d":"100.40"},{"v":502,"d":"502.00"}]
["2019-12-31","10008108","RELE INSTANTANEO C5 220 VCC","2009","UN",1,{"v":318,"d":"318.00"},{"v":318,"d":"318.00"}]
["2019-12-31","10008117","RELE A CONTACTO DE PASO 125 VCC/CA","2009","UN",7,{"v":14200,"d":"14,200.00"},{"v":99400,"d":"99,400.00"}]
["2021-12-30","10008134","RELE RXMA2 48 VCC/ABB REF.K55022","2009","UN",1,{"v":1982,"d":"1,982.00"},{"v":1982,"d":"1,982.00"}]
["2009-10-27","10008154","CONTACTOR LPI-D18 10GD REF.018816","2009","UN",1,{"v":3845,"d":"3,845.00"},{"v":3845,"d":"3,845.00"}]
["2019-12-31","10008155","CONTACTOR LPI-D32-3210","2009","UN",2,{"v":3845,"d":"3,845.00"},{"v":7690,"d":"7,690.00"}]
["2009-10-27","10008172","PRESOSTATO XMG/B070","2009","UN",1,{"v":2050,"d":"2,050.00"},{"v":2050,"d":"2,050.00"}]
["2009-10-27","10008183","TARJETA DE EXITACION ABB-3BSE004940R1","2009","UN",2,{"v":53140,"d":"53,140.00"},{"v":106280,"d":"106,280.00"}]
["2019-12-31","10008195","RESISTENCIA D/CALEFACCION R/RU-35","2009","UN",3,{"v":8000,"d":"8,000.00"},{"v":24000,"d":"24,000.00"}]
["2019-12-31","10008207","SWITCH FLOTADOR ELECTRICO","2008","UN",2,{"v":0,"d":"0.00"},{"v":0,"d":"0.00"}]
["2021-12-30","10008225","TRANSFORMADOR DEL RE9 DE LA TURBINA D/50","2009","UN",1,{"v":9300,"d":"9,300.00"},{"v":9300,"d":"9,300.00"}]
["2009-10-27","10008229","CONMUTADOR DE SELECCION REF.K45012","2009","UN",1,{"v":1985,"d":"1,985.00"},{"v":1985,"d":"1,985.00"}]
["2019-12-31","10008245","IMPULSOR REF.134 BEV-8056/031 EJE 1 3/4","2009","UN",3,{"v":2400,"d":"2,400.00"},{"v":7200,"d":"7,200.00"}]
["2019-12-31","10008255","PULSADOR ZB2-BW065","2009","UN",2,{"v":2000,"d":"2,000.00"},{"v":4000,"d":"4,000.00"}]
["2019-12-31","10008269","TERMINAL PROTECTOR NO.29","2009","UN",55,{"v":281.4,"d":"281.40"},{"v":15477,"d":"15,477.00"}]
["2019-12-31","10008273","ADAPTADOR DE 3/8","2009","UN",6,{"v":100,"d":"100.00"},{"v":600,"d":"600.00"}]
["2019-12-31","10008283","TORNILLO DE 24 X 61MM","2009","UN",80,{"v":15,"d":"15.00"},{"v":1200,"d":"1,200.00"}]
["2024-06-27","10008284","TORNILLO ALLEN 24 X 80 MM","2005","UN",10,{"v":0,"d":"0.00"},{"v":0,"d":"0.00"}]
["2019-12-31","10008296","TORNILLO DE 17X52 MM","2009","UN",5,{"v":37.5,"d":"37.50"},{"v":187.5,"d":"187.50"}]
["2024-06-27","10008310","TORNILLO HEXAGONAL 10 X 50MM","2005","UN",14,{"v":0,"d":"0.00"},{"v":0,"d":"0.00"}]
["2009-10-27","10008319","TORNILLO DE 20X120MM","2009","UN",2,3.75,{"v":7.5,"d":"7.50"}]
["2019-12-31","10008329","TORNILLO 16X30MM HIERRO GALVANIZADO","2009","UN",53,{"v":18,"d":"18.00"},{"v":954,"d":"954.00"}]
["2009-10-27","10008339","TORNILLO DE 23 X 136MM","2009","UN",3,{"v":9,"d":"9.00"},{"v":27,"d":"27.00"}]
["2021-01-22","10008343","TORNILLO 10 X 50MM P/SIST. ENFRIAMIENTO","2003","UN",2,{"v":0,"d":"0.00"},{"v":0,"d":"0.00"}]
["2009-10-27","10008357","TORNILLO 19X37MM","2009","UN",3,31.03,93.09]
["2024-07-29","10008366","TORNILLO 19X30MM","2015","UN",240,{"v":0,"d":"0.00"},{"v":0,"d":"0.00"}]
["2019-12-31","10008375","TORNILLO 19X47MM","2009","UN",39,{"v":3.9,"d":"3.90"},{"v":152.1,"d":"152.10"}]
["2021-12-30","10008389","TUERCA DE 18MM","2002","UN",6,{"v":0,"d":"0.00"},{"v":0,"d":"0.00"}]
["2019-12-31","10008397","TUERCA DE UNION DE 31.75MM","2009","UN",9,{"v":6.1,"d":"6.10"},{"v":54.9,"d":"54.90"}]
["2019-12-31","10008404","ARANDELA PLANA REF.02126344","2009","UN",8,{"v":5.4,"d":"5.40"},{"v":43.2,"d":"43.20"}]
["2019-12-31","10008414","ARANDELA ESTRELLADA DE 13 MM","2009","UN",108,2.45,{"v":264.6,"d":"264.60"}]
["2021-12-30","10008419","ARANDELA DE 2X13MM","2009","UN",68,{"v":1.1500000000000001,"d":"1.15"},{"v":78.2,"d":"78.20"}]
["2019-12-31","10008425","ARANDELA M30","2009","UN",2,{"v":6.5,"d":"6.50"},{"v":13,"d":"13.00"}]
["2024-06-18","10008431","ARANDELA PLANA DE 30MM X 18MM","2027","UN",{"v":4391,"d":"4,391"},{"v":1,"d":"1.00"},{"v":4391,"d":"4,391.00"}]
["2009-10-27","10008442","TORNILLO ALLEN 30X8MM","2009","UN",1,97.75,97.75]
["2009-10-27","10008456","TORNILLO DE ACERO EXTRACTOR 19X38 MM","2009","UN",6,{"v":7,"d":"7.00"},{"v":42,"d":"42.00"}]
["2024-06-18","10008460","TORNILLO HEXAGONAL INOXI 21 X 11 MM","2027","UN",8,{"v":0,"d":"0.00"},{"v":0,"d":"0.00"}]
["2009-10-27","10008471","TORNILLO EMPALME ALLEN 9X16MM","2009","UN",2,109.45,{"v":218.9,"d":"218.90"}]
["2009-10-27","10008481","TORNILLO ROSCADO DE 4X25","2009","UN",2,{"v":9.7,"d":"9.70"},{"v":19.4,"d":"19.40"}]
["2019-12-31","10008488","TORNILLO D/30 X 50 P/EMPALME","2009","UN",6,{"v":9.4,"d":"9.40"},{"v":56.4,"d":"56.40"}]
["2024-07-29","10008497","TORNILLO M 16 X 50","2015","UN",2,{"v":0,"d":"0.00"},{"v":0,"d":"0.00"}]
["2009-10-27","10008501","TORNILLO M 10 X 35","2009","UN",2,5.05,{"v":10.1,"d":"10.10"}]
["2019-12-31","10008510","TORNILLO DE 10 X 30MM","2009","UN",3,18.14,54.42]
["2009-10-27","10008524","PERNO DE 16X141MM","2009","UN",5,{"v":35,"d":"35.00"},{"v":175,"d":"175.00"}]
["2009-10-27","10008530","PERNO DE 18.5 X 162MM","2009","UN",2,6.74,13.48]
["2019-12-31","10008548","TUERCA DE 36MM","2009","UN",75,24.35,{"v":1826.25,"d":"1,826.25"}]
["2021-12-30","10008558","TUERCA DE 10MM","2002","UN",4,{"v":0,"d":"0.00"},{"v":0,"d":"0.00"}]
["2009-10-27","10008568","TUERCA HM 36","2009","UN",9,{"v":29.5,"d":"29.50"},{"v":265.5,"d":"265.50"}]
["2009-10-27","10008582","INTERRUPTOR MULTI-9 TL-16A 250VAC M","2009","UN",1,{"v":950,"d":"950.00"},{"v":950,"d":"950.00"}]
["2009-10-27","10008588","VALVULA DE COMPUERTA DN-50 WCG","2009","UN",1,{"v":1400,"d":"1,400.00"},{"v":1400,"d":"1,400.00"}]
["2019-12-31","10008598","ARANDELA DE HIERRO DE 12 X 0.20","2009","UN",6,{"v":1,"d":"1.00"},{"v":6,"d":"6.00"}]
["2009-10-27","10008614","RODAMIENTO 222-18","2009","UN",1,{"v":1,"d":"1.00"},{"v":1,"d":"1.00"}]
["2019-12-31","10008616","RODAMIENTO 6405 SKF","2009","UN",2,{"v":1,"d":"1.00"},{"v":2,"d":"2.00"}]
["2024-07-29","10008633","CONECTOR DE ALUMINIO P/CABLE HASTA 2/0","2015","UN",1,{"v":0,"d":"0.00"},{"v":0,"d":"0.00"}]
["2009-10-27","10008651","RELE DE CONTROL 48 V C9-A41 DC","2009","UN",5,{"v":1,"d":"1.00"},{"v":5,"d":"5.00"}]
["2021-12-30","10008654","BRAKER TERMOMAGNETICO 16 A 16017556","2009","UN",1,{"v":1,"d":"1.00"},{"v":1,"d":"1.00"}]
["2009-10-27","10008665","TORNILLO 47 X 160 MM DE GENERADORES","2009","UN",2,{"v":1,"d":"1.00"},{"v":2,"d":"2.00"}]
["2009-10-27","10008686","TARJETA VC/CMT P/SIST. DE EXCITACION","2015","UN",1,{"v":8500,"d":"8,500.00"},{"v":8500,"d":"8,500.00"}]
["2024-07-29","10008688","TARJETA LC P/SIST DE EXCITACION","2015","UN",2,{"v":10140.14,"d":"10,140.14"},{"v":20280.28,"d":"20,280.28"}]
["2019-12-31","10008699","RELE 24/48VCC","2007","UN",2,{"v":0,"d":"0.00"},{"v":0,"d":"0.00"}]
["2009-10-27","10008713","TORNILLO M16 X 120","2015","UN",2,202.15,{"v":404.3,"d":"404.30"}]
["2024-07-29","10008714","TORNILLO M20 X 275","2015","UN",24,{"v":43.4,"d":"43.40"},{"v":1041.6,"d":"1,041.60"}]
["2009-10-27","10008739","TORNILLO M12X35 CAB.HEXAGONAL GALVIZADO","2015","UN",2,{"v":53.4,"d":"53.40"},{"v":106.8,"d":"106.80"}]
["2024-07-29","10008748","TORNILLO ACERO INOX. M8 X 100","2015","UN",1,94.04,94.04]
["2009-10-27","10008752","TORNILLO M48 X 215","2015","UN",1,{"v":143,"d":"143.00"},{"v":143,"d":"143.00"}]
["2009-10-27","10008770","TORNILLO CAB HEX DE HIERRO M16X40 MM","2015","UN",2,{"v":170,"d":"170.00"},{"v":340,"d":"340.00"}]
["2009-10-27","10008777","TORNILLO M8 X 20 P/SELLO D/MANUTENCION","2015","UN",2,{"v":401,"d":"401.00"},{"v":802,"d":"802.00"}]
["2024-07-29","10008784","TORNILLO M12 X 40 SIST ENFRIAMIENTO","2015","UN",5,{"v":0,"d":"0.00"},{"v":0,"d":"0.00"}]
["2009-10-27","10008794","TONILLO M80 X 2 X 510","2015","UN",2,{"v":700,"d":"700.00"},{"v":1400,"d":"1,400.00"}]
["2009-10-27","10008808","TORNILLO M10X40 D/SIST.UDAD BOMBEO","2015","UN",5,{"v":503,"d":"503.00"},{"v":2515,"d":"2,515.00"}]
["2009-10-27","10008815","TORNILLO M 12 X 55 CABEZA ALLEN","2015","UN",2,{"v":68.9,"d":"68.90"},{"v":137.8,"d":"137.80"}]
["2009-10-27","10008826","TORNILLO M12 X 30 P/TUBERIAS NO.EMPOT","2015","UN",2,39.15,{"v":78.3,"d":"78.30"}]
["2024-04-17","10008833","BASE P/PULSADOR ZB4-BVM1","2028","UN",1,{"v":1,"d":"1.00"},{"v":1,"d":"1.00"}]
["2024-07-29","10008842","TORNILLO M33X125 P/CILINDRO DESAGUE","2015","UN",4,320.15,{"v":1280.6,"d":"1,280.60"}]
["2009-10-27","10008854","TORNILLO M16X55 CAB.EXAGONAL","2015","UN",15,{"v":69.5,"d":"69.50"},{"v":1042.5,"d":"1,042.50"}]
["2009-10-27","10008862","ESPARAGO M45X205 MM","2015","UN",2,{"v":206,"d":"206.00"},{"v":412,"d":"412.00"}]
["2009-10-27","10008876","VALVULA DE MAXIMA PRESION REGULABLE","2015","UN",1,{"v":1940,"d":"1,940.00"},{"v":1940,"d":"1,940.00"}]
["2019-12-31","10008883","TARJETA ELECTRONICA/CONTROL DE TENS","2015","UN",1,{"v":0,"d":"0.00"},{"v":0,"d":"0.00"}]
["2009-10-27","10008893","VALVULA DE PRESION 3\" DN80","2015","UN",1,{"v":2640,"d":"2,640.00"},{"v":2640,"d":"2,640.00"}]
["2009-10-27","10008906","VALVULA DE 1 1/4 P/SIST.DRENAGE","2015","UN",1,{"v":2086,"d":"2,086.00"},{"v":2086,"d":"2,086.00"}]
["2009-10-27","10008914","VALVULA D/ADMISION P/SIST.REFRIGERACION","2015","UN",1,{"v":3975.9,"d":"3,975.90"},{"v":3975.9,"d":"3,975.90"}]
["2024-07-29","10008927","RELE DE TIERRA REF 64RT 48V 2MO HM 48VCC","2015","UN",4,636.14,{"v":2544.56,"d":"2,544.56"}]
["2019-12-31","10008940","RELE REF. AWS6567N","2015","UN",1,{"v":0,"d":"0.00"},{"v":0,"d":"0.00"}]
["2024-07-29","10008952","RELE AUX Y DE PROTECION 27VRT","2015","UN",2,{"v":3415,"d":"3,415.00"},{"v":6830,"d":"6,830.00"}]
["2009-10-27","10008978","RELE AUX. REF. H924U-NK 80014-3","2015","UN",1,{"v":6200,"d":"6,200.00"},{"v":6200,"d":"6,200.00"}]
["2009-10-27","10008987","EMPAQUETADURA SOCO OR/8995","2015","UN",6,{"v":1662,"d":"1,662.00"},{"v":9972,"d":"9,972.00"}]
["2021-12-30","10008991","RETENEDORA MOD-T-46","2017","UN",9,0.01,0.09]
["2024-07-29","10009011","BOLSA D/SAL DESHUMECTANTE","2015","UN",1,403.95,403.95]
["2009-10-27","10009019","DISCO DE FRENO PUENTE GRUA POS-1","2015","UN",1,{"v":695,"d":"695.00"},{"v":695,"d":"695.00"}]
["2019-12-31","10009028","EMPAQUETADURA P/VALVULA .RETENCION","2015","UN",12,{"v":3400,"d":"3,400.00"},{"v":40800,"d":"40,800.00"}]
["2009-10-27","10009039","EMPAQUETADURA OR119 P/SERVOMOTOR","2015","UN",11,{"v":74.14999999999999,"d":"74.15"},815.65]
["2009-10-27","10009045","EMPAQUETADURA P/VALV MARIPOSA R/8X5435","2015","UN",1,{"v":1454.03,"d":"1,454.03"},{"v":1454.03,"d":"1,454.03"}]
["2024-07-26","10009064","ORING DE 8 MM","2002","UN",204,{"v":107.59980392156864,"d":"107.60"},{"v":21950.36,"d":"21,950.36"}]
["2009-10-27","10009064","ORING DE 8 MM","2015","UN",2,70.15,{"v":140.3,"d":"140.30"}]
["2009-10-27","10009070","ORING DE 5 X 91MM","2015","UN",4,102.11,408.44]
["2009-10-27","10009077","ORING REF.35430 5.5","2015","UN",9,{"v":38.400000000000006,"d":"38.40"},{"v":345.6,"d":"345.60"}]
["2009-10-27","10009092","REDUCCION VCG12","2015","UN",8,{"v":44.9,"d":"44.90"},{"v":359.2,"d":"359.20"}]
["2021-12-30","10009105","TUBERIA FLEXIBLE DE 3/4","2005","UN",6,{"v":0,"d":"0.00"},{"v":0,"d":"0.00"}]
["2009-10-27","10009109","GUARNICION DEL CAMBIADOR","2015","UN",1,{"v":185,"d":"185.00"},{"v":185,"d":"185.00"}]
["2024-07-29","10009118","ESPIGA DE 120X","2015","UN",11,{"v":95,"d":"95.00"},{"v":1045,"d":"1,045.00"}]
["2009-10-27","10009150","TERMINAL HEMBRA NO.6 RHJ","2015","UN",42,{"v":4,"d":"4.00"},{"v":168,"d":"168.00"}]
["2021-12-30","10009168","FUSIBLE DE 200A/500V","2015","UN",7,{"v":171.17000000000002,"d":"171.17"},{"v":1198.19,"d":"1,198.19"}]
["2009-10-27","10009174","FUSIBLE 10A/380V","2015","UN",16,35.35,{"v":565.6,"d":"565.60"}]
["2024-07-29","10009190","FUSIBLE 2 AMPS 500 VS","2015","UN",6,14.14,84.84]
["2021-12-30","10009213","RESISTENCIA PUU-ZA 125 CCU","2015","UN",1,{"v":1595,"d":"1,595.00"},{"v":1595,"d":"1,595.00"}]
["2009-10-27","10009218","RESISTENCIA D/ANTICONDENSA POS.4.18","2015","UN",3,{"v":183,"d":"183.00"},{"v":549,"d":"549.00"}]
["2009-10-27","10009220","ALIMENTADOR CON ZENER RPZ/1 125 VCC","2015","UN",1,{"v":1640,"d":"1,640.00"},{"v":1640,"d":"1,640.00"}]
["2023-01-31","10009245","CAJA DE REGISTRO","2015","UN",11,{"v":190,"d":"190.00"},{"v":2090,"d":"2,090.00"}]
["2019-12-31","10009246","CAJA DE REGISTRO 4X4","2001","UN",7,{"v":0,"d":"0.00"},{"v":0,"d":"0.00"}]
["2021-12-30","10009251","EXTENSION TELEFONICA","2015","UN",9,51.14,460.26]
["2021-12-30","10009270","BOTON NORMAL NEGRO","2015","UN",3,{"v":135,"d":"135.00"},{"v":405,"d":"405.00"}]
["2021-12-30","10009273","UNIONES RTA 3/8","2002","UN",16,{"v":0,"d":"0.00"},{"v":0,"d":"0.00"}]
["2009-10-27","10009291","ORING DE 3 MM","2015","UN",7,{"v":1,"d":"1.00"},{"v":7,"d":"7.00"}]
["2019-12-31","10009309","EMPAQUETADURA DIAM. 37 X 52 MM","2015","UN",20,{"v":1,"d":"1.00"},{"v":20,"d":"20.00"}]
["2024-07-29","10009318","\"COUPLING DE GOMA GEWIS DE 3/4\"\"\"","2015","UN",16,{"v":1,"d":"1.00"},{"v":16,"d":"16.00"}]
["2009-10-27","10009331","\"UNION PLASTICA DE REGISTRO DE 1/2\"\"\"","2015","UN",42,{"v":1,"d":"1.00"},{"v":42,"d":"42.00"}]
["2009-10-27","10009342","EXPANSION M 10","2015","UN",6,{"v":1,"d":"1.00"},{"v":6,"d":"6.00"}]
["2009-10-27","10009343","EXPANSION M 20","2015","UN",1,{"v":1,"d":"1.00"},{"v":1,"d":"1.00"}]
["2009-10-27","10009363","JUEGO DE JUNTA PARA PARTE ESTATICA TURB.","2015","UN",1,{"v":1,"d":"1.00"},{"v":1,"d":"1.00"}]
["2009-10-27","10009382","\"CONVER. DE CORR. ALTERNA 48V,4-20MA\"","2015","UN",1,{"v":1,"d":"1.00"},{"v":1,"d":"1.00"}]
["2009-10-27","10009389","CONTROL DE VOLTAJE RUR 48 Vcc","2015","UN",1,{"v":1,"d":"1.00"},{"v":1,"d":"1.00"}]
["2009-10-27","10009401","CANDADO PARA RODAMIENTO","2015","UN",2,{"v":1,"d":"1.00"},{"v":2,"d":"2.00"}]
["2009-10-27","10009408","ANILLO P/VALVULA MOTORIZADA P/SIST.ENFRI","2015","UN",2,{"v":203,"d":"203.00"},{"v":406,"d":"406.00"}]
["2021-12-30","10009418","CASQUILLO DE 130X100 PARA DISTRIBUIDOR","2015","UN",18,{"v":350,"d":"350.00"},{"v":6300,"d":"6,300.00"}]
["2011-11-10","10009429","RODAMIENTO DE BOLA 620827","2015","UN",2,243.09,486.18]
["2009-10-27","10009435","SOPORTE DE TRANSFOMADOR PLANTA HIDROEL","2015","UN",4,{"v":270,"d":"270.00"},{"v":1080,"d":"1,080.00"}]
["2009-10-27","10009453","REPUESTO P/VALVULA OLEODINAMICA","2015","UN",1,{"v":225.5,"d":"225.50"},{"v":225.5,"d":"225.50"}]
["2009-10-27","10009458","CONVERTIDOR DE POTENCIA REACTIVA","2015","UN",1,{"v":10500,"d":"10,500.00"},{"v":10500,"d":"10,500.00"}]
["2021-12-30","10009465","PRESOSTATO DIFERENCIAL DE 0 A1 BAR","2015","UN",1,{"v":5985.58,"d":"5,985.58"},{"v":5985.58,"d":"5,985.58"}]
["2009-10-27","10009485","CONTACTOR LA1F221","2015","UN",2,{"v":4560,"d":"4,560.00"},{"v":9120,"d":"9,120.00"}]
["2024-07-29","10009498","CUENTA HORAS DE FUNCIONAMIENTO","2015","UN",2,{"v":4120,"d":"4,120.00"},{"v":8240,"d":"8,240.00"}]
["2019-12-31","10009502","PULSADOR APERTURA CIERRE","2015","UN",2,208.15,{"v":416.3,"d":"416.30"}]
["2009-10-27","10009517","\"BOBINA 4291, 976768B MERLIN\"","2015","UN",3,{"v":1212,"d":"1,212.00"},{"v":3636,"d":"3,636.00"}]
["2009-10-27","10009529","INTERRUPTOR AUTOMATICO FIJO C250 D/200A","2015","UN",1,{"v":950.5,"d":"950.50"},{"v":950.5,"d":"950.50"}]
["2009-10-27","10009544","MODULO THIRISTOR DE EXITACION","2015","UN",2,{"v":8603.94,"d":"8,603.94"},{"v":17207.88,"d":"17,207.88"}]
["2021-12-30","10009553","CONMUTADOR D/CORRIENTE 142211","2015","UN",1,{"v":10500,"d":"10,500.00"},{"v":10500,"d":"10,500.00"}]
["2024-07-29","10009564","PUENTE P/TARJETA LOGICA","2015","UN",1,{"v":600,"d":"600.00"},{"v":600,"d":"600.00"}]
["2009-10-27","10009582","SELENOIDE P/VALV. DIRECCIONAL 125 VDC","2015","UN",1,{"v":145,"d":"145.00"},{"v":145,"d":"145.00"}]
["2009-10-27","10009598","INTRUMENTO IME-100T100 0/0","2015","UN",2,349.15,{"v":698.3,"d":"698.30"}]
["2024-06-18","10009602","ENCHUFE DE 110V","2010","UN",15,{"v":1,"d":"1.00"},{"v":15,"d":"15.00"}]
["2009-10-27","10009611","TORNILLO M10X35 CABEZA ALLEN P/SIST.D","2015","UN",2,{"v":153.9,"d":"153.90"},{"v":307.8,"d":"307.80"}]
["2021-12-30","10009618","TORNILLO D/ACERO NEGRO DE 11.5 X 58MM","2015","UN",84,29.15,{"v":2448.6,"d":"2,448.60"}]
["2021-12-30","10009628","TUERCA M80 X 2","2015","UN",2,9.25,{"v":18.5,"d":"18.50"}]
["2009-10-27","10009631","TUERCA M20 P/SIST.D/ENFRIAMIENTO","2015","UN",5,16.14,{"v":80.7,"d":"80.70"}]
["2021-12-30","10009645","TUERCA M7","2005","UN",600,{"v":0,"d":"0.00"},{"v":0,"d":"0.00"}]
["2021-12-30","10009655","TUERCA HEX.HG 1 7/8 PLG","2015","UN",3,{"v":21.400000000000002,"d":"21.40"},{"v":64.2,"d":"64.20"}]
["2021-12-30","10009666","TUERCA 36 X 55","2015","UN",2,103.28,206.56]
["2021-12-30","10009675","ARANDELA PLANA 43 X 25 MM","2015","UN",12,{"v":66.39999999999999,"d":"66.40"},{"v":796.8,"d":"796.80"}]
["2009-10-27","10009698","ARANDELA DE PRESION M20","2015","UN",31,1.75,54.25]
["2024-06-27","10009701","ARANDELA PLANA M-10","2005","UN",101,{"v":0,"d":"0.00"},{"v":0,"d":"0.00"}]
["2009-10-27","10009720","ARANDELA PLANA M8 X 18","2015","UN",11,14.25,156.75]
["2009-10-27","10009744","TEMPORIZADOR ELECTROCEC 0-30 SES.","2015","UN",1,{"v":350,"d":"350.00"},{"v":350,"d":"350.00"}]
["2009-10-27","10009745","EJE PARA BOMBA DE ENFRIAMIENTO","2015","UN",1,{"v":45500,"d":"45,500.00"},{"v":45500,"d":"45,500.00"}]
["2021-12-30","10009759","TORNILLO CAB HEX DE HIERRO M20X70 MM","2015","UN",1,{"v":1,"d":"1.00"},{"v":1,"d":"1.00"}]
["2009-10-27","10009785","TORNILLO ALLEN ACERO INOX M16X40MM","2015","UN",1,{"v":1,"d":"1.00"},{"v":1,"d":"1.00"}]
["2021-12-30","10009786","TORNILLO CAB HEX DE HIERRO M12X48","2015","UN",2,{"v":1,"d":"1.00"},{"v":2,"d":"2.00"}]
["2009-10-27","10009810","VALVULA D/PRESION BRONCE CONTRA INCENDIO","2015","UN",4,{"v":1,"d":"1.00"},{"v":4,"d":"4.00"}]
["2024-06-27","10009968","LAMPARA DE EXTERIOR 250W","2007","UN",2,{"v":0,"d":"0.00"},{"v":0,"d":"0.00"}]
["2024-04-17","10009974","BOMBILLA DE 25W","2011","UN",6,{"v":0,"d":"0.00"},{"v":0,"d":"0.00"}]
["2024-06-27","10010070","MUFA GALVANIZADA IMC 1 PLG","2005","UN",3,{"v":0,"d":"0.00"},{"v":0,"d":"0.00"}]
["2024-04-17","10010174","ARANDELA DE COBRE A-17x21MM","2011","UN",6,{"v":0,"d":"0.00"},{"v":0,"d":"0.00"}]
["2024-04-17","10010209","Tuerca 6 mm","2011","UN",35,{"v":0,"d":"0.00"},{"v":0,"d":"0.00"}]
["2019-12-31","10010289","RELE DE PROTECCION GENERADOR 60G","2007","UN",1,{"v":0,"d":"0.00"},{"v":0,"d":"0.00"}]
["2024-04-17","10010392","COJINETE GUIA INFERIOR P/TURBINA","2028","UN",6,{"v":1,"d":"1.00"},{"v":6,"d":"6.00"}]
["2024-07-29","10010419","RELE DE 4 CONTACTO DE 125 VCC","2015","UN",3,0.01,0.03]
["2024-07-29","10010490","CONVERTIDOR D/POTENCIA ACTIVA DEL ELP","2015","UN",1,0.01,0.01]
["2009-10-27","10010525","BOBIINA DE CIERRE DB-3 G53","2017","UN",10,{"v":262.46999999999997,"d":"262.47"},{"v":2624.7,"d":"2,624.70"}]
["2024-06-18","10010531","GRILLETE 35MM 17 TONELADAS","2027","UN",1,{"v":1,"d":"1.00"},{"v":1,"d":"1.00"}]
["2009-10-27","10010541","JUNTA PLANA  5.3 MM NO.43","2017","UN",50,{"v":8,"d":"8.00"},{"v":400,"d":"400.00"}]
["2009-10-27","10010550","JUNTA O'RING 07 NO.63","2017","UN",47,{"v":5,"d":"5.00"},{"v":235,"d":"235.00"}]
["2021-12-30","10010562","JUNTA DE GOMA PLANA 0135/185 X 6 MMS","2017","UN",6,{"v":24,"d":"24.00"},{"v":144,"d":"144.00"}]
["2021-12-30","10010566","ORING 8MM","2024","UN",2,0.01,0.02]
["2009-10-27","10010573","JUNTA D/GOMA PLANA 0205/255 X 6 MMS","2017","UN",8,187.13,{"v":1497.04,"d":"1,497.04"}]
["2009-10-27","10010589","JUNTA 165/185 X 6 MMS","2017","UN",23,{"v":9,"d":"9.00"},{"v":207,"d":"207.00"}]
["2009-10-27","10010600","JUNTA PLANA 24 X 14 X 3 MMS","2017","UN",11,{"v":13,"d":"13.00"},{"v":143,"d":"143.00"}]
["2009-10-27","10010611","JUNTA 61/52/3 MMS","2017","UN",4,5.06,20.24]
["2009-10-27","10010618","KIT DE ORING  386 PCS","2017","UN",1,{"v":65,"d":"65.00"},{"v":65,"d":"65.00"}]
["2009-10-27","10010633","BANDA D/GOMA 22 X 13 MMS","2017","M",30,{"v":69.7,"d":"69.70"},{"v":2091,"d":"2,091.00"}]
["2024-07-29","10010645","CORDON DE GOMA 05 MMS","2015","M",24.384,{"v":0,"d":"0.00"},{"v":0,"d":"0.00"}]
["2009-10-27","10010651","CORDON REDONDO D/18MM","2017","M",36,59.25,{"v":2133,"d":"2,133.00"}]
["2011-09-21","10010661","FILTRO 3189","2017","UN",3,{"v":480,"d":"480.00"},{"v":1440,"d":"1,440.00"}]
["2009-10-27","10010671","RETENEDORA 79X100 X14","2017","UN",1,{"v":130,"d":"130.00"},{"v":130,"d":"130.00"}]
["2024-06-27","10010676","ABRAZADERA METALICA P/FIJAR TUB.D/3","2007","UN",10,{"v":0,"d":"0.00"},{"v":0,"d":"0.00"}]
["2021-12-30","10010689","LAINER","2013","UN",8,{"v":0,"d":"0.00"},{"v":0,"d":"0.00"}]
["2009-10-27","10010697","ANCLA AUTOPERFORANTE 06 MMS","2017","UN",5,{"v":3.8,"d":"3.80"},{"v":19,"d":"19.00"}]
["2009-10-27","10010704","CODO GALVANIZADO DE 1/4 A 45 GRADOS","2017","UN",1,{"v":95,"d":"95.00"},{"v":95,"d":"95.00"}]
["2019-12-31","10010712","CODO CORTO DE 2 1/2 A 45 GRADOS","2017","UN",1,{"v":308,"d":"308.00"},{"v":308,"d":"308.00"}]
["2021-12-30","10010727","REDUCCION BUSHING PVC 3\" A 2\" SCH-40","2004","UN",59,0.01,0.59]
["2009-10-27","10010735","REDUCCION BUSCHING DE 1 1/4 X 3/8","2017","UN",1,{"v":23,"d":"23.00"},{"v":23,"d":"23.00"}]
["2024-06-18","10010743","REDUCCION CAMPANA DE 2 X 1/2","2010","UN",1,{"v":0,"d":"0.00"},{"v":0,"d":"0.00"}]
["2024-06-27","10010748","REDUCCION CAMPANA DE 3/4 X 1/4","2007","UN",2,{"v":0,"d":"0.00"},{"v":0,"d":"0.00"}]
["2009-10-27","10010758","REDUCCION BUSHING D/2X1","2017","UN",2,{"v":28,"d":"28.00"},{"v":56,"d":"56.00"}]
["2021-12-30","10010765","UNION UNIVERSAL ROSCABLE DE 3/4 PLG","2002","UN",5,0.01,0.05]
["2009-10-27","10010769","COUPLING HG  DE 1  1/2","2017","UN",1,{"v":75,"d":"75.00"},{"v":75,"d":"75.00"}]
["2019-12-31","10010789","BOBINA DE CIERRE GEE DB6G8","2017","UN",9,{"v":0,"d":"0.00"},{"v":0,"d":"0.00"}]
["2009-10-27","10010802","CONTACTO AUXILIAR Z B2 TELEMECANIT","2017","UN",2,{"v":60,"d":"60.00"},{"v":120,"d":"120.00"}]
["2013-08-13","10010812","TUBO FLOURESCENTE F-14 T-12D","2017","UN",4,{"v":27,"d":"27.00"},{"v":108,"d":"108.00"}]
["2009-10-27","10010817","RESISTENCIA VARIBLE OMEGA T-100 K3","2017","UN",1,{"v":1280,"d":"1,280.00"},{"v":1280,"d":"1,280.00"}]
["2009-10-27","10010842","FUSIBLE BLAUFUS 25 AMPS 500VS BJC-DLI","2017","UN",1,18.31,18.31]
["2009-10-27","10010843","FUSIBLE METRON 2ACR-40","2017","UN",1,44.25,44.25]
["2009-10-27","10010851","FUSIBLE NH-COO 80A 500V 7999","2017","UN",3,{"v":15,"d":"15.00"},{"v":45,"d":"45.00"}]
["2009-10-27","10010867","INDICADOR BIDELE LOAD DE 50 AMPS","2017","UN",1,{"v":4500,"d":"4,500.00"},{"v":4500,"d":"4,500.00"}]
["2009-10-27","10010868","INDICADOR BIDELE LOAD DE 125 AMPS","2017","UN",1,{"v":5240.14,"d":"5,240.14"},{"v":5240.14,"d":"5,240.14"}]
["2024-04-17","10010894","TAPA CIEGA DE 2 PLG","2011","UN",1,{"v":0,"d":"0.00"},{"v":0,"d":"0.00"}]
["2019-12-31","10010898","FILTRO METALICO P/ALCLIMATADORES","2017","UN",2,{"v":0,"d":"0.00"},{"v":0,"d":"0.00"}]
["2009-10-27","10010901","ALAMBRE TIPO NY CY 7 X 4 MM","2017","UN",10,{"v":35,"d":"35.00"},{"v":350,"d":"350.00"}]
["2024-04-17","10010916","DETECTOR DE FLUJO VM","2011","UN",1,{"v":0,"d":"0.00"},{"v":0,"d":"0.00"}]
["2019-12-31","10010931","TORNILLO MECANICO DE 16 X 1.35 MMS R/C","2017","UN",126,{"v":23,"d":"23.00"},{"v":2898,"d":"2,898.00"}]
["2009-10-27","10010933","MOTOR UNIVERSAL TIPO TR-10B SERIE 48403","2017","UN",1,{"v":215,"d":"215.00"},{"v":215,"d":"215.00"}]
["2009-10-27","10010948","TORNILLO CAB.EXAGONAL 1/2X7/8MM","2017","UN",64,{"v":65,"d":"65.00"},{"v":4160,"d":"4,160.00"}]
["2019-12-31","10010966","TORNILLO CABEZA REDONDA 4x45 MA","2017","UN",34,{"v":16,"d":"16.00"},{"v":544,"d":"544.00"}]
["2009-10-27","10010972","TORNILLO 5 X 50 MM","2017","UN",26,{"v":12,"d":"12.00"},{"v":312,"d":"312.00"}]
["2009-10-27","10010986","TORNILLO HEXAGONAL 3/4 X 2","2017","UN",5,{"v":69,"d":"69.00"},{"v":345,"d":"345.00"}]
["2024-06-18","10011003","BULONES 8MM X 75MM X 12.7MM","2027","UN",203,{"v":1,"d":"1.00"},{"v":203,"d":"203.00"}]
["2009-10-27","10011010","ARANDELA GROWER DE 18 MMS P/COJINETE","2017","UN",17,20.14,342.38]
["2009-10-27","10011023","ARANDELA 6 MMS PLANA","2017","UN",186,3.65,{"v":678.9,"d":"678.90"}]
["2009-10-27","10011030","ARANDELA HG DE D-123A-31","2017","UN",48,1.93,92.64]
["2009-10-27","10011044","FINAL DE CARRERA XCI-ZB 23 TELEMACANIQ","2017","UN",3,{"v":195,"d":"195.00"},{"v":585,"d":"585.00"}]
["2009-10-27","10011052","FUSIBLE TIPO BOTELLA DE 16A 500V 162","2017","UN",4,{"v":15,"d":"15.00"},{"v":60,"d":"60.00"}]
["2019-12-31","10011060","TORNILLO DE 36X131MMS DE ACERO GRADO","2017","UN",46,{"v":225,"d":"225.00"},{"v":10350,"d":"10,350.00"}]
["2022-08-22","10011069","BANDEJA P/ROLO","2007","UN",13,{"v":0,"d":"0.00"},{"v":0,"d":"0.00"}]
["2009-10-27","10011074","COUPLING HG DE 1/2","2017","UN",8,67.66,541.28]
["2009-10-27","10011101","MANGUITO DE 87 X 140 X 131 MM","2017","UN",1,{"v":1,"d":"1.00"},{"v":1,"d":"1.00"}]
["2024-04-17","10011110","TAPON HG DE 1\"","2028","UN",1,{"v":0,"d":"0.00"},{"v":0,"d":"0.00"}]
["2017-04-21","10011121","ACEITE SAE 40","2003","UN",20,{"v":0,"d":"0.00"},{"v":0,"d":"0.00"}]
["2009-10-27","10011139","LAMPARA VERDE DE SEÑALIZACION CR1034D1","2017","UN",6,{"v":1,"d":"1.00"},{"v":6,"d":"6.00"}]
["2021-05-29","10011159","SLINGA 1.15M X 3000KG","2011","UN",1,0.01,0.01]
["2009-10-27","10011180","FILTRO DE ACEITE DIESEL 1613-6105-00","2017","UN",2,{"v":426,"d":"426.00"},{"v":852,"d":"852.00"}]
["2009-10-27","10011198","LAMPARA VERDE DE SEÑALIZACION","2017","UN",4,{"v":1,"d":"1.00"},{"v":4,"d":"4.00"}]
["2009-10-27","10011204","FUSIBLE TIPO CARTUCHO DE 35 AMP. 500V.","2017","UN",25,{"v":23.4,"d":"23.40"},{"v":585,"d":"585.00"}]
["2019-12-31","10011215","TAPON DE PVC 3\"","2017","UN",33,{"v":1,"d":"1.00"},{"v":33,"d":"33.00"}]
["2009-10-27","10011232","SOPORTE/HULLISO D/METAL P/INTERRUPTOR","2017","UN",12,{"v":1,"d":"1.00"},{"v":12,"d":"12.00"}]
["2009-10-27","10011238","ARANDELA DE PRESION NEGRA D/40 MM.","2017","UN",23,{"v":1,"d":"1.00"},{"v":23,"d":"23.00"}]
["2013-08-28","10011243","FILTRO COMPRESOR DE AIRE PA-2820","2017","UN",1,{"v":0,"d":"0.00"},{"v":0,"d":"0.00"}]
["2009-10-27","10011257","SWITCH D/PRESSURE INGERSOLL-RAND","2017","UN",3,{"v":43.5,"d":"43.50"},{"v":130.5,"d":"130.50"}]
["2009-10-27","10011265","JUNTA PLANA 100 X 3 MMS","2017","UN",7,9.47,66.29]
["2009-10-27","10011274","REDUCTOR D/COMPUERTA","2017","UN",1,{"v":275,"d":"275.00"},{"v":275,"d":"275.00"}]
["2024-04-17","10011293","RODAMIENTO 6308 ZC3","2011","UN",2,{"v":0,"d":"0.00"},{"v":0,"d":"0.00"}]
["2021-12-30","10011296","RODAMIENTO DE BOLA 63062-ZR","2017","UN",3,{"v":1528,"d":"1,528.00"},{"v":4584,"d":"4,584.00"}]
["2009-10-27","10011304","RODAMIENTO D/BOLAS 1220","2017","UN",1,{"v":195,"d":"195.00"},{"v":195,"d":"195.00"}]
["2021-12-30","10011311","RODAMIENTO D/BOLAS 3307","2017","UN",3,{"v":140,"d":"140.00"},{"v":420,"d":"420.00"}]
["2009-10-27","10011319","RODAMIENTO D/BOLAS 6310 2Z/0E6","2017","UN",3,{"v":529,"d":"529.00"},{"v":1587,"d":"1,587.00"}]
["2024-06-27","10011325","RODAMIENTO 6208","2005","UN",1,{"v":0,"d":"0.00"},{"v":0,"d":"0.00"}]
["2024-06-27","10011328","RODAMIENTO 6309-2Z","2005","UN",8,{"v":0,"d":"0.00"},{"v":0,"d":"0.00"}]
["2024-06-18","10011337","RODAMIENTO NKF 6308","2010","UN",1,{"v":1,"d":"1.00"},{"v":1,"d":"1.00"}]
["2009-10-27","10011351","RODAMIENTO DE BOLA NU-312","2017","UN",1,{"v":65,"d":"65.00"},{"v":65,"d":"65.00"}]
["2024-06-27","10011354","RODAMIENTO 7310-B","2007","UN",3,{"v":0,"d":"0.00"},{"v":0,"d":"0.00"}]
["2009-10-27","10011369","COJINETTE D/RODILLO REF.NOPL-50","2017","UN",1,{"v":1345,"d":"1,345.00"},{"v":1345,"d":"1,345.00"}]
["2021-12-30","10011396","VALVULA D/GLOBO 1/2","2017","UN",2,{"v":0,"d":"0.00"},{"v":0,"d":"0.00"}]
["2009-10-27","10011397","VALVULA DE 1/2 P/REGULACION DE TURBINA","2017","UN",1,84.75,84.75]
["2009-10-27","10011414","CONTACTO PNI-GA80 -CNI-GL230 CVI-GL","2017","UN",19,{"v":180,"d":"180.00"},{"v":3420,"d":"3,420.00"}]
["2019-12-31","10011423","CONTACTO FIJO CON SU SHUNT .","2017","UN",70,{"v":123.9,"d":"123.90"},{"v":8673,"d":"8,673.00"}]
["2009-10-27","10011427","CONTACTO P/FINAL DE CARRERA 5 A 220V","2017","UN",14,{"v":135,"d":"135.00"},{"v":1890,"d":"1,890.00"}]
["2009-10-27","10011442","RELE TERMICO RA1-CB-710-710 A0 AMPERES","2017","UN",1,{"v":6425.51,"d":"6,425.51"},{"v":6425.51,"d":"6,425.51"}]
["2019-12-31","10011445","RELE TIPO Q.B.V 702-KISZ ASETYC","2017","UN",2,{"v":3020,"d":"3,020.00"},{"v":6040,"d":"6,040.00"}]
["2009-10-27","10011453","BASE PARA RELE RF4","2017","UN",2,35.34,70.68]
["2009-10-27","10011466","AMPERIMETRO X/5 MOD-EC3V-0/1.2 KA","2017","UN",1,{"v":6300,"d":"6,300.00"},{"v":6300,"d":"6,300.00"}]
["2009-10-27","10011473","AMORTIGUADOR 5-83 H5000 1/2 DEL MAGNECTO","2017","UN",3,{"v":940.4,"d":"940.40"},{"v":2821.2,"d":"2,821.20"}]
["2009-10-27","10011476","VALVULA RETENCION P/MANDOS MA-14","2017","UN",5,{"v":1473.71,"d":"1,473.71"},{"v":7368.55,"d":"7,368.55"}]
["2009-10-27","10011491","RELE RHK-412B- 24VDC TELEMECANIQUE","2017","UN",3,{"v":300,"d":"300.00"},{"v":900,"d":"900.00"}]
["2019-12-31","10011505","RODAMIENTO 6310 ZZR C3","2017","UN",2,{"v":1,"d":"1.00"},{"v":2,"d":"2.00"}]
["2009-10-27","10011510","TUERCA DE 3/4''","2017","UN",1,{"v":1,"d":"1.00"},{"v":1,"d":"1.00"}]
["2009-10-27","10011516","RELE TEMPORIZADO TH-22 FT3 MMS","2017","UN",3,{"v":1,"d":"1.00"},{"v":3,"d":"3.00"}]
["2024-05-10","10011533","BRIDA P/ SIST ENFRIAMIENTO DE ACERO 6\"","2021","UN",2,{"v":1,"d":"1.00"},{"v":2,"d":"2.00"}]
["2013-07-09","10011548","GAFAS DE SEGURIDAD (TRANSPARENTE)","2008","UN",1,{"v":0,"d":"0.00"},{"v":0,"d":"0.00"}]
["2009-10-27","10011559","LIJA ABELLANADOR PARA BARRENA","2021","UN",3,{"v":18,"d":"18.00"},{"v":54,"d":"54.00"}]
["2021-12-30","10011568","FUSIBLE DE 30 A R-TR30R 250V.","2007","UN",2,{"v":0,"d":"0.00"},{"v":0,"d":"0.00"}]
["2009-10-27","10011578","RELOJ WERK 2-968591","2021","UN",1,{"v":200,"d":"200.00"},{"v":200,"d":"200.00"}]
["2024-04-17","10011599","VALVULA CHEQUE 1''  INOXIDABLE","2008","UN",1,0.01,0.01]
["2009-10-27","10011607","BORNA P/CABLE PIRELI DE 125OOV","2021","UN",2,60.63,121.26]
["2024-05-10","10011617","ABRAZADERA P/TURB HG 1 1/2\"","2021","UN",43,{"v":14,"d":"14.00"},{"v":602,"d":"602.00"}]
["2009-10-27","10011631","MICRO - SWITCH 2 - 5BL - 2B","2021","UN",3,{"v":120,"d":"120.00"},{"v":360,"d":"360.00"}]
["2009-10-27","10011646","TAPA HG DE 1/2\"","2021","UN",1,{"v":20,"d":"20.00"},{"v":20,"d":"20.00"}]
["2009-10-27","10011664","TORNILLO PARA ABRAZADERA R-CVI C/T 5.6\"","2021","UN",1,{"v":12,"d":"12.00"},{"v":12,"d":"12.00"}]
["2009-10-27","10011679","RALAY AUXILIAR BASCUÑANTE TIPO PSU 14X","2021","UN",1,{"v":354,"d":"354.00"},{"v":354,"d":"354.00"}]
["2024-06-27","10011688","RASTRILLO DE OBRERO","2007","UN",15,0.01,0.15]
["2016-07-21","10011689","COA DE OBRERO","2002","UN",2,{"v":0,"d":"0.00"},{"v":0,"d":"0.00"}]
["2024-05-10","10011689","COA DE OBRERO","2020","UN",1,{"v":0,"d":"0.00"},{"v":0,"d":"0.00"}]
["2024-04-17","10011691","TEFLON 0.2MM x 19MM x 10M","2008","UN",1,{"v":1,"d":"1.00"},{"v":1,"d":"1.00"}]
["2024-04-17","10011701","DISCO PARA PULIR NORTON 356x2.8x25.4mm","2028","UN",1,{"v":1,"d":"1.00"},{"v":1,"d":"1.00"}]
["2024-02-15","10011716","SOBRE MANILA 9 X 12","2025","CJ",{"v":0.1,"d":"0.100"},{"v":2120.1,"d":"2,120.10"},212.01]
["2024-05-10","10011751","REDUCCION PVC DE 2' A 11/2 PLG","2020","C/U",2,{"v":1,"d":"1.00"},{"v":2,"d":"2.00"}]
["2024-09-25","10011777","FLOTA BOMBA DE ACHIQUE","2022","C/U",6,{"v":1,"d":"1.00"},{"v":6,"d":"6.00"}]
["2024-05-10","10011789","LINTERNA RAYO VAC INDUSTRIAL","2020","UN",2,{"v":1,"d":"1.00"},{"v":2,"d":"2.00"}]
["2010-02-01","10011794","BOTAS DE GOMAS OBRERO  40","2024","UN",15,{"v":0,"d":"0.00"},{"v":0,"d":"0.00"}]
["2024-06-27","10011801","MUFA GALVANIZADA IMC 1 1/2 PLG","2005","UN",10,{"v":0,"d":"0.00"},{"v":0,"d":"0.00"}]
["2024-05-10","10011807","REGULADOR DE VELOCIDAD PANEL PRINC.","2025","UN",5,0.01,0.05]
["2024-06-18","10011817","CURVA ACERO INOXI 3\"","2027","UN",5,{"v":1,"d":"1.00"},{"v":5,"d":"5.00"}]
["2024-07-29","10011825","RODAMIENTO 6210-2Z/C3","2015","UN",1,{"v":0,"d":"0.00"},{"v":0,"d":"0.00"}]
["2024-05-10","10011845","TARJETA EXITACION ABB REF-3BSE004939R1","2020","UN",1,{"v":0,"d":"0.00"},{"v":0,"d":"0.00"}]
["2024-06-18","10011859","CONTAC. FIJO P/ SECCIONADORES A. TENSION","2016","UN",24,{"v":0,"d":"0.00"},{"v":0,"d":"0.00"}]
["2024-05-10","10011871","FUSIBLE DE CRISTAL 0.2A","2022","UN",28,{"v":0,"d":"0.00"},{"v":0,"d":"0.00"}]
["2024-04-17","10011915","GRATA PARA PULIR 4\"","2028","UN",1,{"v":1,"d":"1.00"},{"v":1,"d":"1.00"}]
["2024-06-27","10011920","TRASFORMADOR DE CORRIENTE KR-174","2005","UN",3,{"v":0,"d":"0.00"},{"v":0,"d":"0.00"}]
["2024-06-27","10011955","FILTRO BALDWIN BF957","2005","UN",3,{"v":0,"d":"0.00"},{"v":0,"d":"0.00"}]
["2024-06-27","10011964","PT100 DEL GENERADOR","2005","UN",1,{"v":0,"d":"0.00"},{"v":0,"d":"0.00"}]
["2024-06-27","10011968","VOLTIMETRO DE 0A 500V","2005","UN",1,{"v":0,"d":"0.00"},{"v":0,"d":"0.00"}]
["2024-06-18","10011980","VALVULA CELENOIDE 24 V DE 2 VIAS","2016","UN",1,{"v":0,"d":"0.00"},{"v":0,"d":"0.00"}]
["2024-06-18","10012009","BOBINA ELECTROVALVULA 125V","2016","UN",7,{"v":0,"d":"0.00"},{"v":0,"d":"0.00"}]
["2024-07-29","10012010","RODAMIENTO DE BOLA 6302 NTN","2015","UN",1,{"v":0,"d":"0.00"},{"v":0,"d":"0.00"}]
["2024-07-29","10012026","VALVULA PARA COMPUERTA MOTORIZAD","2015","UN",1,{"v":0,"d":"0.00"},{"v":0,"d":"0.00"}]
["2024-06-18","10012041","CONTACTOR ABB MOD-AL9-30-10","2027","UN",1,{"v":1,"d":"1.00"},{"v":1,"d":"1.00"}]
["2024-04-17","10012042","VOLTIMETRO M90171600","2011","UN",1,{"v":0,"d":"0.00"},{"v":0,"d":"0.00"}]
["2024-05-10","10012055","FILTRO DE AIERE DMD-0015B60B","2020","UN",1,{"v":1,"d":"1.00"},{"v":1,"d":"1.00"}]
["2021-12-30","10012072","SALIDA ANALOGA DE REGULACION DE TURBINA","2009","UN",5,{"v":0,"d":"0.00"},{"v":0,"d":"0.00"}]
["2024-05-10","10012073","JUEGO DE ORING REF-2R64","2022","UN",1,{"v":0,"d":"0.00"},{"v":0,"d":"0.00"}]
["2024-07-29","10012097","GUARNICION CR-20049","2015","UN",1,{"v":0,"d":"0.00"},{"v":0,"d":"0.00"}]
["2024-04-17","10012101","NO UTILIZAR-ELECTRODOS P/SOLDAR 3.25 x 3","2008","UN",28,{"v":1,"d":"1.00"},{"v":28,"d":"28.00"}]
["2024-06-18","10012118","FILTRO DE AIRE RS3506","2031","UN",2,{"v":0,"d":"0.00"},{"v":0,"d":"0.00"}]
["2017-07-20","10012252","MASCARILLA ANTI-GAS","2003","UN",5,{"v":0,"d":"0.00"},{"v":0,"d":"0.00"}]
["2021-12-30","10012268","PORTA ESCOBILLA","2002","UN",23,{"v":0,"d":"0.00"},{"v":0,"d":"0.00"}]
["2009-10-27","10012269","VAQUELITA PEQUEÑA","2010","UN",6,{"v":1,"d":"1.00"},{"v":6,"d":"6.00"}]
["2009-10-27","10012284","CODO HG 1/2\"","2010","UN",1,{"v":1,"d":"1.00"},{"v":1,"d":"1.00"}]
["2024-04-17","10012304","ARANDELA DE 2 X 1/4 PLG","2011","UN",3,{"v":0,"d":"0.00"},{"v":0,"d":"0.00"}]
["2024-03-26","10012335","CORREA LISA SECCION TRAPECIAL C158","2002","PUL",1,{"v":0,"d":"0.00"},{"v":0,"d":"0.00"}]
["2024-07-26","10012874","ORING 7 MM","2002","UN",200,{"v":291.578,"d":"291.58"},{"v":58315.6,"d":"58,315.60"}]
["2009-10-27","10012879","BOMBA PARA AGUA REF. 140257","2005","UN",4,{"v":1,"d":"1.00"},{"v":4,"d":"4.00"}]
["2009-10-27","10012895","ORING 4.33-U","2005","UN",2,{"v":1,"d":"1.00"},{"v":2,"d":"2.00"}]
["2009-10-27","10012906","RESISTENCIA REF. 21","2005","UN",1,{"v":1,"d":"1.00"},{"v":1,"d":"1.00"}]
["2024-06-27","10012916","FILTRO DUPLEX DE 1'' HERO-PLENTY 23236","2005","UN",1,{"v":1,"d":"1.00"},{"v":1,"d":"1.00"}]
["2009-10-27","10012932","FUSIBLE D/PORC DCA 315A GLT1 500V 315AMP","2005","UN",2,{"v":1,"d":"1.00"},{"v":2,"d":"2.00"}]
["2009-10-27","10012935","FUSIBLE D/PORC DCA 3AC1 020G 500V 80AMP","2005","UN",1,{"v":1,"d":"1.00"},{"v":1,"d":"1.00"}]
["2024-06-27","10012959","CONJUNTO DE EMPAQUETADURA LADO DELTA 07","2005","UN",1,{"v":1,"d":"1.00"},{"v":1,"d":"1.00"}]
["2009-10-27","10012971","SINCRONOSCOPIO 120V","2005","UN",1,{"v":1,"d":"1.00"},{"v":1,"d":"1.00"}]
["2009-10-27","10012972","Modulo de entrada siemens 6ES7-321-1BHO1","2005","UN",1,{"v":1,"d":"1.00"},{"v":1,"d":"1.00"}]
["2024-06-27","10012981","\"VALVULA DE 1/4\"\"\"","2007","UN",1,{"v":0,"d":"0.00"},{"v":0,"d":"0.00"}]
["2019-12-31","10012985","VOLTIMETRO  DE 0-60 ADELCO","2005","UN",1,{"v":1,"d":"1.00"},{"v":1,"d":"1.00"}]
["2009-10-27","10013008","RELE AMRA TMS4R-A-P2 125V","2005","UN",2,{"v":1,"d":"1.00"},{"v":2,"d":"2.00"}]
["2009-10-27","10013027","SHUNT PARA GENERADOR","2005","UN",1,{"v":1,"d":"1.00"},{"v":1,"d":"1.00"}]
["2009-10-27","10013029","SOCALO MOELLER 8A 250V","2005","UN",9,{"v":1,"d":"1.00"},{"v":9,"d":"9.00"}]
["2009-10-27","10013037",".RELAY DE TIEMPO 125 VEC CTE2RC66","2005","UN",2,{"v":1,"d":"1.00"},{"v":2,"d":"2.00"}]
["2009-10-27","10013053","RODAMIENTO DE COMPUERTA","2005","UN",2,{"v":1,"d":"1.00"},{"v":2,"d":"2.00"}]
["2009-10-27","10013067","MEDIDOR NITROGENO  DE TRANSFORMADOR","2005","UN",1,{"v":1,"d":"1.00"},{"v":1,"d":"1.00"}]
["2024-04-17","10013074","LAMPARA DE EMERGENCIA RECARGABLE 110V","2011","UN",3,{"v":0,"d":"0.00"},{"v":0,"d":"0.00"}]
["2019-12-31","10013078","RELE ARTECHE TPO AF44","2007","UN",1,{"v":0,"d":"0.00"},{"v":0,"d":"0.00"}]
["2021-12-30","10013091","DISYUNTOR 10AMP SCHRACK (POLO1)","2005","UN",4,{"v":1,"d":"1.00"},{"v":4,"d":"4.00"}]
["2009-10-27","10013107","DIODO SKN 320 / 08","2005","UN",3,{"v":1,"d":"1.00"},{"v":3,"d":"3.00"}]
["2024-06-27","10013108","ELECTROVALVULA 250V / 5AMP MANNESMANN","2005","UN",9,{"v":1,"d":"1.00"},{"v":9,"d":"9.00"}]
["2024-06-27","10013126","DISYUNTOR 2AMP SOCOMEC (POLO 1)","2005","UN",5,{"v":1,"d":"1.00"},{"v":5,"d":"5.00"}]
["2009-10-27","10013136","CONTACTO AUXILIAR 10AMP TELEMATIQUE","2005","UN",2,{"v":1,"d":"1.00"},{"v":2,"d":"2.00"}]
["2009-10-27","10013146","PALETA DEL DISTRIB.D/TURBINA","2005","UN",20,{"v":1,"d":"1.00"},{"v":20,"d":"20.00"}]
["2009-10-27","10013151","ANILLO ROZANTE DEL GENERADOR  (MONCION)","2005","UN",1,{"v":1,"d":"1.00"},{"v":1,"d":"1.00"}]
["2009-10-27","10013168","TARJ. P/EQUIPO D/COMUN.SELTA 18021901B","2005","UN",2,{"v":1,"d":"1.00"},{"v":2,"d":"2.00"}]
["2009-10-27","10013169","TARJ. T/COMUNICACION SELTA 180219008","2005","UN",2,{"v":1,"d":"1.00"},{"v":2,"d":"2.00"}]
["2009-10-27","10013179","BORNERAS SH-NR","2005","UN",80,{"v":1,"d":"1.00"},{"v":80,"d":"80.00"}]
["2010-07-31","10013194","FUENTE ALIMENTACION D AC AD 115 A 230VAC","2005","UN",1,{"v":1,"d":"1.00"},{"v":1,"d":"1.00"}]
["2009-10-27","10013202","BOBINA  KICCLI-48V TIP. K25A","2005","UN",2,{"v":1,"d":"1.00"},{"v":2,"d":"2.00"}]
["2009-10-27","10013220","RELE TIPO RBA VN 125 UCC","2005","UN",1,{"v":1,"d":"1.00"},{"v":1,"d":"1.00"}]
["2009-10-27","10013232","TARJETA ELEC. DRD 108 R00 600283 D2064","2005","UN",1,{"v":1,"d":"1.00"},{"v":1,"d":"1.00"}]
["2009-10-27","10013237","VALVULA DE RETRINCION REF.114","2005","UN",1,{"v":1,"d":"1.00"},{"v":1,"d":"1.00"}]
["2009-10-27","10013252","VOLTIMETRO DE 0 A 300V","2005","UN",1,{"v":1,"d":"1.00"},{"v":1,"d":"1.00"}]
["2019-12-31","10013262","DIODO 007","2005","UN",15,{"v":1,"d":"1.00"},{"v":15,"d":"15.00"}]
["2014-09-01","10013264","PARARRAYO SURGE ARRESTER UR 10KV UR8.4KV","2017","UN",1,{"v":0,"d":"0.00"},{"v":0,"d":"0.00"}]
["2009-10-27","10013275","DISYUNTOR TERMOMAGNETICO GE 70AMP POLO 2","2005","UN",2,{"v":1,"d":"1.00"},{"v":2,"d":"2.00"}]
["2009-10-27","10013289","CONTACTOR TRIPOLAR ABB AE110-30 220-240V","2005","UN",1,{"v":1,"d":"1.00"},{"v":1,"d":"1.00"}]
["2009-10-27","10013303","BOBINA D/CONTACTOR LB3AJ CAPACIDAD 120VH","2005","UN",2,{"v":1,"d":"1.00"},{"v":2,"d":"2.00"}]
["2009-10-27","10013321","DISYUNTOR TRIPOLAR GV7-RE50 750V 50AMP","2005","UN",1,{"v":1,"d":"1.00"},{"v":1,"d":"1.00"}]
["2009-10-27","10013331","MILIAMPERIMETRO DC BM 24VDC 96X96 ABB","2005","UN",1,{"v":1,"d":"1.00"},{"v":1,"d":"1.00"}]
["2009-10-27","10013338","INDICADOR MAGNETICO INDUBRAS NO.3840","2005","UN",1,{"v":1,"d":"1.00"},{"v":1,"d":"1.00"}]
["2009-10-27","10013349","RELE TEMPORIZADOR ALSTOM KCEG142","2005","UN",1,{"v":1,"d":"1.00"},{"v":1,"d":"1.00"}]
["2024-04-17","10013375","PINTURA ROJO CHINO","2008","GAL",20,{"v":1,"d":"1.00"},{"v":20,"d":"20.00"}]
["2021-12-30","10013388","VARILLA ALUMINIO P/SOLDAR 1/2 X 14 PLG","2007","LB",8,{"v":0,"d":"0.00"},{"v":0,"d":"0.00"}]
["2024-06-27","10013422","BROCHA DE PINTAR DE 4\"","2005","UN",7,{"v":0,"d":"0.00"},{"v":0,"d":"0.00"}]
["2024-07-31","10013425","Contact Cleaner West","2000","GAL",10,{"v":849.6,"d":"849.60"},{"v":8496,"d":"8,496.00"}]
["2024-05-10","10013450","BROCHA  3\"","2020","UN",1,{"v":1,"d":"1.00"},{"v":1,"d":"1.00"}]
["2024-06-18","10013494","TERMO PARA CAFE","2010","UN",1,{"v":0,"d":"0.00"},{"v":0,"d":"0.00"}]
["2024-05-10","10013527","ABRAZDERA ACERO INOXI 1/2 PLG","2025","UN",9,{"v":1,"d":"1.00"},{"v":9,"d":"9.00"}]
["2016-10-20","10013548","PINTURA TROPICAL  AZUL CIELO  (CUBETA)","2001","UN",15,{"v":0,"d":"0.00"},{"v":0,"d":"0.00"}]
["2024-05-10","10013554","ROLO PARA PINTAR 9''","2022","UN",1,{"v":0,"d":"0.00"},{"v":0,"d":"0.00"}]
["2024-04-17","10013578","MOTOR REDUCTOR MCH MERLIN GERIN","2011","UN",1,{"v":0,"d":"0.00"},{"v":0,"d":"0.00"}]
["2017-07-31","10013638","DISCO DURO 4TB","2011","UN",1,0.01,0.01]
["2017-09-13","10013665","FLOTA ELECTRICA P/ BOMBA SUMERGIBLE","2007","UN",1,{"v":0,"d":"0.00"},{"v":0,"d":"0.00"}]
["2019-12-31","10013724","ACIDO MURIATICO","2003","GAL",4,{"v":0,"d":"0.00"},{"v":0,"d":"0.00"}]
["2018-02-09","10013727","FILTROS DE PRESION R928006916","2003","UN",3,{"v":0,"d":"0.00"},{"v":0,"d":"0.00"}]
["2021-12-30","10013733","LIQUIDO DE FRENO DOT 3","2020","PT",{"v":0.5,"d":"0.500"},{"v":0,"d":"0.00"},{"v":0,"d":"0.00"}]
["2024-06-18","10013759","ESTATOR SERIE 6.1564 P/ GRUA BAUMA","2027","UN",1,{"v":1,"d":"1.00"},{"v":1,"d":"1.00"}]
["2011-06-02","10013769","COOLANT","2009","GAL",4,{"v":0,"d":"0.00"},{"v":0,"d":"0.00"}]
["2024-05-15","10013803","GOMAS 265-70-16","2000","UN",4,{"v":11032.505,"d":"11,032.51"},{"v":44130.02,"d":"44,130.02"}]
["2024-05-10","10013870","NO UTILIZAR-ABRAZADERA UNIVERSAL DE 1''","2020","PUL",1,{"v":1,"d":"1.00"},{"v":1,"d":"1.00"}]
["2021-12-30","10013880","TIE WRAPS LARGOS","2002","PUL",100,{"v":0,"d":"0.00"},{"v":0,"d":"0.00"}]
["2019-11-06","10013906","LETRA IMC LL 3 PLG","2010","UN",10,{"v":0,"d":"0.00"},{"v":0,"d":"0.00"}]
["2018-06-15","10013927","ALCOHOL ISOPROPILICO","2029","GAL",2,494.84,989.68]
["2023-09-28","10013955","CINTA ADHESIVA TRANSP. 3M","2029","UN",148,{"v":69.92101351351351,"d":"69.92"},{"v":10348.31,"d":"10,348.31"}]
["2023-10-02","10013957","BANDITAS DE GOMAS","2029","UN",116,{"v":26.118620689655174,"d":"26.12"},{"v":3029.76,"d":"3,029.76"}]
["2024-06-27","10013979","RASTRILLO PARA PIEDRA","2007","UN",1,0.01,0.01]
["2024-06-18","10013979","RASTRILLO PARA PIEDRA","2027","UN",6,{"v":1,"d":"1.00"},{"v":6,"d":"6.00"}]
["2021-12-30","10014003","DOBLADOR TUBO DE 1/2 COBRE","2008","UN",2,0.01,0.02]
["2021-12-30","10014021","GUANTE DE ALTA TENSION","2002","UN",2,{"v":0,"d":"0.00"},{"v":0,"d":"0.00"}]
["2024-05-10","10014065","MODULO BASLER MOD BE1-59","2022","UN",2,{"v":0,"d":"0.00"},{"v":0,"d":"0.00"}]
["2021-12-30","10014073","TORNILLO CAB. HEXAGONAL 5MMx20MM","2020","UN",1,{"v":1,"d":"1.00"},{"v":1,"d":"1.00"}]
["2017-03-27","10014075","ESCOBAS PLASTICAS","2022","UN",10,{"v":134.77100000000002,"d":"134.77"},{"v":1347.71,"d":"1,347.71"}]
["2024-02-15","10014075","ESCOBAS PLASTICAS","2025","UN",10,{"v":134.77100000000002,"d":"134.77"},{"v":1347.71,"d":"1,347.71"}]
["2017-03-27","10014078","DESINFECTANTE LIQUIDO","2022","GAL",2,220.83,441.66]
[{"$error":"#N/A"},"10014078","DESINFECTANTE LIQUIDO","2023","GAL",4,{"v":225.385,"d":"225.39"},901.54]
["2024-02-15","10014081","JABON LIQUIDO","2021","GAL",2,{"v":211.465,"d":"211.47"},422.93]
["2024-04-17","10014104","BORNERA 300V/40A","2028","UN",10,{"v":1,"d":"1.00"},{"v":10,"d":"10.00"}]
["2024-04-17","10014105","BASE PARA PULSADOR ZB4/BZ105","2028","UN",1,{"v":1,"d":"1.00"},{"v":1,"d":"1.00"}]
["2024-06-18","10014125","TUBOS FLUORESENTES, 40 WATTS SILVANIA","2016","UN",2,0.01,0.02]
["2024-06-18","10014175","CODO PVC DRENAJE 2¨X90","2010","UN",1,{"v":0,"d":"0.00"},{"v":0,"d":"0.00"}]
["2024-06-18","10014176","CODO PRESION PVC 1/2\" X 90º","2010","UN",7,{"v":0,"d":"0.00"},{"v":0,"d":"0.00"}]
["2024-06-27","10014250","SOGA DE NYLON NO.16MM","2005","UN",18,{"v":0,"d":"0.00"},{"v":0,"d":"0.00"}]
["2024-06-18","10014312","BATERIA TIPO D","2010","UN",4,{"v":0,"d":"0.00"},{"v":0,"d":"0.00"}]
["2021-12-30","10014336","LAMPARAS DE MERCURIO 175W 100V","2004","UN",2,{"v":0,"d":"0.00"},{"v":0,"d":"0.00"}]
["2024-04-17","10014361","CONTACTO AUXILIAR 3RH1911-1FA11 10A/240V","2011","CA",2,{"v":0,"d":"0.00"},{"v":0,"d":"0.00"}]
["2024-04-17","10014400","MANOMETRO DE 0-4 BAR","2011","UN",2,{"v":0,"d":"0.00"},{"v":0,"d":"0.00"}]
["2024-06-18","10014421","CONECTOR NEMA TERMINAL 477 265 559 DOBLE","2027","UN",1,{"v":1,"d":"1.00"},{"v":1,"d":"1.00"}]
["2024-05-10","10014422","PALA DE CORTE","2021","UN",8,{"v":0,"d":"0.00"},{"v":0,"d":"0.00"}]
["2024-04-17","10014424","MODULO DE SEÑAL MOD-6ES7432-1HF00","2011","UN",1,{"v":0,"d":"0.00"},{"v":0,"d":"0.00"}]
["2024-06-27","10014477","MODULO DE CONTROL NOTIFER EMX2","2005","UN",4,{"v":0,"d":"0.00"},{"v":0,"d":"0.00"}]
[{"$error":"#N/A"},"10014522","AZUCAR CREMA","2024","LB",20,{"v":32.223,"d":"32.22"},644.46]
["2009-11-02","10014548","SOLVENTE ELECTRICO WESTSOLV ESPECIAL","2003","GAL",3,{"v":0,"d":"0.00"},{"v":0,"d":"0.00"}]
["2024-04-17","10014622","ESCOBILLON PLASTICO","2008","UN",1,{"v":0,"d":"0.00"},{"v":0,"d":"0.00"}]
["2024-05-10","10014652","Servilletas","2022","UN",400,{"v":1,"d":"1.00"},{"v":400,"d":"400.00"}]
["2010-01-01","10014657","PILAS RECARGABLES 1600 MAH","2010","UN",2,{"v":0,"d":"0.00"},{"v":0,"d":"0.00"}]
["2019-12-31","10014812","DISCO DE CLOCHE","2002","UN",2,{"v":0,"d":"0.00"},{"v":0,"d":"0.00"}]
["2024-05-10","10014819","CAPACITOR TRIFASICO 4160 60HZ","2022","LB",1,{"v":1,"d":"1.00"},{"v":1,"d":"1.00"}]
["2024-06-27","10014872","CORRE D/BOMBA DE AGUA FMC 277638-06","2005","UN",1,{"v":0,"d":"0.00"},{"v":0,"d":"0.00"}]
["2024-06-27","10014883","SILICON","2005","UN",1,{"v":0,"d":"0.00"},{"v":0,"d":"0.00"}]
["2024-04-17","10014931","PINTURA BLANCO 00 (GAL)","2008","UN",15,{"v":1,"d":"1.00"},{"v":15,"d":"15.00"}]
["2016-02-25","10014973","PLATO DE CLUTCH","2008","UN",1,{"v":0,"d":"0.00"},{"v":0,"d":"0.00"}]
["2019-10-15","10014994","TOMAS CORRIENTES CDE","2001","UN",3,{"v":0,"d":"0.00"},{"v":0,"d":"0.00"}]
["2024-04-17","10015014","SUAPE DE ALGODON","2008","UN",6,{"v":0,"d":"0.00"},{"v":0,"d":"0.00"}]
["2017-06-19","10015014","SUAPE DE ALGODON","2025","UN",2,165.48,330.96]
["2021-08-09","10015016","PICO CON PALO","2002","UN",12,{"v":0,"d":"0.00"},{"v":0,"d":"0.00"}]
["2021-08-09","10015016","PICO CON PALO","2027","UN",1,{"v":1121,"d":"1,121.00"},{"v":1121,"d":"1,121.00"}]
["2024-05-10","10015097","ALCOHOL ISOPROPILICO GL","2020","UN",1,{"v":1,"d":"1.00"},{"v":1,"d":"1.00"}]
["2012-08-21","10015124","HACHA COMPLETAS","2013","UN",2,0.01,0.02]
["2023-09-28","10015190","CINTA P/MAQUINA SUMADORA","2029","UN",318,{"v":56.915628930817604,"d":"56.92"},{"v":18099.17,"d":"18,099.17"}]
["2021-12-30","10015265","VARILLA PLATA P/SOLDAR","2013","UN",66,0.01,0.66]
["2024-04-17","10015335","BREAKER DE 20 AMPERES","2008","UN",3,0.01,0.03]
["2024-05-10","10015350","COUPLING HG DE 1½","2025","UN",1,0.01,0.01]
["2015-06-08","10015379","RELE ABB RXMVB4 REF-RK251403-AP/125V","2002","UN",1,{"v":0,"d":"0.00"},{"v":0,"d":"0.00"}]
["2024-04-17","10015419","sensor de velocidad m12x1mm","2008","UN",2,0.01,0.02]
["2024-05-10","10015462","DISCO DE CORTE 14 X 1/8 X 1 PLG","2020","UN",6,{"v":1,"d":"1.00"},{"v":6,"d":"6.00"}]
["2024-06-18","10015507","MANGUERA HIDRAULICA 125 BAR/1 1/4 PLG","2012","UN",1,{"v":0,"d":"0.00"},{"v":0,"d":"0.00"}]
["2024-06-27","10015575","HEATER ELEMENT","2007","UN",3,{"v":0,"d":"0.00"},{"v":0,"d":"0.00"}]
["2021-12-30","10015630","SOGA DE NYLON 1/4\"","2015","UN",1,{"v":0,"d":"0.00"},{"v":0,"d":"0.00"}]
["2019-12-31","10015630","SOGA DE NYLON 1/4\"","2021","UN",1,{"v":0,"d":"0.00"},{"v":0,"d":"0.00"}]
["2014-10-01","10015631","CAPA IMPERMEABLES (CAPOTE)","2022","UN",1,{"v":0,"d":"0.00"},{"v":0,"d":"0.00"}]
["2024-04-17","10015697","SOGA DE 1 PULGADA","2000","UN",1,0.01,0.01]
["2022-11-11","10015702","FOLDERS PENDAFLEX 8½ X 11","2030","UN",200,{"v":19.434549999999998,"d":"19.43"},{"v":3886.91,"d":"3,886.91"}]
["2021-12-30","10015709","MANGUERA 63MM POLIESTILENO","2004","UN",1,{"v":0,"d":"0.00"},{"v":0,"d":"0.00"}]
["2024-05-23","10015790","MASCARILLAS DESECHABLES","2029","UN",{"v":32250,"d":"32,250"},{"v":0,"d":"0.00"},{"v":0,"d":"0.00"}]
["2024-09-16","10015792","TEE PVC 4\" SCH-40","2032","UN",73,{"v":0,"d":"0.00"},{"v":0,"d":"0.00"}]
["2021-12-30","10015818","FILTRO PARA MASCARILLA ANTI GAS","2002","UN",53,{"v":0,"d":"0.00"},{"v":0,"d":"0.00"}]
["2021-12-30","10015818","FILTRO PARA MASCARILLA ANTI GAS","2024","UN",25,0.01,0.25]
["2024-06-18","10015818","FILTRO PARA MASCARILLA ANTI GAS","2027","UN",3,{"v":1,"d":"1.00"},{"v":3,"d":"3.00"}]
["2024-06-18","10015853","BOBINA DE CIERRE DE INTERRUPTOR","2012","UN",1,0.01,0.01]
["2015-12-17","10015881","BOMBILLO FLUORESCENTE","2001","UN",42,{"v":0,"d":"0.00"},{"v":0,"d":"0.00"}]
["2019-12-31","10015882","SOGA DE NYLON 3/8\" BLANCA","2025","UN",2,{"v":0,"d":"0.00"},{"v":0,"d":"0.00"}]
["2023-06-01","10015926","PORTA LAPIZ","2030","UN",44,{"v":72.56363636363636,"d":"72.56"},{"v":3192.8,"d":"3,192.80"}]
["2021-12-30","10015958","BASE P/RELE 125 DC","2008","UN",2,{"v":0,"d":"0.00"},{"v":0,"d":"0.00"}]
["2024-04-17","10015977","CABLE OPTICO PR-6423","2011","UN",2,{"v":0,"d":"0.00"},{"v":0,"d":"0.00"}]
["2010-07-31","10015986","ABRAZADERA P/MANGUERA","2001","UN",3,{"v":0,"d":"0.00"},{"v":0,"d":"0.00"}]
["2024-05-10","10015993","CINTURON LINIERO","2021","UN",1,{"v":0,"d":"0.00"},{"v":0,"d":"0.00"}]
["2022-09-12","10016003","TERMINAL P/ SUZUKI GRAN VITARA 08-11","2031","UN",10,{"v":0,"d":"0.00"},{"v":0,"d":"0.00"}]
["2016-10-12","10016013","SENSOR MODELO VAGACAL","2003","UN",2,{"v":0,"d":"0.00"},{"v":0,"d":"0.00"}]
["2021-12-30","10016027","CONO DE SEGURIDAD 28\"","2010","UN",5,{"v":0,"d":"0.00"},{"v":0,"d":"0.00"}]
["2014-07-31","10016027","CONO DE SEGURIDAD 28\"","2027","UN",6,{"v":0,"d":"0.00"},{"v":0,"d":"0.00"}]
["2024-06-27","10016111","FUSIBLE DE PORCELANA 500V/160A","2005","UN",2,{"v":0,"d":"0.00"},{"v":0,"d":"0.00"}]
["2024-08-09","10016181","PENETRANTE WD-40","2000","UN",10,{"v":346.384,"d":"346.38"},{"v":3463.84,"d":"3,463.84"}]
["2021-11-16","10016181","PENETRANTE WD-40","2009","UN",1,{"v":0,"d":"0.00"},{"v":0,"d":"0.00"}]
["2021-12-30","10016250","MANGUERA 50MM POLIESTILENO","2004","TF",2,{"v":0,"d":"0.00"},{"v":0,"d":"0.00"}]
["2016-11-29","10016274","MANOMETRO RINSTRUMER O A 160 PSI","2016","UN",1,{"v":0,"d":"0.00"},{"v":0,"d":"0.00"}]
["2014-05-28","10016291","MOTOR HDZ-60-30J REF-1HSB2380-5","2003","UN",4,{"v":0,"d":"0.00"},{"v":0,"d":"0.00"}]
["2024-09-25","10016329","PLAYWOOD MADERA 96 x 48 x 1 PLG","2021","UN",15,{"v":0,"d":"0.00"},{"v":0,"d":"0.00"}]
["2021-12-30","10016359","ARANDELA DE PRESION","2002","UN",25,{"v":0,"d":"0.00"},{"v":0,"d":"0.00"}]
["2024-06-18","10016407","ALAMBRE TIPO TRINCHERA","2010","UN",49,0.01,0.49]
["2019-12-31","10016430","LAMPARA TIPO COBRA 250 W, 220 Volt.","2005","UN",4,{"v":0,"d":"0.00"},{"v":0,"d":"0.00"}]
["2024-04-17","10016447","PINTURA AZUL ALBA","2000","GAL",78,{"v":0,"d":"0.00"},{"v":0,"d":"0.00"}]
["2024-05-10","10016459","PAPEL DE LIJA NO. 2000","2020","UN",3,{"v":1,"d":"1.00"},{"v":3,"d":"3.00"}]
["2022-06-06","10016492","LAMPARA FLURESCENTE COMPACTA 13W","2011","UN",6,0.01,0.06]
["2021-12-30","10016508","PERFIL","2023","UN",1,{"v":0,"d":"0.00"},{"v":0,"d":"0.00"}]
["2024-06-18","10016520","BOMBILLO LED 110 V","2010","UN",40,0.01,{"v":0.4,"d":"0.40"}]
["2024-04-17","10016539","TRANSDUCTOR MOD. S4-20MA","2011","UN",6,0.01,0.06]
["2024-07-17","10016567","CRUCETA CARDAN TOYOTA HILUX 2017-2021","2031","UN",4,{"v":0,"d":"0.00"},{"v":0,"d":"0.00"}]
["2019-12-31","10016585","LOCTITE SELLADOR DE UNIONES","2002","UN",5,{"v":0,"d":"0.00"},{"v":0,"d":"0.00"}]
["2024-04-17","10016643","MODULO R5232","2011","C/U",1,{"v":0,"d":"0.00"},{"v":0,"d":"0.00"}]
["2020-01-27","10016646","SENSOR DE PROXIMIDAD REF:DH5NP18-4","2005","UN",13,{"v":0,"d":"0.00"},{"v":0,"d":"0.00"}]
["2024-06-27","10016657","RODAMIENTO FAE-NUP 207","2005","UN",4,{"v":0,"d":"0.00"},{"v":0,"d":"0.00"}]
["2018-07-19","10016669","BOMBILLOS 18V/6W","2003","UN",19,{"v":0,"d":"0.00"},{"v":0,"d":"0.00"}]
["2011-11-28","10016680","CONECTADORES","2002","UN",10,{"v":0,"d":"0.00"},{"v":0,"d":"0.00"}]
["2021-11-15","10016685","LINTERNA","2003","UN",11,{"v":0,"d":"0.00"},{"v":0,"d":"0.00"}]
["2024-07-29","10016695","REGULADORES","2015","UN",1,0.01,0.01]
["2022-09-05","10016699","TOMACORRIENTE TRIFASICO 20 AMP","2010","UN",23,{"v":0,"d":"0.00"},{"v":0,"d":"0.00"}]
["2024-06-27","10016710","MANGAS DE SOLDAR","2005","UN",7,{"v":0,"d":"0.00"},{"v":0,"d":"0.00"}]
["2021-12-30","10016711","PECHERA PARA SOLDAR","2004","UN",6,{"v":0,"d":"0.00"},{"v":0,"d":"0.00"}]
["2011-03-13","10016711","PECHERA PARA SOLDAR","2009","UN",5,{"v":0,"d":"0.00"},{"v":0,"d":"0.00"}]
["2024-04-17","10016720","TEMPORIZADOR DE TEMPER. TIPO-KTO 011","2011","UN",2,{"v":0,"d":"0.00"},{"v":0,"d":"0.00"}]
["2021-08-09","10016737","LIMA","2023","UN",28,{"v":0,"d":"0.00"},{"v":0,"d":"0.00"}]
["2017-03-29","10016747","PISTOLA NEUMATICA","2023","UN",1,{"v":0,"d":"0.00"},{"v":0,"d":"0.00"}]
["2013-06-14","10016778","ANTIDESLIZANTE P/ESCALERA","2025","ROL",1,{"v":0,"d":"0.00"},{"v":0,"d":"0.00"}]
["2019-12-31","10016786","GUANTE AISLANTE DE ELECTRICIDAD","2005","UN",1,{"v":0,"d":"0.00"},{"v":0,"d":"0.00"}]
["2024-05-10","10016788","OREJERA DE SEGURIDAD","2021","UN",2,{"v":0,"d":"0.00"},{"v":0,"d":"0.00"}]
["2024-04-17","10016829","SENSOR DE NIVEL DE COGINETE VEGACAL63","2011","UN",3,{"v":0,"d":"0.00"},{"v":0,"d":"0.00"}]
["2022-03-29","10016879","CONTACTO AUXILIAR REF-CA4","2010","UN",1,{"v":0,"d":"0.00"},{"v":0,"d":"0.00"}]
["2019-12-31","10016887","BUSHING DE CATRE DT-125","2003","UN",7,{"v":0,"d":"0.00"},{"v":0,"d":"0.00"}]
["2024-07-29","10016906","CONTRATUERCA","2015","UN",10,{"v":0,"d":"0.00"},{"v":0,"d":"0.00"}]
["2020-02-28","10016912","GRAPA DE SOPORTE ALTA TENSION","2005","UN",1,{"v":0,"d":"0.00"},{"v":0,"d":"0.00"}]
["2024-06-27","10016935","BOBINA DE APERTURA","2005","UN",2,{"v":0,"d":"0.00"},{"v":0,"d":"0.00"}]
["2023-12-27","10016955","CUT OUT","2009","UN",10,{"v":4472.2,"d":"4,472.20"},{"v":44722,"d":"44,722.00"}]
["2019-12-31","10016982","RESINA AISLANTE ELECT.","2007","UN",7,{"v":0,"d":"0.00"},{"v":0,"d":"0.00"}]
["2014-08-14","10016988","BOBINA DE ESTATAOR 240V-50/60 Hz","2010","UN",2,{"v":0,"d":"0.00"},{"v":0,"d":"0.00"}]
["2019-12-31","10017007","TRANS. D/ POSIC CARREA ACTV. 230MM/24VCD","2007","UN",1,{"v":0,"d":"0.00"},{"v":0,"d":"0.00"}]
["2021-12-30","10017025","DENCIMETRO 1.16-1.20 SGU","2007","UN",1,{"v":0,"d":"0.00"},{"v":0,"d":"0.00"}]
["2019-11-28","10017033","FILTRO DE AIRE REF. 6.3566.0 G1","2027","UN",1,59.83,59.83]
["2024-06-18","10017046","SELLO DE GOMA 430MM","2027","UN",2,0.01,0.02]
["2024-05-10","10017105","CAMISA MANGAS CORTA","2020","UN",3,{"v":1,"d":"1.00"},{"v":3,"d":"3.00"}]
["2021-09-23","10017135","JUNTA TAPA DE VALVULA ISUZU D-MAX 06-11","2002","UN",3,{"v":0,"d":"0.00"},{"v":0,"d":"0.00"}]
["2021-11-16","10017189","ORING 4MM","2002","UN",60,{"v":0,"d":"0.00"},{"v":0,"d":"0.00"}]
["2024-05-10","10017190","FILTRO DE ACEITE REF-C-110","2025","UN",2,0.01,0.02]
["2019-12-31","10017238","Canaleta plástica","2001","UN",19,{"v":0,"d":"0.00"},{"v":0,"d":"0.00"}]
["2024-05-10","10017245","CINTA AISLANTE DE FIBRA DE VIDRIO 1 PLG","2020","UN",5,{"v":0,"d":"0.00"},{"v":0,"d":"0.00"}]
["2024-09-16","10017251","ADAPTADOR DOBLE ROSCA PVC 3\" SCH-40","2032","UN",21,0.01,0.21]
["2018-01-15","10017268","CATALINA NO-12-05 DT-125","2002","UN",{"v":59.68,"d":"59.680"},{"v":0,"d":"0.00"},{"v":0,"d":"0.00"}]
["2024-09-16","10017273","CODO PVC 24\" SCH-40","2032","UN",6,{"v":0,"d":"0.00"},{"v":0,"d":"0.00"}]
["2024-06-27","10017284","ESCOBILLON 40 CM","2005","UN",9,{"v":0,"d":"0.00"},{"v":0,"d":"0.00"}]
["2013-06-07","10017284","ESCOBILLON 40 CM","2022","UN",5,{"v":0,"d":"0.00"},{"v":0,"d":"0.00"}]
["2024-04-17","10017293","TARJETA DE MODULO 327-1301","2011","UN",1,{"v":0,"d":"0.00"},{"v":0,"d":"0.00"}]
["2017-04-21","10017300","INTERRUPTOR DOBLE 110V","2005","UN",4,{"v":0,"d":"0.00"},{"v":0,"d":"0.00"}]
["2024-06-27","10017302","TUERCA M6 METALICA","2005","UN",10,{"v":0,"d":"0.00"},{"v":0,"d":"0.00"}]
["2016-10-10","10017315","Abrazadera","2003","UN",2,{"v":0,"d":"0.00"},{"v":0,"d":"0.00"}]
["2013-06-03","10017317","CLORO","2020","GAL",9,{"v":23.45111111111111,"d":"23.45"},211.06]
["2023-11-14","10017317","CLORO","2029","GAL",26,{"v":100.76692307692308,"d":"100.77"},{"v":2619.94,"d":"2,619.94"}]
["2013-03-13","10017328","ESTATOR SERIE 6.1569 P/ GRUA BAUMA","2002","UN",13,{"v":0,"d":"0.00"},{"v":0,"d":"0.00"}]
["2024-06-27","10017350","CORREA B56","2005","UN",1,{"v":0,"d":"0.00"},{"v":0,"d":"0.00"}]
["2014-08-20","10017379","CONECTOR LIQUIT TIGHT 3\"","2002","UN",8,{"v":0,"d":"0.00"},{"v":0,"d":"0.00"}]
["2020-06-29","10017422","CEPILLO DE LAMINA 60 X 20MM","2020","M3",2,{"v":0,"d":"0.00"},{"v":0,"d":"0.00"}]
["2019-12-31","10017447","CHALECO REFLECTOR DE SEGURIDAD","2003","UN",16,{"v":0,"d":"0.00"},{"v":0,"d":"0.00"}]
["2021-12-30","10017457","ELECTRODOS","2003","UN",25,{"v":0,"d":"0.00"},{"v":0,"d":"0.00"}]
["2024-04-17","10017497","BASE PARA FILTRO","2011","UN",2,{"v":0,"d":"0.00"},{"v":0,"d":"0.00"}]
["2024-04-12","10017517","GOMAS 225/ 70 R16","2000","UN",4,{"v":6969.2575,"d":"6,969.26"},{"v":27877.03,"d":"27,877.03"}]
["2013-08-09","10017550","PLC SIMATIC S7-400","2002","UN",2,{"v":0,"d":"0.00"},{"v":0,"d":"0.00"}]
["2024-04-17","10017559","SIGNAL INSULATOR SI1010L-XE","2008","UN",1,{"v":0,"d":"0.00"},{"v":0,"d":"0.00"}]
["2024-06-18","10017560","TORNILLO EXPANSIVO 4.8MM","2016","UN",4,{"v":0,"d":"0.00"},{"v":0,"d":"0.00"}]
["2019-12-31","10017570","MICRO MOTOR SELECTOR","2002","UN",1,{"v":0,"d":"0.00"},{"v":0,"d":"0.00"}]
["2024-07-29","10017616","JUEGO DE DISCO PARA FRENO B.4","2015","UN",2,{"v":0,"d":"0.00"},{"v":0,"d":"0.00"}]
["2024-05-10","10017624","MEDIDOR DE TEMPERATURA 0º A 120ºC","2022","UN",1,0.01,0.01]
["2015-05-05","10017634","VALVULA D/GALLETA 1/2\" DE BRONCE 150PSI","2002","UN",8,{"v":0,"d":"0.00"},{"v":0,"d":"0.00"}]
["2024-04-03","10017667","SWITCH 15A 120-277 VAC","2000","UN",9,{"v":49560,"d":"49,560.00"},{"v":446040,"d":"446,040.00"}]
["2018-10-11","10017672","JUEGO DE BROCA","2003","UN",5,{"v":0,"d":"0.00"},{"v":0,"d":"0.00"}]
["2021-12-30","10017744","MANITA LIMPIA GEL GL","2008","UN",12,0.01,0.12]
["2024-05-23","10017744","MANITA LIMPIA GEL GL","2029","UN",72,{"v":0,"d":"0.00"},{"v":0,"d":"0.00"}]
["2017-01-12","10017751","CAPACITOR 370V/44V-50/60HZ","2001","UN",2,{"v":0,"d":"0.00"},{"v":0,"d":"0.00"}]
["2021-03-26","10017793","CATALINA 14T-RX/AX 1AT-AA","2011","UN",1,0.01,0.01]
["2024-06-27","10017847","BARRA DE COBRE P/EMPARME 75x65x9 MM","2005","UN",4,{"v":0,"d":"0.00"},{"v":0,"d":"0.00"}]
["2024-06-27","10017895","FIBRA DE VIDRIO","2005","UN",2,{"v":0,"d":"0.00"},{"v":0,"d":"0.00"}]
["2024-05-10","10017934","LANTRONIX - UDS1100-IAP","2022","UN",1,{"v":0,"d":"0.00"},{"v":0,"d":"0.00"}]
["2021-08-03","10017943","ARNES DE SEGURIDAD","2020","UN",4,{"v":0,"d":"0.00"},{"v":0,"d":"0.00"}]
["2014-07-31","10017943","ARNES DE SEGURIDAD","2027","UN",22,{"v":0,"d":"0.00"},{"v":0,"d":"0.00"}]
["2024-05-10","10017985","CONTACTOR TRIFASICO 6A 220V","2021","UN",4,{"v":0,"d":"0.00"},{"v":0,"d":"0.00"}]
["2019-12-31","10017985","CONTACTOR TRIFASICO 6A 220V","2023","UN",1,{"v":0,"d":"0.00"},{"v":0,"d":"0.00"}]
["2020-03-20","10018039","ADAPTADOR HEMBRA PVC 3\" ROSCADO SCH-40","2001","UN",5,{"v":0,"d":"0.00"},{"v":0,"d":"0.00"}]
["2022-01-31","10018071","THINER","2009","GAL",5,{"v":0,"d":"0.00"},{"v":0,"d":"0.00"}]
["2024-04-17","10018107","CABLE DE ACERO TRENZADO","2000","UN",20,{"v":0,"d":"0.00"},{"v":0,"d":"0.00"}]
["2021-12-30","10018173","CONDUFLEX","2002","UN",100,{"v":0,"d":"0.00"},{"v":0,"d":"0.00"}]
["2024-06-18","10018203","MOTOBOMBA HIDRAULICA 60HZ","2010","UN",1,0.01,0.01]
["2021-12-30","10018239","DISCO DE FRENO 43512-0K060","2005","UN",1,{"v":0,"d":"0.00"},{"v":0,"d":"0.00"}]
["2024-09-20","10018277","PIEDRA PARA ACENTAR","2000","UN",3,{"v":454.1233333333333,"d":"454.12"},{"v":1362.37,"d":"1,362.37"}]
["2014-05-20","10018328","CINTA ELEC. AUTOSOLDABLE 19X 9.15 0.76MM","2003","UN",2,{"v":0,"d":"0.00"},{"v":0,"d":"0.00"}]
["2021-12-30","10018342","CONMUTADOR IDS-5012","2003","UN",1,{"v":0,"d":"0.00"},{"v":0,"d":"0.00"}]
["2019-12-31","10018375","SOPORTE P/EXTINGUIDOR","2003","UN",2,{"v":0,"d":"0.00"},{"v":0,"d":"0.00"}]
["2021-12-30","10018405","LINEA DE VIDA PARA ARNES DE SEGURIDAD","2007","UN",7,0.01,0.07]
["2016-04-06","10018405","LINEA DE VIDA PARA ARNES DE SEGURIDAD","2028","UN",2,{"v":0,"d":"0.00"},{"v":0,"d":"0.00"}]
["2022-09-05","10018412","CABLES","2003","TF",1,{"v":0,"d":"0.00"},{"v":0,"d":"0.00"}]
["2021-03-19","10018427","IMPERMEABILIZANTE","2009","GAL",50,{"v":0,"d":"0.00"},{"v":0,"d":"0.00"}]
["2018-04-16","10018470","BASE BOTON PULSADOR 10AMP","2001","UN",2,{"v":0,"d":"0.00"},{"v":0,"d":"0.00"}]
["2024-04-17","10018494","CATALINA 15T-RX/AX C1-1305","2011","UN",4,{"v":0,"d":"0.00"},{"v":0,"d":"0.00"}]
["2021-12-30","10018549","BRAZO PARA LAMPARA","2005","UN",1,{"v":0,"d":"0.00"},{"v":0,"d":"0.00"}]
["2024-06-18","10018595","CRUCETA CARDAN","2031","UN",20,{"v":0,"d":"0.00"},{"v":0,"d":"0.00"}]
["2019-12-31","10018650","JUEGO DE COPLE DE 1/4 EN BRONCE TIPO F","2007","UN",1,{"v":0,"d":"0.00"},{"v":0,"d":"0.00"}]
["2024-05-10","10018715","BASE DELANTERA P/ CARRIL DIN","2021","ROL",4,{"v":1,"d":"1.00"},{"v":4,"d":"4.00"}]
["2024-06-27","10018768","ASPA P/ MOTOR ELECTRICO RPM 1140","2005","UN",1,{"v":0,"d":"0.00"},{"v":0,"d":"0.00"}]
["2024-06-27","10018786","FILTRO DONALDSON P5550-777","2005","UN",4,{"v":0,"d":"0.00"},{"v":0,"d":"0.00"}]
["2024-05-10","10018841","SEPARADOR","2020","LC",2,{"v":1,"d":"1.00"},{"v":2,"d":"2.00"}]
["2024-07-15","10018902","MOTOR TIPO FM 112MW4","2000","UN",3,{"v":64900,"d":"64,900.00"},{"v":194700,"d":"194,700.00"}]
["2023-09-28","10018929","TONER 125A CYAN","2029","UN",4,{"v":4443.1,"d":"4,443.10"},{"v":17772.4,"d":"17,772.40"}]
["2019-05-06","10018946","CARTUCHO 933XL AMARILLO","2029","UN",72,{"v":906.9076388888889,"d":"906.91"},{"v":65297.35,"d":"65,297.35"}]
["2018-05-08","10018954","TONER 124A 6002A AMARILLO","2029","UN",2,{"v":5300.165,"d":"5,300.17"},{"v":10600.33,"d":"10,600.33"}]
["2018-05-08","10018962","CARTUCHO HP 60 NEGRA","2029","UN",48,{"v":1032.2595833333332,"d":"1,032.26"},{"v":49548.46,"d":"49,548.46"}]
["2018-05-08","10018973","CARTUCHO 951 CYAN","2029","UN",36,{"v":953.5525,"d":"953.55"},{"v":34327.89,"d":"34,327.89"}]
["2023-06-01","10018978","CARTUCHO 662 TRICOLOR","2029","UN",33,{"v":710.2966666666667,"d":"710.30"},{"v":23439.79,"d":"23,439.79"}]
["2024-02-15","10018987","PAPEL BOND 8 ½ X 11","2017","CA",{"v":0.4,"d":"0.400"},{"v":2117.2749999999996,"d":"2,117.28"},846.91]
["2023-10-27","10018992","PAPEL PARA MAQUINA SUMADORA","2029","ROL",478,{"v":20.414832635983267,"d":"20.41"},{"v":9758.29,"d":"9,758.29"}]
["2016-09-05","10018995","SOBRE MANILA 14 X 17","2029","CA",3,{"v":4205.62,"d":"4,205.62"},{"v":12616.86,"d":"12,616.86"}]
["2023-10-02","10019002","POST-IT 3 X 3","2029","DOC",26.324,{"v":118.03145418629387,"d":"118.03"},{"v":3107.06,"d":"3,107.06"}]
[{"$error":"#N/A"},"10019008","LAPICERO AZUL","2024","CA",2,{"v":64.8,"d":"64.80"},{"v":129.6,"d":"129.60"}]
["2023-10-02","10019008","LAPICERO AZUL","2029","CA",87.831,{"v":53.018524211269366,"d":"53.02"},{"v":4656.67,"d":"4,656.67"}]
["2022-09-07","10019011","MARCADORES INDELEBLES","2030","CA",{"v":71.58,"d":"71.580"},{"v":199.093461860855,"d":"199.09"},{"v":14251.11,"d":"14,251.11"}]
["2023-10-02","10019015","FOLDER AMARILLO 8 ½ X 11","2029","CA",{"v":1.64,"d":"1.640"},{"v":261.0914634146342,"d":"261.09"},428.19]
["2023-06-01","10019015","FOLDER AMARILLO 8 ½ X 11","2030","CA",81,{"v":323.784938271605,"d":"323.78"},{"v":26226.58,"d":"26,226.58"}]
["2023-10-02","10019020","CLIPS GRANDES","2029","CA",47,{"v":38.331702127659575,"d":"38.33"},{"v":1801.59,"d":"1,801.59"}]
["2023-06-01","10019021","CLIP BILLETERO PEQUEÑO DE 19 MM","2030","CA",17,{"v":20.33764705882353,"d":"20.34"},345.74]
["2023-10-02","10019023","CLIP BILLETERO MEDIANO DE 32 MM","2030","CA",107,{"v":47.196915887850466,"d":"47.20"},{"v":5050.07,"d":"5,050.07"}]
["2023-10-02","10019039","PORTA HOJA CON CLIP","2030","UN",85,{"v":85.2715294117647,"d":"85.27"},{"v":7248.08,"d":"7,248.08"}]
["2024-05-10","10019052","ESPUMA LOCA","2021","CA",9,{"v":1,"d":"1.00"},{"v":9,"d":"9.00"}]
["2024-09-04","10019055","PALITA PLASTICA/RECOGEDOR DE BASURA","2000","UN",32,{"v":101.2346875,"d":"101.23"},{"v":3239.51,"d":"3,239.51"}]
["2024-06-18","10019055","PALITA PLASTICA/RECOGEDOR DE BASURA","2010","UN",2,{"v":1,"d":"1.00"},{"v":2,"d":"2.00"}]
["2024-04-17","10019109","SELECTOR DE PLANTA DE EMERGRNCIA","2011","UN",6,{"v":0,"d":"0.00"},{"v":0,"d":"0.00"}]
["2019-12-19","10019129","CARTUCHOS 670 MAGENTA","2029","UN",28,{"v":577.6850000000001,"d":"577.69"},{"v":16175.18,"d":"16,175.18"}]
["2023-09-28","10019170","TONER 131A MAGENTA","2029","UN",33,{"v":5157.337878787878,"d":"5,157.34"},{"v":170192.15,"d":"170,192.15"}]
["2017-01-31","10019178","CONTENEDOR PLASTICO","2002","UN",4,{"v":0,"d":"0.00"},{"v":0,"d":"0.00"}]
["2017-04-28","10019191","PRESOSTATO MOD.-0185 DE 50 A 200 BAR","2011","UN",5,0.01,0.05]
["2023-05-15","10019233","ALUZINC 8''","2000","TF",24,{"v":0,"d":"0.00"},{"v":0,"d":"0.00"}]
["2024-07-29","10019242","BARRA CONEXIÓN DE BLOQUE 5MM","2015","UN",16,{"v":0,"d":"0.00"},{"v":0,"d":"0.00"}]
["2024-06-18","10019254","ENCLAVAMIENTO MECANICO VE5-1","2010","UN",5,0.01,0.05]
["2020-08-31","10019308","ALARGADERA ACERO GALV. 10\"","2000","UN",180,{"v":0,"d":"0.00"},{"v":0,"d":"0.00"}]
["2023-06-01","10019339","CARTUCHOS 954 XL AMARILLO","2029","UN",59,{"v":2426.978813559322,"d":"2,426.98"},{"v":143191.75,"d":"143,191.75"}]
["2024-02-15","10019361","PAPEL DE BAÑO JUMBO 2PLY (48/1)","2025","FAR",3,{"v":1511.6433333333334,"d":"1,511.64"},{"v":4534.93,"d":"4,534.93"}]
[{"$error":"#N/A"},"10019363","SERVILLETA DE MESA 10/1","2022","FAR",{"v":1.9,"d":"1.900"},{"v":0.015789473684210527,"d":"0.02"},0.03]
["2021-12-30","10019376","GUANTES DE OBRERO","2023","PAA",17,{"v":0,"d":"0.00"},{"v":0,"d":"0.00"}]
["2024-02-15","10019391","CAFE MOLIDO 20/1","2003","FAR",{"v":0.5,"d":"0.500"},{"v":4604.48,"d":"4,604.48"},{"v":2302.24,"d":"2,302.24"}]
[{"$error":"#N/A"},"10019391","CAFE MOLIDO 20/1","2022","FAR",{"v":0.3,"d":"0.300"},{"v":4604.466666666666,"d":"4,604.47"},{"v":1381.34,"d":"1,381.34"}]
["2024-02-15","10019393","DETERGENTE SUAVE","2003","SAC",1,{"v":1233.12,"d":"1,233.12"},{"v":1233.12,"d":"1,233.12"}]
["2024-06-10","10019395","BRILLO VERDE","2000","UN",1,40.17,40.17]
["2023-02-28","10019395","BRILLO VERDE","2030","UN",0,{"$error":"#DIV/0!"},{"v":0,"d":"0.00"}]
["2024-08-26","10019399","FUNDAS DE 55 GALONES NEGRA","2020","FAR",3,608.18,{"v":1824.54,"d":"1,824.54"}]
["2024-12-10","10019400","FUNDAS DE 30 GALONES NEGRA","2000","FAR",200,{"v":268.53775,"d":"268.54"},{"v":53707.55,"d":"53,707.55"}]
["2023-02-28","10019400","FUNDAS DE 30 GALONES NEGRA","2030","FAR",1,274.52,274.52]
["2023-09-28","10019412","TAPE DOBLE CARA","2029","UN",109,{"v":119.11605504587156,"d":"119.12"},{"v":12983.65,"d":"12,983.65"}]
["2021-12-30","10019427","CARDAN","2023","UN",2,{"v":0,"d":"0.00"},{"v":0,"d":"0.00"}]
["2023-09-28","10019437","TONER 312 A MAGENTA","2029","UN",1,{"v":7491.95,"d":"7,491.95"},{"v":7491.95,"d":"7,491.95"}]
["2023-06-01","10019444","BOTELLA EPSON 664 M MAGENTA","2029","UN",17,{"v":553.0347058823529,"d":"553.03"},{"v":9401.59,"d":"9,401.59"}]
["2024-07-29","10019462","ACTUADOR","2015","UN",1,{"v":0,"d":"0.00"},{"v":0,"d":"0.00"}]
[{"$error":"#N/A"},"10019485","FUNDAS DE 3 GALONES","2024","FAR",3,{"v":111.36333333333333,"d":"111.36"},334.09]
["2023-09-28","10019496","TONER 128A CE321A CYAN","2029","UN",4,{"v":3935.165,"d":"3,935.17"},{"v":15740.66,"d":"15,740.66"}]
["2024-04-17","10019547","ELECTRODOS G309L- 2.6x300MM","2011","LB",4,{"v":0,"d":"0.00"},{"v":0,"d":"0.00"}]
["2024-06-18","10019569","MANGA TERMICA P/EMPARME DE ALAMBRE","2016","TF",1,{"v":0,"d":"0.00"},{"v":0,"d":"0.00"}]
["2024-05-10","10019583","CURVA DE ALUMINIO 4\" X 3' ROSCADA","2022","SAC",2,{"v":1,"d":"1.00"},{"v":2,"d":"2.00"}]
["2022-08-29","10019602","CARTUCHO 952 XL LOR31A CYAN","2029","UN",12,{"v":1455.4174999999998,"d":"1,455.42"},{"v":17465.01,"d":"17,465.01"}]
["2024-06-27","10019668","RELE DE CIERRE RIA 123MS-SCE1184-R6","2005","UN",2,{"v":0,"d":"0.00"},{"v":0,"d":"0.00"}]
["2024-06-18","10019694","RELLENO DE MATERIALES","2016","M",1,{"v":1,"d":"1.00"},{"v":1,"d":"1.00"}]
["2021-12-30","10019719","BOTON PULSADOR RAZANTE COLOR NEGRO     ","2009","UN",6,{"v":0,"d":"0.00"},{"v":0,"d":"0.00"}]
["2024-05-10","10019782","ACEITE","2025","CA",1,0.01,0.01]
["2024-05-10","10019859","CONTROLADOR AUTOMATICO DPA10 M 4-20","2021","QNT",{"v":1,"d":"1.00"},{"v":1,"d":"1.00"},{"v":1,"d":"1.00"}]
["2024-04-17","10019867","TAPONES DE OIDOS DESECHABLES","2011","UN",148,{"v":0,"d":"0.00"},{"v":0,"d":"0.00"}]
["2024-07-29","10019905","TORNILLO M30 X 120MM","2015","UN",25,{"v":0,"d":"0.00"},{"v":0,"d":"0.00"}]
["2024-04-17","10019921","AGUA PARA BATERIA","2008","UN",8,{"v":1,"d":"1.00"},{"v":8,"d":"8.00"}]
["2023-09-28","10019978","TONER 202A CF502A YELLOW","2029","UN",1,{"v":4332.2,"d":"4,332.20"},{"v":4332.2,"d":"4,332.20"}]
["2022-02-07","10020008","\"ABRAZADERAS 2\"\" x 1/4\"","2031","UN",8,127.12,{"v":1016.96,"d":"1,016.96"}]
["2022-02-07","10020009","ABRAZADERAS 8/22","2031","UN",15,{"v":24.996666666666666,"d":"25.00"},374.95]
["2022-02-07","10020022","BANDAS DELAN/TRAS MS-0016A","2031","UN",10,{"v":72.727,"d":"72.73"},727.27]
["2023-03-13","10020028","JUEGO DE BANDA DELANTERA TOYOTA HILUX 18","2031","UN",25,{"v":1659.6704,"d":"1,659.67"},{"v":41491.76,"d":"41,491.76"}]
["2024-11-05","10020032","BANDAS TRASERAS MD-1415-OR","2031","UN",8,{"v":80,"d":"80.00"},{"v":640,"d":"640.00"}]
["2024-01-31","10020041","BOMBILLOS 12V DE UN CONTACTO","2031","UN",96,{"v":59,"d":"59.00"},{"v":5664,"d":"5,664.00"}]
["2022-02-07","10020050","BOMBILLOS H7 12V","2031","UN",10,{"v":75.122,"d":"75.12"},751.22]
["2021-12-30","10020055","CINTA SELLA ROSCA (TEFLON)","2002","UN",9,{"v":0,"d":"0.00"},{"v":0,"d":"0.00"}]
["2022-02-07","10020065","CORREA 17420","2031","UN",9,{"v":466.66999999999996,"d":"466.67"},{"v":4200.03,"d":"4,200.03"}]
["2022-12-13","10020072","CORREA 7PK2250","2031","UN",6,{"v":200,"d":"200.00"},{"v":1200,"d":"1,200.00"}]
["2023-08-08","10020081","CORREA DEL ALTENADOR 7PK0990","2031","UN",33,{"v":822.658787878788,"d":"822.66"},{"v":27147.74,"d":"27,147.74"}]
["2022-02-07","10020092","CORREAS DEL HIDRAULICO 17595","2031","UN",4,{"v":112.5,"d":"112.50"},{"v":450,"d":"450.00"}]
["2024-04-17","10020096","ESTAÑO 60/40x1MM","2011","UN",2,{"v":0,"d":"0.00"},{"v":0,"d":"0.00"}]
["2019-11-06","10020105","FILTRO DE ACEITE BD-103","2031","UN",14,{"v":256.955,"d":"256.96"},{"v":3597.37,"d":"3,597.37"}]
["2025-01-03","10020110","FILTRO DE ACEITE C-1821","2031","UN",10,43.75,{"v":437.5,"d":"437.50"}]
["2019-11-06","10020113","FILTRO DE ACEITE DE MOTOR 1R-0739","2031","UN",20,{"v":300.0005,"d":"300.00"},{"v":6000.01,"d":"6,000.01"}]
["2021-08-05","10020123","FILTRO DE ACEITE VO-25","2031","UN",17,{"v":12.053529411764705,"d":"12.05"},204.91]
["2022-02-07","10020127","FILTRO DE AIRE 17801-67060","2031","UN",27,{"v":307.0948148148148,"d":"307.09"},{"v":8291.56,"d":"8,291.56"}]
["2023-03-13","10020134","FILTRO DE AIRE C-15300","2031","UN",21,{"v":876.9152380952381,"d":"876.92"},{"v":18415.22,"d":"18,415.22"}]
["2019-11-06","10020143","FILTRO DE AIRE PRIMARIO PA-2773","2031","UN",9,{"v":3199.9933333333333,"d":"3,199.99"},{"v":28799.94,"d":"28,799.94"}]
["2024-06-27","10020149","FILTRO DE CABINA P/ A/C T. HILUX 18","2005","UN",3,{"v":0,"d":"0.00"},{"v":0,"d":"0.00"}]
["2024-04-17","10020158","FILTRO DE GASOIL 23390-51020","2011","UN",5,{"v":0,"d":"0.00"},{"v":0,"d":"0.00"}]
["2023-03-13","10020165","FILTRO DE GASOIL FC-1004","2031","UN",28,{"v":276.255,"d":"276.26"},{"v":7735.14,"d":"7,735.14"}]
["2024-04-17","10020168","FILTRO DE GASOIL FC-1806","2028","UN",1,{"v":1,"d":"1.00"},{"v":1,"d":"1.00"}]
["2025-01-03","10020179","FILTRO HIDRAULICO BT-389","2031","UN",8,{"v":90,"d":"90.00"},{"v":720,"d":"720.00"}]
["2024-11-15","10020182","FILTRO TRAMPA DE AGUA  326-1644","2031","UN",4,{"v":16.075,"d":"16.08"},{"v":64.3,"d":"64.30"}]
["2021-02-15","10020189","FUSIBLE DE HOJA DE 10A","2031","UN",35,{"v":3.5025714285714287,"d":"3.50"},122.59]
["2021-02-15","10020198","FUSIBLES  30A","2031","UN",24,{"v":3.185833333333333,"d":"3.19"},76.46]
["2024-01-31","10020206","LIMPIA PARABRISAS  18\"","2031","UN",40,{"v":377.6,"d":"377.60"},{"v":15104,"d":"15,104.00"}]
["2024-06-18","10020218","MANGUERA  PLASTICA 1/4","2010","TF",35,{"v":0,"d":"0.00"},{"v":0,"d":"0.00"}]
["2024-01-31","10020221","PORTA RELAY DE 5 SALIDA","2031","UN",34,{"v":94.39999999999999,"d":"94.40"},{"v":3209.6,"d":"3,209.60"}]
["2019-11-06","10020230","SOCALOS DE DOS CONTACTOS","2031","UN",30,{"v":27.699,"d":"27.70"},830.97]
["2024-06-18","10020245","ACEITE 15W-40","2010","GAL",12,0.01,0.12]
["2023-12-22","10020245","ACEITE 15W-40","2031","GAL",{"v":96.75,"d":"96.750"},{"v":975.4024806201551,"d":"975.40"},{"v":94370.19,"d":"94,370.19"}]
["2024-11-14","10020286","BOMBILLO DE MUELITA DOS CONTACTOS GRANDE","2031","UN",45,{"v":70,"d":"70.00"},{"v":3150,"d":"3,150.00"}]
["2024-05-10","10020304","TAPE 3M","2020","ROL",3,{"v":1,"d":"1.00"},{"v":3,"d":"3.00"}]
["2024-06-18","10020317","LETRA IMC LR 3 PLG","2010","UN",10,{"v":1,"d":"1.00"},{"v":10,"d":"10.00"}]
["2024-05-23","10020374","CARTUCHO HP 901 TRICOLOR","2029","UN",7,0.01,0.07]
["2024-07-29","10020410","CINTA AISL. ELECT. 38MM X 1,50M X 3,2MM","2015","ROL",34,{"v":0,"d":"0.00"},{"v":0,"d":"0.00"}]
["2024-06-27","10020435","ELECTRODO DE COBRE 3.3MM X 36\"","2007","LB",40,{"v":0,"d":"0.00"},{"v":0,"d":"0.00"}]
["2021-12-30","10020571","MANGUERA FINA 16MM","2004","M",141,{"v":0,"d":"0.00"},{"v":0,"d":"0.00"}]
["2024-04-02","10020585","FILTRO DE AIRE NISSAN FRONTIER NP 18","2031","UN",67,{"v":199.63388059701492,"d":"199.63"},{"v":13375.47,"d":"13,375.47"}]
["2024-05-10","10020587","FILTRO DE GASOIL 16403-VKV0A","2020","UN",5,{"v":0,"d":"0.00"},{"v":0,"d":"0.00"}]
["2020-07-17","10020623","Soporte rodillo Caterpillar Ref:227-0172","2031","UN",1,{"v":5500,"d":"5,500.00"},{"v":5500,"d":"5,500.00"}]
["2024-04-17","10020631","ANILLO PARA UNION 1/2PLG","2008","UN",6,{"v":1,"d":"1.00"},{"v":6,"d":"6.00"}]
["2024-04-17","10020641","FILTRO DE AIRE TOYOTA HILUX 18","2011","UN",1,{"v":0,"d":"0.00"},{"v":0,"d":"0.00"}]
["2024-05-10","10020646","BANDAS TRASERAS TOYOTA HILUX 2018-2019","2020","UN",2,{"v":1,"d":"1.00"},{"v":2,"d":"2.00"}]
["2023-06-01","10020684","BOTELLA EPSON 504 M","2029","UN",23,{"v":534.3243478260869,"d":"534.32"},{"v":12289.46,"d":"12,289.46"}]
["2023-06-01","10020685","BOTELLA EPSON 504 C","2029","UN",24,{"v":534.3245833333334,"d":"534.32"},{"v":12823.79,"d":"12,823.79"}]
["2024-03-13","10020690","SERVILLETAS ABSORVENTES","2000","FAR",233,{"v":1132.8000000000002,"d":"1,132.80"},{"v":263942.4,"d":"263,942.40"}]
["2024-04-17","10020726","ESTATOR P/GRUA 6.1186","2011","CA",1,{"v":0,"d":"0.00"},{"v":0,"d":"0.00"}]
["2022-09-05","10020755","REFLECTORES CUADRADO LED 10 WATTS","2010","UN",10,{"v":0,"d":"0.00"},{"v":0,"d":"0.00"}]
["2022-09-12","10020808","ROTULAS DE LA CREMALLERA","2031","UN",1,{"v":0,"d":"0.00"},{"v":0,"d":"0.00"}]
["2024-06-18","10020905","INTERRUPTOR DE PRESION DOBLE CONTACTO","2010","UN",2,0.01,0.02]
["2024-06-18","10020987","CONTACTOR ABB AF116-30-11-13","2010","UN",2,{"v":1,"d":"1.00"},{"v":2,"d":"2.00"}]
["2024-04-17","10021042","Arandela de presion 5/8\"","2000","UN",800,0.01,{"v":8,"d":"8.00"}]
["2024-04-17","10021056","CAJA CIEGA 8\" x 8\"","2000","UN",2,{"v":1,"d":"1.00"},{"v":2,"d":"2.00"}]
["2024-04-17","10021072","Arandela plana 3x3\" para tornillo 5/8\"","2000","UN",273,{"v":1,"d":"1.00"},{"v":273,"d":"273.00"}]
["2024-04-17","10021081","Contenedor amovible para Estribo","2000","UN",1,{"v":1,"d":"1.00"},{"v":1,"d":"1.00"}]
["2024-04-17","10021089","Tubo para Lampara Led T8","2000","UN",50,{"v":1,"d":"1.00"},{"v":50,"d":"50.00"}]
["2024-04-17","10021112","SOPORTE EN (L) P/PARA RAYOS","2000","UN",76,{"v":1,"d":"1.00"},{"v":76,"d":"76.00"}]
["2024-04-17","10021123","Tornillo de Maquina 5/8 x 12\"","2000","UN",34,{"v":1,"d":"1.00"},{"v":34,"d":"34.00"}]
["2024-04-17","10021132","VARILLA DE COBRE PUESTA TIERRA 5/8\" x 6\"","2000","UN",50,{"v":1,"d":"1.00"},{"v":50,"d":"50.00"}]
["2024-04-17","10021144","GOMA TRACERA 90/90/19","2011","UN",2,{"v":0,"d":"0.00"},{"v":0,"d":"0.00"}]
["2024-04-17","10021156","Filtro  BW5073","2011","UN",2,0.01,0.02]
["2024-06-18","10021170","Sensor de Nivel","2027","UN",2,{"v":0,"d":"0.00"},{"v":0,"d":"0.00"}]
["2021-12-30","10021184","CONTACTOR TELEMECANIQUE LC1 D12004 3KW 2","2010","UN",1,{"v":1,"d":"1.00"},{"v":1,"d":"1.00"}]
["2024-06-18","10021189","CONTACTO AUXILIAR ABB CAL 4-11","2010","UN",14,{"v":1,"d":"1.00"},{"v":14,"d":"14.00"}]
["2021-12-30","10021198","TRANS. D/CORRIENTE CT 24 KB 50-1-600/5","2010","UN",1,{"v":1,"d":"1.00"},{"v":1,"d":"1.00"}]
["2024-07-29","10021209","TUBERIA METALICA CONDULEX 5MM","2015","TF",130,0.01,{"v":1.3,"d":"1.30"}]
["2024-06-18","10021219","CABEZA DE PULSADA BLANCA REDONDA","2010","UN",30,{"v":1,"d":"1.00"},{"v":30,"d":"30.00"}]
["2021-12-30","10021236","FUSIBLE DCA 100 AMP 500 V","2027","UN",2,0.01,0.02]
["2024-06-18","10021240","TERMINAL DE OJO  P/CABLE 2-0 DE 1","2010","UN",30,{"v":1,"d":"1.00"},{"v":30,"d":"30.00"}]
["2024-06-18","10021264","PANTALLA PLC VT505W","2010","UN",1,{"v":1,"d":"1.00"},{"v":1,"d":"1.00"}]
["2024-04-17","10021267","PULSADOR DE EMERGENCIA STOP","2011","UN",1,{"v":0,"d":"0.00"},{"v":0,"d":"0.00"}]
["2021-12-30","10021273","TRANSFORMADOR CT 80/5.5","2004","UN",2,{"v":0,"d":"0.00"},{"v":0,"d":"0.00"}]
["2021-12-30","10021284","ABRAZADERA PARA LIQUID TIGHT 3/4¨","2004","UN",125,{"v":0,"d":"0.00"},{"v":0,"d":"0.00"}]
["2021-12-30","10021292","VALVULA SOLENOIDE 127V DC","2004","UN",9,{"v":0,"d":"0.00"},{"v":0,"d":"0.00"}]
["2021-12-30","10021297","RELE 120V AC 7A","2004","UN",1,{"v":0,"d":"0.00"},{"v":0,"d":"0.00"}]
["2021-12-30","10021304","REGULADOR DE TENSION DE 0-100V","2010","UN",1,{"v":1,"d":"1.00"},{"v":1,"d":"1.00"}]
["2021-12-30","10021309","CONTACTOR TRIFASICO 10A","2004","UN",1,{"v":0,"d":"0.00"},{"v":0,"d":"0.00"}]
["2024-06-27","10021318","LIMITE DE CARRERA REF. XCM A 1103 TELEME","2005","UN",1,{"v":0,"d":"0.00"},{"v":0,"d":"0.00"}]
["2024-06-18","10021329","CONECTOR P/ ELECTROVALVULA LV- V10- 8506","2010","UN",2,{"v":1,"d":"1.00"},{"v":2,"d":"2.00"}]
["2021-12-30","10021336","MODULO PLC WAGO 750-383","2004","UN",2,{"v":0,"d":"0.00"},{"v":0,"d":"0.00"}]
["2021-12-30","10021343","SWICH PARA LINEA TELEFONICA","2004","UN",1,{"v":0,"d":"0.00"},{"v":0,"d":"0.00"}]
["2021-12-30","10021358","GRAPA DE RETENCION CALIBRE 6-AUS - A2 AU","2010","UN",2,{"v":1,"d":"1.00"},{"v":2,"d":"2.00"}]
["2021-12-30","10021368","RELE DE NIVEL DE LIQUIDO 72.01902-000023","2010","UN",1,{"v":1,"d":"1.00"},{"v":1,"d":"1.00"}]
["2024-06-18","10021374","RELE TRK 2243 24VDC","2010","UN",17,{"v":0,"d":"0.00"},{"v":0,"d":"0.00"}]
["2021-12-30","10021393","TUERCA 5/8 mm","2027","UN",32,{"v":1,"d":"1.00"},{"v":32,"d":"32.00"}]
["2021-12-30","10021394","ARANDELA 14.3 X 23.8 MM","2027","UN",813,{"v":1,"d":"1.00"},{"v":813,"d":"813.00"}]
["2021-12-30","10021400","ARANDELA 13.1 X 20 MM","2027","UN",124,{"v":1,"d":"1.00"},{"v":124,"d":"124.00"}]
["2024-05-10","10021408","ARANDELA PLANA 3/4 PLG","2021","UN",66,{"v":0,"d":"0.00"},{"v":0,"d":"0.00"}]
["2021-12-30","10021408","ARANDELA PLANA 3/4 PLG","2027","UN",22,{"v":1,"d":"1.00"},{"v":22,"d":"22.00"}]
["2021-12-30","10021423","CASQUILLO ACERO INOXIDABLE 1\"","2027","UN",5,{"v":1,"d":"1.00"},{"v":5,"d":"5.00"}]
["2021-12-30","10021429","CODO ACERO INOXI 2'' A 45º","2004","UN",54,{"v":0,"d":"0.00"},{"v":0,"d":"0.00"}]
["2024-07-29","10021429","CODO ACERO INOXI 2'' A 45º","2015","UN",30,{"v":0,"d":"0.00"},{"v":0,"d":"0.00"}]
["2021-12-30","10021440","TORNILLO DE 12 MM, CABEZA REDONDA","2027","UN",560,{"v":1,"d":"1.00"},{"v":560,"d":"560.00"}]
["2021-12-30","10021448","TORNILLO HEXAGONAL INOXI 5/8 X 5 PULG","2027","UN",3,{"v":1,"d":"1.00"},{"v":3,"d":"3.00"}]
["2021-12-30","10021449","TORNILLO ALLEN 3/8 X 2 PULG","2027","UN",2,{"v":1,"d":"1.00"},{"v":2,"d":"2.00"}]
["2021-12-30","10021462","CANCAMO DE 42 mm","2027","UN",10,{"v":1,"d":"1.00"},{"v":10,"d":"10.00"}]
["2024-06-27","10021471","TORNILLO ALLEN ACERO INOXI 20x70 MM","2005","UN",6,{"v":0,"d":"0.00"},{"v":0,"d":"0.00"}]
["2021-12-30","10021476","ORING 8 MM NBR","2027","UN",2,{"v":1,"d":"1.00"},{"v":2,"d":"2.00"}]
["2024-06-18","10021483","ANILLO DE APOYO 121.4X127X1.5 MM","2027","UN",2,{"v":1,"d":"1.00"},{"v":2,"d":"2.00"}]
["2024-06-18","10021495","ORING 6.99 MM X 151.72 MM","2027","UN",5,{"v":1,"d":"1.00"},{"v":5,"d":"5.00"}]
["2021-12-30","10021503","ANILLO DE SELLADO V-110 X 10 MM","2027","UN",1,{"v":1,"d":"1.00"},{"v":1,"d":"1.00"}]
["2021-12-30","10021519","SENSOR CAPACITOR NIVEL","2004","UN",2,{"v":0,"d":"0.00"},{"v":0,"d":"0.00"}]
["2024-04-17","10021530","TRANSFORMADOR 208-480V 1.5KV","2011","UN",2,{"v":0,"d":"0.00"},{"v":0,"d":"0.00"}]
["2024-05-10","10021537","PANEL DE BOMBA 700 X 500 X 200","2022","UN",1,{"v":0,"d":"0.00"},{"v":0,"d":"0.00"}]
["2024-04-17","10021545","ADAPTADOR MACHO MANGUERA 1¨ LIQUID TIGHT","2028","UN",10,{"v":1,"d":"1.00"},{"v":10,"d":"10.00"}]
["2021-12-30","10021549","CONECTOR PARA TUBERIA EMT 1¨","2004","UN",7,{"v":0,"d":"0.00"},{"v":0,"d":"0.00"}]
["2024-05-10","10021552","CASCO DE SEGURIDAD AZUL","2020","UN",14,{"v":0,"d":"0.00"},{"v":0,"d":"0.00"}]
["2024-06-18","10021553","TORNILLO DE ACOPLE PARA TURBINA","2027","UN",4,{"v":1,"d":"1.00"},{"v":4,"d":"4.00"}]
["2024-06-18","10021557","BRIDA DE ORUGA 1'' 6003","2027","UN",11,{"v":1,"d":"1.00"},{"v":11,"d":"11.00"}]
["2024-06-18","10021562","INTERRUPTOR ABB S201K10A","2012","UN",3,0.01,0.03]
["2024-05-10","10021568","FUENTE DE ENERGIA SIMENS PS-6630","2025","UN",2,0.01,0.02]
["2024-06-27","10021573","BOTAS DE GOMA NEGRAS #42","2005","UN",18,{"v":0,"d":"0.00"},{"v":0,"d":"0.00"}]
["2021-12-30","10021575","MACHETE 22¨","2007","UN",12,0.01,0.12]
["2021-12-30","10021576","PROTECCION PARA GRUA V.44Kg 38 X 350","2027","UN",1,{"v":1,"d":"1.00"},{"v":1,"d":"1.00"}]
["2022-09-28","10021584","CASQUILLO DE AFICCION METAL 3 1/2\" X 4\"","2027","UN",11,{"v":222.16636363636363,"d":"222.17"},{"v":2443.83,"d":"2,443.83"}]
["2021-12-30","10021590","MOLDE DE SOLDADURA DE TIERRA  C-115","2027","UN",1,{"v":1,"d":"1.00"},{"v":1,"d":"1.00"}]
["2024-06-18","10021593","PLACA DE CUÑA PARA AJUSTE","2027","UN",34,{"v":1,"d":"1.00"},{"v":34,"d":"34.00"}]
["2021-12-30","10021606","VALVULA DN GIN REF.PS H3 M32-RD","2027","UN",1,{"v":1,"d":"1.00"},{"v":1,"d":"1.00"}]
["2024-06-18","10021613","JUNTA PLANA NB 450","2027","UN",24,{"v":1,"d":"1.00"},{"v":24,"d":"24.00"}]
["2024-06-18","10021622","JUNTA GOMA PLANA DE ATERRISAJE 6.40 MM","2027","UN",15,{"v":1,"d":"1.00"},{"v":15,"d":"15.00"}]
["2021-12-30","10021632","ORING DE GOMA  7.28 MM","2027","UN",1,{"v":1,"d":"1.00"},{"v":1,"d":"1.00"}]
["2021-12-30","10021638","ORING DE 3.49 MM","2027","UN",1,{"v":1,"d":"1.00"},{"v":1,"d":"1.00"}]
["2024-04-17","10021645","MODULO PLC WAGO 750-343","2028","UN",1,{"v":1,"d":"1.00"},{"v":1,"d":"1.00"}]
["2024-04-17","10021659","GOMA PARA MOTOCICLETA DELANTERA  275X21","2000","UN",2,0.01,0.02]
["2021-12-30","10021660","TUBO PARA MOTOCICLETA 2.50 / 2.75.21","2027","UN",2,{"v":1,"d":"1.00"},{"v":2,"d":"2.00"}]
["2021-12-30","10021673","MONITOR DE FLUJO ELECTRO TIPO 5.25 FA100","2027","UN",2,{"v":1,"d":"1.00"},{"v":2,"d":"2.00"}]
["2021-12-30","10021678","PALA CUADRADA AMERICANA","2004","UN",8,{"v":0,"d":"0.00"},{"v":0,"d":"0.00"}]
["2021-12-30","10021689","MACHO PARA ROSCAR 24X30","2004","UN",1,{"v":0,"d":"0.00"},{"v":0,"d":"0.00"}]
["2021-12-30","10021696","SELLO DE GOMA 2 X 350 MM","2027","UN",2,{"v":1,"d":"1.00"},{"v":2,"d":"2.00"}]
["2021-12-30","10021700","FILTRO D03 BN4","2004","UN",5,{"v":0,"d":"0.00"},{"v":0,"d":"0.00"}]
["2024-06-18","10021708","VALVULA NO 5-4 WE 10 D33","2027","UN",2,{"v":1,"d":"1.00"},{"v":2,"d":"2.00"}]
["2021-12-30","10021722","BRIDA DE 2'' ADE 8 AGUJEROS ROSCADA","2027","UN",2,{"v":1,"d":"1.00"},{"v":2,"d":"2.00"}]
["2021-12-30","10021728","ADAPTADOR AC DE 100-240 V.","2027","UN",1,{"v":1,"d":"1.00"},{"v":1,"d":"1.00"}]
["2021-12-30","10021738","BRACKETS DE ARRANQUE MANUAL ABB MS451","2027","UN",2,{"v":1,"d":"1.00"},{"v":2,"d":"2.00"}]
["2024-06-18","10021749","CONTACTO AUX. C300/R300","2027","UN",7,{"v":1,"d":"1.00"},{"v":7,"d":"7.00"}]
["2024-06-18","10021756","MODULO ELECTR. CARG. DE BATERIA 200560","2010","UN",2,0.01,0.02]
["2021-12-30","10021765","TACOMETRO DE DOBLE CANAL JAQUET T501-10","2027","UN",1,{"v":1,"d":"1.00"},{"v":1,"d":"1.00"}]
["2024-06-18","10021775","CONVERTIDOR MULTI MEDIA 10/100MPS","2027","UN",4,{"v":1,"d":"1.00"},{"v":4,"d":"4.00"}]
["2021-12-30","10021777","PARAFUSO DE AJUSTE DIASED","2027","UN",13,{"v":1,"d":"1.00"},{"v":13,"d":"13.00"}]
["2021-12-30","10021793","CAPACITOR DE POTENCIA TIPO KA1032  1500V","2027","UN",1,{"v":1,"d":"1.00"},{"v":1,"d":"1.00"}]
["2021-12-30","10021797","BORNERA 40A 600V","2027","UN",52,{"v":1,"d":"1.00"},{"v":52,"d":"52.00"}]
["2024-02-26","10021799","DETECTOR DE HUMO REF. FSP- 851","2027","UN",4,{"v":1,"d":"1.00"},{"v":4,"d":"4.00"}]
["2021-12-30","10021811","CONVERTIDOR DE MEDIOS SCALANCE X101-1LD","2027","UN",1,{"v":1,"d":"1.00"},{"v":1,"d":"1.00"}]
["2021-12-30","10021823","PULSADOR BOTON NEGRO L00L 250/2.6","2027","UN",1,{"v":1,"d":"1.00"},{"v":1,"d":"1.00"}]
["2021-12-30","10021830","SENSOR DE PRESION HED 80A-20/200K14S","2027","UN",2,{"v":1,"d":"1.00"},{"v":2,"d":"2.00"}]
["2021-12-30","10021838","VALVULA PARA GAS 13WATT. REF 3263","2027","UN",1,{"v":1,"d":"1.00"},{"v":1,"d":"1.00"}]
["2024-06-18","10021847","RELE FINDER 10AMP-250V/ 125V DC","2027","UN",10,{"v":1,"d":"1.00"},{"v":10,"d":"10.00"}]
["2021-12-30","10021855","VARIADOR DE FRECUENCIA  REF. 312 HUSSN4","2027","UN",1,{"v":1,"d":"1.00"},{"v":1,"d":"1.00"}]
["2021-12-30","10021860","CONTACTOR AUX. 10AMP/90V","2027","UN",1,{"v":1,"d":"1.00"},{"v":1,"d":"1.00"}]
["2021-12-30","10021872","TRANSDUCTOR DE DESPLAZAMIENTO BTL1299","2027","UN",2,{"v":1,"d":"1.00"},{"v":2,"d":"2.00"}]
["2024-06-18","10021879","CABLE DE CONECXION EVC003","2027","UN",37,{"v":1,"d":"1.00"},{"v":37,"d":"37.00"}]
["2024-06-18","10021889","LAMPARA LED DE 30W","2010","UN",1,{"v":1,"d":"1.00"},{"v":1,"d":"1.00"}]
["2024-04-17","10021893","LINTERNA PARA CASCO","2008","UN",6,0.01,0.06]
["2024-06-18","10021893","LINTERNA PARA CASCO","2027","UN",4,{"v":1,"d":"1.00"},{"v":4,"d":"4.00"}]
["2021-12-30","10021899","CHEQUE DE 4''","2025","UN",2,0.01,0.02]
["2024-06-27","10021906","MEDIDOR DE PRESION 0 A 60 BAR","2007","UN",1,0.01,0.01]
["2021-12-30","10021910","SENSOR DEL NIVEL DE BURBUJA","2021","UN",2,{"v":1,"d":"1.00"},{"v":2,"d":"2.00"}]
["2021-12-30","10021915","FUSIBLE TIPO CARTUCHO 500V-25AMP","2021","UN",26,{"v":1,"d":"1.00"},{"v":26,"d":"26.00"}]
["2021-12-30","10021924","BORNA V N-2 RF PAT25/35","2021","UN",3,{"v":1,"d":"1.00"},{"v":3,"d":"3.00"}]
["2024-06-18","10021932","ORING CUADRADO 5MMx115MM","2010","UN",4,{"v":0,"d":"0.00"},{"v":0,"d":"0.00"}]
["2024-05-10","10021942","RELE RF4DI 125 VDC","2021","UN",4,{"v":1,"d":"1.00"},{"v":4,"d":"4.00"}]
["2024-06-18","10021951","ALTERNADOR TOYOTA HILUX 2018-2019","2031","UN",2,{"v":0,"d":"0.00"},{"v":0,"d":"0.00"}]
["2024-05-10","10021968","RASTRILLO PLASTICO TIPO ARAÑA","2020","UN",1,{"v":0,"d":"0.00"},{"v":0,"d":"0.00"}]
["2024-06-18","10021969","MICA TRASERA DERECHA  ISUZU D-MAX 08-11","2031","UN",1,{"v":0,"d":"0.00"},{"v":0,"d":"0.00"}]
["2024-05-10","10021975","CAPA IMPERMEABLE DOS PIEZAS","2021","UN",14,{"v":0,"d":"0.00"},{"v":0,"d":"0.00"}]
["2021-12-30","10021979","GAFAS PARA SOLDAR","2002","UN",3,{"v":0,"d":"0.00"},{"v":0,"d":"0.00"}]
["2024-05-10","10021979","GAFAS PARA SOLDAR","2021","UN",5,{"v":0,"d":"0.00"},{"v":0,"d":"0.00"}]
["2021-12-30","10021981","GOMA DE MOTOR TRASERA 90/90-19","2000","UN",1,{"v":1,"d":"1.00"},{"v":1,"d":"1.00"}]
["2024-05-10","10021992","RODAMIENTO NSK 6409","2020","UN",6,{"v":1,"d":"1.00"},{"v":6,"d":"6.00"}]
["2024-04-17","10021998","MACHETE 18¨","2008","UN",2,0.01,0.02]
["2024-04-17","10021998","MACHETE 18¨","2028","UN",8,{"v":1,"d":"1.00"},{"v":8,"d":"8.00"}]
["2024-05-10","10022000","LINTERNA RECARGABLE LED","2021","UN",18,{"v":0,"d":"0.00"},{"v":0,"d":"0.00"}]
["2024-04-17","10022010","BOBINA VALVULA CELENOIDE 127V DC","2028","UN",2,{"v":1,"d":"1.00"},{"v":2,"d":"2.00"}]
["2021-12-30","10022025","CODO DE HIERRO NEGRO 6\"","2021","UN",1,{"v":1,"d":"1.00"},{"v":1,"d":"1.00"}]
["2021-12-30","10022030","VALVULA DE ACERO DE 3\"","2021","UN",1,{"v":1,"d":"1.00"},{"v":1,"d":"1.00"}]
["2024-05-10","10022036","REDUCCION EN H.NEGRO DE 3\" A 1 3/4 PLG","2020","UN",1,{"v":1,"d":"1.00"},{"v":1,"d":"1.00"}]
["2021-12-30","10022042","CHEQUE DE FLUIDO ACERO INOXI 1 1/4\"","2021","UN",2,{"v":1,"d":"1.00"},{"v":2,"d":"2.00"}]
["2021-12-30","10022050","NIPLE ACERO INOXI 1 1/2 X 4 PLG","2021","UN",2,{"v":1,"d":"1.00"},{"v":2,"d":"2.00"}]
["2021-12-30","10022064","CODO DE 1 1/4''","2020","UN",4,0.01,0.04]
["2021-12-30","10022065","CODO DE 1''","2023","UN",3,{"v":0,"d":"0.00"},{"v":0,"d":"0.00"}]
["2021-12-30","10022073","COUPLING LISO 1/4''","2021","UN",3,{"v":1,"d":"1.00"},{"v":3,"d":"3.00"}]
["2024-09-16","10022084","REDUCCION DE 1/2'' A 3/4''","2032","UN",262,0.01,2.62]
["2024-06-27","10022090","BRIDA ACERO INOXI 2'' A 4 AGUJEROS","2007","UN",3,{"v":0,"d":"0.00"},{"v":0,"d":"0.00"}]
["2024-05-10","10022095","CODO HG 2'' A 45º","2021","UN",3,{"v":1,"d":"1.00"},{"v":3,"d":"3.00"}]
["2021-12-30","10022111","ACEITE DE 2 TIEMPO","2025","UN",2,0.01,0.02]
["2024-05-10","10022118","ACEITE PARA TRANSFORMADOR 61-B","2021","UN",270,{"v":1,"d":"1.00"},{"v":270,"d":"270.00"}]
["2024-09-10","10022130","GUANTES DE LIMPIEZA","2000","UN",57,{"v":1,"d":"1.00"},{"v":57,"d":"57.00"}]
["2021-12-30","10022139","CONO DE SEGURIDAD 18\"","2027","UN",3,{"v":1,"d":"1.00"},{"v":3,"d":"3.00"}]
["2021-12-30","10022140","CABLE ELECTRICO 4 HILOS #10","2027","UN",1,{"v":1,"d":"1.00"},{"v":1,"d":"1.00"}]
["2021-12-30","10022169","FUENTE DE ALIMENTACUION  NO.109815-PL","2027","UN",1,{"v":1,"d":"1.00"},{"v":1,"d":"1.00"}]
["2024-06-18","10022184","TORNILLO HEXAGONAL HG 12 X 17 MM","2027","UN",344,{"v":1,"d":"1.00"},{"v":344,"d":"344.00"}]
["2021-12-30","10022204","FILTROS DE ACEITE DEL DIESEL LF3000","2021","UN",5,{"v":1,"d":"1.00"},{"v":5,"d":"5.00"}]
["2024-06-18","10022212","TRANSFORMADOR CAPACITOR 120V-240V","2012","UN",2,{"v":0,"d":"0.00"},{"v":0,"d":"0.00"}]
["2021-12-30","10022214","RELE DE PROTECCION MAXIMA CORRIENTE J27C","2021","UN",1,{"v":1,"d":"1.00"},{"v":1,"d":"1.00"}]
["2021-12-30","10022223","PORTA FUSIBLE ABB 25A 55AJ12","2027","UN",13,{"v":1,"d":"1.00"},{"v":13,"d":"13.00"}]
["2024-06-18","10022233","PRESOSTATO  HYDAC TIPO VD 2 LZ 1","2027","UN",3,{"v":1,"d":"1.00"},{"v":3,"d":"3.00"}]
["2024-06-18","10022248","RIEL MONTAJE 6ES7195-1GF30-0XA0 ET200","2027","UN",3,{"v":1,"d":"1.00"},{"v":3,"d":"3.00"}]
["2021-12-30","10022256","BOBINA INTERRUPTOR OCB-69KV","2020","UN",1,{"v":1,"d":"1.00"},{"v":1,"d":"1.00"}]
["2021-12-30","10022262","RELE BJ8 125VCC","2020","UN",1,{"v":1,"d":"1.00"},{"v":1,"d":"1.00"}]
["2021-12-30","10022267","MANDO DE MOTOR REF-A013875-110 A 125 VDC","2020","UN",2,{"v":1,"d":"1.00"},{"v":2,"d":"2.00"}]
["2021-12-30","10022275","TARJETA DE EXCITACIÓN ABB REF.HEF4021BP","2020","UN",1,{"v":1,"d":"1.00"},{"v":1,"d":"1.00"}]
["2022-02-25","10022293","Juego de escobilla Nissan F. D22 2001-08","2031","UN",10,{"v":1,"d":"1.00"},{"v":10,"d":"10.00"}]
["2022-02-25","10022300","Rotor m. de arranque Isuzu D-max 2006-12","2031","UN",5,{"v":1,"d":"1.00"},{"v":5,"d":"5.00"}]
["2024-06-18","10022310","AISLADOR DE VIDRIO REF. NJ120/26000LB","2027","UN",11,{"v":1,"d":"1.00"},{"v":11,"d":"11.00"}]
["2021-12-30","10022324","VALVULA  MOTORIZADA AS100","2027","UN",2,{"v":1,"d":"1.00"},{"v":2,"d":"2.00"}]
["2021-12-30","10022330","BRIDA LISA DIN 2632","2027","UN",2,{"v":1,"d":"1.00"},{"v":2,"d":"2.00"}]
["2021-12-30","10022339","REGILLA DE VENTILACION DE 4\"","2027","UN",3,{"v":1,"d":"1.00"},{"v":3,"d":"3.00"}]
["2021-12-30","10022347","MANGUERA 2\" 1150 PSI SAE 100R2AT","2027","UN",1,{"v":1,"d":"1.00"},{"v":1,"d":"1.00"}]
["2024-05-10","10022353","GOMA DE MOTOR DELANTERA 2.50/2.75-21","2020","UN",2,{"v":0,"d":"0.00"},{"v":0,"d":"0.00"}]
["2021-12-30","10022364","RELE DC 125V RF. HFA","2020","UN",2,{"v":1,"d":"1.00"},{"v":2,"d":"2.00"}]
["2021-12-30","10022371","SWITCH SELECTOR 3 POSICIONES RE X4B-B053","2020","UN",1,{"v":1,"d":"1.00"},{"v":1,"d":"1.00"}]
["2021-12-30","10022383","GRAPA ELECTRICA 12MM","2020","UN",40,{"v":1,"d":"1.00"},{"v":40,"d":"40.00"}]
["2024-07-29","10022388","FOTOCELDA PC 1-2","2015","UN",4,{"v":0,"d":"0.00"},{"v":0,"d":"0.00"}]
["2021-12-30","10022399","CINTA AISLANTE DE MICAS VR77956R","2020","UN",3,{"v":1,"d":"1.00"},{"v":3,"d":"3.00"}]
["2021-12-30","10022404","COPLIN MT 2''","2020","UN",2,{"v":1,"d":"1.00"},{"v":2,"d":"2.00"}]
["2021-12-30","10022411","REDUCCION DE COPA HIERRO NEGRO 2 A 1","2027","UN",8,{"v":1,"d":"1.00"},{"v":8,"d":"8.00"}]
["2021-12-30","10022426","TRAVA PARA VAGONETA","2027","UN",2,{"v":1,"d":"1.00"},{"v":2,"d":"2.00"}]
["2024-04-17","10022445","LINEA DE VIDA CON DOBLE ADSORBENDOR","2008","UN",9,{"v":1,"d":"1.00"},{"v":9,"d":"9.00"}]
["2021-12-30","10022452","ARANDELA DE PRESION 1''","2002","UN",27,{"v":0,"d":"0.00"},{"v":0,"d":"0.00"}]
["2024-05-10","10022455","TARUGO DE PLOMO 1/2'' X 5/16 ''","2020","UN",2,{"v":1,"d":"1.00"},{"v":2,"d":"2.00"}]
["2021-12-30","10022461","TUERCA 8MM","2020","UN",19,{"v":1,"d":"1.00"},{"v":19,"d":"19.00"}]
["2021-12-30","10022477","TUERCA HEXAGONAL DE 5 MM","2020","UN",3,{"v":1,"d":"1.00"},{"v":3,"d":"3.00"}]
["2024-04-17","10022485","REMACHE DE ALUMINIO 3/16'' X 1''","2011","UN",6,{"v":0,"d":"0.00"},{"v":0,"d":"0.00"}]
["2024-04-17","10022490","LLAVE DE CHORRO DE 1/2''","2008","UN",1,0.01,0.01]
["2021-12-30","10022507","ESTATOR SERIE 2.3657 PARA GRÚA BAUMA","2027","UN",1,{"v":1,"d":"1.00"},{"v":1,"d":"1.00"}]
["2024-06-18","10022528","FILTRO DE ACEITE REF.SUS-P-088-B20F-140","2027","UN",12,{"v":1,"d":"1.00"},{"v":12,"d":"12.00"}]
["2024-06-18","10022532","SELLO DE GOMA ROBBERART 170 MM X 30 MM","2027","UN",2,{"v":1,"d":"1.00"},{"v":2,"d":"2.00"}]
["2021-12-30","10022535","SELLO DE GOMA ROBBERART 5 X 290 MM","2027","UN",1,{"v":1,"d":"1.00"},{"v":1,"d":"1.00"}]
["2024-05-10","10022557","VARILLA DE TIERRA 3/4","2022","UN",375,{"v":1,"d":"1.00"},{"v":375,"d":"375.00"}]
["2024-05-10","10022558","TORNILLO TIPO PINZA 19/200 MM","2022","UN",218,{"v":1,"d":"1.00"},{"v":218,"d":"218.00"}]
["2024-05-10","10022569","LIGADURA PARA CABLE","2022","UN",{"v":2850,"d":"2,850"},{"v":1,"d":"1.00"},{"v":2850,"d":"2,850.00"}]
["2024-04-17","10022588","Valvula Reguladora de presion 40 P.S.I","2008","UN",1,0.01,0.01]
["2024-05-10","10022589","ELECTRODO 1/8 x 350 mm","2025","UN",5,{"v":1,"d":"1.00"},{"v":5,"d":"5.00"}]
["2021-12-30","10022616","Disco de corte 14 x 3/2 x 1","2025","UN",6,{"v":1,"d":"1.00"},{"v":6,"d":"6.00"}]
["2024-06-18","10022632","VALVULA DE BOLA 3/4 PLG","2010","UN",1,{"v":0,"d":"0.00"},{"v":0,"d":"0.00"}]
["2021-12-30","10022636","CODO ACERO INOXI 3/4","2025","UN",19,{"v":1,"d":"1.00"},{"v":19,"d":"19.00"}]
["2021-12-30","10022641","Reduccion 1/2'' a 1/4'' Acero inoxidable","2025","UN",3,{"v":1,"d":"1.00"},{"v":3,"d":"3.00"}]
["2021-12-30","10022651","TAPON CIEGO HG 1 1/2\"","2025","UN",10,{"v":1,"d":"1.00"},{"v":10,"d":"10.00"}]
["2021-12-30","10022656","ADAPTADOR PVC HEMBRA 1 1/2''","2023","UN",1,{"v":0,"d":"0.00"},{"v":0,"d":"0.00"}]
["2021-12-30","10022658","REDUCCION PVC 1 1/2 A 1 PLG","2020","UN",5,{"v":1,"d":"1.00"},{"v":5,"d":"5.00"}]
["2021-12-30","10022664","REDUCCION PVC 4'' A 3''","2004","UN",39,{"v":0,"d":"0.00"},{"v":0,"d":"0.00"}]
["2021-12-30","10022668","CODO PVC DRENAJE 2\" A 90º","2020","UN",6,{"v":1,"d":"1.00"},{"v":6,"d":"6.00"}]
["2024-05-10","10022673","CODO PVC PRESION 4'' X 90","2020","UN",4,{"v":1,"d":"1.00"},{"v":4,"d":"4.00"}]
["2021-12-30","10022677","TEE DRENAJE PVC 3\"","2020","UN",1,{"v":1,"d":"1.00"},{"v":1,"d":"1.00"}]
["2024-09-16","10022679","TEE PVC 2\" SCH-40","2032","UN",174,{"v":0,"d":"0.00"},{"v":0,"d":"0.00"}]
["2021-12-30","10022684","TORNILLO 5/8'' X 3 1/2'' HIERRO NEGRO","2020","UN",48,{"v":1,"d":"1.00"},{"v":48,"d":"48.00"}]
["2024-06-27","10022696","TORNILLO ACERO INOXI 1/2\" X 2 1/2\"","2005","UN",50,{"v":0,"d":"0.00"},{"v":0,"d":"0.00"}]
["2021-12-30","10022700","TORNILLO  HIERRO NEGRO 7/16'' X 2 1/2''","2020","UN",10,{"v":1,"d":"1.00"},{"v":10,"d":"10.00"}]
["2024-05-10","10022713","ABRAZADERA 1/2'' PARA TUBO UNICANAL","2020","UN",84,{"v":1,"d":"1.00"},{"v":84,"d":"84.00"}]
["2021-12-30","10022718","ABRAZADERA EMC 3/4''","2002","UN",1,{"v":0,"d":"0.00"},{"v":0,"d":"0.00"}]
["2021-12-30","10022731","RODAMIENTO 5311 C-3","2020","UN",1,{"v":1,"d":"1.00"},{"v":1,"d":"1.00"}]
["2021-12-30","10022739","RODAMIENTO FAG 6310-2ZR","2020","UN",3,{"v":1,"d":"1.00"},{"v":3,"d":"3.00"}]
["2024-04-17","10022743","MACHO PARA ROCA 3/4","2028","UN",3,{"v":1,"d":"1.00"},{"v":3,"d":"3.00"}]
["2024-05-10","10022757","DISCO PULIR A. INOXI 7X 1/4'' X 7 7/8''","2020","UN",17,0.01,0.17]
["2021-12-30","10022764","SELLO INDICADOR DE COMPUERTA","2020","UN",2,{"v":1,"d":"1.00"},{"v":2,"d":"2.00"}]
["2021-12-30","10022773","CURVA  ACERO INOXI 4\"","2020","UN",1,0.01,0.01]
["2024-04-17","10022778","CURVA ACERO INOXI 3/4 PLG","2028","UN",1,{"v":1,"d":"1.00"},{"v":1,"d":"1.00"}]
["2024-06-27","10022781","CODO HG  1 1/4''","2005","UN",1,{"v":0,"d":"0.00"},{"v":0,"d":"0.00"}]
["2021-12-30","10022787","CURVA HG  1 1/2 PULG","2004","UN",1,{"v":0,"d":"0.00"},{"v":0,"d":"0.00"}]
["2024-06-27","10022793","FILTRO BALDWIN BF957-D","2005","UN",2,{"v":0,"d":"0.00"},{"v":0,"d":"0.00"}]
["2024-05-10","10022798","JUEGO DE CONTACTO DE CUCHILLA","2022","UN",7,{"v":1,"d":"1.00"},{"v":7,"d":"7.00"}]
["2024-06-27","10022813","CODO HIERRO NEGRO 4'' A 45º","2007","UN",4,{"v":0,"d":"0.00"},{"v":0,"d":"0.00"}]
["2021-12-30","10022818","RELE SEL-351A","2022","UN",1,0.01,0.01]
["2021-12-30","10022829","LIMIT SWICHT JC","2022","UN",1,0.01,0.01]
["2021-12-30","10022838","BOMBILLA DE SODIO 4Z","2022","UN",34,0.01,0.34]
["2024-06-27","10022842","RELE ARTECHE R16/24VCC","2005","UN",1,{"v":0,"d":"0.00"},{"v":0,"d":"0.00"}]
["2021-12-30","10022867","CODO DE PRESION PVC 1\"","2032","UN",114,{"v":0.009999999999999998,"d":"0.01"},1.14]
["2024-06-18","10022871","CODO PVC 4 PLG","2005","UN",1,{"v":0,"d":"0.00"},{"v":0,"d":"0.00"}]
["2024-06-18","10022875","TUERCA 23 X 13 MM","2027","UN",6,{"v":0,"d":"0.00"},{"v":0,"d":"0.00"}]
["2024-06-18","10022916","ELECTRODO DE PENETRACION 2.0 x 250MM","2020","UN",7,0.01,0.07]
["2021-12-30","10022921","RODAMIENTO REF. ER12","2020","UN",4,0.01,0.04]
["2021-12-30","10022926","CURVA ACERO INOXI 1 1/4\"","2007","UN",4,{"v":0,"d":"0.00"},{"v":0,"d":"0.00"}]
["2021-12-30","10022934","TUBO MOTOCICLETA #21","2015","UN",1,0.01,0.01]
["2021-12-30","10022938","CATALINA 41201x12MM","2011","UN",10,{"v":0,"d":"0.00"},{"v":0,"d":"0.00"}]
["2021-12-30","10022943","FILTRO DE GASOIL REF FC 1104","2020","UN",2,0.01,0.02]
["2024-05-10","10022955","FILTRO DE AIRE BA313","2013","UN",1,{"v":0,"d":"0.00"},{"v":0,"d":"0.00"}]
["2024-05-10","10022955","FILTRO DE AIRE BA313","2020","UN",2,0.01,0.02]
["2024-04-17","10022958","TAPON AUDITIVO AUTO ESPADIBLE","2007","UN",391,{"v":0,"d":"0.00"},{"v":0,"d":"0.00"}]
["2024-06-18","10022983","GRECA P/CAFÉ 12 TASA","2007","UN",2,{"v":0,"d":"0.00"},{"v":0,"d":"0.00"}]
["2024-05-10","10022984","FUNDA NEGRA DE 3 GLS  (FALDO)","2010","UN",2,{"v":1,"d":"1.00"},{"v":2,"d":"2.00"}]
["2021-12-30","10022991","REDUCCION BUSHING REF.G1G1Z2BSP 3/4","2020","UN",1,0.01,0.01]
["2021-12-30","10023005","ARANDELA DE PRESION  M-16","2020","UN",4,0.01,0.04]
["2021-12-30","10023006","PUNTA SOLDABLE / 16MM","2020","UN",1,0.01,0.01]
["2021-12-30","10023022","ARRANDELA DE PRESION  M16 DIN127","2020","UN",7,0.01,0.07]
["2024-05-10","10023030","NIPLE DE 3/4 GARVANIZADO CUERDA CORRIDA","2020","UN",15,0.01,0.15]
["2021-12-30","10023037","ABRASADERA P/UNICANAL 1/2","2020","UN",15,0.01,0.15]
["2024-05-10","10023057","TORNILLO CAB HEXA. 8 x 15 MM","2010","UN",2,{"v":1,"d":"1.00"},{"v":2,"d":"2.00"}]
["2024-05-10","10023066","TUBO FLORECENTE 20W","2020","UN",60,0.01,{"v":0.6,"d":"0.60"}]
["2024-05-10","10023075","UNION UNIVERSAL GARBANIZADA DE 1/2''","2008","UN",1,{"v":1,"d":"1.00"},{"v":1,"d":"1.00"}]
["2021-12-30","10023088","UNION UNIVERSAL DE 1/4''","2009","UN",2,0.01,0.02]
["2023-05-15","10023145","UNION GALVANIZADA UNIVERSAL DE 1/2","2002","UN",29,{"v":0,"d":"0.00"},{"v":0,"d":"0.00"}]
["2021-12-30","10023164","UNION UNIVERSAL DE 1/2''","2007","UN",2,0.01,0.02]
["2024-09-16","10023179","ARRANCADOR SUAVE E. DIGITAL 208 a 600Vac","2020","UN",1,{"v":1,"d":"1.00"},{"v":1,"d":"1.00"}]
["2024-06-18","10023231","CABLE DEL ACELERADOR PARA MOTOCICLETAS","2031","UN",1,{"v":1,"d":"1.00"},{"v":1,"d":"1.00"}]
["2024-06-18","10023245","CALIFE FRENO DELANTERO LONCIN","2011","UN",2,{"v":0,"d":"0.00"},{"v":0,"d":"0.00"}]
["2021-12-30","10023252","ARNDELA DE PRESION A1-0.5 SIST ENFRIA.","2015","UN",4,{"v":0,"d":"0.00"},{"v":0,"d":"0.00"}]
["2021-12-30","10023258","RIN 55 X 9","2024","UN",4,0.01,0.04]
["2021-12-30","10023273","TINKET DE LA MAQUINA","2024","UN",2,0.01,0.02]
["2021-12-30","10023281","COPLIN DE 3''","2024","UN",8,0.01,0.08]
["2024-11-14","10023284","FILTRO DE GASOIL FC-1803","2025","UN",2,0.01,0.02]
["2024-06-18","10023296","TUBO FLUORESCENTE 57W","2005","UN",107,{"v":0,"d":"0.00"},{"v":0,"d":"0.00"}]
["2021-12-30","10023299","FILTRO DE ACEITE BT 8308","2024","UN",6,0.01,0.06]
["2024-04-17","10023303","MODULO PLC PCD2-W600/4402585","2024","UN",8,0.01,0.08]
["2024-04-17","10023308","TAPONES DE OIDOS REUTILIZABLE","2000","UN",{"v":1900,"d":"1,900"},0.01,{"v":19,"d":"19.00"}]
["2021-12-30","10023313","CURVA EN HIERRO NEGRO 4\"","2024","UN",4,0.01,0.04]
["2024-06-18","10023317","PALA DE BOTE","2025","UN",14,0.01,0.14]
["2024-04-17","10023323","DELANTAR PARA SOLDAR","2008","UN",2,{"v":1,"d":"1.00"},{"v":2,"d":"2.00"}]
["2021-12-30","10023323","DELANTAR PARA SOLDAR","2022","UN",3,{"v":0,"d":"0.00"},{"v":0,"d":"0.00"}]
["2021-12-30","10023324","GUANTES DE OBRERO","2025","UN",44,0.01,0.44]
["2021-12-30","10023337","ADAPTADOR HEMBRA 1 1/2\" X 1 1/2\"","2004","UN",50,{"v":0,"d":"0.00"},{"v":0,"d":"0.00"}]
["2021-12-30","10023341","TAPON HG 1 1/2 PLG","2024","UN",1,0.01,0.01]
["2021-12-30","10023348","BASE EN L","2024","UN",2,0.01,0.02]
["2023-02-16","10023355","FILTRO COMBUSTIBLE EF-5102","2031","UN",6,0.01,0.06]
["2021-12-30","10023380","1R-0750 FILTRO DE COMBUSTIBLE","2031","UN",1,0.01,0.01]
["2021-12-30","10023381","JUEGO DE BOTA PARA EJE 86-2179-K","2023","UN",1,{"v":0,"d":"0.00"},{"v":0,"d":"0.00"}]
["2021-12-30","10023395","BOMBILLO 2 CONTACTO 24V","2031","UN",37,{"v":89.90513513513513,"d":"89.91"},{"v":3326.49,"d":"3,326.49"}]
["2024-07-29","10023413","MODULO RECTIFICADOR SKKD81/12 8606","2005","UN",4,{"v":0,"d":"0.00"},{"v":0,"d":"0.00"}]
["2021-12-30","10023425","Modulo Digital de Salida","2015","UN",2,0.01,0.02]
["2024-07-29","10023436","Contactor Simens 24 VDC Seno 44E","2015","UN",3,0.01,0.03]
["2024-05-10","10023455","Base para Interruptor","2015","UN",1,0.01,0.01]
["2025-01-14","10023471","Fuente de Ilumunacion 15V A-3M-SRD15","2015","UN",1,0.01,0.01]
["2021-12-30","10023497","CANCAMO M36 7.0 TONELADAS","2027","UN",4,{"v":1,"d":"1.00"},{"v":4,"d":"4.00"}]
["2024-04-17","10023507","CASQUILLO 120X15X50","2004","UN",14,{"v":0,"d":"0.00"},{"v":0,"d":"0.00"}]
["2021-12-30","10023507","CASQUILLO 120X15X50","2028","UN",14,0.01,0.14]
["2024-04-17","10023515","VALVULA SISTEMA CONTRA INCENDIO","2004","UN",1,{"v":0,"d":"0.00"},{"v":0,"d":"0.00"}]
["2021-12-30","10023521","DISCO DE CORTE 4\"","2005","UN",10,{"v":94.854,"d":"94.85"},948.54]
["2024-04-17","10023525","SWICH TIPO MACHETE 100AMP","2004","UN",1,{"v":0,"d":"0.00"},{"v":0,"d":"0.00"}]
["2021-12-30","10023541","FILTRO DE ACEITE P 551312","2031","UN",2,0.01,0.02]
["2021-12-30","10023558","TORNILLO CORILGE 1/2 X 5","2028","UN",6,0.01,0.06]
["2024-04-17","10023559","TORNILLO HEXAGONAL 4 X 30 mm","2004","UN",2,{"v":0,"d":"0.00"},{"v":0,"d":"0.00"}]
["2024-04-17","10023565","UNION ACERO INOXI 5/8\" X 1/2\"","2015","UN",25,0.01,0.25]
["2024-04-17","10023576","BIELETA DE TURBINA","2004","UN",3,{"v":0,"d":"0.00"},{"v":0,"d":"0.00"}]
["2021-12-30","10023576","BIELETA DE TURBINA","2028","UN",3,0.01,0.03]
["2021-12-30","10023589","TORNILLO DE ENGANCHE 7/8\"","2004","UN",21,{"v":0,"d":"0.00"},{"v":0,"d":"0.00"}]
["2024-09-16","10023594","UNION UNIVERSAL 3\"","2004","UN",1,{"v":0,"d":"0.00"},{"v":0,"d":"0.00"}]
["2024-05-10","10023597","ZAPATILLA DE FRENO","2028","UN",2,{"v":0,"d":"0.00"},{"v":0,"d":"0.00"}]
["2024-04-17","10023604","SET LLAVE DE BUJIA","2004","UN",1,{"v":0,"d":"0.00"},{"v":0,"d":"0.00"}]
["2024-07-29","10023616","SOPORTE DE TOYOTA LEXUS","2031","UN",2,0.01,0.02]
["2024-07-29","10023621","Rele Shnader Serie LRD3363","2015","UN",2,0.01,0.02]
["2021-12-30","10023660","Sistema de control digital excitación","2023","UN",1,0.01,0.01]
["2021-12-30","10023673","Rele de proteccion control mod. 3cp1 c2b","2023","UN",2,0.01,0.02]
["2024-04-17","10023718","CONTROL DE TEMPERATURA DE 0.399C","2004","UN",3,{"v":0,"d":"0.00"},{"v":0,"d":"0.00"}]
["2021-12-30","10023736","Servo valvula Mod. D633-3908-350","2023","UN",1,0.01,0.01]
["2021-12-30","10023742","Fasimetro SC 3c-E, 0.5-1-0.5 115V.","2023","UN",1,0.01,0.01]
["2024-06-27","10023755","MOTOR DE ACCI0NAMIENTO G4880","2011","UN",2,{"v":0,"d":"0.00"},{"v":0,"d":"0.00"}]
["2024-04-17","10023808","Bobina de repuesto LB4A4","2023","UN",3,0.01,0.03]
["2024-04-17","10023810","BANDA DE FRENO MPK20","2031","UN",4,0.01,0.04]
["2024-06-18","10023833","CUBRE POLVO SEMI EJE PATHFINDER AFUERA","2031","UN",4,0.01,0.04]
["2024-06-18","10023840","Presostato 0.6 3,4 bar","2015","UN",4,0.01,0.04]
["2024-07-29","10023855","Contacto Aux. D/20 AMP 600V","2015","UN",2,0.01,0.02]
["2021-12-30","10023872","Cabeza con Suich para tuberia de 3","2015","UN",1,0.01,0.01]
["2024-04-12","10023889","PAPEL BOND 22 X 34","2029","UN",{"v":5000,"d":"5,000"},0.01,{"v":50,"d":"50.00"}]
["2024-05-10","10023899","CONTACTOR AUXILIAR REF : S500-H11","2020","UN",10,0.01,{"v":0.1,"d":"0.10"}]
["2021-12-30","10023912","CANANA  PORTA HERRAMIENTAS","2007","UN",2,0.01,0.02]
["2024-05-10","10023916","Y PVC 4\"","2020","UN",2,0.01,0.02]
["2022-08-30","10023935","FLOTA  ELECTRICA 13001 F7-552","2020","UN",2,0.01,0.02]
["2024-04-17","10023975","CONECTOR TIPO \"L\" P/ALTA TENSION","2015","UN",2,{"v":0,"d":"0.00"},{"v":0,"d":"0.00"}]
["2023-06-01","10023989","CARTUCHO HP 712 MAGENTA","2029","UN",2,{"v":2483.19,"d":"2,483.19"},{"v":4966.38,"d":"4,966.38"}]
["2021-12-30","10024012","RETINAX WB-2","2007","UN",8,0.01,0.08]
["2021-12-30","10024039","UNION UNIVERSAL 1 3/4''","2007","UN",1,0.01,0.01]
["2021-12-30","10024044","COPLIN DE 4\" HG","2020","UN",1,{"v":1,"d":"1.00"},{"v":1,"d":"1.00"}]
["2024-06-18","10024053","CASCO DE SEGURIDAD ROJO","2008","UN",15,0.01,0.15]
["2024-06-18","10024053","CASCO DE SEGURIDAD ROJO","2022","UN",1,{"v":0,"d":"0.00"},{"v":0,"d":"0.00"}]
["2024-06-27","10024063","TARRAJA DE 1/8 X 7''","2007","UN",3,0.01,0.03]
["2021-12-30","10024069","CORREA DE ENTRADA 6465","2007","UN",1,0.01,0.01]
["2024-07-29","10024084","PINTURA NARANJA 18","2005","GAL",20,{"v":0,"d":"0.00"},{"v":0,"d":"0.00"}]
["2024-05-10","10024088","GENERADOR DE PULSOS PF-51015010 REV-L","2007","UN",1,0.01,0.01]
["2021-12-30","10024098","SWITCH DE PRESION CL 9012 TYGPG-2","2007","UN",2,0.01,0.02]
["2024-06-18","10024101","CONMUTADOR VOT DE 3 DIAMETRO GE","2007","UN",1,0.01,0.01]
["2024-06-27","10024111","RELE DETECTOR DE FASE 712L13B","2007","UN",1,0.01,0.01]
["2021-12-30","10024112","TACOMETRO TIPO 34460 50W","2007","UN",2,0.01,0.02]
["2021-12-30","10024136","ABRAZADERA MEDIA LUNA 3/4","2007","UN",27,0.01,0.27]
["2024-06-18","10024150","UNION UNIVERSAL PVC 1/2PLG","2010","UN",1,0.01,0.01]
["2024-09-16","10024152","UNION UNIVERSAL PVC 1\"","2010","UN",9,0.01,0.09]
["2021-12-30","10024162","JUMPER PARA CONTACTORES","2007","UN",2,0.01,0.02]
["2024-05-10","10024176","TERMINALES DE OJO SC50-10","2007","UN",9,0.01,0.09]
["2024-06-27","10024177","FUSIBLE SM-4","2022","UN",78,{"v":0,"d":"0.00"},{"v":0,"d":"0.00"}]
["2021-12-30","10024191","PANTALLA P/ ABANICO DE TECHO CRISTAL BLA","2007","UN",3,0.01,0.03]
["2024-06-18","10024202","RODAMIENTO SKR 32230-J2","2010","UN",2,0.01,0.02]
["2024-06-18","10024209","MODULO DE ENTRADA ANALOGA 1756-CNB/E","2011","UN",2,{"v":0,"d":"0.00"},{"v":0,"d":"0.00"}]
["2021-12-30","10024217","FILTRO DE COMBUSTIBLE P550401","2007","UN",1,0.01,0.01]
["2024-06-18","10024234","BASE PARA LIMITE DE CARRERA","2010","UN",3,{"v":0,"d":"0.00"},{"v":0,"d":"0.00"}]
["2021-12-30","10024238","ORING 6MM","2005","UN",2,{"v":0,"d":"0.00"},{"v":0,"d":"0.00"}]
["2024-06-18","10024245","ACOPLE DE ELECTROFUSION","2010","UN",1,0.01,0.01]
["2024-04-17","10024258","CONTACTOR DE BLOQUEO LA1-DNLL","2008","UN",2,0.01,0.02]
["2024-04-17","10024262","TRANSITOR DE POTENCIA P530","2008","UN",1,0.01,0.01]
["2024-06-27","10024272","CRISTAL PLANO 7*3 3/4\"","2007","UN",11,0.01,0.11]
["2021-12-30","10024275","DIODO DE SISTEMA DE EXISTACION","2015","UN",1,{"v":0,"d":"0.00"},{"v":0,"d":"0.00"}]
["2024-06-27","10024288","VALVULA DE BOLA 1000 WOG/2PLG","2032","UN",1,0.01,0.01]
["2024-04-17","10024302","MANOMETRO REGULADOR OXIGENO","2011","UN",2,{"v":0,"d":"0.00"},{"v":0,"d":"0.00"}]
["2024-04-17","10024311","LIMIT SWITCH ZCKD21","2008","UN",1,0.01,0.01]
["2024-06-27","10024317","BOTAS DIELECTRICAS NO.45","2000","UN",10,{"v":2916.417,"d":"2,916.42"},{"v":29164.17,"d":"29,164.17"}]
["2021-12-30","10024320","GUANTES AISLANTES USO MAXIMO 36,000V","2008","UN",2,{"v":1,"d":"1.00"},{"v":2,"d":"2.00"}]
["2024-04-17","10024320","GUANTES AISLANTES USO MAXIMO 36,000V","2025","UN",2,0.01,0.02]
["2021-12-30","10024324","LIJA REDONDA 6\" 60 MICRA","2010","UN",3,0.01,0.03]
["2021-12-30","10024336","TUERCA CAMPANA DE BRONCE 5/8","2010","UN",7,0.01,0.07]
["2021-12-30","10024344","JUNTA VAQUELITA TAPA COJINETE SUPERIOR","2010","UN",1,0.01,0.01]
["2024-04-17","10024353","COPLIN HG DE 2''","2008","UN",5,0.01,0.05]
["2024-04-17","10024360","LETRA MT- LR D 2''","2008","UN",2,0.01,0.02]
["2024-04-17","10024367","BOMBILLO DE SENALIZACION 10X28 130V-20A","2008","UN",170,0.01,{"v":1.7,"d":"1.70"}]
["2024-06-18","10024371","CONECTOR CURVO P/ TUBERIA","2008","UN",1,0.01,0.01]
["2024-04-17","10024376","TERMINAL DE 50 MM","2008","UN",1,0.01,0.01]
["2024-06-18","10024387","CONECTOR GLANDULA 1''","2008","UN",9,0.01,0.09]
["2024-04-17","10024393","UNION HEMBRA 3/4''","2008","UN",15,0.01,0.15]
["2024-06-27","10024399","CONTACTOR STEPPOWER IMPUT AC-100240V","2012","UN",2,{"v":0,"d":"0.00"},{"v":0,"d":"0.00"}]
["2024-06-18","10024408","FUENTE PH.CONTACT QUINT -PS/1AC/24VDC/20","2025","UN",1,0.01,0.01]
["2024-06-18","10024410","AISLADOR DE SEÑAL ANDRITZ SI1010L-XE","2010","UN",2,0.01,0.02]
["2024-06-27","10024413","TRANSDUTOR DE P. TEMP. EP00300 MD 341A11","2012","UN",1,{"v":0,"d":"0.00"},{"v":0,"d":"0.00"}]
["2024-06-27","10024442","CINTA DE PREC.  AMAR. 76.2MM X 304.8MTS","2000","UN",13,0.01,0.13]
["2021-12-30","10024442","CINTA DE PREC.  AMAR. 76.2MM X 304.8MTS","2011","UN",1,{"v":0,"d":"0.00"},{"v":0,"d":"0.00"}]
["2024-06-18","10024445","SWITCH ABB POWERSUPLAY CP-C1.24/10.0","2010","UN",3,0.01,0.03]
["2024-06-18","10024449","AISLADOR GALBANICO PH. CONTACT MINI MCR","2010","UN",1,0.01,0.01]
["2024-04-17","10024460","ALAMBRE DE COBRE PARA BOBINA","2008","UN",1,0.01,0.01]
["2024-05-10","10024466","HACHA 3 LBS","2008","UN",1,0.01,0.01]
["2024-04-17","10024467","MANGUERA DE AGUA 4\"","2008","TF",100,0.01,{"v":1,"d":"1.00"}]
["2024-04-17","10024477","VALVULA SOLENOIDE 34 VA SIZE 3/8","2008","UN",2,0.01,0.02]
["2024-04-17","10024486","JUNTA TWINSET 135 X 160 X 32 MM","2008","UN",6,0.01,0.06]
["2024-04-17","10024494","BOBINA DE DISPARO INTERRUPTOR","2008","UN",3,0.01,0.03]
["2024-06-27","10024503","FILTRO DE AIRE WB140","2031","UN",4,{"v":5256.9,"d":"5,256.90"},{"v":21027.6,"d":"21,027.60"}]
["2024-04-17","10024518","ARANDELA PLANA 20*40 MM","2008","UN",90,0.01,{"v":0.9,"d":"0.90"}]
["2024-04-17","10024519","ARANDELA DE PRESION 20*30 MM","2008","UN",97,0.01,0.97]
["2024-04-17","10024527","CONTROL DE MANDO BOMBA SUMERGIBLE","2008","UN",1,0.01,0.01]
["2024-04-17","10024535","CASQUILLO BRONCE 100*85*100","2008","UN",40,0.01,{"v":0.4,"d":"0.40"}]
["2024-05-10","10024536","TEMPORIZADOR EAGLE 5-100","2008","UN",2,0.01,0.02]
["2024-04-17","10024559","PIÑON 610 PARA GRUA","2008","UN",2,0.01,0.02]
["2024-04-17","10024565","FUSIBLE SISTEMA DE EXCITACIÓN 6.3A-12500","2008","UN",3,0.01,0.03]
["2024-06-18","10024568","UNION PVC DE 2\"","2002","UN",20,{"v":0,"d":"0.00"},{"v":0,"d":"0.00"}]
["2024-04-17","10024578","COUPLING DE 4\" PVC","2022","UN",1,{"v":0,"d":"0.00"},{"v":0,"d":"0.00"}]
["2021-12-30","10024597","CODO HIERRO NEGRO 5 X 45","2010","UN",1,0.01,0.01]
["2024-04-17","10024599","CODO HIERRO NEGRO 2 X 45","2015","UN",5,{"v":0,"d":"0.00"},{"v":0,"d":"0.00"}]
["2024-04-17","10024618","TAPON CIEGO HG 1\"","2010","UN",1,0.01,0.01]
["2024-06-27","10024627","BRIDA CON ROSCA 3\" X 4 AGUJEROS","2010","UN",1,0.01,0.01]
["2021-12-30","10024641","CODO TMC 4\"","2010","UN",2,0.01,0.02]
["2021-12-30","10024648","UNION HEMBRA 1\"","2008","UN",1,{"v":1,"d":"1.00"},{"v":1,"d":"1.00"}]
["2024-04-17","10024667","SWITH DE FLUJO FS-25","2008","UN",1,0.01,0.01]
["2024-04-17","10024672","LIMIT SWITCH DE ROTACION 250V/6AMP","2010","UN",1,0.01,0.01]
["2024-06-18","10024686","FUSIBLE DE 125 AMP","2015","UN",17,{"v":0,"d":"0.00"},{"v":0,"d":"0.00"}]
["2021-12-30","10024698","MEDIDOR DE CORRIENTE DE 0 A 50 AMP.","2010","UN",1,0.01,0.01]
["2021-12-30","10024706","PLC SIEMENS 6ES7/422-1BL00-0AA0","2010","UN",1,0.01,0.01]
["2024-04-17","10024729","TORNILLO ALLEN 5/16","2008","UN",1,0.01,0.01]
["2024-04-17","10024741","TEE DE 1 1/4'' H NIQUEL","2008","UN",1,0.01,0.01]
["2024-04-17","10024752","BRIDA 1 1/2'' HN","2008","UN",3,0.01,0.03]
["2021-12-30","10024762","CODO 3/4 PVC","2010","UN",5,0.01,0.05]
["2024-05-10","10024769","HILO PARA DESBROZADORA 3.3MM","2008","M",474,0.01,4.74]
["2024-06-27","10024776","PINTURA GRIS CLARO ESMALTE","2005","GAL",8,{"v":0,"d":"0.00"},{"v":0,"d":"0.00"}]
["2021-12-30","10024782","LIMA TRIANGULAR 6¨","2007","UN",3,{"v":0,"d":"0.00"},{"v":0,"d":"0.00"}]
["2024-07-29","10024795","UNION PVC 1\"","2032","UN",98,0.01,0.98]
["2021-12-30","10024807","GUIAS DEL TAMBOR/MALACATE  COMPUERTA FON","2010","UN",2,0.01,0.02]
["2021-12-30","10024814","RODAMIENTO PARA CARRETILLA 15.9MM X 5/8","2010","UN",2,0.01,0.02]
["2024-04-17","10024823","TEE DE PRESION DE 3/4''","2008","UN",2,0.01,0.02]
["2024-04-17","10024831","ANILLO DE SELLO PARA TURBINA","2008","UN",24,0.01,0.24]
["2024-04-17","10024838","COPILLA 3/8''","2002","UN",3,{"v":0,"d":"0.00"},{"v":0,"d":"0.00"}]
["2024-04-17","10024845","AISLADOR VAQULITA","2008","UN",11,0.01,0.11]
["2024-04-17","10024849","TORNILLO M13","2008","UN",45,0.01,0.45]
["2021-12-30","10024864","SOKER DE PLC TRANSDUTOR DE POTENCIA","2007","UN",1,0.01,0.01]
["2024-06-27","10024879","DISCO DE PULIR 60''","2007","UN",18,0.01,0.18]
["2024-06-18","10024883","VALVULA DE BOLA 1''","2008","UN",4,{"v":1,"d":"1.00"},{"v":4,"d":"4.00"}]
["2021-12-30","10024888","ADADAPTADOR MACHO 1/2\" SCH-40 PVC","2005","UN",4,{"v":0,"d":"0.00"},{"v":0,"d":"0.00"}]
["2021-12-30","10024894","PUNTA DE PIEDRA PARA TALADRO","2007","UN",1,0.01,0.01]
["2021-12-30","10024897","RETENEDORA PAYEN REF: 0603 N 1092","2020","UN",82,{"v":1,"d":"1.00"},{"v":82,"d":"82.00"}]
["2021-12-30","10024906","FILTRO DE ACEITE C-1008","2007","UN",1,0.01,0.01]
["2024-06-27","10024916","TORNILLO HEXAGONAL 13x36 MM","2005","UN",12,{"v":0,"d":"0.00"},{"v":0,"d":"0.00"}]
["2021-12-30","10024925","TEE ACERO INOXI 2\"","2015","UN",26,0.01,0.26]
["2024-05-10","10024930","TEE ACERO INOXI 1 1/4\"","2020","UN",4,{"v":1,"d":"1.00"},{"v":4,"d":"4.00"}]
["2024-04-17","10024937","PINTURA GRIS PERLA 56","2021","GAL",1,{"v":0,"d":"0.00"},{"v":0,"d":"0.00"}]
["2021-12-30","10024965","TRANSFORMADOR CLASE F 240-700V","2010","UN",1,0.01,0.01]
["2021-12-30","10024976","PULSADOR CUADRADO ROJO LUMINOSO","2010","UN",2,0.01,0.02]
["2021-12-30","10024980","JUNTA DEL RODETE","2024","UN",3,0.01,0.03]
["2021-12-30","10024983","ANILLO DE RODETE 740 X 65 MM","2024","UN",2,0.01,0.02]
["2021-12-30","10024993","CONECTOR SIEMENS 6ES7","2024","UN",2,0.01,0.02]
["2021-12-30","10024995","Modulo de entrada Analogica","2024","UN",1,0.01,0.01]
["2021-12-30","10025004","Pawer Supply AB 1606","2024","UN",1,0.01,0.01]
["2021-12-30","10025012","FILTRO DE ACEITE HYDAC REF.5.03.09 P03BN","2028","UN",5,{"v":1,"d":"1.00"},{"v":5,"d":"5.00"}]
["2024-06-18","10025013","Rele Finder 9404","2024","UN",9,0.01,0.09]
["2021-12-30","10025022","Acople de Bomba","2005","UN",2,{"v":0,"d":"0.00"},{"v":0,"d":"0.00"}]
["2021-12-30","10025028","Oring 195 x 5mm","2024","UN",3,0.01,0.03]
["2024-06-18","10025029","Sealing Profila 5mm","2024","UN",1,0.01,0.01]
["2021-12-30","10025036","Disco de Parada 7/15,7/56x1.98","2024","UN",1,0.01,0.01]
["2021-12-30","10025040","Tranductor de Desplazamiento","2024","UN",1,0.01,0.01]
["2024-06-27","10025055","BREAKE ABB S202M-B10UC","2020","UN",9,{"v":0,"d":"0.00"},{"v":0,"d":"0.00"}]
["2021-12-30","10025066","CONTACTOR PKZMO-1,6/24.8 AMP","2010","UN",1,0.01,0.01]
["2021-12-30","10025077","CONVERTIDOR DE POSICION G45W 100-220V","2010","UN",1,0.01,0.01]
["2021-12-30","10025084","FUSIBLE BUSSMAN3.15 AMP 12KV","2010","UN",3,0.01,0.03]
["2024-05-10","10025089","TRANSDUTOR DE POTENCIA REACTIVA 4-20AMP/","2010","UN",1,0.01,0.01]
["2024-05-10","10025108","SWITCH DE PRESION DE ACEITE REF. EDS1700","2022","UN",2,0.01,0.02]
["2021-12-30","10025117","TRNSDUCTOR DE VELOCIDAD REF.MK21-122","2022","UN",4,0.01,0.04]
["2024-06-27","10025128","JUEGO DE CONTACTO DE APERTURA Y CIERRE","2022","UN",1,0.01,0.01]
["2021-12-30","10025131","TARJETA ELECTRONICA REF.1299","2022","UN",1,0.01,0.01]
["2021-12-30","10025137","COI DE IGNICION REST-INTERNA","2010","UN",1,0.01,0.01]
["2024-05-10","10025148","ORING 2500 X 23.6 MM","2022","UN",1,0.01,0.01]
["2024-05-10","10025153","ORING 2.500 X 2.687 X 0.103 MM","2022","UN",20,0.01,{"v":0.2,"d":"0.20"}]
["2021-12-30","10025157","VALVULA HIDRAULICA W2N-32-SN-6-AB-2","2010","UN",1,0.01,0.01]
["2024-05-10","10025165","PINTURA AMARILLO CANARIO 27","2021","GAL",7,{"v":0,"d":"0.00"},{"v":0,"d":"0.00"}]
["2021-12-30","10025182","RELE SEL-2030","2022","UN",1,0.01,0.01]
["2024-06-18","10025193","CONTACTO AUXILIAR ABB 400V-230V","2010","UN",48,0.01,0.48]
["2021-12-30","10025200","PUERTO CONEXION  PLC","2010","UN",4,0.01,0.04]
["2021-12-30","10025205","VALVULA CHECK 132-75-8061","2010","UN",1,0.01,0.01]
["2021-12-30","10025213","MICRO-SWICH B2-RLX","2010","UN",1,0.01,0.01]
["2021-12-30","10025217","CONTACTOR MC 65A","2010","UN",5,0.01,0.05]
["2021-12-30","10025227","REDUCCION HG 2\" A 1 1/2''","2021","UN",9,0.01,0.09]
["2024-05-10","10025233","Cartucho de grasa LGHP 2/0.4","2031","UN",19,{"v":501.5,"d":"501.50"},{"v":9528.5,"d":"9,528.50"}]
["2024-04-17","10025243","Tablero o-Reng","2025","UN",1,0.01,0.01]
["2024-04-17","10025256","ABB COMBIFLEX LOCATOR SIMATIC NET SIEMEN","2028","UN",1,0.01,0.01]
["2024-04-17","10025267","CURVA EMT 2\"","2009","UN",13,{"v":0,"d":"0.00"},{"v":0,"d":"0.00"}]
["2024-04-17","10025271","PRESOSTATO ASCA SERIE 926139","2005","UN",1,{"v":0,"d":"0.00"},{"v":0,"d":"0.00"}]
["2024-04-17","10025290","ORING 115X6 MM","2028","UN",2,0.01,0.02]
["2024-04-17","10025301","FILTRO DE COMBUSTIBLE FC-227","2025","UN",1,0.01,0.01]
["2024-04-17","10025316","FILTRO LFW 4071","2028","UN",1,0.01,0.01]
["2024-05-10","10025330","FILTRO 15209-2W200","2025","UN",1,0.01,0.01]
["2024-05-10","10025340","FILTRO DE GASOIL BF7925","2025","UN",2,0.01,0.02]
["2024-05-10","10025355","CINTA AISLANTE 25.4*3.04*1.65MM","2010","UN",18,0.01,0.18]
["2024-06-18","10025376","FILTRO DE ACEITE F970","2008","UN",1,{"v":1,"d":"1.00"},{"v":1,"d":"1.00"}]
["2021-12-30","10025381","TERMINAL DE 1 OJO 147MR","2009","UN",12,0.01,0.12]
["2024-06-18","10025411","REDUCCION DE 3 A 2 1/2¨ PVC","2020","UN",1,{"v":1,"d":"1.00"},{"v":1,"d":"1.00"}]
["2021-12-30","10025412","Conector para liquid tight","2010","UN",10,{"v":0,"d":"0.00"},{"v":0,"d":"0.00"}]
["2024-05-10","10025421","medidor analogos 4 A 20 AMP","2025","UN",4,0.01,0.04]
["2024-05-10","10025432","FUSIBLE DE 10AMP A 500V","2025","UN",12,0.01,0.12]
["2024-07-29","10025437","TERMINAL DE MUELA KA5-8 12-10","2025","UN",75,0.01,0.75]
["2024-05-10","10025443","TERMINAL METRICO T/HERRADURA AZUL 16-14","2025","UN",3,0.01,0.03]
["2021-12-30","10025459","CONECTOR VS016-E","2009","UN",1,0.01,0.01]
["2021-12-30","10025460","PRENSA DE APOLLO DE CRUCETA DE ALTA TENS","2009","UN",7,0.01,0.07]
["2024-05-10","10025482","SERVOVALVULA TN6 24VDC","2025","UN",1,0.01,0.01]
["2024-05-10","10025492","CODO DE 1'' A 45º INOXIDABLE","2007","UN",5,{"v":0,"d":"0.00"},{"v":0,"d":"0.00"}]
["2024-05-10","10025494","INTERRUPTOR TERMOMAGNETICO 2 POLO 4A 250","2025","UN",1,0.01,0.01]
["2024-06-27","10025505","FILTRO DE AIRE 15600-41010","2009","UN",1,0.01,0.01]
["2024-05-10","10025515","CAJA OCTAGONAL METAL 4\" X 4\"","2008","UN",2,{"v":1,"d":"1.00"},{"v":2,"d":"2.00"}]
["2024-05-10","10025518","MODULO ELECTRONICO IC6G4ALG392-BC","2025","UN",1,0.01,0.01]
["2021-12-30","10025532","IMPELLE DE 6 LIBRA  DIM. 292MM","2025","UN",3,0.01,0.03]
["2021-12-30","10025534","CORREA B34","2009","UN",1,0.01,0.01]
["2021-12-30","10025545","FILTRO DE GASOIL WN7293","2009","UN",6,0.01,0.06]
["2024-06-18","10025547","PINTURA VERDE TILO 58","2022","GAL",12,{"v":0,"d":"0.00"},{"v":0,"d":"0.00"}]
["2024-05-10","10025551","FILTRO DE ACEITE PH6355","2009","UN",1,0.01,0.01]
["2024-04-17","10025553","INDICADOR DE SUCIEDAD 0.5 MN","2025","UN",2,0.01,0.02]
["2024-05-10","10025563","KIT MOTOR SUPPLY 125V","2025","UN",2,0.01,0.02]
["2024-05-10","10025569","SENSOR DE VELOCIDAD M12 X 1","2025","UN",2,0.01,0.02]
["2024-05-10","10025576","JUEGO DE PLACAS DE LAMINADO","2025","UN",1,0.01,0.01]
["2021-12-30","10025580","ESPARRAGO 38MM X 11,1/8¨","2009","UN",2,0.01,0.02]
["2021-12-30","10025591","COUPLING 26.9X36MM","2009","UN",1,0.01,0.01]
["2021-12-30","10025599","CODO 2 x 3\" HG","2009","UN",2,0.01,0.02]
["2021-12-30","10025620","BOBINA VALVULA SELENOIDE 24VDC 1.2 A","2027","UN",3,0.01,0.03]
["2021-12-30","10025626","RODAMIENTO 51KWH01A","2027","UN",2,0.01,0.02]
["2024-06-18","10025636","SELLO DE PERFIL ESPECIAL TIPO K08-D","2027","UN",1,0.01,0.01]
["2021-12-30","10025643","SELLO DE GOMA RUHEORT 84 X 117 X 535MM","2027","UN",2,0.01,0.02]
["2024-06-18","10025658","BRIDA DE 8'' A-105","2027","UN",1,0.01,0.01]
["2021-12-30","10025682","AISLADOR DE VIDRIO ALTA TENSION","2027","UN",15,0.01,0.15]
["2024-06-18","10025688","ARANDELA BA.M16","2027","UN",19,0.01,0.19]
["2021-12-30","10025702","FUSIBLE DE MEDIA TENSION 15KV-50A","2027","UN",7,0.01,0.07]
["2024-06-18","10025710","FUSIBLE ELECTRONICO REAMABLES","2027","UN",2,0.01,0.02]
["2024-07-29","10025720","FUSIBLE DCA 160A-500V","2027","UN",2,0.01,0.02]
["2024-06-18","10025730","BOBINA PARA VALVULA SELENOIDE","2011","UN",2,{"v":0,"d":"0.00"},{"v":0,"d":"0.00"}]
["2021-12-30","10025732","BREAKER E2C250N","2027","UN",1,0.01,0.01]
["2021-12-30","10025740","VENTILADOR SIN FILTRO SK3325717","2027","UN",2,0.01,0.02]
["2024-11-15","10025785","FUNDA DE 24 X 60 C-400 PARA ALEVINES","2022","UN",80,{"v":1,"d":"1.00"},{"v":80,"d":"80.00"}]
["2024-06-18","10025855","LENTES DE SEGURIDAD INSDUSTRIAL OSCURO","2000","UN",50,0.01,{"v":0.5,"d":"0.50"}]
["2024-05-10","10025856","CASCO DE SEGURIDAD MARRON","2016","UN",1,{"v":0,"d":"0.00"},{"v":0,"d":"0.00"}]
["2024-06-18","10025857","CASCO DE SEGURIDAD GRIS","2015","UN",3,{"v":0,"d":"0.00"},{"v":0,"d":"0.00"}]
["2024-12-03","10025881","CABLE DE FRENO MOTOR CG","2032","UN",14,0.01,0.14]
["2021-12-30","10025940","BRIDA HIERRO NEGRO 8\" DE 12 AGUERJOS","2005","UN",2,{"v":0,"d":"0.00"},{"v":0,"d":"0.00"}]
["2021-12-30","10025947","ABRAZADERAS P/ALAMBRE 1/0 A 4/0","2022","UN",2,{"v":0,"d":"0.00"},{"v":0,"d":"0.00"}]
["2024-05-10","10025959","CASCO PROTECTOR DE MOTOCICLETA","2015","UN",2,{"v":0,"d":"0.00"},{"v":0,"d":"0.00"}]
["2024-06-18","10025967","Conectores ABB A055044-R1","2010","UN",1,{"v":0,"d":"0.00"},{"v":0,"d":"0.00"}]
["2024-04-17","10025977","FILTRO DE ACEITE REF.21515","2005","UN",1,{"v":0,"d":"0.00"},{"v":0,"d":"0.00"}]
["2021-12-30","10025981","FRECUENCIMETRO 50A 60HZ","2022","UN",3,{"v":0,"d":"0.00"},{"v":0,"d":"0.00"}]
["2021-12-30","10026001","MEDIDOR DE ACEITE KUBER","2027","UN",1,{"v":0,"d":"0.00"},{"v":0,"d":"0.00"}]
["2024-06-27","10026002","MEDIDOR DE PUESTA A TIERRA 69KV","2022","UN",1,{"v":0,"d":"0.00"},{"v":0,"d":"0.00"}]
["2021-12-30","10026036","TRANSFORMADOR 450-460","2010","UN",2,{"v":1,"d":"1.00"},{"v":2,"d":"2.00"}]
["2024-06-18","10026073","ADAPTADOR HEMBRA PVC 3\"","2020","UN",1,{"v":0,"d":"0.00"},{"v":0,"d":"0.00"}]
["2024-06-18","10026075","ANILLO ORING 225.66 MM","2027","UN",1,{"v":0,"d":"0.00"},{"v":0,"d":"0.00"}]
["2024-06-21","10026087","JUNTA DE INTERCAMBIADOR DE CALOR","2005","UN",1,{"v":0,"d":"0.00"},{"v":0,"d":"0.00"}]
["2024-06-27","10026091","PINTURA AZUL POSITIVO","2000","GAL",49,{"v":0,"d":"0.00"},{"v":0,"d":"0.00"}]
["2024-07-29","10026095","REDUCCION PVC 1/2","2027","UN",2,{"v":0,"d":"0.00"},{"v":0,"d":"0.00"}]
["2021-12-30","10026141","VIDRIO PARA PANEL MIRILLA DE LIQUIDO","2002","UN",1,{"v":0,"d":"0.00"},{"v":0,"d":"0.00"}]
["2021-12-30","10026148","UNION TERMINAL DE 3/4 A 1/2\"","2002","UN",8,{"v":0,"d":"0.00"},{"v":0,"d":"0.00"}]
["2021-12-30","10026153","ABRAZADERA EN U 5/16","2015","UN",6,{"v":0,"d":"0.00"},{"v":0,"d":"0.00"}]
["2021-12-30","10026157","ABRAZADERA P/ TUBERIA 3/4","2002","UN",20,{"v":0,"d":"0.00"},{"v":0,"d":"0.00"}]
["2024-05-10","10026165","TRANSFORMADOR DE MODULO 1MRK0022","2002","UN",2,{"v":0,"d":"0.00"},{"v":0,"d":"0.00"}]
["2021-12-30","10026168","TRANSFORMADOR DE CORRIENTE ADP 60/10P","2016","UN",1,{"v":0,"d":"0.00"},{"v":0,"d":"0.00"}]
["2021-12-30","10026175","ABRAZADERA UNITRON 2\"","2002","UN",53,{"v":0,"d":"0.00"},{"v":0,"d":"0.00"}]
["2021-12-30","10026181","TORNILLO SUJETADOR D CABLE PLASTICO 7/8","2002","UN",84,{"v":0,"d":"0.00"},{"v":0,"d":"0.00"}]
["2021-12-30","10026187","TORNILLO HEXAGONAL 6.5 X 66 X 19MM","2002","UN",1,{"v":0,"d":"0.00"},{"v":0,"d":"0.00"}]
["2021-12-30","10026192","ACEITE MINERAL ISO 68 (TANQUE 55GL)","2021","UN",7,{"v":76594.98,"d":"76,594.98"},{"v":536164.86,"d":"536,164.86"}]
["2021-12-30","10026197","TORNILLO EXAGONAL 1 1/2'' X 6''","2002","UN",48,{"v":0,"d":"0.00"},{"v":0,"d":"0.00"}]
["2021-12-30","10026200","TORNILLO EXAG. 35X90X54MM","2002","UN",6,{"v":0,"d":"0.00"},{"v":0,"d":"0.00"}]
["2021-12-30","10026211","TORNILLO ANCLAJE DE 3/4 X 10\" C/ TUERCA","2002","UN",6,{"v":0,"d":"0.00"},{"v":0,"d":"0.00"}]
["2021-12-30","10026216","TORNILLO 5/8 X 1 1/2","2002","UN",16,{"v":0,"d":"0.00"},{"v":0,"d":"0.00"}]
["2021-12-30","10026224","ADAPTADOR DE FUSIBLE 35 AMP","2002","UN",30,{"v":0,"d":"0.00"},{"v":0,"d":"0.00"}]
["2021-12-30","10026231","THERMOWELD - 150","2002","UN",5,{"v":0,"d":"0.00"},{"v":0,"d":"0.00"}]
["2021-12-30","10026236","TERMINAL DE 2 AGUJERO DE 250MCM","2002","UN",35,{"v":0,"d":"0.00"},{"v":0,"d":"0.00"}]
["2021-12-30","10026244","TEE HG SOLDABLE 1/4","2002","UN",1,{"v":0,"d":"0.00"},{"v":0,"d":"0.00"}]
["2024-04-17","10026249","TEE 3/4 SOLDABLE","2002","UN",1,{"v":0,"d":"0.00"},{"v":0,"d":"0.00"}]
["2021-12-30","10026252","TARUGO PLASTICO DE 3/4","2002","UN",262,{"v":0,"d":"0.00"},{"v":0,"d":"0.00"}]
["2021-12-30","10026261","TARJETA ELECTRONICA 3BC63594","2002","UN",1,{"v":0,"d":"0.00"},{"v":0,"d":"0.00"}]
["2021-12-30","10026266","TAPON DE 4\" HG","2002","UN",2,{"v":0,"d":"0.00"},{"v":0,"d":"0.00"}]
["2021-12-30","10026273","TAPA DE REGISTRO 3/4 X 3/4 X 1 3/4","2002","UN",4,{"v":0,"d":"0.00"},{"v":0,"d":"0.00"}]
["2021-12-30","10026281","SPRAY DE PINTURA BLANCA","2002","UN",13,{"v":0,"d":"0.00"},{"v":0,"d":"0.00"}]
["2021-12-30","10026285","AISLADOR TIPO VV 69KB/400AMP","2002","UN",1,{"v":0,"d":"0.00"},{"v":0,"d":"0.00"}]
["2021-12-30","10026290","SENSOR DE NIVEL DE FLUIDO","2002","UN",1,{"v":0,"d":"0.00"},{"v":0,"d":"0.00"}]
["2021-12-30","10026296","SAQUETA PARA HERRAMIENTA GB114","2002","UN",2,{"v":0,"d":"0.00"},{"v":0,"d":"0.00"}]
["2021-12-30","10026302","RODAMIENTO DE RODILLO 75 X 130 X 30","2002","UN",3,{"v":0,"d":"0.00"},{"v":0,"d":"0.00"}]
["2021-12-30","10026311","RODAMIENTO 6006","2002","UN",3,{"v":0,"d":"0.00"},{"v":0,"d":"0.00"}]
["2021-12-30","10026316","RETENEDORA DE 317X20X360MM","2002","UN",2,{"v":0,"d":"0.00"},{"v":0,"d":"0.00"}]
["2021-12-30","10026324","AMPERIMETRO DE 0 A 250 AMP","2002","UN",1,{"v":0,"d":"0.00"},{"v":0,"d":"0.00"}]
["2021-12-30","10026331","RELAY BBC 125V DC","2002","UN",2,{"v":0,"d":"0.00"},{"v":0,"d":"0.00"}]
["2024-05-10","10026335","RELAY ABB RXMBVB2 REF-RK-206AP 125V","2002","UN",4,{"v":0,"d":"0.00"},{"v":0,"d":"0.00"}]
["2021-12-30","10026340","REDUCCION BUSHING DE 2 1/2 A 2\"","2025","UN",4,0.01,0.04]
["2021-12-30","10026343","PROTECTOR AUDICTIVO PARA EL CASCO","2016","UN",1,{"v":1,"d":"1.00"},{"v":1,"d":"1.00"}]
["2024-06-27","10026351","PORTA FUSIBLE 5SF1-024","2002","UN",30,{"v":0,"d":"0.00"},{"v":0,"d":"0.00"}]
["2021-12-30","10026358","ANILLO DE PORCELANA 5SH3-411","2002","UN",88,{"v":0,"d":"0.00"},{"v":0,"d":"0.00"}]
["2021-12-30","10026361","PING #8","2002","UN",12,{"v":0,"d":"0.00"},{"v":0,"d":"0.00"}]
["2021-12-30","10026368","ORING NO. 12","2002","UN",10,{"v":0,"d":"0.00"},{"v":0,"d":"0.00"}]
["2024-05-10","10026379","OBVER LOAD B45","2002","UN",1,{"v":0,"d":"0.00"},{"v":0,"d":"0.00"}]
["2021-12-30","10026384","NIPLE DE 1 1/4 EN HIERRO","2002","UN",1,{"v":0,"d":"0.00"},{"v":0,"d":"0.00"}]
["2021-12-30","10026386","MUNICIONES ESPECIAL 63X16MM","2002","UN",400,{"v":0,"d":"0.00"},{"v":0,"d":"0.00"}]
["2021-12-30","10026400","MANOMETRO DE PRESION DE 0 A 400PSI","2002","UN",4,{"v":0,"d":"0.00"},{"v":0,"d":"0.00"}]
["2021-12-30","10026401","LUZ DE INDICADORES COLOR VERDE","2002","UN",21,{"v":0,"d":"0.00"},{"v":0,"d":"0.00"}]
["2021-12-30","10026406","LAMPARA SEÑALIZACION 24V","2002","UN",161,{"v":0,"d":"0.00"},{"v":0,"d":"0.00"}]
["2021-12-30","10026417","JUNTA DE GOMA DE 3 1/2 X 1 1/4","2002","UN",1,{"v":0,"d":"0.00"},{"v":0,"d":"0.00"}]
["2021-12-30","10026418","JUNTA DE GOMA 77 X 75 X 78 MM","2002","UN",4,{"v":0,"d":"0.00"},{"v":0,"d":"0.00"}]
["2021-12-30","10026430","JUEGO DE CONTACTO P/ INTERUPTOR","2002","UN",35,{"v":0,"d":"0.00"},{"v":0,"d":"0.00"}]
["2021-12-30","10026437","GOMAS 265/70 R15 A/T","2002","UN",4,{"v":0,"d":"0.00"},{"v":0,"d":"0.00"}]
["2021-12-30","10026438","GAVINETE DE CONTROL 40HP/460BVAC","2002","UN",1,{"v":0,"d":"0.00"},{"v":0,"d":"0.00"}]
["2021-12-30","10026448","ARANDELA DE PRESION GALV. DE 1/2","2011","UN",33,{"v":0,"d":"0.00"},{"v":0,"d":"0.00"}]
["2021-12-30","10026456","FUSIBLE AEG 10AMP / 6.7KB","2002","UN",16,{"v":0,"d":"0.00"},{"v":0,"d":"0.00"}]
["2024-06-27","10026458","FUSIBLE TIPO K 50A-38KV","2002","UN",146,{"v":0,"d":"0.00"},{"v":0,"d":"0.00"}]
["2024-06-27","10026463","FUENTE DE CORRIENTE CONTINUA","2002","UN",1,{"v":0,"d":"0.00"},{"v":0,"d":"0.00"}]
["2021-12-30","10026468","FILTRO P/ DIESEL DE LA PRESA 477556","2002","UN",2,{"v":0,"d":"0.00"},{"v":0,"d":"0.00"}]
["2021-12-30","10026473","FILTRO DE AIRE CATERPILLAR RF:4L-9853","2002","UN",1,{"v":0,"d":"0.00"},{"v":0,"d":"0.00"}]
["2021-12-30","10026482","ESPARRAGO DE 3/4 X 3\"","2002","UN",1,{"v":0,"d":"0.00"},{"v":0,"d":"0.00"}]
["2021-12-30","10026489","ESLINGA 50 X 1MM AZUL","2002","UN",8,{"v":0,"d":"0.00"},{"v":0,"d":"0.00"}]
["2021-12-30","10026493","ESCOBILLA PARA GENERADOR 15650","2002","UN",64,{"v":0,"d":"0.00"},{"v":0,"d":"0.00"}]
["2021-12-30","10026501","DESAFIX 013","2002","UN",20,{"v":0,"d":"0.00"},{"v":0,"d":"0.00"}]
["2021-12-30","10026504","CURVA EN HIERRO NEGRO 3\" 1 1/2","2002","UN",2,{"v":0,"d":"0.00"},{"v":0,"d":"0.00"}]
["2024-04-17","10026512","COUPLING MT DE 1\" ROSCADO","2002","UN",1,{"v":0,"d":"0.00"},{"v":0,"d":"0.00"}]
["2021-12-30","10026520","CONTROL PARA GRUA DE CARGA","2002","UN",1,{"v":0,"d":"0.00"},{"v":0,"d":"0.00"}]
["2021-12-30","10026525","CONMUTADOR ABB RK69","2002","UN",2,{"v":0,"d":"0.00"},{"v":0,"d":"0.00"}]
["2021-12-30","10026532","CONECTOR PUESTA TIERRA 2/0 DE COBRE","2002","UN",23,{"v":0,"d":"0.00"},{"v":0,"d":"0.00"}]
["2021-12-30","10026534","CONECTOR LIQUID TIPE DE 1/2 ROJO","2010","UN",10,{"v":0,"d":"0.00"},{"v":0,"d":"0.00"}]
["2021-12-30","10026540","CONECTOR HEMBRA 380V 415 32 AMP","2002","UN",1,{"v":0,"d":"0.00"},{"v":0,"d":"0.00"}]
["2021-12-30","10026547","CONECTOR ALUMINIO NNT17A","2002","UN",1,{"v":0,"d":"0.00"},{"v":0,"d":"0.00"}]
["2021-12-30","10026552","CONCTATOR AUX. 500V","2002","UN",7,{"v":0,"d":"0.00"},{"v":0,"d":"0.00"}]
["2021-12-30","10026561","CODO DE 3/8 A 45° ACERO INOXIDABLE","2002","UN",4,{"v":0,"d":"0.00"},{"v":0,"d":"0.00"}]
["2021-12-30","10026567","CODO 2\" 90° ACERO INOXIDABLE","2002","UN",2,{"v":0,"d":"0.00"},{"v":0,"d":"0.00"}]
["2021-12-30","10026569","CODO 1 1/4 X 90° ACERO INOXIBLE","2020","UN",10,{"v":0,"d":"0.00"},{"v":0,"d":"0.00"}]
["2021-12-30","10026576","CEPILLO COPA DE ACERO 4 X 5/8","2002","UN",4,{"v":0,"d":"0.00"},{"v":0,"d":"0.00"}]
["2021-12-30","10026580","CASQUILLO PARA SERVO MOTOR 2''X 3  3/4''","2002","UN",1,{"v":0,"d":"0.00"},{"v":0,"d":"0.00"}]
["2021-12-30","10026588","CABLE DE CLUTCH 28G23341-00","2002","UN",4,{"v":0,"d":"0.00"},{"v":0,"d":"0.00"}]
["2024-06-18","10026595","BULON MECANICO","2002","UN",8,{"v":0,"d":"0.00"},{"v":0,"d":"0.00"}]
["2021-12-30","10026599","BRINDA SOLDABLE DE 2 1/2","2002","UN",15,{"v":0,"d":"0.00"},{"v":0,"d":"0.00"}]
["2021-12-30","10026608","BRINDA DE 2 1/4 DE 8 AGUJERO","2002","UN",1,{"v":0,"d":"0.00"},{"v":0,"d":"0.00"}]
["2021-12-30","10026613","BRIDA CIEGA DE 4\"","2002","UN",1,{"v":0,"d":"0.00"},{"v":0,"d":"0.00"}]
["2021-12-30","10026618","BORNERA 4MM RE:AB1058643","2002","UN",303,{"v":0,"d":"0.00"},{"v":0,"d":"0.00"}]
["2021-12-30","10026625","BOBINA PARA MOTO BOMBA 480V / 60HZ","2002","UN",1,{"v":0,"d":"0.00"},{"v":0,"d":"0.00"}]
["2021-12-30","10026630","TORNILLO EXAG.HM 22 X 24MM","2003","UN",26,{"v":0,"d":"0.00"},{"v":0,"d":"0.00"}]
["2021-12-30","10026638","TORNILLO ALLEN 16X25","2003","UN",14,{"v":0,"d":"0.00"},{"v":0,"d":"0.00"}]
["2021-12-30","10026646","ORING 100MMX5MM","2003","UN",3,{"v":0,"d":"0.00"},{"v":0,"d":"0.00"}]
["2021-12-30","10026651","JUNTA DE ASBESTO 9-554P-18","2003","UN",4,{"v":0,"d":"0.00"},{"v":0,"d":"0.00"}]
["2021-12-30","10026661","ESPARRAGO 82X14MM","2003","UN",1,{"v":0,"d":"0.00"},{"v":0,"d":"0.00"}]
["2021-12-30","10026668","BOBINA LX4-D12","2003","UN",17,{"v":0,"d":"0.00"},{"v":0,"d":"0.00"}]
["2021-12-30","10026669","BARRA DE ACERO INOX. 1XFT","2003","UN",1,{"v":0,"d":"0.00"},{"v":0,"d":"0.00"}]
["2021-12-30","10026676","VOLTIMETRO RZC96200/5A 60HZ","2005","UN",2,{"v":0,"d":"0.00"},{"v":0,"d":"0.00"}]
["2021-12-30","10026687","VALVULA REGULADORA REF 0983","2005","UN",7,{"v":0,"d":"0.00"},{"v":0,"d":"0.00"}]
["2021-12-30","10026696","VALVULA MANUAL 09/95","2005","UN",4,{"v":0,"d":"0.00"},{"v":0,"d":"0.00"}]
["2024-07-29","10026706","VALVULA DE BRONCE CONTRA INCENDIO CAB H","2005","UN",2,{"v":0,"d":"0.00"},{"v":0,"d":"0.00"}]
["2021-12-30","10026720","UNION DE BRONCE DE 1\"","2005","UN",1,{"v":0,"d":"0.00"},{"v":0,"d":"0.00"}]
["2024-06-27","10026725","TUERCA M10 GALVANIZADA","2005","UN",39,{"v":0,"d":"0.00"},{"v":0,"d":"0.00"}]
["2021-12-30","10026732","TUERCA 22 X 10","2005","UN",6,{"v":0,"d":"0.00"},{"v":0,"d":"0.00"}]
["2021-12-30","10026746","TRANSFORMADOR DE POTENCIA TIPO VL615","2005","UN",1,{"v":0,"d":"0.00"},{"v":0,"d":"0.00"}]
["2021-12-30","10026747","TRANSFORMADOR DE POTENCIA TIPO BLT","2005","UN",1,{"v":0,"d":"0.00"},{"v":0,"d":"0.00"}]
["2021-12-30","10026755","TRANSFORMADOR DE CORRIENTE TC8MAG AF023","2005","UN",1,{"v":0,"d":"0.00"},{"v":0,"d":"0.00"}]
["2021-12-30","10026768","TRANSDUCTOR ABB ETI-30","2005","UN",9,{"v":0,"d":"0.00"},{"v":0,"d":"0.00"}]
["2021-12-30","10026774","TRANSDUCTOR 100BAR 4-20MA","2005","UN",2,{"v":0,"d":"0.00"},{"v":0,"d":"0.00"}]
["2021-12-30","10026788","TORNILLO HEXAGONAL 22 X 70","2005","UN",35,{"v":0,"d":"0.00"},{"v":0,"d":"0.00"}]
["2021-12-30","10026797","AISLADOR DE RESINA 92X101X175","2005","UN",6,{"v":0,"d":"0.00"},{"v":0,"d":"0.00"}]
["2021-12-30","10026805","TORNILLO HEXAGONAL 19X57","2005","UN",293,{"v":0,"d":"0.00"},{"v":0,"d":"0.00"}]
["2021-12-30","10026820","TORNILLO ALLEN 24 X 58","2005","UN",1,{"v":0,"d":"0.00"},{"v":0,"d":"0.00"}]
["2021-12-30","10026832","TIRISTOR SEMI KRON 1000/08D","2005","UN",25,{"v":0,"d":"0.00"},{"v":0,"d":"0.00"}]
["2021-12-30","10026842","ANILLO DE BRONCE 210X180X25","2005","UN",1,{"v":0,"d":"0.00"},{"v":0,"d":"0.00"}]
["2021-12-30","10026848","ANILLO DE DESGASTE DE BRONCE 85X59X15","2005","UN",4,{"v":0,"d":"0.00"},{"v":0,"d":"0.00"}]
["2021-12-30","10026857","TERMINAL TIPO TEE REF ATCC99","2005","UN",2,{"v":0,"d":"0.00"},{"v":0,"d":"0.00"}]
["2021-12-30","10026867","TERMINAL MACHO 6 X 21MM AZUL","2005","UN",200,{"v":0,"d":"0.00"},{"v":0,"d":"0.00"}]
["2024-06-27","10026875","TERMINAL DE OJO 18MM","2005","UN",128,{"v":0,"d":"0.00"},{"v":0,"d":"0.00"}]
["2021-12-30","10026883","TEE DE 3/8\"","2005","UN",1,{"v":0,"d":"0.00"},{"v":0,"d":"0.00"}]
["2021-12-30","10026889","TARJETA ELECTRONICA REV UN50012","2005","UN",2,{"v":0,"d":"0.00"},{"v":0,"d":"0.00"}]
["2021-12-30","10026897","TARJETA ELECTRICA OP001747","2005","UN",1,{"v":0,"d":"0.00"},{"v":0,"d":"0.00"}]
["2024-05-10","10026903","TARJETA CELTA REF 640504016-02001-50006","2005","UN",1,{"v":0,"d":"0.00"},{"v":0,"d":"0.00"}]
["2021-12-30","10026914","ARANDELA 90 X 50MM","2005","UN",55,{"v":0,"d":"0.00"},{"v":0,"d":"0.00"}]
["2021-12-30","10026923","SOPORTE DE MICA DE 4 SECCION PARA TRANS","2005","UN",24,{"v":0,"d":"0.00"},{"v":0,"d":"0.00"}]
["2024-06-27","10026932","SENSOR REF 214752","2005","UN",2,{"v":0,"d":"0.00"},{"v":0,"d":"0.00"}]
["2021-12-30","10026941","SENSOR DE FLUJO SI 1004","2005","UN",1,{"v":0,"d":"0.00"},{"v":0,"d":"0.00"}]
["2021-12-30","10026950","SELECTOR DE POSICIONES 1-0-2","2005","UN",3,{"v":0,"d":"0.00"},{"v":0,"d":"0.00"}]
["2021-12-30","10026954","ARANDELA DE PRESION M8","2005","UN",20,{"v":0,"d":"0.00"},{"v":0,"d":"0.00"}]
["2021-12-30","10026959","SELECTOR DE POSICION 1-0 CON LLAME 9909","2005","UN",1,{"v":0,"d":"0.00"},{"v":0,"d":"0.00"}]
["2021-12-30","10026967","RODAMIENTO ZF6212-2Z/C3","2005","UN",3,{"v":0,"d":"0.00"},{"v":0,"d":"0.00"}]
["2021-12-30","10026975","RODAMIENTO SKF 6316Z/C3","2005","UN",8,{"v":0,"d":"0.00"},{"v":0,"d":"0.00"}]
["2021-12-30","10026982","RODAMIENTO NTN6013","2005","UN",3,{"v":0,"d":"0.00"},{"v":0,"d":"0.00"}]
["2021-12-30","10026994","RODAMIENTO SKF 33212","2005","UN",2,{"v":0,"d":"0.00"},{"v":0,"d":"0.00"}]
["2021-12-30","10027009","BABI 420 X 200","2005","UN",1,{"v":0,"d":"0.00"},{"v":0,"d":"0.00"}]
["2021-12-30","10027020","RESISTENCIA 300 OMH","2005","UN",2,{"v":0,"d":"0.00"},{"v":0,"d":"0.00"}]
["2021-12-30","10027025","RELE TIPO MULTIFUNCIONAL MD32","2005","UN",1,{"v":0,"d":"0.00"},{"v":0,"d":"0.00"}]
["2021-12-30","10027034","RELE PHOENIX 120V 250VAC","2005","UN",10,{"v":0,"d":"0.00"},{"v":0,"d":"0.00"}]
["2021-12-30","10027042","RELE DE VELOCIDAD 600-084010","2005","UN",1,{"v":0,"d":"0.00"},{"v":0,"d":"0.00"}]
["2021-12-30","10027050","BASE PARA EXPANXION NON-CPU-SLOTS","2005","UN",1,{"v":0,"d":"0.00"},{"v":0,"d":"0.00"}]
["2024-07-15","10027065","BATERIA 12V 1300CCA","2005","UN",3,{"v":13995,"d":"13,995.00"},{"v":41985,"d":"41,985.00"}]
["2021-12-30","10027066","RELE AUXILIAR REF 28","2005","UN",2,{"v":0,"d":"0.00"},{"v":0,"d":"0.00"}]
["2021-12-30","10027079","BLOQUE AISLANTE 100 X 360MM","2005","UN",8,{"v":0,"d":"0.00"},{"v":0,"d":"0.00"}]
["2021-12-30","10027088","PULSOMETRO WIKA 35B","2005","UN",12,{"v":0,"d":"0.00"},{"v":0,"d":"0.00"}]
["2021-12-30","10027101","BOBINA DE TRANSFORMADOR REF ICM9003RES2","2005","UN",1,{"v":0,"d":"0.00"},{"v":0,"d":"0.00"}]
["2021-12-30","10027113","POWER SUPPLY TRIFASICO 100/600VAC","2005","UN",3,{"v":0,"d":"0.00"},{"v":0,"d":"0.00"}]
["2021-12-30","10027114","BOBINA REF A 61126 60VA 2.5A 12-220V 40","2005","UN",2,{"v":0,"d":"0.00"},{"v":0,"d":"0.00"}]
["2024-06-27","10027123","BOMBA CUMMING 3845163","2005","UN",1,{"v":0,"d":"0.00"},{"v":0,"d":"0.00"}]
["2021-12-30","10027143","BOMBILLA SON-T 250W E39 220V-240V 50/60","2005","UN",1,{"v":0,"d":"0.00"},{"v":0,"d":"0.00"}]
["2024-06-27","10027145","PLACA DE BARISTORE AD-91-0327","2005","UN",1,{"v":0,"d":"0.00"},{"v":0,"d":"0.00"}]
["2021-12-30","10027170","PESA PARA SISTEMA CONTRA INCENDIO","2005","UN",2,{"v":0,"d":"0.00"},{"v":0,"d":"0.00"}]
["2021-12-30","10027186","BORNERA DE PRUEBA","2005","UN",2,{"v":0,"d":"0.00"},{"v":0,"d":"0.00"}]
["2021-12-30","10027190","PARARAYO 10KV A 20KA","2005","UN",1,{"v":0,"d":"0.00"},{"v":0,"d":"0.00"}]
["2021-12-30","10027207","OJO DE TENSOR ALTA TENSION REF F522304","2005","UN",2,{"v":0,"d":"0.00"},{"v":0,"d":"0.00"}]
["2024-06-27","10027219","MOTOR ELECTRICO BALDOR REF. 1022BP0.5HP","2005","UN",1,{"v":0,"d":"0.00"},{"v":0,"d":"0.00"}]
["2021-12-30","10027222","MOTOR ACCIONADOR REF CE127B","2005","UN",6,{"v":0,"d":"0.00"},{"v":0,"d":"0.00"}]
["2021-12-30","10027240","MODULO DE SEÑAL DE1A3 MOD 6ES7421-IBL01","2005","UN",1,{"v":0,"d":"0.00"},{"v":0,"d":"0.00"}]
["2024-05-10","10027254","MODULO DE ENTRADA DIGITAL SIEMENS SIMAT","2005","UN",1,{"v":0,"d":"0.00"},{"v":0,"d":"0.00"}]
["2021-12-30","10027260","MODULO CONTADOR E6ES5240-1AA21","2005","UN",1,{"v":0,"d":"0.00"},{"v":0,"d":"0.00"}]
["2024-06-27","10027282","LUZ PILOTO DE CONTROL ROJO","2005","UN",65,{"v":0,"d":"0.00"},{"v":0,"d":"0.00"}]
["2024-06-27","10027285","CABLE MULTI FIBRA 177MM/600V","2005","UN",1,{"v":0,"d":"0.00"},{"v":0,"d":"0.00"}]
["2024-06-18","10027298","LETRA DE 1/2\"","2010","UN",5,{"v":0,"d":"0.00"},{"v":0,"d":"0.00"}]
["2021-12-30","10027310","LAMPARA 10 X 28","2005","UN",95,{"v":0,"d":"0.00"},{"v":0,"d":"0.00"}]
["2024-04-17","10027317","JUNTA DE KLINGER REF C-4400","2005","UN",10,{"v":0,"d":"0.00"},{"v":0,"d":"0.00"}]
["2021-12-30","10027330","INDICADOR DE FLUJO 250 Y 3AMP","2005","UN",5,{"v":0,"d":"0.00"},{"v":0,"d":"0.00"}]
["2021-12-30","10027341","LENGÜETA DE SEGURIDAD 10 TONELADAS","2010","UN",2,0.01,0.02]
["2021-12-30","10027351","FUENTE TIRISTORES ABB REF H1-1101052050","2005","UN",1,{"v":0,"d":"0.00"},{"v":0,"d":"0.00"}]
["2021-12-30","10027359","FRECUENCIMETRO 120/360H2","2005","UN",2,{"v":0,"d":"0.00"},{"v":0,"d":"0.00"}]
["2021-12-30","10027364","FINAL DE CARRERA REF: FCR006-16A/690V","2005","UN",1,{"v":0,"d":"0.00"},{"v":0,"d":"0.00"}]
["2021-12-30","10027372","FILTRO DE AGUA Y ACEITE SUPER TRIPLE 33","2005","UN",3,{"v":0,"d":"0.00"},{"v":0,"d":"0.00"}]
["2021-12-30","10027383","CASQUILLO DE BRONCE 47X75","2005","UN",2,{"v":0,"d":"0.00"},{"v":0,"d":"0.00"}]
["2024-04-17","10027389","FILTRO BALDWING PF10","2005","UN",5,{"v":0,"d":"0.00"},{"v":0,"d":"0.00"}]
["2021-12-30","10027402","ESCOBILLA REF 6-6","2005","UN",64,{"v":0,"d":"0.00"},{"v":0,"d":"0.00"}]
["2024-06-27","10027407","ENTRADA ANALOGICA 620-293037","2005","UN",5,{"v":0,"d":"0.00"},{"v":0,"d":"0.00"}]
["2021-12-30","10027421","ELECTROVALVULA DE 1\" REF 250VAC 10A","2005","UN",1,{"v":0,"d":"0.00"},{"v":0,"d":"0.00"}]
["2021-12-30","10027429","ELECTROVALVULA BOSCH 08100018163 15BAR","2005","UN",1,{"v":0,"d":"0.00"},{"v":0,"d":"0.00"}]
["2021-12-30","10027436","ELECTRO VALVULA DE 20MM DE BRONCE","2005","UN",2,{"v":0,"d":"0.00"},{"v":0,"d":"0.00"}]
["2021-12-30","10027444","DISYUNTOR TERMOMAGNTIC 2 POLOS 15A 480V","2005","UN",16,{"v":0,"d":"0.00"},{"v":0,"d":"0.00"}]
["2024-06-27","10027451","DISYUNTOR BIPOLAR S272","2005","UN",2,{"v":0,"d":"0.00"},{"v":0,"d":"0.00"}]
["2021-12-30","10027457","CODIFICADOR DE DESPLAZAMIENTO","2005","UN",3,{"v":0,"d":"0.00"},{"v":0,"d":"0.00"}]
["2021-12-30","10027468","DESHIDRATADOR DE SILICA GEL 109D3K9","2005","UN",1,{"v":0,"d":"0.00"},{"v":0,"d":"0.00"}]
["2021-12-30","10027474","CUERPO ELECTROVALVULA REF 10100AMRIK5B","2010","UN",1,{"v":0,"d":"0.00"},{"v":0,"d":"0.00"}]
["2021-12-30","10027483","COUPLING MACHO DE 2\"","2005","UN",12,{"v":0,"d":"0.00"},{"v":0,"d":"0.00"}]
["2021-12-30","10027496","CODO GALVANIZADO MACHO Y HEMBRA","2005","UN",13,{"v":0,"d":"0.00"},{"v":0,"d":"0.00"}]
["2021-12-30","10027502","CONTACTOR TERMICO RW21D","2005","UN",1,{"v":0,"d":"0.00"},{"v":0,"d":"0.00"}]
["2021-12-30","10027516","COJINETE 32 X 30","2005","UN",36,{"v":0,"d":"0.00"},{"v":0,"d":"0.00"}]
["2021-12-30","10027521","COJINETE SUPERIOR DEL GENERADOR CONTRAE","2005","UN",1,{"v":0,"d":"0.00"},{"v":0,"d":"0.00"}]
["2021-12-30","10027526","CONTACTOR CL04","2007","UN",2,0.01,0.02]
["2021-12-30","10027541","CONTACTO RS2411","2005","UN",4,{"v":0,"d":"0.00"},{"v":0,"d":"0.00"}]
["2024-04-17","10027548","CONECTOR BX RECTO DE 1/2\"","2005","UN",2,{"v":0,"d":"0.00"},{"v":0,"d":"0.00"}]
["2021-12-30","10027552","CONTACTO AUXILIAR GB2-AN11","2005","UN",1,{"v":0,"d":"0.00"},{"v":0,"d":"0.00"}]
["2021-12-30","10027566","CONECTOR DE INTERRUPTOR 3610","2005","UN",1,{"v":0,"d":"0.00"},{"v":0,"d":"0.00"}]
["2024-06-18","10027582","CONECTOR RECTO LIQUID TIGHT DE 3/4 PLG","2005","UN",2,{"v":0,"d":"0.00"},{"v":0,"d":"0.00"}]
["2024-05-10","10027583","CONECTOR LIQUIDTIGHT  RECT 1 PLG","2010","UN",28,0.01,0.28]
["2021-12-30","10027585","VALVULA P/MANOMETRO","2009","UN",1,{"v":0,"d":"0.00"},{"v":0,"d":"0.00"}]
["2021-12-30","10027596","UNION PARA ABIERTO DE POSTE LUZ 4 OLLO","2009","UN",5,{"v":0,"d":"0.00"},{"v":0,"d":"0.00"}]
["2021-12-30","10027597","ABRAZADERA CON PASADOR DE METAL","2009","UN",14,{"v":0,"d":"0.00"},{"v":0,"d":"0.00"}]
["2021-12-30","10027608","TUERCA DE 7X10X30","2009","UN",4,{"v":0,"d":"0.00"},{"v":0,"d":"0.00"}]
["2021-12-30","10027614","TRANSFORMADORES DE TENSION D 110V-0.75","2009","UN",2,{"v":0,"d":"0.00"},{"v":0,"d":"0.00"}]
["2021-12-30","10027615","TRANSFORMADORES DE LAMPARA D 120PC-60HZ","2009","UN",10,{"v":0,"d":"0.00"},{"v":0,"d":"0.00"}]
["2021-12-30","10027627","ABRAZADERA TIPO V 9\"","2009","UN",12,{"v":0,"d":"0.00"},{"v":0,"d":"0.00"}]
["2024-06-18","10027635","TORNILLO HEXAGONAL INOXI M20 X 90 MM","2009","UN",1,{"v":0,"d":"0.00"},{"v":0,"d":"0.00"}]
["2021-12-30","10027635","TORNILLO HEXAGONAL INOXI M20 X 90 MM","2027","UN",3,{"v":0,"d":"0.00"},{"v":0,"d":"0.00"}]
["2021-12-30","10027644","TORNILLO M16 X 80","2009","UN",2,{"v":0,"d":"0.00"},{"v":0,"d":"0.00"}]
["2021-12-30","10027652","TORNILLO HIERRO NEGRO 46X90 MM","2009","UN",1,{"v":0,"d":"0.00"},{"v":0,"d":"0.00"}]
["2021-12-30","10027657","TORNILLO HEXAGONAL HIERRO NEGRO 15X7MM","2009","UN",65,{"v":0,"d":"0.00"},{"v":0,"d":"0.00"}]
["2021-12-30","10027662","TORNILLO HEXAGONAL 65X10MM","2009","UN",7,{"v":0,"d":"0.00"},{"v":0,"d":"0.00"}]
["2021-12-30","10027672","TORNILLO GALV 30X94MM","2009","UN",15,{"v":0,"d":"0.00"},{"v":0,"d":"0.00"}]
["2021-12-30","10027677","TORNILLO EXAGONAL 19X69MM","2009","UN",4,{"v":0,"d":"0.00"},{"v":0,"d":"0.00"}]
["2021-12-30","10027684","TORNILLO EXA. 22X30MM","2015","UN",1,{"v":0,"d":"0.00"},{"v":0,"d":"0.00"}]
["2024-04-17","10027686","ADAPTADOR HEMBRA PVC 2''","2009","UN",1,{"v":0,"d":"0.00"},{"v":0,"d":"0.00"}]
["2021-12-30","10027695","TORNILLO DE 1/2 X 1\"","2009","UN",137,{"v":0,"d":"0.00"},{"v":0,"d":"0.00"}]
["2021-12-30","10027703","TORNILLO ALLEN 3MM","2009","UN",2,{"v":0,"d":"0.00"},{"v":0,"d":"0.00"}]
["2021-12-30","10027708","TORNILLO 46X185MM","2009","UN",3,{"v":0,"d":"0.00"},{"v":0,"d":"0.00"}]
["2021-12-30","10027714","TORNILLO 24X39MM","2009","UN",49,{"v":0,"d":"0.00"},{"v":0,"d":"0.00"}]
["2021-12-30","10027723","TORNILLO 15X60MM","2009","UN",1,{"v":0,"d":"0.00"},{"v":0,"d":"0.00"}]
["2021-12-30","10027728","TERMOMETRO 20-240-F","2009","UN",1,{"v":0,"d":"0.00"},{"v":0,"d":"0.00"}]
["2021-12-30","10027735","TEE DE HIERRO NEGRO 5\"","2009","UN",7,{"v":0,"d":"0.00"},{"v":0,"d":"0.00"}]
["2021-12-30","10027742","SUAPES DE ALGODON #42","2009","UN",14,{"v":0,"d":"0.00"},{"v":0,"d":"0.00"}]
["2021-12-30","10027747","RODAMIENTO NSK-6013B4","2009","UN",1,{"v":0,"d":"0.00"},{"v":0,"d":"0.00"}]
["2021-12-30","10027754","RESISTENCIA DE 1200 OHM","2010","UN",20,{"v":0,"d":"0.00"},{"v":0,"d":"0.00"}]
["2021-12-30","10027759","REDUCION DE 3/4 A 1","2009","UN",1,{"v":0,"d":"0.00"},{"v":0,"d":"0.00"}]
["2021-12-30","10027763","REDUCCION DE 1 A 1/2\"","2009","UN",1,{"v":0,"d":"0.00"},{"v":0,"d":"0.00"}]
["2024-04-17","10027770","PINTURA VERDE OSCURO 57","2021","GAL",10,{"v":0,"d":"0.00"},{"v":0,"d":"0.00"}]
["2021-12-30","10027773","PINTURA ACRILICA BLANCA 50","2008","GAL",5,{"v":1,"d":"1.00"},{"v":5,"d":"5.00"}]
["2021-12-30","10027780","ANCLAJE DE 8MM","2009","UN",342,{"v":0,"d":"0.00"},{"v":0,"d":"0.00"}]
["2024-06-27","10027788","ORING 17 MM","2009","UN",24,{"v":0,"d":"0.00"},{"v":0,"d":"0.00"}]
["2024-05-10","10027789","OREJERA PARA CASCO DE SEGURIDAD","2011","UN",18,{"v":0,"d":"0.00"},{"v":0,"d":"0.00"}]
["2021-12-30","10027794","MOTOR ASHTON TRIFASICO 440V 6KW","2009","UN",1,{"v":0,"d":"0.00"},{"v":0,"d":"0.00"}]
["2021-12-30","10027805","JUNTA TONICA 3XA","2009","UN",1,{"v":0,"d":"0.00"},{"v":0,"d":"0.00"}]
["2021-12-30","10027813","JUNTA ALTA PARA MOTOR PERQUIN","2009","UN",1,{"v":0,"d":"0.00"},{"v":0,"d":"0.00"}]
["2021-12-30","10027819","GRAPA TIPO GRILLETE","2009","UN",5,{"v":0,"d":"0.00"},{"v":0,"d":"0.00"}]
["2021-12-30","10027824","FILTRO PARA SUBSION DE BOMBA DE ENFRIAM","2009","UN",1,{"v":0,"d":"0.00"},{"v":0,"d":"0.00"}]
["2021-12-30","10027831","ESPARAGO 170X 26MM","2009","UN",231,{"v":0,"d":"0.00"},{"v":0,"d":"0.00"}]
["2021-12-30","10027836","ELECTRO VALVULA D SEGURIDAD 28W/127 BCD","2009","UN",1,{"v":0,"d":"0.00"},{"v":0,"d":"0.00"}]
["2021-12-30","10027844","CULATA COMPRESION DE SISTEMA CONTRA IN","2009","UN",4,{"v":0,"d":"0.00"},{"v":0,"d":"0.00"}]
["2021-12-30","10027851","ARANDELA 7X25MM","2009","UN",3,{"v":0,"d":"0.00"},{"v":0,"d":"0.00"}]
["2021-12-30","10027856","CONO DE TUBERIA 5X6X16","2009","UN",1,{"v":0,"d":"0.00"},{"v":0,"d":"0.00"}]
["2021-12-30","10027864","CONECTOR LEGRAND 18MM","2009","UN",44,{"v":0,"d":"0.00"},{"v":0,"d":"0.00"}]
["2021-12-30","10027871","CONECTOR AMPACT 1/4","2009","UN",100,{"v":0,"d":"0.00"},{"v":0,"d":"0.00"}]
["2024-06-27","10027874","CODO ROSCADO DE 1\"","2009","UN",5,{"v":0,"d":"0.00"},{"v":0,"d":"0.00"}]
["2021-12-30","10027880","CODO DE PRESION DE 4\" 1/2","2009","UN",1,{"v":0,"d":"0.00"},{"v":0,"d":"0.00"}]
["2021-12-30","10027892","CABLE DE SEÑAL","2009","UN",{"v":2800,"d":"2,800"},{"v":0,"d":"0.00"},{"v":0,"d":"0.00"}]
["2021-12-30","10027894","BRIDA GALVANIZADA DE 4\" X 3/4","2009","UN",2,{"v":0,"d":"0.00"},{"v":0,"d":"0.00"}]
["2021-12-30","10027900","BRIDA DE 5 1/2","2009","UN",3,{"v":0,"d":"0.00"},{"v":0,"d":"0.00"}]
["2021-12-30","10027912","BOBINA D 2X4-125V","2009","UN",2,{"v":0,"d":"0.00"},{"v":0,"d":"0.00"}]
["2021-12-30","10027913","BASES DE BOMBILLO DE PRESION","2009","UN",421,{"v":0,"d":"0.00"},{"v":0,"d":"0.00"}]
["2021-12-30","10027923","ARANDELA ROCADO 50 X 18 MM","2009","UN",1,{"v":0,"d":"0.00"},{"v":0,"d":"0.00"}]
["2024-04-17","10027959","ABRAZADERA PLASTICA 3.7MM X 15MM","2015","UN",70,{"v":0,"d":"0.00"},{"v":0,"d":"0.00"}]
["2021-12-30","10027970","UNION CHINA 2 PLG","2011","UN",12,{"v":0,"d":"0.00"},{"v":0,"d":"0.00"}]
["2021-12-30","10028003","TORNILLO CAB. REDONDA 4x65 MM","2011","UN",4,{"v":0,"d":"0.00"},{"v":0,"d":"0.00"}]
["2024-04-17","10028013","TOMA CORRIENTE TRIFASICO 500V","2015","UN",9,{"v":0,"d":"0.00"},{"v":0,"d":"0.00"}]
["2021-12-30","10028029","TARJETA PARA PANEL RE. PBV085034","2011","UN",24,{"v":0,"d":"0.00"},{"v":0,"d":"0.00"}]
["2024-06-18","10028048","TAPA CIEGA DE 1/2 PLG","2011","UN",2,{"v":0,"d":"0.00"},{"v":0,"d":"0.00"}]
["2021-12-30","10028060","SOPORTE DE TUBERIA DE HIERRO 4 PLG","2011","UN",20,{"v":0,"d":"0.00"},{"v":0,"d":"0.00"}]
["2021-12-30","10028067","SOCALO PARA BOMBILLO 175W","2011","UN",48,{"v":0,"d":"0.00"},{"v":0,"d":"0.00"}]
["2024-07-29","10028086","SENSOR DE TRANSMISION SFT-100","2011","UN",8,{"v":0,"d":"0.00"},{"v":0,"d":"0.00"}]
["2021-12-30","10028096","SEGMENTO DE GUIA P/ TURBINA","2011","UN",6,{"v":0,"d":"0.00"},{"v":0,"d":"0.00"}]
["2021-12-30","10028105","RETIFICADOR DE POTENCIA 170M6484","2011","UN",2,{"v":0,"d":"0.00"},{"v":0,"d":"0.00"}]
["2021-12-30","10028112","RELAY ARTECHE 125V","2011","UN",2,{"v":0,"d":"0.00"},{"v":0,"d":"0.00"}]
["2024-05-10","10028139","REDUCCION CILINDRICA DE 1/2","2015","UN",3,{"v":0,"d":"0.00"},{"v":0,"d":"0.00"}]
["2021-12-30","10028164","PATINE DE GENERADOR MAQR54","2011","UN",8,{"v":0,"d":"0.00"},{"v":0,"d":"0.00"}]
["2024-06-18","10028180","MODULO GENERADOR DE TEMPERATURA","2011","UN",1,{"v":0,"d":"0.00"},{"v":0,"d":"0.00"}]
["2021-12-30","10028199","MANGUITO DE HIERRO 2 PLG","2011","UN",11,{"v":0,"d":"0.00"},{"v":0,"d":"0.00"}]
["2024-04-17","10028204","ARANDELA DE 1/4 DE PRESION","2022","UN",46,{"v":0,"d":"0.00"},{"v":0,"d":"0.00"}]
["2024-06-27","10028230","JUEGO DE PUÑO CJ","2011","UN",1,{"v":0,"d":"0.00"},{"v":0,"d":"0.00"}]
["2021-12-30","10028235","ISOLADOR OPTICO","2011","UN",2,{"v":0,"d":"0.00"},{"v":0,"d":"0.00"}]
["2021-12-30","10028248","INTERRUPTOR DE POTENCIA MERLI EZC250N","2011","UN",1,{"v":0,"d":"0.00"},{"v":0,"d":"0.00"}]
["2021-12-30","10028262","GOMAS MOTOCICLETA 410-18","2010","UN",1,0.01,0.01]
["2021-12-30","10028279","FILTRO PA 1916","2011","UN",1,{"v":0,"d":"0.00"},{"v":0,"d":"0.00"}]
["2024-09-25","10028302","FILTRO 16405-02N10","2011","UN",1,{"v":0,"d":"0.00"},{"v":0,"d":"0.00"}]
["2024-09-16","10028317","BANDA DE FRENO PARA DT 125 TRASERA","2020","UN",3,{"v":1,"d":"1.00"},{"v":3,"d":"3.00"}]
["2021-12-30","10028330","DISCO DE FRENO MINITH 3MM","2011","UN",1,{"v":0,"d":"0.00"},{"v":0,"d":"0.00"}]
["2021-12-30","10028344","CURVA ACERO INOX. 1\" 1/2 45°","2011","UN",7,{"v":0,"d":"0.00"},{"v":0,"d":"0.00"}]
["2021-12-30","10028365","CORDON TEFLON GRAFITADO 41X41","2011","UN",4,{"v":0,"d":"0.00"},{"v":0,"d":"0.00"}]
["2024-09-25","10028375","CONTACTOR TEXYS KN40G7","2011","UN",1,{"v":0,"d":"0.00"},{"v":0,"d":"0.00"}]
["2021-12-30","10028383","CONTACTOR SIEME 3BVL9400","2011","UN",5,{"v":0,"d":"0.00"},{"v":0,"d":"0.00"}]
["2024-09-25","10028394","CONTACTO AUXILIAR TRH1122-1BG40","2011","UN",4,{"v":0,"d":"0.00"},{"v":0,"d":"0.00"}]
["2021-12-30","10028420","CONECTOR DE CABLE PARA VIDEO HEMBRA","2011","C/U",19,{"v":0,"d":"0.00"},{"v":0,"d":"0.00"}]
["2021-12-30","10028431","CODO DE ACERO INOX DE 1 1/2 A 45°","2011","UN",1,{"v":0,"d":"0.00"},{"v":0,"d":"0.00"}]
["2021-12-30","10028439","BOBINA RE. ED100T80","2011","UN",1,{"v":0,"d":"0.00"},{"v":0,"d":"0.00"}]
["2024-09-25","10028448","CANDADO MECANICO LO3223","2011","UN",2,{"v":0,"d":"0.00"},{"v":0,"d":"0.00"}]
["2024-04-17","10028473","BRAZO MAGICO DE PUERTA A17595PL","2011","UN",3,{"v":0,"d":"0.00"},{"v":0,"d":"0.00"}]
["2021-12-30","10028488","VALVULA HIDRAULICA 3000 PSI","2013","UN",2,{"v":0,"d":"0.00"},{"v":0,"d":"0.00"}]
["2024-06-18","10028494","TUBO DE MOTOR 2.75/3.00-21","2013","UN",1,{"v":0,"d":"0.00"},{"v":0,"d":"0.00"}]
["2021-12-30","10028497","SWITCH DE CORRIENTE 30A 600V 60HZ 3 FAS","2013","ROL",1,{"v":0,"d":"0.00"},{"v":0,"d":"0.00"}]
["2021-12-30","10028509","REGISTRO TERMOCUPLA","2013","UN",1,{"v":0,"d":"0.00"},{"v":0,"d":"0.00"}]
["2021-12-30","10028510","PLAN DE 2\"","2013","UN",4,{"v":0,"d":"0.00"},{"v":0,"d":"0.00"}]
["2024-06-18","10028517","ANILLO ORING 227.75 X 225 MM","2013","UN",8,{"v":0,"d":"0.00"},{"v":0,"d":"0.00"}]
["2021-12-30","10028527","MANOMETRO DE PRESION DE 10 A 60 PSI","2013","UN",2,{"v":0,"d":"0.00"},{"v":0,"d":"0.00"}]
["2024-10-31","10028529","LONA DE 3.6 M X 4.8M","2013","UN",1,{"v":0,"d":"0.00"},{"v":0,"d":"0.00"}]
["2021-12-30","10028536","FILTRO HIDRAULICO","2013","UN",1,{"v":0,"d":"0.00"},{"v":0,"d":"0.00"}]
["2021-12-30","10028544","COUPLING PARA BOMBA","2010","UN",1,{"v":0,"d":"0.00"},{"v":0,"d":"0.00"}]
["2021-12-30","10028546","CONTROL DE TEMPERATURA MULTISENSOR","2013","UN",1,{"v":0,"d":"0.00"},{"v":0,"d":"0.00"}]
["2021-12-30","10028557","BOMBA DE LUBRICACION DE LA TURBINA","2013","UN",2,{"v":0,"d":"0.00"},{"v":0,"d":"0.00"}]
["2021-12-30","10028565","ALAMBRE NUM 6 1800'","2013","UN",1,{"v":0,"d":"0.00"},{"v":0,"d":"0.00"}]
["2021-12-30","10028566","AISLAMIENTO PARA RESISTENCIA","2013","UN",18,{"v":0,"d":"0.00"},{"v":0,"d":"0.00"}]
["2021-12-30","10028577","VOLTIMETRO 0-600/100, MOD. 09","2015","UN",1,{"v":0,"d":"0.00"},{"v":0,"d":"0.00"}]
["2024-07-29","10028594","VALVULA DE ACEITE 75A","2015","UN",2,{"v":0,"d":"0.00"},{"v":0,"d":"0.00"}]
["2021-12-30","10028596","ABRAZADERA PARA CABLE DE HIERRO 3.5 CM","2015","UN",24,{"v":0,"d":"0.00"},{"v":0,"d":"0.00"}]
["2021-12-30","10028615","TUERCA M14 R9 SER VOMOTALK","2015","UN",2,{"v":0,"d":"0.00"},{"v":0,"d":"0.00"}]
["2024-07-29","10028627","TUERCA DANY 8X30","2015","UN",30,{"v":0,"d":"0.00"},{"v":0,"d":"0.00"}]
["2024-05-10","10028641","ACOPLE ACERO INOXI de 3/4 a 1/2 PLG","2011","UN",8,{"v":0,"d":"0.00"},{"v":0,"d":"0.00"}]
["2024-07-29","10028664","TORNILLO M60 X 25","2015","UN",1,{"v":0,"d":"0.00"},{"v":0,"d":"0.00"}]
["2024-04-17","10028673","TORNILLO M20 X 60MM","2015","UN",2,{"v":0,"d":"0.00"},{"v":0,"d":"0.00"}]
["2024-07-29","10028676","TORNILLO M16 X 81 P/SIST DE ENFRIAMIEN","2015","UN",1,{"v":0,"d":"0.00"},{"v":0,"d":"0.00"}]
["2021-12-30","10028700","TORNILLO DE ARRESTO M16 X 100","2015","UN",2,{"v":0,"d":"0.00"},{"v":0,"d":"0.00"}]
["2021-12-30","10028709","TORNILLO D/ACERO INOX M14 X 24MM","2015","UN",20,{"v":0,"d":"0.00"},{"v":0,"d":"0.00"}]
["2021-12-30","10028728","TORNILLO CAB ALLEN M18 X 57","2015","UN",2,{"v":0,"d":"0.00"},{"v":0,"d":"0.00"}]
["2021-12-30","10028738","TORNILLO A4 X 20","2015","UN",12,{"v":0,"d":"0.00"},{"v":0,"d":"0.00"}]
["2024-05-10","10028746","TORNILLO 12 X 25MM","2015","UN",5,{"v":0,"d":"0.00"},{"v":0,"d":"0.00"}]
["2021-12-30","10028767","TERMINAL DE OJO 10MM","2015","UN",118,{"v":0,"d":"0.00"},{"v":0,"d":"0.00"}]
["2021-12-30","10028778","TARJETA AML","2015","UN",1,{"v":0,"d":"0.00"},{"v":0,"d":"0.00"}]
["2021-12-30","10028785","TAPA DE TAMBOR DE ATRAS YAMAHA DT-125","2011","UN",4,{"v":0,"d":"0.00"},{"v":0,"d":"0.00"}]
["2021-12-30","10028795","SWITCH DE PRESION D/3.30","2015","UN",4,{"v":0,"d":"0.00"},{"v":0,"d":"0.00"}]
["2021-12-30","10028802","APARTARAYO MEDIA TENSION SERIE 90K6004","2015","UN",2,{"v":0,"d":"0.00"},{"v":0,"d":"0.00"}]
["2021-12-30","10028826","ARANDELA DE COBRE M30","2015","UN",190,{"v":0,"d":"0.00"},{"v":0,"d":"0.00"}]
["2021-12-30","10028844","ARANDELA DE PRESION M24X14MM","2015","UN",700,{"v":0,"d":"0.00"},{"v":0,"d":"0.00"}]
["2024-06-27","10028849","RODAMIENTO 6316-2RS1/C3","2015","UN",2,{"v":0,"d":"0.00"},{"v":0,"d":"0.00"}]
["2021-12-30","10028861","RETENEDORA E7CB","2015","UN",1,{"v":0,"d":"0.00"},{"v":0,"d":"0.00"}]
["2021-12-30","10028872","RELAY RXMA1 REF-211-037-AN 110/125V","2020","UN",4,{"v":0,"d":"0.00"},{"v":0,"d":"0.00"}]
["2024-07-29","10028882","REDUCCION NK 3/8\"","2015","UN",1,{"v":0,"d":"0.00"},{"v":0,"d":"0.00"}]
["2021-12-30","10028902","RACCORD V-2182","2015","UN",1,{"v":0,"d":"0.00"},{"v":0,"d":"0.00"}]
["2024-05-10","10028908","RACCORD RE 785","2015","UN",1,{"v":0,"d":"0.00"},{"v":0,"d":"0.00"}]
["2024-07-29","10028923","PUENTE DE BAJA TENSION","2015","UN",1,{"v":0,"d":"0.00"},{"v":0,"d":"0.00"}]
["2021-12-30","10028943","BASE TIN 2","2015","UN",10,{"v":0,"d":"0.00"},{"v":0,"d":"0.00"}]
["2021-12-30","10028945","PAPEL ALUMINIO AISLANTE DE ELECTRICIDAD","2015","UN",6,{"v":0,"d":"0.00"},{"v":0,"d":"0.00"}]
["2021-12-30","10028965","ORING 7MM X 7MTS","2005","UN",2,{"v":0,"d":"0.00"},{"v":0,"d":"0.00"}]
["2021-12-30","10028974","ON DELEY SERIE EAFT DE0.1 A 30 SEG","2015","UN",1,{"v":0,"d":"0.00"},{"v":0,"d":"0.00"}]
["2024-07-29","10028993","BOBINA P/SIEMENS INT DE MAQUINA SL599.6","2015","UN",2,{"v":0,"d":"0.00"},{"v":0,"d":"0.00"}]
["2024-07-29","10029006","MODULO AI8030A","2015","UN",4,{"v":0,"d":"0.00"},{"v":0,"d":"0.00"}]
["2021-12-30","10029013","MANGUERA DE OXIGENO PARA CORTE","2015","UN",2,{"v":0,"d":"0.00"},{"v":0,"d":"0.00"}]
["2021-12-30","10029053","KIT DE ORING TURBO ASP P/TURBINA","2015","UN",1,{"v":0,"d":"0.00"},{"v":0,"d":"0.00"}]
["2021-12-30","10029070","JUEGO DE JUNTA P/SERVOMOTOR","2015","UN",1,{"v":0,"d":"0.00"},{"v":0,"d":"0.00"}]
["2021-12-30","10029077","INTERRUPTOR DE ENCENDIDO Y APAG 500V 6A","2015","UN",8,{"v":0,"d":"0.00"},{"v":0,"d":"0.00"}]
["2024-04-17","10029088","GUARNICION DE GOMA 127/113X2MM","2015","UN",3,{"v":0,"d":"0.00"},{"v":0,"d":"0.00"}]
["2024-07-29","10029104","FUSIBLE DE 100DA A 1000V","2015","UN",17,{"v":0,"d":"0.00"},{"v":0,"d":"0.00"}]
["2021-12-30","10029107","FUSIBLE 16.A A 500V SH10","2015","UN",56,{"v":0,"d":"0.00"},{"v":0,"d":"0.00"}]
["2021-12-30","10029123","FILTRO ITALIANO F10-M60","2015","UN",3,{"v":0,"d":"0.00"},{"v":0,"d":"0.00"}]
["2021-12-30","10029135","CABEZA DISTRIBUIDOR CORTES","2015","UN",1,{"v":0,"d":"0.00"},{"v":0,"d":"0.00"}]
["2021-12-30","10029136","CABEZA DR CONTACTOR L.A.11 D 11 A 65","2015","UN",1,{"v":0,"d":"0.00"},{"v":0,"d":"0.00"}]
["2021-12-30","10029153","FILTRO AUTOCOMBINANTE P/SIST DE ENFRIAM","2015","UN",34,{"v":0,"d":"0.00"},{"v":0,"d":"0.00"}]
["2024-07-29","10029158","ESPARRAGO M6 X 40MM","2015","UN",13,{"v":0,"d":"0.00"},{"v":0,"d":"0.00"}]
["2021-12-30","10029168","ESPARRAGO M14 X 26","2015","UN",2,{"v":0,"d":"0.00"},{"v":0,"d":"0.00"}]
["2021-12-30","10029172","ESCOBILLON 34CM","2032","UN",7,0.01,0.07]
["2021-12-30","10029197","CAJA ELECTRICA DE REGULACION 5\" X 5\"","2015","UN",2,{"v":0,"d":"0.00"},{"v":0,"d":"0.00"}]
["2024-07-29","10029202","DISYUNTOR BIPOLAR R-LN LDA R-55 K6210","2015","UN",1,{"v":0,"d":"0.00"},{"v":0,"d":"0.00"}]
["2021-12-30","10029217","CONVERTIDOR AC V.RPO ACV -3N","2015","UN",1,{"v":0,"d":"0.00"},{"v":0,"d":"0.00"}]
["2021-12-30","10029234","CASQUILLO DE BRONCE 142 X 8MM","2015","UN",1,{"v":0,"d":"0.00"},{"v":0,"d":"0.00"}]
["2021-12-30","10029247","CATALINA NO. 16","2011","GAL",2,{"v":0,"d":"0.00"},{"v":0,"d":"0.00"}]
["2021-12-30","10029253","CONTACTO A6839EI P/SISTEMA ASCENSOR","2015","UN",2,{"v":0,"d":"0.00"},{"v":0,"d":"0.00"}]
["2024-06-18","10029276","WEQ SSW 07 SOFT-STARTER LINEA 220-575V","2011","UN",2,{"v":0,"d":"0.00"},{"v":0,"d":"0.00"}]
["2021-12-30","10029283","VALVULA DIRECCIONAL FUNCION MECANICA","2016","UN",2,{"v":0,"d":"0.00"},{"v":0,"d":"0.00"}]
["2021-12-30","10029290","VALVULA ALIMENTADORA DE PRESION 3/8 NPT","2016","UN",1,{"v":0,"d":"0.00"},{"v":0,"d":"0.00"}]
["2021-12-30","10029296","TRANSMISOR DE NIVEL F1260124","2016","UN",1,{"v":0,"d":"0.00"},{"v":0,"d":"0.00"}]
["2021-12-30","10029305","TERMOSTATO NO PROGRAMABLE T834L","2016","UN",1,{"v":0,"d":"0.00"},{"v":0,"d":"0.00"}]
["2021-12-30","10029314","TARJETA DE MEDICION Y ALARMA 150-RO","2016","UN",1,{"v":0,"d":"0.00"},{"v":0,"d":"0.00"}]
["2021-12-30","10029319","SWITH MAGNETICO P/NIVEL DE CAJA ESPIRAL","2016","UN",1,{"v":0,"d":"0.00"},{"v":0,"d":"0.00"}]
["2021-12-30","10029326","SWITCH DE PRESION 9012GGW4","2016","UN",2,{"v":0,"d":"0.00"},{"v":0,"d":"0.00"}]
["2021-12-30","10029332","SOPORTE BARRA ELECTRICA (SEPARADOR)","2016","UN",8,{"v":0,"d":"0.00"},{"v":0,"d":"0.00"}]
["2021-12-30","10029338","SIMATIC S7-300 ANALOGO INPUT SM331","2016","UN",2,{"v":0,"d":"0.00"},{"v":0,"d":"0.00"}]
["2021-12-30","10029348","SENSORES DE TEMP DEL GENERADOR B141-50","2016","UN",4,{"v":0,"d":"0.00"},{"v":0,"d":"0.00"}]
["2021-12-30","10029355","ROLLO CABLE COAXIAL NO. 14","2016","UN",1,{"v":0,"d":"0.00"},{"v":0,"d":"0.00"}]
["2024-04-17","10029364","RELE TRANSPARENTE 30VDC","2016","UN",10,{"v":0,"d":"0.00"},{"v":0,"d":"0.00"}]
["2021-12-30","10029368","RELE DE FUNCION PROTECCION ARTECHG VDJ3","2016","UN",5,{"v":0,"d":"0.00"},{"v":0,"d":"0.00"}]
["2021-12-30","10029374","PROFIBUS DP 1M153-2 HIGH","2016","UN",3,{"v":0,"d":"0.00"},{"v":0,"d":"0.00"}]
["2021-12-30","10029385","MOTOR TRIFASICO 1.5HP P/BOMBA","2016","UN",2,{"v":0,"d":"0.00"},{"v":0,"d":"0.00"}]
["2021-12-30","10029393","MODULO DPCAN 2.1","2016","UN",1,{"v":0,"d":"0.00"},{"v":0,"d":"0.00"}]
["2021-12-30","10029401","MANOMETRO DE PRESION 0 A 1.0","2016","UN",1,{"v":0,"d":"0.00"},{"v":0,"d":"0.00"}]
["2021-12-30","10029413","INTERRUPTOR DE ESTACION 690V CUBICLE BU","2016","UN",1,{"v":0,"d":"0.00"},{"v":0,"d":"0.00"}]
["2021-12-30","10029419","FUSIBLE TIPO CARTUCHO F2H 250V","2016","UN",4,{"v":0,"d":"0.00"},{"v":0,"d":"0.00"}]
["2024-06-27","10029431","FRONT CONECTOR 20- POLE","2016","UN",2,{"v":0,"d":"0.00"},{"v":0,"d":"0.00"}]
["2021-12-30","10029436","ESCOBILLA EG389P","2015","UN",18,{"v":0,"d":"0.00"},{"v":0,"d":"0.00"}]
["2024-06-27","10029442","DISPLAY INSTRUMENT DE MEDICION PAC 3200","2016","UN",4,{"v":0,"d":"0.00"},{"v":0,"d":"0.00"}]
["2021-12-30","10029450","CONTROLADOR DE INTERRU DE CIERRE DE DIS","2016","UN",1,{"v":0,"d":"0.00"},{"v":0,"d":"0.00"}]
["2021-12-30","10029463","CONTACTOR 45KV CAT NO 104287","2016","UN",4,{"v":0,"d":"0.00"},{"v":0,"d":"0.00"}]
["2021-12-30","10029467","CONECTOR DE SENSORES DE PROXI V1-G-03","2016","UN",9,{"v":0,"d":"0.00"},{"v":0,"d":"0.00"}]
["2021-12-30","10029477","CABLE 230VAC 3M","2016","UN",2,{"v":0,"d":"0.00"},{"v":0,"d":"0.00"}]
["2021-12-30","10029483","BRAKER MAGNETICO 600V AC 600AMP","2016","UN",1,{"v":0,"d":"0.00"},{"v":0,"d":"0.00"}]
["2021-12-30","10029500","ANTENA GPS 1000 TC400","2016","UN",1,{"v":0,"d":"0.00"},{"v":0,"d":"0.00"}]
["2021-12-30","10029503","TUERCA HG HEXAGONAL 22MM","2017","UN",7,{"v":0,"d":"0.00"},{"v":0,"d":"0.00"}]
["2021-12-30","10029508","TORNILLO HEXAGONAL 3/4 X 3 X ½\"","2017","UN",10,{"v":0,"d":"0.00"},{"v":0,"d":"0.00"}]
["2021-12-30","10029515","TARJETA NTB-715/24VCC","2017","UN",5,{"v":0,"d":"0.00"},{"v":0,"d":"0.00"}]
["2021-12-30","10029522","RODAMIENTO DE BOLAS 7809","2017","UN",1,{"v":0,"d":"0.00"},{"v":0,"d":"0.00"}]
["2021-12-30","10029527","RODAMIENTO DE BOLA 5110","2017","UN",2,{"v":0,"d":"0.00"},{"v":0,"d":"0.00"}]
["2021-12-30","10029535","PASADOR DE 30 X 95MM","2017","UN",3,{"v":0,"d":"0.00"},{"v":0,"d":"0.00"}]
["2021-12-30","10029546","JUNTA DE GOMA DE COMPUERTA 15X14MM 30MT","2017","UN",1,{"v":0,"d":"0.00"},{"v":0,"d":"0.00"}]
["2021-12-30","10029552","BULONES 30 X 92","2017","UN",1,{"v":0,"d":"0.00"},{"v":0,"d":"0.00"}]
["2021-12-30","10029558","TRANSDUCTOR DE POSICION 20 A 24VDC-4MA","2020","UN",1,{"v":0,"d":"0.00"},{"v":0,"d":"0.00"}]
["2021-12-30","10029583","ADAPTADOR HEMBRA PVC 1\"","2032","UN",222,0.01,2.22]
["2024-05-10","10029584","ABRAZADERA DE PRESION DE METAL 6\"","2020","UN",1,{"v":0,"d":"0.00"},{"v":0,"d":"0.00"}]
["2021-12-30","10029615","CONTACTOR BBC 30A 240/440/600V","2021","UN",1,{"v":0,"d":"0.00"},{"v":0,"d":"0.00"}]
["2021-12-30","10029624","BOMBILLO PARA PILOTO 60V","2021","UN",100,{"v":0,"d":"0.00"},{"v":0,"d":"0.00"}]
["2021-12-30","10029628","ABRAZADERA  HG DE ROSCA GRUESA 1 1/2\"","2021","UN",2,{"v":0,"d":"0.00"},{"v":0,"d":"0.00"}]
["2021-12-30","10029644","VALVULA DE ALIVIO DGMC3PT6W41","2023","UN",3,{"v":0,"d":"0.00"},{"v":0,"d":"0.00"}]
["2021-12-30","10029652","TORNILLO HEXAGONAR 4\" X 47MM","2023","UN",1,{"v":0,"d":"0.00"},{"v":0,"d":"0.00"}]
["2021-12-30","10029653","TORNILLO HEXAGONAR 3 1/2\" X 38MM","2023","UN",55,{"v":0,"d":"0.00"},{"v":0,"d":"0.00"}]
["2021-12-30","10029664","TORNILLO DE 1 1/2X 3/8","2023","UN",3,{"v":0,"d":"0.00"},{"v":0,"d":"0.00"}]
["2021-12-30","10029672","ABRAZADERA PARA TUBERIA DE 7\" GARVANIZA","2023","UN",5,{"v":0,"d":"0.00"},{"v":0,"d":"0.00"}]
["2021-12-30","10029677","TORNILLA 4 1/2 X 3/4","2023","UN",7,{"v":0,"d":"0.00"},{"v":0,"d":"0.00"}]
["2021-12-30","10029684","TERMINALES PARA CABLE 2.5MM AZUL","2023","UN",171,{"v":0,"d":"0.00"},{"v":0,"d":"0.00"}]
["2024-07-29","10029690","SWICHT LLAVE TELEMECANICA ZB4 BJ1","2023","UN",2,{"v":0,"d":"0.00"},{"v":0,"d":"0.00"}]
["2021-12-30","10029692","SLINGA DE 2X15 METROS","2023","UN",1,{"v":0,"d":"0.00"},{"v":0,"d":"0.00"}]
["2021-12-30","10029699","SENSOR DE NIVEL ME-4504","2023","C/U",1,{"v":0,"d":"0.00"},{"v":0,"d":"0.00"}]
["2021-12-30","10029701","RESISTENCIA EXTERIOR 463380301","2023","UN",1,{"v":0,"d":"0.00"},{"v":0,"d":"0.00"}]
["2021-12-30","10029709","REDUCCION BUSCHING DE 2 X 3/4","2023","C/U",7,{"v":0,"d":"0.00"},{"v":0,"d":"0.00"}]
["2021-12-30","10029717","PUNTERAS AISLADA H1.5 NEGRA","2023","UN",112,{"v":0,"d":"0.00"},{"v":0,"d":"0.00"}]
["2021-12-30","10029721","PUNTERA AISLADA T-1 ROJA","2023","UN",242,{"v":0,"d":"0.00"},{"v":0,"d":"0.00"}]
["2021-12-30","10029728","LLAVE GREDORES 520-1000NM","2023","UN",1,{"v":0,"d":"0.00"},{"v":0,"d":"0.00"}]
["2021-12-30","10029735","LLAVE 28 ESPAÑOLA","2023","UN",1,{"v":0,"d":"0.00"},{"v":0,"d":"0.00"}]
["2021-12-30","10029739","ADAPTADOR PVC 1 1/2'' MACHO","2032","UN",34,0.01,0.34]
["2021-12-30","10029747","ESPARAGO 5 1/2 X 3/4","2023","UN",25,{"v":0,"d":"0.00"},{"v":0,"d":"0.00"}]
["2021-12-30","10029750","DIODO SCR UNF5698P","2023","UN",2,{"v":0,"d":"0.00"},{"v":0,"d":"0.00"}]
["2021-12-30","10029757","COUPLING DE 1\" 5/8","2023","UN",6,{"v":0,"d":"0.00"},{"v":0,"d":"0.00"}]
["2021-12-30","10029765","CONTADOR DE TENSION SC12","2023","UN",3,{"v":0,"d":"0.00"},{"v":0,"d":"0.00"}]
["2021-12-30","10029769","CONECTORE DE EMPARME P/ CABLE #4 EN COB","2023","UN",3,{"v":0,"d":"0.00"},{"v":0,"d":"0.00"}]
["2021-12-30","10029778","CASQUILLO 60X63X55","2023","UN",96,{"v":0,"d":"0.00"},{"v":0,"d":"0.00"}]
["2021-12-30","10029781","CAJA ELECTRICA 8X6","2023","UN",6,{"v":0,"d":"0.00"},{"v":0,"d":"0.00"}]
["2021-12-30","10029789","BASE DE RELE XS1 M12 MA230","2023","UN",2,{"v":0,"d":"0.00"},{"v":0,"d":"0.00"}]
["2024-09-25","10029797","SWITCH ELECTRONICO SF-8TX","2024","UN",2,{"v":0,"d":"0.00"},{"v":0,"d":"0.00"}]
["2021-12-30","10029800","LAMPARA HPS 250 WATT","2024","UN",3,{"v":0,"d":"0.00"},{"v":0,"d":"0.00"}]
["2024-04-17","10029807","COUPLING PVC 1/2\"","2024","UN",3,{"v":0,"d":"0.00"},{"v":0,"d":"0.00"}]
["2021-12-30","10029812","ADAPTADOR MACHO PVC 1 1/2\"","2024","UN",4,{"v":0,"d":"0.00"},{"v":0,"d":"0.00"}]
["2021-12-30","10029818","TUBO DE ENCOGIMIENTO","2027","UN",1,{"v":0,"d":"0.00"},{"v":0,"d":"0.00"}]
["2021-12-30","10029839","LUZ PILOTO REF. 28879 X 1","2027","UN",8,{"v":0,"d":"0.00"},{"v":0,"d":"0.00"}]
["2024-07-29","10029854","JUNTA DE EXPANSION PARA TUBO  3\"","2027","UN",3,{"v":0,"d":"0.00"},{"v":0,"d":"0.00"}]
["2021-12-30","10029859","FILTRO DE COMBUSTIBLE P50 2143","2027","UN",3,{"v":0,"d":"0.00"},{"v":0,"d":"0.00"}]
["2021-12-30","10029882","BOTON PULSADOR REF. 28811 X 1","2027","UN",2,{"v":0,"d":"0.00"},{"v":0,"d":"0.00"}]
["2021-12-30","10029904","ANILLO ORING 6.99 X 145.92 MM","2027","UN",10,{"v":0,"d":"0.00"},{"v":0,"d":"0.00"}]
["2024-06-18","10029916","ANILLO ORING 3\"X3\"","2027","UN",2,{"v":0,"d":"0.00"},{"v":0,"d":"0.00"}]
["2021-12-30","10029930","ANILLO DE CORDON REDONDO V-184 X 3 NBR","2027","UN",4,{"v":0,"d":"0.00"},{"v":0,"d":"0.00"}]
["2021-12-30","10029931","ANILLO DE CORDON REDONDO V-1383 X 8MM","2027","UN",1,{"v":0,"d":"0.00"},{"v":0,"d":"0.00"}]
["2021-12-30","10029939","BOTONES PARA FILTRO HIDROCICLONICO","2004","UN",8,{"v":0,"d":"0.00"},{"v":0,"d":"0.00"}]
["2021-12-30","10029946","CODO REFORZADO CON FIBRA DE 10\"","2032","UN",4,{"v":0,"d":"0.00"},{"v":0,"d":"0.00"}]
["2024-09-16","10029947","CODO PVC 12\" A 45º SCH-40","2004","UN",5,{"v":0,"d":"0.00"},{"v":0,"d":"0.00"}]
["2021-12-30","10029952","CODO DE 75\" POLIETILENO","2004","UN",39,{"v":0,"d":"0.00"},{"v":0,"d":"0.00"}]
["2021-12-30","10029960","MANGUERA CINTA DE GOTEO 600 MTS","2004","UN",7,{"v":0,"d":"0.00"},{"v":0,"d":"0.00"}]
["2021-12-30","10029964","REDUCCION 10 X 12\"","2004","UN",1,{"v":0,"d":"0.00"},{"v":0,"d":"0.00"}]
["2021-12-30","10029970","TEE DE 6\" PVC PRESION","2004","UN",77,{"v":0,"d":"0.00"},{"v":0,"d":"0.00"}]
["2024-09-16","10029977","TUBO PVC 6\" SCH 40","2004","UN",33,{"v":0,"d":"0.00"},{"v":0,"d":"0.00"}]
["2021-12-30","10029977","TUBO PVC 6\" SCH 40","2032","UN",21,{"v":0,"d":"0.00"},{"v":0,"d":"0.00"}]
["2024-09-16","10029986","UNION DE POLIESTILENO DE 63MM","2004","UN",93,{"v":0,"d":"0.00"},{"v":0,"d":"0.00"}]
["2024-09-16","10029991","UNION DRESSER DE 10\" AZUL","2004","UN",10,{"v":0,"d":"0.00"},{"v":0,"d":"0.00"}]
["2021-12-30","10029991","UNION DRESSER DE 10\" AZUL","2032","UN",7,{"v":0,"d":"0.00"},{"v":0,"d":"0.00"}]
["2021-12-30","10030010","MANGUERA HIDRAULICA 4\" X 3/8","2009","TF",1,{"v":0,"d":"0.00"},{"v":0,"d":"0.00"}]
["2021-12-30","10030015","TERMOMETRO TEMP CURVA 300ºC","2016","UN",1,{"v":0,"d":"0.00"},{"v":0,"d":"0.00"}]
["2024-06-18","10030038","Bombillos de mercurio 250 watts","2015","UN",15,{"v":0,"d":"0.00"},{"v":0,"d":"0.00"}]
["2024-04-17","10030097","FOTOCELDA 105-305V 1000W 1800VA","2010","UN",5,0.01,0.05]
["2024-06-27","10030109","CONTACTOR EATON 220/240V- 30/6042","2005","UN",4,{"v":0,"d":"0.00"},{"v":0,"d":"0.00"}]
["2024-06-27","10030125","Reflector Led 50 watts","2020","UN",1,{"v":1,"d":"1.00"},{"v":1,"d":"1.00"}]
["2024-05-10","10030164","RELE FINDER 125 VCD","2016","UN",50,{"v":0,"d":"0.00"},{"v":0,"d":"0.00"}]
["2024-04-17","10030184","PARRILLA DESAGUE BAÑO","2020","UN",1,{"v":0,"d":"0.00"},{"v":0,"d":"0.00"}]
["2024-04-17","10030204","FILTRO DE ACEITE W930","2015","UN",1,{"v":0,"d":"0.00"},{"v":0,"d":"0.00"}]
["2024-04-17","10030228","Grapa de doble conexión","2000","UN",235,{"v":0,"d":"0.00"},{"v":0,"d":"0.00"}]
["2024-11-13","10030238","JUEGO DE JUNTA TOYOTA COASTER","2031","UN",1,{"v":0,"d":"0.00"},{"v":0,"d":"0.00"}]
["2023-06-20","10030247","BOMBA DE CLUTCH SUPERIOR D-MAX 2006","2031","UN",1,{"v":6195,"d":"6,195.00"},{"v":6195,"d":"6,195.00"}]
["2024-06-18","10030258","BUSHING CATRE SUPERIOR NISSAN D-22","2031","UN",2,{"v":0,"d":"0.00"},{"v":0,"d":"0.00"}]
["2024-06-18","10030269","UNION ESFERICA CATRE SUPÈRIOR PRADO 2011","2031","UN",4,{"v":0,"d":"0.00"},{"v":0,"d":"0.00"}]
["2024-06-18","10030279","AMORTIGUADOR DELANTERO D-MAX 2006","2031","UN",4,{"v":0,"d":"0.00"},{"v":0,"d":"0.00"}]
["2024-11-05","10030286","AMORTIGUADOR TRASERO VITARA 2008","2031","UN",6,{"v":0,"d":"0.00"},{"v":0,"d":"0.00"}]
["2024-07-17","10030301","CIL. DE FRENO MITS.ROSA 2009 DELANTERO","2031","UN",7,{"v":0,"d":"0.00"},{"v":0,"d":"0.00"}]
["2025-01-14","10030320","TERMINALES PARA GUIA MITSUBISHI ROSA","2031","UN",6,{"v":0,"d":"0.00"},{"v":0,"d":"0.00"}]
["2024-06-18","10030333","ROTULA DE DIRECCION SUSUKI VITARA","2031","UN",4,{"v":0,"d":"0.00"},{"v":0,"d":"0.00"}]
["2024-06-18","10030361","FUSIBLE TIPO K 40A-15KV","2010","UN",3,{"v":0,"d":"0.00"},{"v":0,"d":"0.00"}]
["2023-06-01","10030532","JUEGO DISCO FRENO TOYOTA HILUX 18 DL","2031","UN",2,0.01,0.02]
["2024-06-18","10030585","Super tanque de freno original p/Toyota","2031","UN",2,{"v":0,"d":"0.00"},{"v":0,"d":"0.00"}]
["2024-06-18","10030606","TUERCA D/CUCHILLA D/MOTO #PARTE 4K-0367","2031","UN",15,{"v":0,"d":"0.00"},{"v":0,"d":"0.00"}]
["2024-06-18","10030614","NO. PARTE 242-9751 RETROPALA CAT","2031","UN",2,{"v":0,"d":"0.00"},{"v":0,"d":"0.00"}]
["2024-06-18","10030626","CANDADO DE DIENTE NO. PARTE 220-9090","2031","UN",5,{"v":0,"d":"0.00"},{"v":0,"d":"0.00"}]
["2024-06-18","10030640","BOMBA DE FRENO SUZUKI VITARA","2031","UN",10,{"v":0,"d":"0.00"},{"v":0,"d":"0.00"}]
["2024-06-18","10030664","BIELETA TOYOTA HILUX 2009","2031","UN",3,{"v":0,"d":"0.00"},{"v":0,"d":"0.00"}]
["2023-08-08","10030853","KIT DE CLUCTH NISSAN FRONTIER 2011","2031","UN",2,{"v":23246,"d":"23,246.00"},{"v":46492,"d":"46,492.00"}]
["2024-01-31","10030941","DISCO DE FRENO DELANTERO HILUX 2018","2031","UN",1,{"v":6530.46,"d":"6,530.46"},{"v":6530.46,"d":"6,530.46"}]
["2024-06-18","10031090","INDICADOR DE TEMPERATURA 0-120 ºC","2010","UN",1,{"v":0,"d":"0.00"},{"v":0,"d":"0.00"}]
["2024-05-24","10031161","DIODO DE POTENCIA NTE 5929","2000","UN",6,{"v":4596.099999999999,"d":"4,596.10"},{"v":27576.6,"d":"27,576.60"}]
["2024-05-10","10031234","PALO P/ ESCOBILLON #34","2010","UN",2,{"v":1,"d":"1.00"},{"v":2,"d":"2.00"}]
["2024-06-18","10031265","MANOMETRO DE 0 A 60 PSI","2027","UN",2,{"v":1,"d":"1.00"},{"v":2,"d":"2.00"}]
["2024-06-18","10031273","TEE EMT ROSCADA 2\" P/ TUBERIA ELECTRICA","2027","UN",3,{"v":1,"d":"1.00"},{"v":3,"d":"3.00"}]
["2024-06-18","10031283","FILTRO DE AIRE P/COMPRESOR SIST. DE FREN","2027","UN",6,{"v":1,"d":"1.00"},{"v":6,"d":"6.00"}]
["2024-06-18","10031286","SENSOR DE NIVEL 30V DE 4 A 42MA","2027","UN",2,{"v":1,"d":"1.00"},{"v":2,"d":"2.00"}]
["2024-06-18","10031299","CANCAMO M24 1.8 TONELADAS","2027","UN",3,{"v":1,"d":"1.00"},{"v":3,"d":"3.00"}]
["2024-06-18","10031300","SEMI CURVA  HIERRO NEGRO 2\"","2027","UN",2,{"v":1,"d":"1.00"},{"v":2,"d":"2.00"}]
["2024-06-27","10031307","ARANDELA PLANA 31 X 18 MM","2027","UN",5,{"v":1,"d":"1.00"},{"v":5,"d":"5.00"}]
["2024-06-18","10031314","SECCIONADOR PREFORMADO P/CERCA CONECTOR","2027","UN",450,{"v":1,"d":"1.00"},{"v":450,"d":"450.00"}]
["2024-06-18","10031317","TENSOR DE ARGOLLA Y GANCHO M16","2027","UN",20,{"v":1,"d":"1.00"},{"v":20,"d":"20.00"}]
["2024-06-18","10031329","ARANDELA DE PRESION DE 22MM X 33MM","2027","UN",157,{"v":1,"d":"1.00"},{"v":157,"d":"157.00"}]
["2024-06-18","10031337","TORNILLO CAB. HEXAGONAL DE 15MM X 34MM","2027","UN",131,{"v":1,"d":"1.00"},{"v":131,"d":"131.00"}]
["2024-06-18","10031339","TUERCA CAB. HEXAGONAL DE 10MM X 29MM","2027","UN",286,{"v":1,"d":"1.00"},{"v":286,"d":"286.00"}]
["2024-06-18","10031349","TORNILLO CAB. HEXAGONAL DE 15MM X 44MM","2027","UN",120,{"v":1,"d":"1.00"},{"v":120,"d":"120.00"}]
["2024-06-18","10031357","TORNILLO CAB. HEXAGONAL DE 15.5MM X 69MM","2027","UN",92,{"v":1,"d":"1.00"},{"v":92,"d":"92.00"}]
["2024-06-18","10031358","TORNILLO CAB. HEXAGONAL DE 15.6MM X 49MM","2027","UN",225,{"v":1,"d":"1.00"},{"v":225,"d":"225.00"}]
["2024-06-18","10031368","JABAON DE COABA EN PASTA","2027","UN",159,{"v":1,"d":"1.00"},{"v":159,"d":"159.00"}]
["2024-06-18","10031378","SENSOR MOD. CONTRA INCENDIO","2027","UN",30,{"v":1,"d":"1.00"},{"v":30,"d":"30.00"}]
["2024-06-18","10031383","TUERCA DE PRESION 3/4\"","2027","UN",470,{"v":1,"d":"1.00"},{"v":470,"d":"470.00"}]
["2024-05-10","10031391","FUENT ENT. 72-114 VDC SAL. 27.6V 15A","2022","UN",2,{"v":1,"d":"1.00"},{"v":2,"d":"2.00"}]
["2024-05-10","10031394","CURVA RIGIDA PVC 3/4\" 75C","2022","UN",15,{"v":1,"d":"1.00"},{"v":15,"d":"15.00"}]
["2024-07-29","10031408","TORNILLO M20 x 60 MM CON TUERCA","2015","UN",1,{"v":1,"d":"1.00"},{"v":1,"d":"1.00"}]
["2024-07-29","10031419","EMPAQ. P/CILINDRO HIDRAULICO 420 MM","2015","UN",3,{"v":1,"d":"1.00"},{"v":3,"d":"3.00"}]
["2024-07-29","10031426","EMPAQ. GACO TIPO OR-81900","2015","UN",2,{"v":1,"d":"1.00"},{"v":2,"d":"2.00"}]
["2024-07-29","10031431","KIT DE ORING DE 12 MM x 4 FT","2015","UN",1,{"v":1,"d":"1.00"},{"v":1,"d":"1.00"}]
["2024-09-16","10031450","JUNTA DE GOMA DE 16MM","2032","UN",2,{"v":1,"d":"1.00"},{"v":2,"d":"2.00"}]
["2024-09-16","10031455","ASPESOR DE GOTEO DE RIEGO","2032","UN",{"v":5705,"d":"5,705"},{"v":1,"d":"1.00"},{"v":5705,"d":"5,705.00"}]
["2024-06-27","10031465","VALVAVULA S. DE LIB. DE AIRE DN80 PN16","2032","UN",3,0.01,0.03]
["2024-05-10","10031470","BRIDA D ACERO INOX. 1 1/2\" DE 4 AGUJEROS","2025","UN",1,{"v":1,"d":"1.00"},{"v":1,"d":"1.00"}]
["2024-05-10","10031478","TUBERIA DE 3/8\" DE METAL","2025","UN",13,{"v":1,"d":"1.00"},{"v":13,"d":"13.00"}]
["2024-05-10","10031486","REL SIST. DE EXITACION GEN.ANAL. 24VDC","2025","UN",1,{"v":1,"d":"1.00"},{"v":1,"d":"1.00"}]
["2024-05-10","10031491","ACEITE 32","2025","GAL",440,{"v":1,"d":"1.00"},{"v":440,"d":"440.00"}]
["2024-05-10","10031501","TARJETA REGULADORA R-726-A","2022","UN",3,{"v":1,"d":"1.00"},{"v":3,"d":"3.00"}]
["2024-06-18","10031560","BOMBA DE ACEITE DE ENGRANAJE HIDRAULICO","2016","UN",2,{"v":1,"d":"1.00"},{"v":2,"d":"2.00"}]
["2024-06-18","10031570","FUENTE DE ALIMEN.SAL.DC 24V 5AMP 2 POLOS","2016","UN",3,{"v":1,"d":"1.00"},{"v":3,"d":"3.00"}]
["2024-06-18","10031592","MANGUERA FLEXIBLE P/GAS SF6 255MM X 12MM","2010","TF",20,{"v":1,"d":"1.00"},{"v":20,"d":"20.00"}]
["2024-04-17","10031596","CORDON ORING 11MM","2010","TF",8,{"v":1,"d":"1.00"},{"v":8,"d":"8.00"}]
["2024-04-17","10031621","SENSOR DE VIENTO Y CLIMA WMS5302","2011","UN",1,{"v":1,"d":"1.00"},{"v":1,"d":"1.00"}]
["2024-04-17","10031629","INERRUPTOR AUX.H2009-V3806","2011","UN",1,{"v":1,"d":"1.00"},{"v":1,"d":"1.00"}]
["2024-04-17","10031634","CINTA AISLANTE 75MM","2011","UN",1,{"v":1,"d":"1.00"},{"v":1,"d":"1.00"}]
["2024-04-17","10031642","CABLE TIPE PCD2-K231","2011","UN",5,{"v":1,"d":"1.00"},{"v":5,"d":"5.00"}]
["2024-04-17","10031647","ISOLADOR DE SEÑAL ANALOGICA FC33","2011","UN",9,{"v":1,"d":"1.00"},{"v":9,"d":"9.00"}]
["2024-04-17","10031655","MANGUITOS GALVANIZADO DE 3/4 PLG","2011","UN",156,{"v":1,"d":"1.00"},{"v":156,"d":"156.00"}]
["2024-04-17","10031664","TORNILLO 15.9X64","2011","UN",5,{"v":1,"d":"1.00"},{"v":5,"d":"5.00"}]
["2024-04-17","10031675","ABRAZADERAS DE 4XRX26X9","2011","UN",6,{"v":1,"d":"1.00"},{"v":6,"d":"6.00"}]
["2024-04-17","10031684","TORNILLO HEXAGONAL DE COBRE DE 8PLG","2011","UN",6,{"v":1,"d":"1.00"},{"v":6,"d":"6.00"}]
["2024-04-17","10031690","CURVA EN BRONCE 1 1/2 A 90º","2011","UN",43,{"v":1,"d":"1.00"},{"v":43,"d":"43.00"}]
["2024-04-17","10031695","TORNILLO CABEZA REDONDA DE 1/2X2”1/2","2011","UN",271,{"v":1,"d":"1.00"},{"v":271,"d":"271.00"}]
["2024-06-18","10031710","ALAMBRE ELECTRICO ROJO #12","2031","ROL",5,{"v":1,"d":"1.00"},{"v":5,"d":"5.00"}]
["2024-04-17","10031719","ADAPTADOR MACHO HG 1 1/2 PLG","2011","UN",60,{"v":1,"d":"1.00"},{"v":60,"d":"60.00"}]
["2024-04-17","10031726","TAPA EN ALUMINIO DE REGISTRO 2 PLG","2011","UN",4,{"v":1,"d":"1.00"},{"v":4,"d":"4.00"}]
["2024-04-17","10031747","MODULO DE ENTRADA DIGITAL 1756IB32","2011","UN",1,{"v":1,"d":"1.00"},{"v":1,"d":"1.00"}]
["2024-06-18","10031759","TERMOMETRO MOD-50EL42E","2011","UN",1,{"v":1,"d":"1.00"},{"v":1,"d":"1.00"}]
["2024-06-18","10031787","BANDA DE FRENO SUZUKI VITARA","2031","UN",10,{"v":1,"d":"1.00"},{"v":10,"d":"10.00"}]
["2024-06-18","10031792","BANDAS DE FRENO MITSUBISHI L200","2031","UN",10,{"v":1,"d":"1.00"},{"v":10,"d":"10.00"}]
["2024-11-20","10031860","TORNILLO HEXAGONAL M11","2008","UN",20,{"v":0,"d":"0.00"},{"v":0,"d":"0.00"}]
["2024-11-20","10031867","CAMISA BLANCA (FEM) S REFLECTORA M.LARGA","2000","UN",78,{"v":0,"d":"0.00"},{"v":0,"d":"0.00"}]
["2024-04-17","10031972","PANTALON JEAN REFLECTOR P/ DAMAS 5/6","2000","UN",57,{"v":0,"d":"0.00"},{"v":0,"d":"0.00"}]
["2024-11-20","10031986","CAMISA AZUL REFLECTORA S (HOM) LARGA","2000","UN",25,{"v":0,"d":"0.00"},{"v":0,"d":"0.00"}]
["2024-12-05","10031987","CAMISA AZUL REFLECTORA L (HOM) M. LARGA","2000","UN",21,{"v":0,"d":"0.00"},{"v":0,"d":"0.00"}]
["2024-12-12","10032000","POLOSHIRT 2XL BLANCO P/ HOMBRES","2000","UN",89,{"v":0,"d":"0.00"},{"v":0,"d":"0.00"}]
["2024-12-12","10032004","CAMISA BLANCA REFLECTORA M (HOM) LARGA","2000","UN",455,{"v":0,"d":"0.00"},{"v":0,"d":"0.00"}]
["2024-09-23","10032008","CAMISA KAKI S REFLECTORA P/ HOMBRES","2000","UN",33,{"v":0,"d":"0.00"},{"v":0,"d":"0.00"}]
["2024-04-17","10032044","ELECTRODO R309L-XE 3.20x300MM","2011","LB",19,{"v":1,"d":"1.00"},{"v":19,"d":"19.00"}]
["2024-04-17","10032052","JUEGO DE ORING 300 PCS","2028","UN",1,{"v":1,"d":"1.00"},{"v":1,"d":"1.00"}]
["2024-07-25","10032059","CUCHILLO DE MESA DE ACERO INOXIDABLE","2000","UN",36,{"v":206.5,"d":"206.50"},{"v":7434,"d":"7,434.00"}]
["2024-07-25","10032068","CALDERO ALUMINIO FUNDIDO CON TAPA 5 LB","2000","UN",2,{"v":2950,"d":"2,950.00"},{"v":5900,"d":"5,900.00"}]
["2024-09-20","10032094","ESLINGA DE TELA PARA CARGA 20 TN","2000","UN",7,{"v":47200,"d":"47,200.00"},{"v":330400,"d":"330,400.00"}]
["2024-09-20","10032098","ESLINGA DE ACERO TRENZADO PARA CARGA","2000","UN",10,{"v":2950,"d":"2,950.00"},{"v":29500,"d":"29,500.00"}]
["2024-09-20","10032105","LONAS DE TELA 7X8M AREA 56 M2","2000","UN",3,{"v":53100,"d":"53,100.00"},{"v":159300,"d":"159,300.00"}]
["2024-09-20","10032107","SOGA DE NYLON ½¨ 12 MM GRADO A (PIES)","2000","UN",300,{"v":147.5,"d":"147.50"},{"v":44250,"d":"44,250.00"}]
["2024-11-15","10032108","DRIZA DE ½¨ GRADO A (PIES)","2000","UN",200,{"v":147.5,"d":"147.50"},{"v":29500,"d":"29,500.00"}]
["2024-11-15","10032168","TALONARIO REPORTE DE PRESA","2000","UN",8,{"v":1099.99625,"d":"1,100.00"},{"v":8799.97,"d":"8,799.97"}]
["2024-11-15","10032169","TALONARIO REPORTE DE SALA DE CONTROL","2000","UN",11,{"v":4735.410909090909,"d":"4,735.41"},{"v":52089.52,"d":"52,089.52"}]
["2024-11-15","10032170","TALONARIO REPORTE TURBINA Y LUBRICACIÓN","2000","UN",14,{"v":4735.410714285715,"d":"4,735.41"},{"v":66295.75,"d":"66,295.75"}]
["2024-06-27","10032171","TALONARIO REPORTE GENERACION Y CONSUMO","2000","UN",13,{"v":370.00076923076927,"d":"370.00"},{"v":4810.01,"d":"4,810.01"}]
["2024-06-27","10032220","PLACA DE IDENTIICACION 5x265x40mm","2005","UN",2,{"v":1,"d":"1.00"},{"v":2,"d":"2.00"}]
["2024-06-27","10032221","KIT DE PIEZA CON TORNILLO Y TUERCA 12M","2005","UN",5,{"v":1,"d":"1.00"},{"v":5,"d":"5.00"}]
["2024-06-27","10032222","TARJETA SELTA REF.640604004-02","2005","UN",1,{"v":1,"d":"1.00"},{"v":1,"d":"1.00"}]
["2024-06-27","10032223","TARJETA SELTA REF.640704001-02","2005","UN",1,{"v":1,"d":"1.00"},{"v":1,"d":"1.00"}]
["2024-06-27","10032224","TARJETA SELTA REF.643104000-03","2005","UN",2,{"v":1,"d":"1.00"},{"v":2,"d":"2.00"}]
["2024-06-27","10032227","MEDIDOR DE ENERGIA ZMC 405C/RS2","2005","UN",2,{"v":1,"d":"1.00"},{"v":2,"d":"2.00"}]
["2024-06-27","10032228","DISCO DE INSTALACION 1D1","2005","UN",1,{"v":1,"d":"1.00"},{"v":1,"d":"1.00"}]
["2024-06-27","10032229","MODULO SUP. D/ALARMA 50/60HZ","2005","UN",1,{"v":1,"d":"1.00"},{"v":1,"d":"1.00"}]
["2024-06-27","10032230","TAPA PARA EL CONDUCTO DE BARRA","2005","UN",125,{"v":1,"d":"1.00"},{"v":125,"d":"125.00"}]
["2024-06-27","10032231","LAMINA AISLANTE DE FIBRA DE VIDRIO","2005","UN",500,{"v":1,"d":"1.00"},{"v":500,"d":"500.00"}]
["2024-06-27","10032233","VALVULA HAYWARD 4\" PVC","2005","UN",1,{"v":1,"d":"1.00"},{"v":1,"d":"1.00"}]
["2024-06-27","10032234","TORNILLO CAB. HEXAGONAL 20MM X 60MM","2005","UN",18,{"v":1,"d":"1.00"},{"v":18,"d":"18.00"}]
["2024-06-27","10032235","TORNILLO CAB. ALLEN 15 X 30MM","2005","UN",14,{"v":1,"d":"1.00"},{"v":14,"d":"14.00"}]
["2024-06-27","10032236","CASQUILLO DE 6\"","2005","UN",1,{"v":1,"d":"1.00"},{"v":1,"d":"1.00"}]
["2024-06-27","10032237","TRANS.d/PRESION 0 A 4BAR-20MA 10 A 30VDC","2005","UN",2,{"v":1,"d":"1.00"},{"v":2,"d":"2.00"}]
["2024-06-27","10032238","CONECTOR PVC MACHO/HEMBRA 1/2\"","2005","UN",4,{"v":1,"d":"1.00"},{"v":4,"d":"4.00"}]
["2024-06-27","10032239","CONECTOR PVC MACHO/HEMBRA 3/4\"","2005","UN",3,{"v":1,"d":"1.00"},{"v":3,"d":"3.00"}]
["2024-06-27","10032240","FUSIBLE SIBA CON BASE 3/7.2KV 6.3A","2005","UN",3,{"v":1,"d":"1.00"},{"v":3,"d":"3.00"}]
["2024-06-27","10032241","DISYUNTOR NC100H 415V MOD. C80A","2005","UN",1,{"v":1,"d":"1.00"},{"v":1,"d":"1.00"}]
["2024-06-27","10032242","DISYUNTOR TERMOMAG 480Vac 250Vdc 2 POLOS","2005","UN",8,{"v":1,"d":"1.00"},{"v":8,"d":"8.00"}]
["2024-06-27","10032243","TUERCA HEXAGONAL 20 X 40MM","2005","UN",14,{"v":1,"d":"1.00"},{"v":14,"d":"14.00"}]
["2024-06-27","10032244","APARTARAYO DE PORCELA 5KA-10KV","2005","UN",6,{"v":1,"d":"1.00"},{"v":6,"d":"6.00"}]
["2024-06-27","10032245","BLOQUE DE PRUEBA GE755912","2005","UN",4,{"v":1,"d":"1.00"},{"v":4,"d":"4.00"}]
["2024-06-27","10032246","AMPERIMETRO ZC46/4-20MA 200N%","2005","UN",2,{"v":1,"d":"1.00"},{"v":2,"d":"2.00"}]
["2024-06-27","10032247","MANOMETRO DE 0-15/0-125KV","2005","UN",1,{"v":1,"d":"1.00"},{"v":1,"d":"1.00"}]
["2024-06-27","10032248","CONVERTIDOR AISLADO D/SEÑAL ANALOGA","2005","UN",3,{"v":1,"d":"1.00"},{"v":3,"d":"3.00"}]
["2024-06-27","10032249","NIPLE DE BRONCE DOBLE ROSCA MACHO 13MM","2005","UN",1,{"v":1,"d":"1.00"},{"v":1,"d":"1.00"}]
["2024-06-27","10032250","MEDIDOR DE VOLTAJE TRIFASICO","2005","UN",2,{"v":1,"d":"1.00"},{"v":2,"d":"2.00"}]
["2024-06-27","10032251","VENTILADOR DE VELOCIDAD 806464 TELEMC","2005","UN",2,{"v":1,"d":"1.00"},{"v":2,"d":"2.00"}]
["2024-06-27","10032252","PLAQUETA INDENTI. COMPONENTES PVC 20x7MM","2005","UN",27,{"v":1,"d":"1.00"},{"v":27,"d":"27.00"}]
["2024-06-27","10032253","SWICHT DE PRESION D/ACEITE 1200/2000PSI","2005","UN",1,{"v":1,"d":"1.00"},{"v":1,"d":"1.00"}]
["2024-06-27","10032254","TERMINAL HEMBRA NEGRO 1.5MM","2005","UN",{"v":1000,"d":"1,000"},{"v":1,"d":"1.00"},{"v":1000,"d":"1,000.00"}]
["2024-06-27","10032255","TERMINAL HEMBRA NEGRO 2.0MM","2005","UN",200,{"v":1,"d":"1.00"},{"v":200,"d":"200.00"}]
["2024-06-27","10032256","TERMINAL MACHO ROJO","2005","UN",115,{"v":1,"d":"1.00"},{"v":115,"d":"115.00"}]
["2024-06-27","10032257","TERMINAL DE MUELITA ROJO","2005","UN",109,{"v":1,"d":"1.00"},{"v":109,"d":"109.00"}]
["2024-06-27","10032258","RETIFICADOR EATON APR48-G3","2005","UN",2,{"v":1,"d":"1.00"},{"v":2,"d":"2.00"}]
["2024-06-27","10032259","MODULO XPSUAF13 AP UAF CALIBRE K-424","2005","UN",2,{"v":1,"d":"1.00"},{"v":2,"d":"2.00"}]
["2024-06-27","10032260","EQUIPO DE VIBRACION BELDEN","2005","UN",1,{"v":1,"d":"1.00"},{"v":1,"d":"1.00"}]
["2024-06-27","10032261","TARJETA DE FRECUENCIA 642204002-04","2005","UN",1,{"v":1,"d":"1.00"},{"v":1,"d":"1.00"}]
["2024-06-27","10032262","CONJUNTO FILTRO DE ACEITE HYDAC","2005","UN",1,{"v":1,"d":"1.00"},{"v":1,"d":"1.00"}]
["2024-06-27","10032263","INDICADOR  PANEL ENTRA ANALG MOD.TAX-1/8","2005","UN",1,{"v":1,"d":"1.00"},{"v":1,"d":"1.00"}]
["2024-06-27","10032264","PRESOS. INTERR. DE PRESION 12BAR 1.2MPa","2005","UN",11,{"v":1,"d":"1.00"},{"v":11,"d":"11.00"}]
["2024-06-27","10032265","MONITOR PROGR. SIN 02126PC01 110-330V","2005","UN",2,{"v":1,"d":"1.00"},{"v":2,"d":"2.00"}]
["2024-06-27","10032266","SELECTOR 2 POSICIONES CON RETORNO","2005","UN",7,{"v":1,"d":"1.00"},{"v":7,"d":"7.00"}]
["2024-06-27","10032267","SHIM STOCK LINER 6\" X 180\" GROSOR 0.004","2005","UN",8,{"v":1,"d":"1.00"},{"v":8,"d":"8.00"}]
["2024-06-27","10032268","TORNILLO TIPO FUSIBLE M16","2005","UN",9,{"v":1,"d":"1.00"},{"v":9,"d":"9.00"}]
["2024-06-27","10032269","PIN CONICO 20 X 75","2005","UN",3,{"v":1,"d":"1.00"},{"v":3,"d":"3.00"}]
["2024-06-27","10032270","ELECTROVALVULA DE 9VDC 2.45A","2005","UN",1,{"v":1,"d":"1.00"},{"v":1,"d":"1.00"}]
["2024-06-27","10032272","MECANISMO DE OPERACION 783164-0066","2005","UN",5,{"v":1,"d":"1.00"},{"v":5,"d":"5.00"}]
["2024-06-27","10032273","TERMOSTATO 120-250V 20A","2005","UN",9,{"v":1,"d":"1.00"},{"v":9,"d":"9.00"}]
["2024-06-27","10032274","MOTOR TIPO WK1636802 110V 50/60HZ","2005","UN",4,{"v":1,"d":"1.00"},{"v":4,"d":"4.00"}]
["2024-06-27","10032275","RELE MOD RTA26 54A","2005","UN",1,{"v":1,"d":"1.00"},{"v":1,"d":"1.00"}]
["2024-06-27","10032276","CONJUNTO DE BOQUILLA REF 3047973","2005","UN",6,{"v":1,"d":"1.00"},{"v":6,"d":"6.00"}]
["2024-06-27","10032277","FILTRO DE ACEITE PI50010-047NBR","2005","UN",1,{"v":1,"d":"1.00"},{"v":1,"d":"1.00"}]
["2024-06-27","10032278","MECHA DE ALAMBRE EN ESPIRAL 190MM","2005","UN",2,{"v":1,"d":"1.00"},{"v":2,"d":"2.00"}]
["2024-06-27","10032279","BATERIA RECARGABLE 4000 mAh","2005","UN",18,{"v":1,"d":"1.00"},{"v":18,"d":"18.00"}]
["2024-06-27","10032280","JUNTA DE GOMA P/ DUCTOS DE BARRA","2005","UN",1,{"v":1,"d":"1.00"},{"v":1,"d":"1.00"}]
["2024-06-27","10032281","PARARAYO  94KV 50/60HZ SERIE 2989","2005","UN",3,{"v":1,"d":"1.00"},{"v":3,"d":"3.00"}]
["2024-06-27","10032282","BARRA DE HIERRO 3/4\" X 20'","2005","UN",2,{"v":1,"d":"1.00"},{"v":2,"d":"2.00"}]
["2024-06-27","10032283","LAMPARA MULTIVAPOR 1500 W","2005","UN",2,{"v":1,"d":"1.00"},{"v":2,"d":"2.00"}]
["2024-06-27","10032284","JUNTA DREASER 4\"","2005","UN",3,{"v":1,"d":"1.00"},{"v":3,"d":"3.00"}]
["2024-06-27","10032285","JUNTA DREASER 10\"","2005","UN",2,{"v":1,"d":"1.00"},{"v":2,"d":"2.00"}]
["2024-06-27","10032286","VALVULA REG. DE PRESION DE 1 A 7PSI","2005","UN",1,{"v":1,"d":"1.00"},{"v":1,"d":"1.00"}]
["2024-06-27","10032287","INTERRUPTOR URELEC","2005","UN",1,{"v":1,"d":"1.00"},{"v":1,"d":"1.00"}]
["2024-06-27","10032288","TRANSF. DE POTENCIA 1500A/120V","2007","UN",1,{"v":0,"d":"0.00"},{"v":0,"d":"0.00"}]
["2024-06-27","10032291","SELLO DE METAL REF-471570V","2007","UN",2,0.01,0.02]
["2024-06-27","10032292","FUENTE SISTEMA DE EXCITACIÓN 24V/10A","2007","UN",1,0.01,0.01]
["2024-06-27","10032293","ABRAZADERA UNION TRUE 3 PLG","2007","UN",23,0.01,0.23]
["2024-06-27","10032294","TRANSF. DE CORRINTE REF. 80983","2007","UN",1,0.01,0.01]
["2024-06-27","10032295","LETRA IMC LB 4 PLG","2007","UN",7,0.01,0.07]
["2024-06-27","10032296","FILTRO DE AIRE REF. LAF8148","2007","UN",1,0.01,0.01]
["2024-06-27","10032297","PASTA DE HIERRO EPOXICO 28.3 G","2007","UN",1,0.01,0.01]
["2024-06-27","10032303","VARILLA P/SOLDAR DE BROCE 1/8X39X5/16","2007","LB",14,0.01,0.14]
["2024-06-27","10032304","ORING 28MM x 3.77MM","2007","UN",13,0.01,0.13]
["2024-06-27","10032305","ORING 2.76MM x 3.11MM","2007","UN",2,0.01,0.02]
["2024-06-27","10032306","BALASTRO P/LAMPARA REF-SEB/328","2007","UN",2,0.01,0.02]
["2024-06-27","10032307","SELLO PLASTICO 87MM x 107MM","2007","UN",40,0.01,{"v":0.4,"d":"0.40"}]
["2024-06-27","10032308","SELECTOR ELECTRICO 4/6.3 AMP","2007","UN",1,0.01,0.01]
["2024-06-27","10032309","ORING PALSTICO 100.67MM x 79.88MM","2007","UN",21,0.01,0.21]
["2024-06-27","10032310","SELLOS PALSTICOS HEMBRA 7 1/2 x 6 1/4","2007","UN",3,0.01,0.03]
["2024-06-27","10032311","RESISTENCIA D/PORCELANA 1.88OHM-300W","2007","UN",2,0.01,0.02]
["2024-06-27","10032312","RESISTENCIA D/PORCELANA 201OHM-1000W","2007","UN",1,0.01,0.01]
["2024-06-27","10032313","RESISTENCIA D/PORCELANA 104OHM-1500W","2007","UN",1,0.01,0.01]
["2024-06-27","10032314","RESISTENCIA D/PORCELANA 102OHM-1500W","2007","UN",1,0.01,0.01]
["2024-06-27","10032315","RESISTENCIA D/PORCELANA 199OHM-1000W","2007","UN",1,0.01,0.01]
["2024-06-27","10032316","RESISTENCIA D/PORCELANA 1.8OHM-300W","2007","UN",1,0.01,0.01]
["2024-06-27","10032317","RESISTENCIA D/PORCELANA 50OHM-225W","2007","UN",6,0.01,0.06]
["2024-06-27","10032318","RESISTENCIA D/PORCELANA 3K-80W","2007","UN",2,0.01,0.02]
["2024-06-27","10032319","RESISTENCIA D/PORCELANA 1K-80W","2007","UN",1,0.01,0.01]
["2024-06-27","10032320","RESISTENCIA D/PORCELANA 1K-60W","2007","UN",1,0.01,0.01]
["2024-06-27","10032321","RESISTENCIA D/PORCELANA 22OHM-60W","2007","UN",6,0.01,0.06]
["2024-06-27","10032322","RESISTENCIA D/PORCELANA 50HM-225W","2007","UN",6,0.01,0.06]
["2024-06-27","10032323","CORDON ORING 10MM","2007","TF",33,0.01,0.33]
["2024-06-27","10032324","CORDON ORING 16MM","2007","TF",125,0.01,1.25]
["2024-06-27","10032325","JUNTA DE TURBINA 20MM X 20MM","2007","TF",17,0.01,0.17]
["2024-06-27","10032326","JUNTA DE TURBINA 252MM X 19MM","2007","TF",23,0.01,0.23]
["2024-06-18","10032327","JUNTA DE TURBINA 54MM X 18MM","2007","TF",28,0.01,0.28]
["2024-06-18","10032389","RODAMIENTO P/ MITSUBISHI ROSA 30211","2031","UN",6,{"v":1,"d":"1.00"},{"v":6,"d":"6.00"}]
["2024-09-04","10032390","RODAMIENTO P/ MITSUBISHI ROSA 30212","2031","UN",6,{"v":1,"d":"1.00"},{"v":6,"d":"6.00"}]
["2024-06-18","10032391","RODAMIENTO P/ MITSUBISHI ROSA 30210","2031","UN",4,{"v":1,"d":"1.00"},{"v":4,"d":"4.00"}]
["2024-11-13","10032392","FILTRO DE ACEITE P/ EQUIP. AMARILLO BW50","2031","UN",1,{"v":1,"d":"1.00"},{"v":1,"d":"1.00"}]
["2024-06-18","10032393","FILTRO DE ACEITE CAMION ISUZU NHL","2031","UN",12,{"v":1,"d":"1.00"},{"v":12,"d":"12.00"}]
["2024-06-18","10032394","JUEGO DE ROTULA P/ NISSAN FRONTIER NP 17","2031","UN",3,{"v":1,"d":"1.00"},{"v":3,"d":"3.00"}]
["2024-06-18","10032395","RODAMIENTO P/ PIÃ‘A T. HILUX 08","2031","UN",2,{"v":1,"d":"1.00"},{"v":2,"d":"2.00"}]
["2024-06-18","10032396","CABLE TIERRA P/ BATERIA 36\"","2031","UN",1,{"v":1,"d":"1.00"},{"v":1,"d":"1.00"}]
["2024-06-18","10032397","BIELETA P/ NISSAN FRONTIER NP 18","2031","UN",5,{"v":1,"d":"1.00"},{"v":5,"d":"5.00"}]
["2024-06-18","10032398","KIT DISTRIBUCION ISUZU D-MAX 12","2031","UN",3,{"v":1,"d":"1.00"},{"v":3,"d":"3.00"}]
["2024-07-17","10032399","VARILLA DE ACEITE RETROPALA","2031","UN",1,{"v":1,"d":"1.00"},{"v":1,"d":"1.00"}]
["2024-06-18","10032400","JUEGO DE JUNTA DE MOTOR ISUZU D-MAX 06","2031","UN",1,{"v":1,"d":"1.00"},{"v":1,"d":"1.00"}]
["2024-06-18","10032401","JUEGO  JUNTA DE MOTOR QD32 NISSAN FRONT","2031","UN",1,{"v":1,"d":"1.00"},{"v":1,"d":"1.00"}]
["2024-06-18","10032403","KIT DE PISTONES NISSAN FRONTIER 06","2031","UN",1,{"v":1,"d":"1.00"},{"v":1,"d":"1.00"}]
["2024-06-18","10032405","CAMISA P/ NISSAN FRONTIER QD32","2031","UN",2,{"v":1,"d":"1.00"},{"v":2,"d":"2.00"}]
["2024-06-18","10032406","SET CAMISA P/ ISUZU D-MAX 12","2031","UN",1,{"v":1,"d":"1.00"},{"v":1,"d":"1.00"}]
["2024-06-18","10032407","JUEGO BANDA TRASERA P/ NISSAN D22","2031","UN",20,{"v":1,"d":"1.00"},{"v":20,"d":"20.00"}]
["2024-06-18","10032408","JUEGO DE BANDA TRAERA P/ MAZDA BT50","2031","UN",10,{"v":1,"d":"1.00"},{"v":10,"d":"10.00"}]
["2024-06-18","10032409","FILTRO DE COMBUSTIBLE P/ FORD RANGER 02","2031","UN",5,{"v":1,"d":"1.00"},{"v":5,"d":"5.00"}]
["2024-06-18","10032410","JUEGO DE CAMISA PARA TOYOTA COASTER","2031","UN",1,{"v":1,"d":"1.00"},{"v":1,"d":"1.00"}]
["2024-06-18","10032411","LUCES LED DIRECCIONAL PARA CAMIONES","2031","UN",2,{"v":1,"d":"1.00"},{"v":2,"d":"2.00"}]
["2024-06-18","10032412","LUCES LED BLANCA PARA CAMIONES","2031","UN",2,{"v":1,"d":"1.00"},{"v":2,"d":"2.00"}]
["2024-06-18","10032413","LUCES LED DE STOP PARA CAMIONES","2031","UN",2,{"v":1,"d":"1.00"},{"v":2,"d":"2.00"}]
["2024-06-18","10032414","LIMPIADOR RESIDUO DE MOTOR 1000ML","2031","UN",5,{"v":1,"d":"1.00"},{"v":5,"d":"5.00"}]
["2024-06-18","10032415","PANTALLA DER. P/ LAND CRUISER PRADO 2011","2031","UN",1,{"v":1,"d":"1.00"},{"v":1,"d":"1.00"}]
["2025-01-14","10032416","PLATO DE FRICCION T. HILUX","2031","UN",1,{"v":1,"d":"1.00"},{"v":1,"d":"1.00"}]
["2024-11-18","10032417","FILTRO DE GASOIL NISSAN FRONTIER NAVARA","2031","UN",37,{"v":1,"d":"1.00"},{"v":37,"d":"37.00"}]
["2024-06-27","10032420","ALAMBRE ELECTRICO NEGRO #12","2031","TF",{"v":1620,"d":"1,620"},{"v":0,"d":"0.00"},{"v":0,"d":"0.00"}]
["2024-04-17","10032421","ACEITE HIDRAULICO 68","2005","GAL",180,{"v":0,"d":"0.00"},{"v":0,"d":"0.00"}]
["2024-06-18","10032421","ACEITE HIDRAULICO 68","2008","GAL",90,{"v":0,"d":"0.00"},{"v":0,"d":"0.00"}]
["2024-06-18","10032421","ACEITE HIDRAULICO 68","2031","GAL",220,{"v":0,"d":"0.00"},{"v":0,"d":"0.00"}]
["2024-04-17","10032422","FAROL TRASERO CAMION MACK","2031","UN",4,{"v":0,"d":"0.00"},{"v":0,"d":"0.00"}]
["2024-04-17","10032442","JUNTA DE CORCHO REF-10002203","2008","UN",12,{"v":0,"d":"0.00"},{"v":0,"d":"0.00"}]
["2024-07-29","10032443","ELECTRODO PARA SOLDAR 1/8 X 14''","2008","LB",10,{"v":0,"d":"0.00"},{"v":0,"d":"0.00"}]
["2024-04-17","10032443","ELECTRODO PARA SOLDAR 1/8 X 14''","2015","LB",33,{"v":0,"d":"0.00"},{"v":0,"d":"0.00"}]
["2024-06-18","10032444","ELECTRODOS P/SOLDAR 3.25 x 350 MM","2008","LB",28,{"v":0,"d":"0.00"},{"v":0,"d":"0.00"}]
["2024-06-18","10032446","FILTRO DE ACEITE P/ EQUIP. AMARILLO B723","2031","UN",3,{"v":0,"d":"0.00"},{"v":0,"d":"0.00"}]
["2024-06-18","10032447","CAMISA DE ISUZU D-MAX 2006","2031","UN",4,{"v":0,"d":"0.00"},{"v":0,"d":"0.00"}]
["2024-06-18","10032448","FILTRO DE AIRE PRIMARIO RS5334","2031","UN",2,{"v":0,"d":"0.00"},{"v":0,"d":"0.00"}]
["2024-06-18","10032449","BIELETA P/ ISUZU D-MAX ","2031","UN",9,{"v":0,"d":"0.00"},{"v":0,"d":"0.00"}]
["2024-06-27","10032450","PISTONES P/ ISUZU D-MAX 06","2031","UN",4,{"v":0,"d":"0.00"},{"v":0,"d":"0.00"}]
["2024-06-27","10032452","BOTA DE OBRERO  SIZE 40","2005","PAA",7,{"v":0,"d":"0.00"},{"v":0,"d":"0.00"}]
["2024-06-27","10032453","BOTA DE OBRERO SIZE 41","2005","PAA",6,{"v":0,"d":"0.00"},{"v":0,"d":"0.00"}]
["2024-06-27","10032453","BOTA DE OBRERO SIZE 41","2007","PAA",5,{"v":0,"d":"0.00"},{"v":0,"d":"0.00"}]
["2024-06-27","10032454","BOTA DE OBRERO SIZE 45","2005","PAA",4,{"v":0,"d":"0.00"},{"v":0,"d":"0.00"}]
["2024-06-27","10032576","PINTURA AMARILLA 10","2005","GAL",160,{"v":1,"d":"1.00"},{"v":160,"d":"160.00"}]
["2024-06-27","10032577","DISYUNTOR C2-GE-240V","2005","UN",1,{"v":1,"d":"1.00"},{"v":1,"d":"1.00"}]
["2024-06-27","10032578","PINTURA DALIA AZUL 104","2005","GAL",20,{"v":1,"d":"1.00"},{"v":20,"d":"20.00"}]
["2024-06-27","10032579","FILTRO D/ ACEITE FP1S","2005","UN",1,{"v":1,"d":"1.00"},{"v":1,"d":"1.00"}]
["2024-06-27","10032580","FILTRO D AGUA Y ACEITE SUPER TRIPLEX P31","2005","UN",4,{"v":1,"d":"1.00"},{"v":4,"d":"4.00"}]
["2024-06-27","10032581","EMPAQUETADURA 8\" 485X525X60MM","2005","UN",1,{"v":1,"d":"1.00"},{"v":1,"d":"1.00"}]
["2024-06-27","10032582","MANOMETRO 0 A 600PSI  DE GLICERINA","2005","UN",2,{"v":1,"d":"1.00"},{"v":2,"d":"2.00"}]
["2024-06-27","10032583","CASQUILLO PARA COJINETE 145 X 130 X 10","2005","UN",2,{"v":1,"d":"1.00"},{"v":2,"d":"2.00"}]
["2024-06-27","10032584","ARANDELA TIPO CANDADO DE 17MM","2005","UN",{"v":3300,"d":"3,300"},{"v":1,"d":"1.00"},{"v":3300,"d":"3,300.00"}]
["2024-06-27","10032585","JUNTA DE AMIANTO 44 X 31MM","2005","UN",23,{"v":1,"d":"1.00"},{"v":23,"d":"23.00"}]
["2024-06-27","10032586","JUNTA D/ AMIANTO DIAM INTERIOR 4 1/2\"","2005","UN",15,{"v":1,"d":"1.00"},{"v":15,"d":"15.00"}]
["2024-06-27","10032587","JUNTA D/ AMIANTO 3 1/2\" X 3/4\"","2005","UN",13,{"v":1,"d":"1.00"},{"v":13,"d":"13.00"}]
["2024-06-27","10032588","JUNTA D/ AMIANTO  3 1/2\" X 1/2\"","2005","UN",4,{"v":1,"d":"1.00"},{"v":4,"d":"4.00"}]
["2024-06-27","10032589","JUNTA D/ AMIANTO  25 X 40 MM","2005","UN",1,{"v":1,"d":"1.00"},{"v":1,"d":"1.00"}]
["2024-06-27","10032590","VALVULA DE ALTA PRESION 3/4\" 4 AGUJERO","2005","UN",2,{"v":1,"d":"1.00"},{"v":2,"d":"2.00"}]
["2024-06-27","10032591","VALVULA DE GALLETA 1 1/2\"","2005","UN",1,{"v":1,"d":"1.00"},{"v":1,"d":"1.00"}]
["2024-06-27","10032592","VALVULA DIRECCIONAL BSC 40MM","2005","UN",1,{"v":1,"d":"1.00"},{"v":1,"d":"1.00"}]
["2024-06-27","10032593","ORING 13MM","2005","TF",328,{"v":1,"d":"1.00"},{"v":328,"d":"328.00"}]
["2024-06-27","10032594","ADAPTADOR MACHO HEMBRA PVC 4\"","2005","UN",2,{"v":1,"d":"1.00"},{"v":2,"d":"2.00"}]
["2024-06-27","10032595","TORNILLO 12 X 44MM","2005","UN",4,{"v":1,"d":"1.00"},{"v":4,"d":"4.00"}]
["2024-06-27","10032596","TORNILLO ALEN 24MM X 69MM","2005","UN",6,{"v":1,"d":"1.00"},{"v":6,"d":"6.00"}]
["2024-06-27","10032597","ORING ON 300-63","2005","UN",2,{"v":1,"d":"1.00"},{"v":2,"d":"2.00"}]
["2024-06-27","10032598","ORING 300.63.36 328","2005","UN",2,{"v":1,"d":"1.00"},{"v":2,"d":"2.00"}]
["2024-06-27","10032599","AMPERIMETRO DE 0 A 60","2005","UN",3,{"v":1,"d":"1.00"},{"v":3,"d":"3.00"}]
["2024-06-27","10032600","ORING DE 5MM","2005","UN",28,{"v":1,"d":"1.00"},{"v":28,"d":"28.00"}]
["2024-06-27","10032601","RETENEDORA DE GOMA 12 X 68 X 85MM","2005","UN",42,{"v":1,"d":"1.00"},{"v":42,"d":"42.00"}]
["2024-06-27","10032602","CABLE #2 600V VERDE","2005","TF",328,{"v":1,"d":"1.00"},{"v":328,"d":"328.00"}]
["2024-06-27","10032603","ALAMBRE ELECTRICO 4 HILOS","2005","TF",500,{"v":1,"d":"1.00"},{"v":500,"d":"500.00"}]
["2024-06-27","10032604","JUNTA DE GOMA DE 4MM","2005","UN",5,{"v":1,"d":"1.00"},{"v":5,"d":"5.00"}]
["2024-06-27","10032605","JUNTA DE GOMA DE M3","2005","UN",2,{"v":1,"d":"1.00"},{"v":2,"d":"2.00"}]
["2024-06-27","10032606","JUNTA DE GOMA DE M2","2005","UN",2,{"v":1,"d":"1.00"},{"v":2,"d":"2.00"}]
["2024-06-27","10032607","JUNTA DE GOMA DE M1","2005","UN",2,{"v":1,"d":"1.00"},{"v":2,"d":"2.00"}]
["2024-06-27","10032608","JUNTA DE GOMA DE 46MM","2005","UN",1,{"v":1,"d":"1.00"},{"v":1,"d":"1.00"}]
["2024-06-27","10032609","ANILLO 95 X 180","2005","UN",2,{"v":1,"d":"1.00"},{"v":2,"d":"2.00"}]
["2024-06-27","10032610","ANILLO DE 65 X 30","2005","UN",2,{"v":1,"d":"1.00"},{"v":2,"d":"2.00"}]
["2024-06-27","10032611","TIEWRAP 4\"","2005","UN",500,{"v":1,"d":"1.00"},{"v":500,"d":"500.00"}]
["2024-06-27","10032612","VARIADOR DE VELOCIDAD 806464 71","2005","UN",2,{"v":1,"d":"1.00"},{"v":2,"d":"2.00"}]
["2024-06-27","10032613","FILTRO DE ELEMENTO 0160D050W","2005","UN",1,{"v":1,"d":"1.00"},{"v":1,"d":"1.00"}]
["2024-06-27","10032614","PLC SIMATIC S7-1500","2005","UN",1,{"v":1,"d":"1.00"},{"v":1,"d":"1.00"}]
["2024-06-27","10032615","ALAMBRE CORRIENTE VERDE #14","2005","TF",500,{"v":1,"d":"1.00"},{"v":500,"d":"500.00"}]
["2024-06-27","10032616","MONITOR DE VOLTAJE TRIFASICO","2005","UN",4,{"v":1,"d":"1.00"},{"v":4,"d":"4.00"}]
["2024-06-27","10032617","MOTOR ELECTRICO P/ INTERRUPTORES 24V","2005","UN",1,{"v":1,"d":"1.00"},{"v":1,"d":"1.00"}]
["2024-06-27","10032618","ORING MEDIA LUNA RADIO 15MM","2005","UN",1,{"v":1,"d":"1.00"},{"v":1,"d":"1.00"}]
["2024-06-27","10032619","CURVA 2\" X 18\"","2005","UN",8,{"v":1,"d":"1.00"},{"v":8,"d":"8.00"}]
["2024-06-27","10032620","TORNILLO HEXAGONAL 19 X 179MM","2005","UN",40,{"v":1,"d":"1.00"},{"v":40,"d":"40.00"}]
["2024-06-27","10032621","ESPARRAGO CON TUERCA 49 X 400MM","2005","UN",52,{"v":1,"d":"1.00"},{"v":52,"d":"52.00"}]
["2024-06-27","10032622","SULFATO DE ALUMINIO","2005","KG",275,{"v":1,"d":"1.00"},{"v":275,"d":"275.00"}]
["2024-06-27","10032623","POLO TRANSFORMADOR 136KV","2005","UN",1,{"v":1,"d":"1.00"},{"v":1,"d":"1.00"}]
["2024-06-27","10032624","CABLE DE CORRIENTE 4/0","2005","UN",500,{"v":1,"d":"1.00"},{"v":500,"d":"500.00"}]
["2024-06-27","10032625","ALAMBRE DE 8 HILOS","2005","TF",500,{"v":1,"d":"1.00"},{"v":500,"d":"500.00"}]
["2024-06-27","10032626","CAMARA DE VACIO DEL INTERRUPTOR","2005","UN",1,{"v":1,"d":"1.00"},{"v":1,"d":"1.00"}]
["2024-06-27","10032627","ANILLO DE PRESTINA","2005","UN",2,{"v":1,"d":"1.00"},{"v":2,"d":"2.00"}]
["2024-06-27","10032628","TRANSFORMADOR 500KVA 13.8/0.48KV","2005","UN",3,{"v":1,"d":"1.00"},{"v":3,"d":"3.00"}]
["2024-06-27","10032629","PAPOR CHUBO SINPLAY","2005","UN",130,{"v":1,"d":"1.00"},{"v":130,"d":"130.00"}]
["2024-06-27","10032630","ACEITE RP HYDROFLUX EP 100","2005","UN",55,{"v":1,"d":"1.00"},{"v":55,"d":"55.00"}]
["2024-06-27","10032631","ACEITE RP TELEX 32","2005","UN",55,{"v":1,"d":"1.00"},{"v":55,"d":"55.00"}]
["2024-06-27","10032632","IMPERMEABILIZANTE DE TECHO","2005","GAL",20,{"v":0,"d":"0.00"},{"v":0,"d":"0.00"}]
["2024-06-27","10032633","RETENEDORA DE TEFLON 123 X 110 X 2","2005","UN",4,{"v":0,"d":"0.00"},{"v":0,"d":"0.00"}]
["2024-06-27","10032634","ALAMBRE ELECTRICO #10 BLANCO","2005","TF",500,{"v":0,"d":"0.00"},{"v":0,"d":"0.00"}]
["2024-06-27","10032635","TARJETA ELECTR. DE REGULADOR VOLTAJE KKB","2005","UN",2,{"v":0,"d":"0.00"},{"v":0,"d":"0.00"}]
["2024-06-27","10032636","ALAMBRE ELECTRICO #10 NEGRO","2005","TF",500,{"v":0,"d":"0.00"},{"v":0,"d":"0.00"}]
["2024-06-27","10032637","BRIDA DE HIERRO NEGRO 2\" DE 4 AGUJEROS","2005","UN",4,{"v":0,"d":"0.00"},{"v":0,"d":"0.00"}]
["2024-06-27","10032638","BRIDA CIEGA DE 62 MM HIERRO NEG 4 AGUJER","2005","UN",3,{"v":0,"d":"0.00"},{"v":0,"d":"0.00"}]
["2024-06-27","10032639","BRIDA HIERRO NEGRO 1\" DE 4 AGUJEROS","2005","UN",4,{"v":0,"d":"0.00"},{"v":0,"d":"0.00"}]
["2025-01-03","10032640","BRIDA DE HIERRO NEGRO 120 MM","2005","UN",24,{"v":0,"d":"0.00"},{"v":0,"d":"0.00"}]
["2025-01-03","10032652","PINTURA ACRILICA SUPERIOR AZUL MARINO","2000","GAL",105,{"v":3245,"d":"3,245.00"},{"v":340725,"d":"340,725.00"}]
["2025-01-03","10032653","ACRILICA SUPERIOR GRIS CLARO COOL GRAY 1","2000","GAL",110,{"v":2802.5,"d":"2,802.50"},{"v":308275,"d":"308,275.00"}]
["2025-01-03","10032654","BROCHA NO.5","2000","UN",108,{"v":167.24138888888888,"d":"167.24"},{"v":18062.07,"d":"18,062.07"}]
["2025-01-03","10032655","MOTA ANTIGOTAS DE 9 PULGADAS","2000","UN",270,{"v":73.34881481481482,"d":"73.35"},{"v":19804.18,"d":"19,804.18"}]
["2025-01-03","10032656","MOTA 1 ½","2000","UN",135,{"v":148.0074074074074,"d":"148.01"},{"v":19981,"d":"19,981.00"}]
["2025-01-03","10032657","MINI ROLO DE 4 PULGADAS","2000","UN",45,{"v":282.9168888888889,"d":"282.92"},{"v":12731.26,"d":"12,731.26"}]
["2025-01-03","10032658","PORTA ROLO DE 9 PULGADAS","2000","UN",48,{"v":192.10395833333334,"d":"192.10"},{"v":9220.99,"d":"9,220.99"}]
["2024-07-29","10032660","Pintura acrilica verde renovable","2000","GAL",72,{"v":3245,"d":"3,245.00"},{"v":233640,"d":"233,640.00"}]
["2024-07-29","10032730","BRIDA DE HIERRO NEGRO 12 DE 16 AGUJERERO","2005","UN",1,{"v":0,"d":"0.00"},{"v":0,"d":"0.00"}]
["2024-07-29","10032732","COUPLING HEMBRA 3\"","2005","UN",1,{"v":0,"d":"0.00"},{"v":0,"d":"0.00"}]
["2024-07-29","10032733","CANCAMO DE OJO M8","2005","UN",1,{"v":0,"d":"0.00"},{"v":0,"d":"0.00"}]
["2024-07-29","10032734","VALVULA MANUAL DE BRONCE 1 1/2\"CON BRIDA","2005","UN",1,{"v":0,"d":"0.00"},{"v":0,"d":"0.00"}]
["2024-07-29","10032735","TORNILLO M10 x 15 MM","2005","UN",7,{"v":0,"d":"0.00"},{"v":0,"d":"0.00"}]
["2024-07-29","10032736","VALVULA DE REDUCCION 1\"","2005","UN",6,{"v":0,"d":"0.00"},{"v":0,"d":"0.00"}]
["2024-06-18","10032737","CABLE CREMA 12 HILOS 0.75MM","2005","TF",500,{"v":0,"d":"0.00"},{"v":0,"d":"0.00"}]
["2024-06-18","10032739","RODAMIENTO DE TAMBORES MITSUBISHI ROSA","2031","UN",3,{"v":5000,"d":"5,000.00"},{"v":15000,"d":"15,000.00"}]
["2024-07-29","10032751","BUSHINGS CATRE SUPERIOR NISSAN FRONTIER","2031","UN",8,{"v":0,"d":"0.00"},{"v":0,"d":"0.00"}]
["2024-11-11","10032778","ASIENTO P/BOMBA SUMERGIBLE 6 PLG","2015","UN",3,{"v":0,"d":"0.00"},{"v":0,"d":"0.00"}]
["2024-11-11","10032808","TRASMISIÓN AUTOMÁTICA TOYOTA HILUX 2008","2031","UN",1,{"v":177499.99,"d":"177,499.99"},{"v":177499.99,"d":"177,499.99"}]
["2024-11-11","10032809","TRANSMISIÓN AUTOMÁTICA ISUZU D-MAX 2011","2031","UN",1,{"v":177499.99,"d":"177,499.99"},{"v":177499.99,"d":"177,499.99"}]
["2024-06-27","10032810","TRANSMISIÓN AUTOMÁTICA ISUZU D-MAX 2005","2031","UN",2,{"v":177499.99,"d":"177,499.99"},{"v":354999.98,"d":"354,999.98"}]
["2024-06-27","10032813","COUPLING ROSCADO HG 4 PLG","2007","UN",1,{"v":0,"d":"0.00"},{"v":0,"d":"0.00"}]
["2024-07-15","10032814","CURVA HIERRO NEGRO 3/4 PLG","2007","UN",1,{"v":0,"d":"0.00"},{"v":0,"d":"0.00"}]
["2024-07-29","10032817","MOTOR TIPO FRAME 112M","2000","UN",3,{"v":61360,"d":"61,360.00"},{"v":184080,"d":"184,080.00"}]
["2024-07-29","10032819","TORNILLO ALLEN 12MM X 90MM","2015","UN",12,{"v":1,"d":"1.00"},{"v":12,"d":"12.00"}]
["2024-07-29","10032820","KIT DRIVER SVE60/4 POS- 1,2,3","2015","UN",2,{"v":1,"d":"1.00"},{"v":2,"d":"2.00"}]
["2024-07-29","10032821","DIODO DE COMPUERTA REF. SSR","2015","UN",11,{"v":1,"d":"1.00"},{"v":11,"d":"11.00"}]
["2024-07-29","10032822","TAPON DE BLOQUEO 36 x 35 MM","2015","UN",2,{"v":1,"d":"1.00"},{"v":2,"d":"2.00"}]
["2024-07-29","10032823","ACOPLE P/MANGUERA DE PRESION 1/4\"","2015","UN",36,{"v":1,"d":"1.00"},{"v":36,"d":"36.00"}]
["2024-07-29","10032824","VALVULA DE COMPUERTA 6\" P/SIST ENFRIAMIT","2015","UN",1,{"v":1,"d":"1.00"},{"v":1,"d":"1.00"}]
["2024-07-29","10032825","EMPAQUETADURA 380x610x620.50-50IP","2015","UN",8,{"v":1,"d":"1.00"},{"v":8,"d":"8.00"}]
["2024-07-29","10032826","TRANSMISOR DE TEMP.PT100 -TEO20","2015","UN",2,{"v":1,"d":"1.00"},{"v":2,"d":"2.00"}]
["2024-07-29","10032827","TRANSMISOR DE TEMP.PT100 -TEO60","2015","UN",2,{"v":1,"d":"1.00"},{"v":2,"d":"2.00"}]
["2024-07-29","10032828","CONVERTIDOR D CORRIENTE ALTERNA 48V-4-20","2015","UN",1,{"v":1,"d":"1.00"},{"v":1,"d":"1.00"}]
["2024-07-29","10032829","INDICADOR DE PRESION PD-138F","2015","UN",1,{"v":1,"d":"1.00"},{"v":1,"d":"1.00"}]
["2024-07-29","10032830","REDUCCION ACERO INOXI 4\" X 1 \"1/2\"","2015","UN",6,{"v":1,"d":"1.00"},{"v":6,"d":"6.00"}]
["2024-07-29","10032831","CODO ACERO INOXI 4\"","2015","UN",16,{"v":1,"d":"1.00"},{"v":16,"d":"16.00"}]
["2024-07-29","10032832","TARJETA SR","2015","UN",1,{"v":1,"d":"1.00"},{"v":1,"d":"1.00"}]
["2024-07-29","10032833","CABEZA TEMP. ON DELAY LA2DT4","2015","UN",1,{"v":1,"d":"1.00"},{"v":1,"d":"1.00"}]
["2024-07-29","10032834","SWITCH DE PRESION 9012-HFW 25-180 BAR","2015","UN",3,{"v":1,"d":"1.00"},{"v":3,"d":"3.00"}]
["2024-07-29","10032835","CONTADOR VUELTAS UPMX100-RPM","2015","UN",1,{"v":1,"d":"1.00"},{"v":1,"d":"1.00"}]
["2024-07-29","10032836","CONTACTOR DE OJO NEGRO","2015","UN",67,{"v":1,"d":"1.00"},{"v":67,"d":"67.00"}]
["2024-07-29","10032837","TRANSMISOR DE TEMP.PT100 -TEO10","2015","UN",4,{"v":1,"d":"1.00"},{"v":4,"d":"4.00"}]
["2024-07-29","10032838","TERMINAL DE OJO C16-A8","2015","UN",9,{"v":1,"d":"1.00"},{"v":9,"d":"9.00"}]
["2024-07-29","10032839","TERMINAL DE OJO C16-A10","2015","UN",10,{"v":1,"d":"1.00"},{"v":10,"d":"10.00"}]
["2024-07-29","10032840","VATIMETRO 0-400 KW MOD.AWZ","2015","UN",2,{"v":1,"d":"1.00"},{"v":2,"d":"2.00"}]
["2024-07-29","10032841","RELE SOBRECARGA REF. RW117-1D3","2015","UN",6,{"v":1,"d":"1.00"},{"v":6,"d":"6.00"}]
["2024-07-29","10032842","RELE SOBRECARGA REF. RW67-2D3","2015","UN",8,{"v":1,"d":"1.00"},{"v":8,"d":"8.00"}]
["2024-07-29","10032843","AMPERIMETRO 0-25 AMP NP-ZN40","2015","UN",2,{"v":1,"d":"1.00"},{"v":2,"d":"2.00"}]
["2024-07-29","10032844","TERMOSTATO DETECTOR TEMP. 116C.CRB","2015","UN",4,{"v":1,"d":"1.00"},{"v":4,"d":"4.00"}]
["2024-07-29","10032845","ESPACIADORES P/ BAJO BLOQUE REF.372-37","2015","UN",8,{"v":1,"d":"1.00"},{"v":8,"d":"8.00"}]
["2024-07-29","10032846","ESPACIADORES P/ BAJO BLOQUE REF.372-39","2015","UN",10,{"v":1,"d":"1.00"},{"v":10,"d":"10.00"}]
["2024-07-29","10032847","BORNERA 5MM/600V","2015","UN",106,{"v":1,"d":"1.00"},{"v":106,"d":"106.00"}]
["2024-07-29","10032848","LIGADOR CONECTOR ELECT 450V","2015","UN",113,{"v":1,"d":"1.00"},{"v":113,"d":"113.00"}]
["2024-07-29","10032849","LIGADOR CONECTOR ELECT 500V","2015","UN",66,{"v":1,"d":"1.00"},{"v":66,"d":"66.00"}]
["2024-07-29","10032850","PUENTE ELECTRICO CHUN","2015","UN",1,{"v":1,"d":"1.00"},{"v":1,"d":"1.00"}]
["2024-07-29","10032851","FINAL DE CARRERA IZADO 50A","2015","UN",3,{"v":1,"d":"1.00"},{"v":3,"d":"3.00"}]
["2024-07-29","10032852","FUSIBLE SIST. EXITC. 14X51 0.5A","2015","UN",1,{"v":1,"d":"1.00"},{"v":1,"d":"1.00"}]
["2024-07-29","10032853","TARJETA BACK PLANE 9-SLOT","2015","UN",1,{"v":1,"d":"1.00"},{"v":1,"d":"1.00"}]
["2024-07-29","10032854","DISYUNTOR MOD. GV2ME05","2015","UN",1,{"v":1,"d":"1.00"},{"v":1,"d":"1.00"}]
["2024-07-29","10032855","FUSIBLE TIPO CARTUCHO 63A-700V","2015","UN",2,{"v":1,"d":"1.00"},{"v":2,"d":"2.00"}]
["2024-07-29","10032856","FUSIBLE SIST. EXITC. 14X51 1.A","2015","UN",2,{"v":1,"d":"1.00"},{"v":2,"d":"2.00"}]
["2024-07-29","10032857","FUSIBLE SIST. EXITC. 14X51 6A/ PERCUCION","2015","UN",2,{"v":1,"d":"1.00"},{"v":2,"d":"2.00"}]
["2024-07-29","10032858","BARISTORES EPCOS- B60 K440","2015","UN",3,{"v":1,"d":"1.00"},{"v":3,"d":"3.00"}]
["2024-07-29","10032859","FUSIBLE SIST. EXITC. 14X51 10A","2015","UN",2,{"v":1,"d":"1.00"},{"v":2,"d":"2.00"}]
["2024-07-29","10032860","FUSIBLE 14X15 6A","2015","UN",5,{"v":1,"d":"1.00"},{"v":5,"d":"5.00"}]
["2024-07-29","10032861","FUSIBLE SIST. EXITC. 14X51 1A/ PERCUCION","2015","UN",7,{"v":1,"d":"1.00"},{"v":7,"d":"7.00"}]
["2024-07-29","10032862","RESISTENCIA SIR/SRS 30.265","2015","UN",3,{"v":1,"d":"1.00"},{"v":3,"d":"3.00"}]
["2024-07-29","10032863","TRANSF. MONOFASICO 127V","2015","UN",1,{"v":1,"d":"1.00"},{"v":1,"d":"1.00"}]
["2024-07-29","10032864","TRANSDUCTOR DE FASE PROGRAMABLE","2015","UN",3,{"v":1,"d":"1.00"},{"v":3,"d":"3.00"}]
["2024-07-29","10032865","CONVERTIDOR DC1-110V/5V","2015","UN",2,{"v":1,"d":"1.00"},{"v":2,"d":"2.00"}]
["2024-07-29","10032866","JUEGO DE RESPUETO P/ REGULADOR","2015","UN",2,{"v":1,"d":"1.00"},{"v":2,"d":"2.00"}]
["2024-07-29","10032867","CONVERTIDOR DC2 T-PCB DCW2-5V","2015","UN",1,{"v":1,"d":"1.00"},{"v":1,"d":"1.00"}]
["2024-07-29","10032868","FILTRO DE AIRE P181123","2015","UN",1,{"v":1,"d":"1.00"},{"v":1,"d":"1.00"}]
["2024-07-29","10032869","FILTRO DE REFRIGERACION W54452","2015","UN",1,{"v":1,"d":"1.00"},{"v":1,"d":"1.00"}]
["2024-07-29","10032870","FILTRO DE AGUA REF. 83977315","2015","UN",1,{"v":1,"d":"1.00"},{"v":1,"d":"1.00"}]
["2024-07-29","10032871","FILTRO DE AIRE  REF. CA3770","2015","UN",1,{"v":1,"d":"1.00"},{"v":1,"d":"1.00"}]
["2024-07-29","10032872","FILTRO DIESEL  WF2059","2015","UN",1,{"v":1,"d":"1.00"},{"v":1,"d":"1.00"}]
["2024-07-29","10032873","FILTRO FUEL  FF105C","2015","UN",1,{"v":1,"d":"1.00"},{"v":1,"d":"1.00"}]
["2024-07-29","10032874","FILTRO DE DISEL WF 2060","2015","UN",2,{"v":1,"d":"1.00"},{"v":2,"d":"2.00"}]
["2024-07-29","10032875","VALVULA CONTROL DE FLUJO 400 BAR","2015","UN",2,{"v":1,"d":"1.00"},{"v":2,"d":"2.00"}]
["2024-07-29","10032876","ACOPLE P/ TUBO FLEXIBLE 3/4\"","2015","UN",6,{"v":1,"d":"1.00"},{"v":6,"d":"6.00"}]
["2024-07-29","10032877","MANOMETRO D/INTERRUPTOR FREON 12","2015","UN",1,{"v":1,"d":"1.00"},{"v":1,"d":"1.00"}]
["2024-07-29","10032878","TEE PARA RACORD 18X45 MM","2015","UN",2,{"v":1,"d":"1.00"},{"v":2,"d":"2.00"}]
["2024-07-29","10032879","ELECTRODO REF. 7018 X 1/4\"","2015","LB",11,{"v":1,"d":"1.00"},{"v":11,"d":"11.00"}]
["2024-07-29","10032880","CASQUILLO DE BRONCE 460X400X400MM","2015","UN",4,{"v":1,"d":"1.00"},{"v":4,"d":"4.00"}]
["2024-07-29","10032881","TORNILLO M50 X 46MM","2015","UN",6,{"v":1,"d":"1.00"},{"v":6,"d":"6.00"}]
["2024-07-29","10032882","TORNILLO CAB. ALLEN 8 X 75MM","2015","UN",5,{"v":1,"d":"1.00"},{"v":5,"d":"5.00"}]
["2024-07-29","10032883","ESPARRAGO TIPO ALLEN 10 X 30MM","2015","UN",1,{"v":1,"d":"1.00"},{"v":1,"d":"1.00"}]
["2024-07-29","10032884","BOQUILLA P/AC0PLE RAPIDO 55 X 22MM","2015","UN",81,{"v":1,"d":"1.00"},{"v":81,"d":"81.00"}]
["2024-07-29","10032885","TUERCA 30 X 18MMM","2015","UN",2,{"v":1,"d":"1.00"},{"v":2,"d":"2.00"}]
["2024-07-29","10032886","ANILLO JUNTA INOX, 250MM","2015","UN",1,{"v":1,"d":"1.00"},{"v":1,"d":"1.00"}]
["2024-07-29","10032887","ANILLO STOGLIABILI 170MM","2015","UN",1,{"v":1,"d":"1.00"},{"v":1,"d":"1.00"}]
["2024-07-29","10032888","TORNILLO CAB. HEXAG. M19 X 90MM","2015","UN",64,{"v":1,"d":"1.00"},{"v":64,"d":"64.00"}]
["2024-07-29","10032889","ESPARRAGO 250 X 20MM","2015","UN",27,{"v":1,"d":"1.00"},{"v":27,"d":"27.00"}]
["2024-07-29","10032890","UNION STRAIGHT 8ASU 1/2\"","2015","UN",45,{"v":1,"d":"1.00"},{"v":45,"d":"45.00"}]
["2024-07-29","10032891","RELE DE TEMPERATURA PC100","2015","UN",1,{"v":1,"d":"1.00"},{"v":1,"d":"1.00"}]
["2024-07-29","10032892","TRANSFORMADOR DE TENSION URFA","2015","UN",2,{"v":1,"d":"1.00"},{"v":2,"d":"2.00"}]
["2024-07-29","10032893","ENCHUFE 415V/32A","2015","UN",2,{"v":1,"d":"1.00"},{"v":2,"d":"2.00"}]
["2024-07-29","10032894","LAMPARA DE EXTERIOR DE 250W","2015","UN",3,{"v":1,"d":"1.00"},{"v":3,"d":"3.00"}]
["2024-07-29","10032895","RTD-PT100 P/ CUVA DEL COJINETE SUPERIOR","2015","UN",2,{"v":1,"d":"1.00"},{"v":2,"d":"2.00"}]
["2024-07-29","10032896","BARRA DE EXTRACTOR DEL GENERADOR","2015","UN",10,{"v":1,"d":"1.00"},{"v":10,"d":"10.00"}]
["2024-07-29","10032897","TARJETA ELECTRONICA TVM751/RV","2015","UN",1,{"v":1,"d":"1.00"},{"v":1,"d":"1.00"}]
["2024-07-29","10032898","CASQUILLO INOX 40MM X 85MM","2015","UN",1,{"v":1,"d":"1.00"},{"v":1,"d":"1.00"}]
["2024-07-29","10032899","TORNILLO HEX. TUERCA /ARANDELA 20MMX89MM","2015","UN",8,{"v":1,"d":"1.00"},{"v":8,"d":"8.00"}]
["2024-07-29","10032900","RACOR M45 X 85MM","2015","UN",59,{"v":1,"d":"1.00"},{"v":59,"d":"59.00"}]
["2024-07-29","10032901","SELLO MECANICO SUPERIOR MOD S8A","2015","UN",5,{"v":1,"d":"1.00"},{"v":5,"d":"5.00"}]
["2024-07-29","10032902","SOPORTE DE ATAGUIA","2015","UN",3,{"v":1,"d":"1.00"},{"v":3,"d":"3.00"}]
["2024-07-29","10032903","ORING DE GOMA 3.5MM X 30MM","2015","UN",9,{"v":1,"d":"1.00"},{"v":9,"d":"9.00"}]
["2024-07-29","10032904","SEGMENTO PATIN DEL COJINETE","2015","UN",6,{"v":1,"d":"1.00"},{"v":6,"d":"6.00"}]
["2024-07-29","10032905","TORNILLO CAB. HEXAGONAL 14MM X 28MM","2015","UN",50,{"v":1,"d":"1.00"},{"v":50,"d":"50.00"}]
["2024-07-29","10032906","ARANDELA PLANA 21.4MM X 50MM","2015","UN",2,{"v":1,"d":"1.00"},{"v":2,"d":"2.00"}]
["2024-07-29","10032907","TORNILLO CAB. ALLEN 18MM X 60MM","2015","UN",60,{"v":1,"d":"1.00"},{"v":60,"d":"60.00"}]
["2024-07-29","10032908","PATINES DEL GENERADOR 3380","2015","UN",4,{"v":1,"d":"1.00"},{"v":4,"d":"4.00"}]
["2024-07-29","10032911","SOPORTE CABINET H90 x L100 x W60","2015","UN",4,{"v":1,"d":"1.00"},{"v":4,"d":"4.00"}]
["2024-07-29","10032912","TRANSDUCTORES CON VITI FISSAGGIO X2","2015","UN",2,{"v":1,"d":"1.00"},{"v":2,"d":"2.00"}]
["2024-07-29","10032913","UNION MACHO 3/4\" X 1/2\"","2015","UN",33,{"v":1,"d":"1.00"},{"v":33,"d":"33.00"}]
["2024-07-29","10032914","UNION STRAIGHT  3/4\"","2015","UN",117,{"v":1,"d":"1.00"},{"v":117,"d":"117.00"}]
["2024-07-29","10032915","UNION HEMBRA 3/4\" X 1/2\"","2015","UN",10,{"v":1,"d":"1.00"},{"v":10,"d":"10.00"}]
["2024-07-29","10032916","ESPARRAGO 1/2\" X 3/4\"","2015","UN",212,{"v":1,"d":"1.00"},{"v":212,"d":"212.00"}]
["2024-07-29","10032917","UNION MACHO ACERO INOX 1\"","2015","UN",31,{"v":1,"d":"1.00"},{"v":31,"d":"31.00"}]
["2024-07-29","10032918","UNION COUPLING EMT 2 PLG","2015","UN",2,{"v":1,"d":"1.00"},{"v":2,"d":"2.00"}]
["2024-07-29","10032919","SENSOR- PT 100 MOD.TR 10-B/50 A 250ÂºC","2015","UN",2,{"v":1,"d":"1.00"},{"v":2,"d":"2.00"}]
["2024-07-29","10032920","CONTADOR DE CARGA REF-ATMO-3X05-01","2015","UN",2,{"v":1,"d":"1.00"},{"v":2,"d":"2.00"}]
["2024-07-29","10032921","CABLE D/CONTROL C/CONDUCTOR LQT 3/4PLG","2015","UN",1,{"v":1,"d":"1.00"},{"v":1,"d":"1.00"}]
["2024-07-29","10032922","CONECTOR EN BRONCE BPD2 P/TIERRA","2015","UN",196,{"v":1,"d":"1.00"},{"v":196,"d":"196.00"}]
["2024-07-29","10032923","TIRISTOR DEL SISTM. DE EXITACION EAA40T1","2015","UN",2,{"v":1,"d":"1.00"},{"v":2,"d":"2.00"}]
["2024-07-29","10032924","MICROSWITCH MS3V15","2015","UN",4,{"v":1,"d":"1.00"},{"v":4,"d":"4.00"}]
["2024-07-29","10032925","TARJETA ELECTRONICA ABB 50E525417","2015","UN",1,{"v":1,"d":"1.00"},{"v":1,"d":"1.00"}]
["2024-07-29","10032926","MODULO ADAPTADOR DE CABLE ABB TB805","2015","UN",2,{"v":1,"d":"1.00"},{"v":2,"d":"2.00"}]
["2024-07-29","10032927","ARANDELA DE PRESION 8 MM","2015","UN",30,{"v":1,"d":"1.00"},{"v":30,"d":"30.00"}]
["2024-07-29","10032928","RETENEDORA P/BOMBA SENTRIFUGA 10-9-34","2015","UN",3,{"v":1,"d":"1.00"},{"v":3,"d":"3.00"}]
["2024-07-29","10032929","KIT DE RETENEDORA HERMETICA","2015","UN",2,{"v":1,"d":"1.00"},{"v":2,"d":"2.00"}]
["2024-07-29","10032930","ORING DE 2.5mm","2015","UN",7,{"v":1,"d":"1.00"},{"v":7,"d":"7.00"}]
["2024-07-29","10032931","CAJA DE REGISTRO ELECTRICO 200A","2015","UN",1,{"v":1,"d":"1.00"},{"v":1,"d":"1.00"}]
["2024-07-29","10032932","CAJA DE DISTRIBUCION IP40","2015","UN",3,{"v":1,"d":"1.00"},{"v":3,"d":"3.00"}]
["2024-07-29","10032933","EMPAQUETADURA ORIN 1250","2015","UN",1,{"v":1,"d":"1.00"},{"v":1,"d":"1.00"}]
["2024-07-29","10032934","PINTURA EPOXICA ROJO LADRILLO","2015","GAL",15,{"v":1,"d":"1.00"},{"v":15,"d":"15.00"}]
["2024-07-29","10032935","JUEGO DE JUNTA MOTOCICLETA DT-125","2015","UN",2,{"v":1,"d":"1.00"},{"v":2,"d":"2.00"}]
["2024-07-29","10032936","TORNILLO CON TARUGO EXPANSIVO M6","2015","UN",120,{"v":1,"d":"1.00"},{"v":120,"d":"120.00"}]
["2024-07-29","10032937","CATALIZADOR EPOXICO","2015","GAL",6,{"v":1,"d":"1.00"},{"v":6,"d":"6.00"}]
["2024-07-29","10032938","ALAMBRE 6MM 2 HILOS","2015","TF",400,{"v":0,"d":"0.00"},{"v":0,"d":"0.00"}]
["2024-07-29","10032939","ALAMBRE 3.64MM 3 HILOS","2015","TF",200,{"v":0,"d":"0.00"},{"v":0,"d":"0.00"}]
["2024-07-29","10032940","BORNERA 2MM/600V/2.5A","2015","UN",29,{"v":0,"d":"0.00"},{"v":0,"d":"0.00"}]
["2024-07-29","10032941","ELECTRODO 5 X 16/12","2015","LB",10,{"v":0,"d":"0.00"},{"v":0,"d":"0.00"}]
["2024-07-31","10032942","ELECTRODO 2X4","2015","LB",16,{"v":0,"d":"0.00"},{"v":0,"d":"0.00"}]
["2025-01-09","10032943","CLORO GRANULADO (KG)","2000","KG",75,{"v":437.37880000000007,"d":"437.38"},{"v":32803.41,"d":"32,803.41"}]
["2025-01-09","10032945","TARJETA DE PROXIMIDAD 26 BIT IMPRIMIBLE","2000","UN",{"v":3000,"d":"3,000"},{"v":112.1,"d":"112.10"},{"v":336300,"d":"336,300.00"}]
["2025-01-09","10032946","PORTA CARNET VINYL VERTICAL","2000","UN",{"v":3000,"d":"3,000"},{"v":28.025,"d":"28.03"},{"v":84075,"d":"84,075.00"}]
["2024-10-29","10032947","PORTA CARNET TIPO CORDÓN PERSONALIZADO","2000","UN",{"v":3000,"d":"3,000"},{"v":212.4,"d":"212.40"},{"v":637200,"d":"637,200.00"}]
["2024-07-29","10032948","ARRANCADOR SUAVE ELECTRONIC PSR45-600-70","2005","UN",6,{"v":79060,"d":"79,060.00"},{"v":474360,"d":"474,360.00"}]
["2024-07-29","10032951","ORING 14MM X 9MTS","2015","TF",220,{"v":0,"d":"0.00"},{"v":0,"d":"0.00"}]
["2024-07-29","10032952","ORING DE GOMA 14MM X 7MTS","2015","TF",72,{"v":0,"d":"0.00"},{"v":0,"d":"0.00"}]
["2024-07-29","10032953","CABLE D/25 MM NO.8","2015","TF",110,{"v":0,"d":"0.00"},{"v":0,"d":"0.00"}]
["2024-07-29","10032954","TUBERIA PLASTICA 8MM","2015","TF",45,{"v":0,"d":"0.00"},{"v":0,"d":"0.00"}]
["2024-07-29","10032955","CABLE 35 MM CUADRADO NO. 6","2015","TF",{"v":1800,"d":"1,800"},{"v":0,"d":"0.00"},{"v":0,"d":"0.00"}]
["2024-07-29","10032956","ALAMBRE ELECTRICO CALIBRE 12/6.0MM NEG.","2015","TF",520,{"v":0,"d":"0.00"},{"v":0,"d":"0.00"}]
["2024-08-22","10032961","CABLE CONTROL MULTIHILO, 12 HILO X1.5M","2015","TF",174,{"v":0,"d":"0.00"},{"v":0,"d":"0.00"}]
["2024-11-26","10032971","CABLE DE COBRE 2/0 AWG","2000","TF",40,{"v":254.86825,"d":"254.87"},{"v":10194.73,"d":"10,194.73"}]
["2024-11-26","10032982","MOTOR ELECTRICO TRIFAC. 0.75KW 6 POLOS","2000","UN",1,{"v":42480,"d":"42,480.00"},{"v":42480,"d":"42,480.00"}]
["2024-11-26","10032983","MOTOR ELECTRICO TRIFAC. 5.5KW 6 POLOS","2000","UN",1,{"v":119180,"d":"119,180.00"},{"v":119180,"d":"119,180.00"}]
["2024-09-16","10032984","MOTOR ELECTRICO TRIFAC. 15KW 4 POLOS","2000","UN",1,{"v":129800,"d":"129,800.00"},{"v":129800,"d":"129,800.00"}]
["2024-09-16","10033122","ABRAZADERA POLIESTILENO D 6\" PARA FILTRO","2032","UN",5,{"v":1,"d":"1.00"},{"v":5,"d":"5.00"}]
["2024-09-16","10033123","CONECTOR DE MANGUERA DE ALUMINIO 6\"","2032","UN",2,{"v":1,"d":"1.00"},{"v":2,"d":"2.00"}]
["2024-09-16","10033124","FLUJOMETRO DN80 80MM","2032","UN",1,{"v":1,"d":"1.00"},{"v":1,"d":"1.00"}]
["2024-09-16","10033125","ABRAZADERA  POLIETILENO 90MM X 1/2\"","2032","UN",32,{"v":1,"d":"1.00"},{"v":32,"d":"32.00"}]
["2024-09-16","10033126","TUBO PVC 16\" SDR-21","2032","UN",10,{"v":1,"d":"1.00"},{"v":10,"d":"10.00"}]
["2024-09-16","10033127","CODO POLIETILENO 63 MM X 2\"","2032","UN",2,{"v":1,"d":"1.00"},{"v":2,"d":"2.00"}]
["2024-09-16","10033128","UNION POLIETILENO 6MM","2032","UN",32,{"v":1,"d":"1.00"},{"v":32,"d":"32.00"}]
["2024-09-16","10033129","TAPON REGISTRO PVC 4\"","2032","UN",3,{"v":1,"d":"1.00"},{"v":3,"d":"3.00"}]
["2024-09-16","10033130","TEE PVC 6\" SCH-40","2032","UN",52,{"v":1,"d":"1.00"},{"v":52,"d":"52.00"}]
["2024-09-16","10033131","TAPON POLIETILENO 75 MM","2032","UN",18,{"v":1,"d":"1.00"},{"v":18,"d":"18.00"}]
["2024-09-16","10033132","TUBO PVC 10\" SDR-21","2032","UN",22,{"v":1,"d":"1.00"},{"v":22,"d":"22.00"}]
["2024-09-16","10033133","FILTRO POLIETILENO 1\"","2032","UN",47,{"v":1,"d":"1.00"},{"v":47,"d":"47.00"}]
["2024-09-16","10033134","ABRAZADERA POLIETILENO 63 MM X 1/2\"","2032","UN",113,{"v":1,"d":"1.00"},{"v":113,"d":"113.00"}]
["2024-09-16","10033135","CONECTOR INICIAL POLIETILENO 20 MM","2032","UN",{"v":2475,"d":"2,475"},{"v":1,"d":"1.00"},{"v":2475,"d":"2,475.00"}]
["2024-09-16","10033136","VALVULA MARIPOSA DE 10\"","2032","UN",2,{"v":1,"d":"1.00"},{"v":2,"d":"2.00"}]
["2024-09-16","10033137","TEE POLIETILENO 3/4\"","2032","UN",4,{"v":1,"d":"1.00"},{"v":4,"d":"4.00"}]
["2024-09-16","10033138","UNION DRESSER 16\" AZUL","2032","UN",6,{"v":1,"d":"1.00"},{"v":6,"d":"6.00"}]
["2024-09-16","10033139","ABRAZADERA POLIETILENO 75 MM X 2\"","2032","UN",6,{"v":1,"d":"1.00"},{"v":6,"d":"6.00"}]
["2024-09-16","10033140","REDUCCION POLIETILENO 90MM A 63MM","2032","UN",23,{"v":1,"d":"1.00"},{"v":23,"d":"23.00"}]
["2024-09-16","10033141","TEE POLIETILENO 63 MM","2032","UN",2,{"v":1,"d":"1.00"},{"v":2,"d":"2.00"}]
["2024-09-16","10033142","FILTRO 2\" POLIETILENO","2032","UN",27,{"v":1,"d":"1.00"},{"v":27,"d":"27.00"}]
["2024-09-16","10033143","BASTON PARA FILTRO HIDROCICLONICO","2032","UN",8,{"v":1,"d":"1.00"},{"v":8,"d":"8.00"}]
["2024-09-16","10033144","ADAPTADOR HEMBRA PVC 4\"","2032","UN",3,{"v":1,"d":"1.00"},{"v":3,"d":"3.00"}]
["2024-09-16","10033145","T-Y PVC 4\"","2032","UN",8,{"v":1,"d":"1.00"},{"v":8,"d":"8.00"}]
["2024-09-16","10033146","CONECTOR INICIAL POLIETILENO 16 MM","2032","UN",775,{"v":1,"d":"1.00"},{"v":775,"d":"775.00"}]
["2024-09-16","10033147","CONECTOR POLIETILENO MACHO 1/2\" A 3/4\"","2032","UN",290,{"v":1,"d":"1.00"},{"v":290,"d":"290.00"}]
["2024-09-16","10033148","REDUCCION TIPO CAMPANA DE 12 X 17","2032","UN",2,{"v":1,"d":"1.00"},{"v":2,"d":"2.00"}]
["2024-09-16","10033149","VALVULA CHEQUE 8\" REF. A126B","2032","UN",2,{"v":1,"d":"1.00"},{"v":2,"d":"2.00"}]
["2024-09-16","10033150","VALVULA PLATILLADA MECANISADA 8\"","2032","UN",1,{"v":1,"d":"1.00"},{"v":1,"d":"1.00"}]
["2024-09-16","10033151","UNION DRESSER 4\" GRIS","2032","UN",1,{"v":1,"d":"1.00"},{"v":1,"d":"1.00"}]
["2024-09-16","10033152","VALVULA REGULADORA PRESION DE AGUA 6\"","2032","UN",4,{"v":1,"d":"1.00"},{"v":4,"d":"4.00"}]
["2024-09-16","10033153","TUBO PVC 1 1/2\" X 19' SDR-26","2032","UN",11,{"v":1,"d":"1.00"},{"v":11,"d":"11.00"}]
["2024-09-16","10033154","REDUCCION TIPO CAMPANA DE 12 X 23","2032","UN",2,{"v":1,"d":"1.00"},{"v":2,"d":"2.00"}]
["2024-09-16","10033155","TEE POLIETILENO 20 MM X 16 MM","2032","UN",379,{"v":1,"d":"1.00"},{"v":379,"d":"379.00"}]
["2024-09-16","10033156","TUBO PVC 12\" SDR-26","2032","UN",20,{"v":1,"d":"1.00"},{"v":20,"d":"20.00"}]
["2024-09-16","10033157","TUBO PVC 1\" X 19' SDR-26","2032","UN",63,{"v":1,"d":"1.00"},{"v":63,"d":"63.00"}]
["2024-09-16","10033158","OBTURADOR DE GOTEO DOBLE 16 MM","2032","UN",{"v":13800,"d":"13,800"},{"v":1,"d":"1.00"},{"v":13800,"d":"13,800.00"}]
["2024-09-16","10033159","CODO DE POLIESTILENO DE 50MM","2032","UN",41,{"v":1,"d":"1.00"},{"v":41,"d":"41.00"}]
["2024-09-16","10033160","FILTRO DE POLIESTILENO DE 3/4\"","2032","UN",242,{"v":1,"d":"1.00"},{"v":242,"d":"242.00"}]
["2024-09-16","10033161","TUBO PVC 12\" SDR-21","2032","UN",37,{"v":1,"d":"1.00"},{"v":37,"d":"37.00"}]
["2024-09-16","10033162","UNION DADO DE POLIESTILENO 63MM X 2","2032","UN",124,{"v":1,"d":"1.00"},{"v":124,"d":"124.00"}]
["2024-09-16","10033163","VALVULA REG. POLIETILENO DOBLE ROSCA 3\"","2032","UN",2,{"v":1,"d":"1.00"},{"v":2,"d":"2.00"}]
["2024-09-16","10033164","TUBO PVC 24\" SDR-26","2032","UN",2,{"v":1,"d":"1.00"},{"v":2,"d":"2.00"}]
["2024-09-16","10033165","MANGUERA FLEXIBLE 6\" X 100'","2032","UN",3,{"v":1,"d":"1.00"},{"v":3,"d":"3.00"}]
["2024-09-16","10033166","TUBO PVC 20\" SDR-26","2032","UN",2,{"v":1,"d":"1.00"},{"v":2,"d":"2.00"}]
["2024-09-16","10033167","MANGERA DE POLIETILENO 50MM X 100 MT","2032","UN",3,{"v":1,"d":"1.00"},{"v":3,"d":"3.00"}]
["2024-09-16","10033168","ARNES DE CINTA A CINTA","2032","UN",498,{"v":1,"d":"1.00"},{"v":498,"d":"498.00"}]
["2024-09-16","10033169","TUBO PVC 6\" SDR-32.5","2032","UN",10,{"v":1,"d":"1.00"},{"v":10,"d":"10.00"}]
["2024-09-16","10033170","CODO DE POLIETILENO 90 MM A 90º","2032","UN",45,{"v":1,"d":"1.00"},{"v":45,"d":"45.00"}]
["2024-09-16","10033171","ABRAZADERA POLIETILENO 63 MM X 1\"","2032","UN",55,{"v":1,"d":"1.00"},{"v":55,"d":"55.00"}]
["2024-09-16","10033181","TEE PVC 10\" SCH-40","2032","UN",1,{"v":0,"d":"0.00"},{"v":0,"d":"0.00"}]
["2024-09-16","10033182","REDUCCION PVC 12\" A 8\"","2032","UN",1,{"v":0,"d":"0.00"},{"v":0,"d":"0.00"}]
["2024-09-16","10033183","ADAPTADOR HEMBRA PVC 1/2\"","2032","UN",124,{"v":0,"d":"0.00"},{"v":0,"d":"0.00"}]
["2015-01-28","10033184","MINI ASPERSORES DE AGUA","2032","UN",78,{"v":0,"d":"0.00"},{"v":0,"d":"0.00"}]
["2023-10-02","11000012","GRAPADORA","2028","UN",1,{"v":0,"d":"0.00"},{"v":0,"d":"0.00"}]
["2023-06-01","11000012","GRAPADORA","2029","UN",25,125.08,{"v":3127,"d":"3,127.00"}]
["2024-11-26","11000012","GRAPADORA","2030","UN",18,{"v":155.39999999999998,"d":"155.40"},{"v":2797.2,"d":"2,797.20"}]
["2022-07-19","11000028","CARPETAS DE 4\"","2000","UN",50,{"v":238.00599999999997,"d":"238.01"},{"v":11900.3,"d":"11,900.30"}]
["2024-02-15","11000028","CARPETAS DE 4\"","2029","UN",4,{"v":250.2175,"d":"250.22"},{"v":1000.87,"d":"1,000.87"}]
["2023-10-25","11000030","LIBRETA RAYADA 8  ½  x 11","2025","UN",6,{"v":35.615,"d":"35.62"},213.69]
["2022-10-19","11000030","LIBRETA RAYADA 8  ½  x 11","2029","UN",128,{"v":45.15015625,"d":"45.15"},{"v":5779.22,"d":"5,779.22"}]
["2024-06-18","11000030","LIBRETA RAYADA 8  ½  x 11","2030","UN",2,{"v":35.615,"d":"35.62"},71.23]
["2023-01-29","11000047","MODULO CALEFATOR 110V-100W 50/60HZ","2027","UN",1,{"v":1,"d":"1.00"},{"v":1,"d":"1.00"}]
["2024-04-17","11000048","CAJA METALICA 2X4 DE ½","2000","UN",24,{"v":0,"d":"0.00"},{"v":0,"d":"0.00"}]
["2011-12-06","11000048","CAJA METALICA 2X4 DE ½","2028","UN",1,{"v":0,"d":"0.00"},{"v":0,"d":"0.00"}]
["2019-12-05","11000049","TOMA CORRIENTE VIMAL","2001","UN",11,{"v":0,"d":"0.00"},{"v":0,"d":"0.00"}]
["2024-06-18","11000050","TORNILLO TIRAFONDO 14 x 1 1/2 \"","2015","UN",247,{"v":0,"d":"0.00"},{"v":0,"d":"0.00"}]
["2024-12-30","11000052","AISLADOR DE CAMPANA DOBLE","2027","UN",7,{"v":0,"d":"0.00"},{"v":0,"d":"0.00"}]
["2023-11-14","11000053","TOALLA PARA COCINA","2000","UN",243,{"v":42.1643621399177,"d":"42.16"},{"v":10245.94,"d":"10,245.94"}]
["2023-02-28","11000053","TOALLA PARA COCINA","2029","UN",4,{"v":48.9,"d":"48.90"},{"v":195.6,"d":"195.60"}]
["2024-05-10","11000053","TOALLA PARA COCINA","2030","UN",2,48.38,96.76]
["2016-03-08","11000054","PAPEL DE BAÑO DE 6/1","2025","CA",32,{"v":1,"d":"1.00"},{"v":32,"d":"32.00"}]
["2024-06-18","11000057","JABON LIQUIDO","2020","CA",1,{"v":0,"d":"0.00"},{"v":0,"d":"0.00"}]
["2017-03-27","11000064","CONTRA PESO PARA GRUA INDUSTRIAL D 3 1/2","2027","UN",6,{"v":0,"d":"0.00"},{"v":0,"d":"0.00"}]
["2024-12-10","11000066","CURVA DE COBRE A 30°","2022","DOC",1,{"v":0,"d":"0.00"},{"v":0,"d":"0.00"}]
["2024-04-17","11000068","AMBIENTADORES AROMATICOS","2000","CA",{"v":28.5,"d":"28.500"},{"v":2076.442105263158,"d":"2,076.44"},{"v":59178.6,"d":"59,178.60"}]
["2024-02-15","11000068","AMBIENTADORES AROMATICOS","2022","CA",{"v":0.25,"d":"0.250"},{"v":1323.72,"d":"1,323.72"},330.93]
["2024-02-15","11000068","AMBIENTADORES AROMATICOS","2023","CA",0.167,{"v":1323.7125748502992,"d":"1,323.71"},221.06]
["2024-02-14","11000068","AMBIENTADORES AROMATICOS","2029","CA",1,{"v":1470.4,"d":"1,470.40"},{"v":1470.4,"d":"1,470.40"}]
["2012-12-26","11000068","AMBIENTADORES AROMATICOS","2030","CA",11.987,{"v":1980.3854175356637,"d":"1,980.39"},{"v":23738.88,"d":"23,738.88"}]
["2024-05-10","11000069","SUAPE DE ALGODON #36","2021","UN",3,{"v":0,"d":"0.00"},{"v":0,"d":"0.00"}]
["2024-06-27","11000069","SUAPE DE ALGODON #36","2022","UN",1,0.01,0.01]
["2024-06-27","11000073","FILTRO DE COMBUSTIBLE 21348","2005","UN",2,{"v":1,"d":"1.00"},{"v":2,"d":"2.00"}]
["2024-02-15","11000073","FILTRO DE COMBUSTIBLE 21348","2007","UN",1,{"v":1,"d":"1.00"},{"v":1,"d":"1.00"}]
["2023-03-14","11000073","FILTRO DE COMBUSTIBLE 21348","2025","UN",2,{"v":812.205,"d":"812.21"},{"v":1624.41,"d":"1,624.41"}]
["2024-06-27","11000073","FILTRO DE COMBUSTIBLE 21348","2029","UN",9,{"v":859.4699999999999,"d":"859.47"},{"v":7735.23,"d":"7,735.23"}]
["2024-05-10","11000078","DISYUNTOR MAGNETICO B16","2005","UN",1,{"v":0,"d":"0.00"},{"v":0,"d":"0.00"}]
["2021-12-30","11000085","CORREA CORDON B50","2020","UN",4,{"v":1,"d":"1.00"},{"v":4,"d":"4.00"}]
["2024-06-18","11000109","GUANTE PARA LIMPIEZA","2013","UN",2,0.01,0.02]
["2024-04-17","11000109","GUANTE PARA LIMPIEZA","2027","UN",6,{"v":0,"d":"0.00"},{"v":0,"d":"0.00"}]
["2021-12-30","11000116","INTERRUPTOR DE VALVULA MOD-OSYSU-1","2011","CA",2,{"v":1,"d":"1.00"},{"v":2,"d":"2.00"}]
["2017-03-27","11000117","LIMPIA CRISTALES","2007","UN",1,0.01,0.01]
["2024-12-10","11000118","CERA PARA PISO","2022","UN",1,{"v":0,"d":"0.00"},{"v":0,"d":"0.00"}]
["2024-04-17","11000119","JABON LIMPIOL","2000","CA",46,{"v":182.46413043478262,"d":"182.46"},{"v":8393.35,"d":"8,393.35"}]
["2024-02-15","11000119","JABON LIMPIOL","2003","CA",{"v":0.2,"d":"0.200"},{"v":1340.6499999999999,"d":"1,340.65"},268.13]
["2024-02-15","11000119","JABON LIMPIOL","2020","CA",{"v":4.8,"d":"4.800"},{"v":1340.7,"d":"1,340.70"},{"v":6435.36,"d":"6,435.36"}]
["2024-02-14","11000119","JABON LIMPIOL","2021","CA",9,{"v":1340.65,"d":"1,340.65"},{"v":12065.85,"d":"12,065.85"}]
["2024-04-17","11000119","JABON LIMPIOL","2022","CA",{"v":0.2,"d":"0.200"},{"v":1340.6999999999998,"d":"1,340.70"},268.14]
["2024-02-15","11000119","JABON LIMPIOL","2023","CA",{"v":0.1,"d":"0.100"},{"v":1340.6999999999998,"d":"1,340.70"},134.07]
["2024-02-15","11000119","JABON LIMPIOL","2024","CA",{"v":0.2,"d":"0.200"},{"v":1340.6499999999999,"d":"1,340.65"},268.13]
["2024-02-14","11000119","JABON LIMPIOL","2025","CA",{"v":0.1,"d":"0.100"},{"v":1340.6999999999998,"d":"1,340.70"},134.07]
["2024-04-17","11000119","JABON LIMPIOL","2027","CA",{"v":0.4,"d":"0.400"},{"v":1340.6499999999999,"d":"1,340.65"},536.26]
["2024-02-15","11000119","JABON LIMPIOL","2029","CA",{"v":0.8,"d":"0.800"},{"v":1340.675,"d":"1,340.68"},{"v":1072.54,"d":"1,072.54"}]
["2024-02-15","11000119","JABON LIMPIOL","2030","CA",0.964,{"v":234.09751037344398,"d":"234.10"},225.67]
["2024-02-14","11000120","RECOGEDOR DE BASURA","2025","UN",2,{"v":1,"d":"1.00"},{"v":2,"d":"2.00"}]
["2024-12-10","11000120","RECOGEDOR DE BASURA","2027","UN",2,{"v":0,"d":"0.00"},{"v":0,"d":"0.00"}]
["2024-02-15","11000121","ESCOBILLA PARA LIMPIAR INODOROS","2000","UN",133,{"v":155.71203007518798,"d":"155.71"},{"v":20709.7,"d":"20,709.70"}]
["2023-02-28","11000121","ESCOBILLA PARA LIMPIAR INODOROS","2003","UN",2,127.01,254.02]
["2024-04-17","11000121","ESCOBILLA PARA LIMPIAR INODOROS","2030","UN",3,{"v":154.10666666666665,"d":"154.11"},462.32]
["2024-02-15","11000129","VASOS #7","2000","CJ",205,{"v":2955.3235121951216,"d":"2,955.32"},{"v":605841.32,"d":"605,841.32"}]
["2024-02-15","11000129","VASOS #7","2003","CJ",{"v":0.4,"d":"0.400"},{"v":3397.9,"d":"3,397.90"},{"v":1359.16,"d":"1,359.16"}]
["2024-02-14","11000129","VASOS #7","2004","CJ",{"v":0.2,"d":"0.200"},{"v":3397.9,"d":"3,397.90"},679.58]
["2024-02-15","11000129","VASOS #7","2017","CJ",{"v":0.4,"d":"0.400"},{"v":3397.9,"d":"3,397.90"},{"v":1359.16,"d":"1,359.16"}]
["2024-02-15","11000129","VASOS #7","2020","CJ",{"v":0.2,"d":"0.200"},{"v":3397.9,"d":"3,397.90"},679.58]
["2024-05-10","11000129","VASOS #7","2021","CJ",{"v":0.4,"d":"0.400"},{"v":3397.9,"d":"3,397.90"},{"v":1359.16,"d":"1,359.16"}]
[{"$error":"#N/A"},"11000129","VASOS #7","2022","CJ",350,{"v":3397.9,"d":"3,397.90"},{"v":1189265,"d":"1,189,265.00"}]
["2012-11-13","11000129","VASOS #7","2023","CJ",{"v":0.3,"d":"0.300"},{"v":3397.9,"d":"3,397.90"},{"v":1045.88,"d":"1,045.88"}]
["2024-02-15","11000129","VASOS #7","2024","CJ",{"v":0.3,"d":"0.300"},{"v":3397.9,"d":"3,397.90"},{"v":1019.37,"d":"1,019.37"}]
["2023-11-14","11000129","VASOS #7","2027","CJ",{"v":1.14,"d":"1.140"},{"v":3397.9,"d":"3,397.90"},{"v":3873.61,"d":"3,873.61"}]
["2023-02-28","11000129","VASOS #7","2029","CJ",2,{"v":3397.9,"d":"3,397.90"},{"v":6274.64,"d":"6,274.64"}]
["2024-06-27","11000129","VASOS #7","2030","CJ",{"v":31.78,"d":"31.780"},{"v":3397.9,"d":"3,397.90"},{"v":94174.73,"d":"94,174.73"}]
["2021-12-30","11000181","BORNERA 1534-800V/AC DC","2007","UN",40,{"v":0,"d":"0.00"},{"v":0,"d":"0.00"}]
["2024-07-29","11000181","BORNERA 1534-800V/AC DC","2013","UN",3,0.01,0.03]
["2022-05-31","11000181","BORNERA 1534-800V/AC DC","2015","UN",56,0.01,0.56]
[null,"","","","",null,null,{"v":52877241.8,"d":"52,877,241.80"}]